{"text_format":"1","workbook":"xlsx","n_sheets":9,"sheets":["FV Tarif_T3","FV Tarif_AN","FV Tarif_BI","FV Tarif_CC"," TV Tarif_DO","FV Tarif_EL","FV Tarif_FA","FV Tarif_GS","Données commerciales"],"not_rendered":{"charts":0,"images":4,"macros":1,"external_links":0,"defined_names":25,"comments":0,"pivot_tables":0},"unopened":[],"bounds":{"document_bytes":16777216,"sheet_cells":100000,"rows_first":2000,"rows_last":500,"rows_between":2000,"halvings":0,"cell_chars":16384,"cell_head_chars":4096},"cells_cut":0,"cells_raw":0,"read":"whole","date_system":"1900"}

{"sheet":"FV Tarif_T3","index":0,"n_rows":165,"n_cols":37,"rows_kept":165,"cut":false,"hidden":false,"merged":[[15,7,15,8],[11,11,11,34],[12,10,12,11],[12,12,12,34],[6,11,6,34],[7,11,7,34],[8,11,8,34],[9,10,9,34],[10,11,10,14],[10,16,10,34]]}
[]
[]
[]
[]
[null,null,null,null,null,null,null,"Retrouvez en italique Notre Sélection",null,null,"Fournisseur :","PM"]
[null,null,"Pascal HABAULT : acheteur / commercial"]
[null,null," Tél : 06 21 76 93 63",null,null,null,null,"Espagne",null,null,"TVA INTRA :"]
[null,null,"Isabelle NAULET : administratif / suivi commercial / logistique ",null,null,null,null,"PALMACEA vous propose en direct,  un grand choix de végétaux issu de ses producteurs",null,null,"Client :"]
[null,null," Tél : 06 23 38 03 49",null,null,null,null,"Prix départ, tarif transport sur demande",null,null,"Adresse :"]
[null,null,"Fax : 00 33 4 26 30 35 44"]
[null,null,"Mail : contact@palmacea.com",null,null,null,null,null,null,null,"Tél :",null,null,null,null,"Fax :"]
[null,null,null,null,null,null,null,null,null,null,"Mail :"]
[null,null,null,null,null,null,null,null,null,null,"Semaine de livraison :"]
[]
[1,2,3,4,5,6,7,8,9,10,11,12,13,14,15,16,17,18,19,20,21,22,23,24,25,26,27,28,29,30,31,32,33,34,35,36,1]
["Code barre ","Code","Genre","Espèce Variété","Etat","Diam pot","Litrage","Présentation ",null,"Taille","Diam tête","HT total","Parcelle","Photo","Conditionnement","Conditionnement","Qte cond","Votre cde","Tarif départ ","Qte cond","Votre cde ","Tarif départ ","Nb cond","Qte cond total","Votre cde","Tarif départ ","Nb de cond ou plantes par ML","Metrage camion","Qte plt / camion","Cond / default","Code pour tri","pour tri","Initiale fournisseur","Montant Cde","PV TTC","Métrage"]
["CODE_BARRE","CODE","GENRE","ESPECE_VARIETE","ETAT","DIAM_POT","LITRAGE","PRESENTATION","PRESENTATION2","TAILLE","DIAM_TETE","HT_TOTAL","PARCELLE","IMAGE","CONDITION","CONDITION3","QTE_COND","VOTRE_CDE","VOTRE_CDE4","QTE_COND5","VOTRE_CDE6","VOTRE_CDE7","QTE_ROLL","VOTRE_CDE8","VOTRE_CDE9","VOTRE_CDE10","NB_PLT_CAM","METRAGE_CAM","QTE_PLT_CAM","COND_DEF","CODE_TRI","TRI","INITIAL_FOURN","MONT_CDE","PVTTC","METRAGE","NOTRE_SELECTION"]
["3834000072180",7218,"CHAMAEROPS","humilis",null,"25","10L",null,null,"50/60",null,null,null,null,"VRA","Vrac",1," "," ",1," "," ",1," "," "," ",148.148,13.5,1999.998,1,"A10405","AA405010","FV"," "," "," "]
["3834000072197",7219,"NOLINA","nelsonii",null,"25","10L",null,null,"50/60",null,null,null,null,"VRA","Vrac",1," "," ",1," "," ",1," "," "," ",148.148,13.5,1999.998,1,"A10405","AA405010","FV"," "," "," "]
["3834000056388",5638,"BOUGAINVILLEA","sanderiana","non dispo","25","10L",null,"boule","40/50",null,null,null,null,"VRA","Vrac",1," "," ",1," "," ",1," "," "," ",148.148,13.5,1999.998,1,"A10405","AA405010","FV"," "," "," "]
["3834000056395",5639,"BUTIA","capitata","non dispo","50","70L",null,null,"30/40T",null,null,null,null,"VRA","Vrac",1," "," ",1," "," ",1," "," "," ",8.1479999999999997,13.5,109.99799999999999,1,"PQA6520","PQAF203065","FV"," "," "," "]
["3834000056401",5640,"DASYLIRION","longissimum",null,"25","10L",null,null,"50/70",null,null,null,null,"VRA","Vrac",1," "," ",1," "," ",1," "," "," ",148.148,13.5,1999.998,1,"A10405","AA405010","FV"," "," "," ","Notre Sélection"]
["3834000056418",5641,"DASYLIRION","serratifolia",null,"25","10L",null,null,"50/70",null,null,null,null,"VRA","Vrac",1," "," ",1," "," ",1," "," "," ",148.148,13.5,1999.998,1,"A10405","AA405010","FV"," "," "," ","Notre Sélection"]
["3834000056425",5642,"DASYLIRION","serratifolia",null,"30","15L",null,null,"80/100",null,null,null,null,"VRA","Vrac",1," "," ",1," "," ",1," "," "," ",96.444000000000003,13.5,1301.9940000000001,1,"A15607","AA607015","FV"," "," "," "]
["3834000056432",5643,"DASYLIRION","wheeleri",null,"25","10L",null,null,"50/70",null,null,null,null,"VRA","Vrac",1," "," ",1," "," ",1," "," "," ",148.148,13.5,1999.998,1,"A10405","AA405010","FV"," "," "," ","Notre Sélection"]
["3834000072012",7201,"PISTACIA","lentiscus",null,"25","10L",null,"touffe","50/70",null,null,null,null,"VRA","Vrac",1," "," ",1," "," ",1," "," "," ",148.148,13.5,1999.998,1,"A10405","AA405010","FV"," "," "," "]
["3834000072203",7220,"DASYLIRION","longifolia",null,"25","10L",null,null,"40/50",null,null,null,null,"VRA","Vrac",1," "," ",1," "," ",1," "," "," ",148.148,13.5,1999.998,1,"A10405","AA405010","FV"," "," "," "]
["3834000056449",5644,"DASYLIRION","wheeleri","non dispo","30","15L",null,null,"80/100",null,null,null,null,"VRA","Vrac",1," "," ",1," "," ",1," "," "," ",96.444000000000003,13.5,1301.9940000000001,1,"A15607","AA607015","FV"," "," "," "]
["3834000057958",5795,"CITRUS","kumquat","en fruits","25","10L",null,"1/2 tige",null,null,null,null,null,"VRA","Vrac",1," "," ",1," "," ",1," "," "," ",148.148,13.5,1999.998,1,"A10405","AA405010","FV"," "," "," ","Notre Sélection"]
["3834000057965",5796,"CITRUS","limon Eureka","en fruits","35","25L",null,"1/2 tige",null,null,null,null,null,"VRA","Vrac",1," "," ",1," "," ",1," "," "," ",60,13.5,810,1,"A256070","AA607025","FV"," "," "," "]
["3834000057972",5797,"CITRUS","sinensis","en fruits","35","25L",null,"1/2 tige",null,null,null,null,null,"VRA","Vrac",1," "," ",1," "," ",1," "," "," ",60,13.5,810,1,"A256070","AA607025","FV"," "," "," "]
["3834000058399",5839,"OLEA","europaea","non dispo","30","25L","Cipressino","1/2 tige","10/12P",null,null,null,null,"VRA","Vrac",1," "," ",1," "," ",1," "," "," ",60,13.5,810,1,"DC25101A","DCCC101225","FV"," "," "," ","Notre Sélection"]
["3834000058788",5878,"CITRUS","sinensis Lane late","en fruits","30","15L",null,"1/2 tige",null,null,null,null,null,"VRA","Vrac",1," "," ",1," "," ",1," "," "," ",96.444000000000003,13.5,1301.9940000000001,1,"A1560752","AA607015A","FV"," "," "," ","Notre Sélection"]
["3834000058795",5879,"CITRUS","sinensis Taroco rosso","en fruits","30","15L",null,"1/2 tige",null,null,null,null,null,"VRA","Vrac",1," "," ",1," "," ",1," "," "," ",96.444000000000003,13.5,1301.9940000000001,1,"A1560752","AA607015A","FV"," "," "," "]
["3834000058801",5880,"CITRUS","sinensis Valencia delta seedless","en fruits","30","15L",null,"1/2 tige",null,null,null,null,null,"VRA","Vrac",1," "," ",1," "," ",1," "," "," ",96.444000000000003,13.5,1301.9940000000001,1,"A1560752","AA607015A","FV"," "," "," "]
["3834000058603",5860,"OLEA","europaea","février","30","15L","Cipressino","1/4 tige bola","12/14P",null,null,null,null,"VRA","Vrac",1," "," ",1," "," ",1," "," "," ",96.444000000000003,13.5,1301.9940000000001,1,"DC15B","DCE15","FV"," "," "," ","Notre Sélection"]
["3834000058320",5832,"CITRUS","kumquat","non dispo","30","15L",null,"1/2 tige",null,null,null,null,null,"VRA","Vrac",1," "," ",1," "," ",1," "," "," ",96.444000000000003,13.5,1301.9940000000001,1,"A1560752","AA607015A","FV"," "," "," "]
["3834000058337",5833,"CITRUS","lima bears",null,"30","15L",null,"1/2 tige",null,null,null,null,null,"VRA","Vrac",1," "," ",1," "," ",1," "," "," ",96.444000000000003,13.5,1301.9940000000001,1,"A1560752","AA607015A","FV"," "," "," ","Notre Sélection"]
["3834000058344",5834,"CITRUS","limon Eureka",null,"30","15L",null,"1/2 tige",null,null,null,null,null,"VRA","Vrac",1," "," ",1," "," ",1," "," "," ",96.444000000000003,13.5,1301.9940000000001,1,"A1560752","AA607015A","FV"," "," "," ","Notre Sélection"]
["3834000058351",5835,"CITRUS","mandarino Clemenules - nulessin",null,"30","15L",null,"1/2 tige",null,null,null,null,null,"VRA","Vrac",1," "," ",1," "," ",1," "," "," ",96.444000000000003,13.5,1301.9940000000001,1,"A1560752","AA607015A","FV"," "," "," ","Notre Sélection"]
["3834000056456",5645,"PUNICA","granatum",null,"30","15L",null,"1/2 tige","10/12P",null,null,null,null,"VRA","Vrac",1," "," ",1," "," ",1," "," "," ",96.444000000000003,13.5,1301.9940000000001,1,"A1560","AA608015","FV"," "," "," "]
["3834000056463",5646,"HESPERALOE","parviflora",null,"25","10L",null,null,"50/70",null,null,null,null,"VRA","Vrac",1," "," ",1," "," ",1," "," "," ",148.148,13.5,1999.998,1,"A10405","AA405010","FV"," "," "," ","Notre Sélection"]
["3834000058368",5836,"CITRUS","sinensis Navelina","en fruits","30","15L",null,"1/2 tige",null,null,null,null,null,"VRA","Vrac",1," "," ",1," "," ",1," "," "," ",96.444000000000003,13.5,1301.9940000000001,1,"A1560752","AA607015A","FV"," "," "," ","Notre Sélection"]
["3834000058610",5861,"AGAVE","attenuata",null,"35","25L",null,null,null,null,null,null,null,"VRA","Vrac",1," "," ",1," "," ",1," "," "," ",48.148000000000003,13.5,649.99800000000005,1,"A25","AB25","FV"," "," "," "]
["3834000058405",5840,"OLEA","europaea","non dispo","30","30L","Cipressino","1/2 tige haute","12/14P",null,null,null,null,"VRA","Vrac",1," "," ",1," "," ",1," "," "," ",48.148000000000003,13.5,649.99800000000005,1,"DC30H","DCE30","FV"," "," "," "]
["3834000058412",5841,"OLEA","europaea","non dispo","30","50L","Cipressino","1/2 tige haute","14/18P",null,null,null,null,"VRA","Vrac",1," "," ",1," "," ",1," "," "," ",19.111000000000001,13.5,257.99850000000004,1,"DC50","DCE50","FV"," "," "," "]
["3834000058375",5837,"WASHINGTONIA","robusta",null,"25","10L",null,"3 plantes","80/100",null,null,null,null,"VRA","Vrac",1," "," ",1," "," ",1," "," "," ",148.148,13.5,1999.998,1,"A1040","AA406010","FV"," "," "," "]
["3834000059495",5949,"AGAVE","angustifolia",null,"25","10L",null,null,null,null,null,null,null,"VRA","Vrac",1," "," ",1," "," ",1," "," "," ",148.148,13.5,1999.998,1,"A10","AA10","FV"," "," "," "]
["3834000058429",5842,"OLEA","europaea",null,"30","15L","Cipressino","pyramide","160/180",null,null,null,null,"VRA","Vrac",1," "," ",1," "," ",1," "," "," ",96.444000000000003,13.5,1301.9940000000001,1,"AC15140","ACA14016015","FV"," "," "," "]
["3834000059501",5950,"AGAVE","decipiens",null,"25","10L",null,null,null,null,null,null,null,"VRA","Vrac",1," "," ",1," "," ",1," "," "," ",148.148,13.5,1999.998,1,"A10","AA10","FV"," "," "," "]
["3834000057989",5798,"CITRUS","clementino","non dispo","35","25L",null,"1/2 tige",null,null,null,null,null,"VRA","Vrac",1," "," ",1," "," ",1," "," "," ",60,13.5,810,1,"A256070","AA607025","FV"," "," "," "]
["3834000057996",5799,"CITRUS","limon","non dispo","40","40L",null,"1/2 tige",null,null,null,null,null,"VRA","Vrac",1," "," ",1," "," ",1," "," "," ",48.148000000000003,13.5,649.99800000000005,1,"A406070","AA607040","FV"," "," "," "]
["3834000068886",6888,"OLEA","europaea","2013/2016","25","10L","Cipressino","1/2 tige","6/8P",null,null,null,null,"VRA","Vrac",1," "," ",1," "," ",1," "," "," ",148.148,13.5,1999.998,1,"DC25810","DCB81025","FV"," "," "," "]
["3834000056470",5647,"OLEA","europaea",null,"25","10L","Cipressino","touffe","60/80",null,null,null,null,"VRA","Vrac",1," "," ",1," "," ",1," "," "," ",148.148,13.5,1999.998,1,"A840","A40608","FV"," "," "," ","Notre Sélection"]
["3834000066455",6645,"AGAVE","americana Variegata","non dispo","30","15L",null,null,null,null,null,null,null,"VRA","Vrac",1," "," ",1," "," ",1," "," "," ",96.444000000000003,13.5,1301.9940000000001,1,"A15","AA15","FV"," "," "," "]
["3834000056487",5648,"OLEA","europaea","février","30","15L","Cipressino","touffe","80/100",null,null,null,null,"VRA","Vrac",1," "," ",1," "," ",1," "," "," ",96.444000000000003,13.5,1301.9940000000001,1,"A12","AA12","FV"," "," "," ","Notre Sélection"]
["3834000056494",5649,"OLEA","europaea",null,"25","10L","Cipressino","1/2 tige","6/8P",null,null,null,null,"VRA","Vrac",1," "," ",1," "," ",1," "," "," ",148.148,13.5,1999.998,1,"DC25810","DCB81025","FV"," "," "," ","Notre Sélection"]
["3834000056500",5650,"OLEA","europaea",null,"30","15L","Cipressino","1/2 tige","8/10P",null,null,null,null,"VRA","Vrac",1," "," ",1," "," ",1," "," "," ",96.444000000000003,13.5,1301.9940000000001,1,"DC251012","DCCB101225","FV"," "," "," ","Notre Sélection"]
["3834000056517",5651,"OLEA","europaea","non dispo","40","40L","Cipressino","1/2 tige","14/16P",null,null,null,null,"VRA","Vrac",1," "," ",1," "," ",1," "," "," ",48.148000000000003,13.5,649.99800000000005,1,"DC461416","DCD141646","FV"," "," "," "]
["3834000056524",5652,"OLEA","europaea","non dispo","45","50L","Cipressino","pyramide","180/200",null,null,null,null,"VRA","Vrac",1," "," ",1," "," ",1," "," "," ",19.111000000000001,13.5,257.99850000000004,1,"AC80200","APCH20025080","FV"," "," "," "]
["3834000056531",5653,"PITTOSPORUM","tobira Nana","février","25","10L",null,"touffe","30/40",null,null,null,null,"VRA","Vrac",1," "," ",1," "," ",1," "," "," ",148.148,13.5,1999.998,1,"A10405","AA405010","FV"," "," "," "]
["3834000056548",5654,"PHOENIX","canariensis","non dispo","30","15L",null,null,"140/160",null,null,null,null,"VRA","Vrac",1," "," ",1," "," ",1," "," "," ",96.444000000000003,13.5,1301.9940000000001,1,"A15607","AA607015","FV"," "," "," "]
["3834000066462",6646,"AGAVE","americana Variegata",null,"35","25L",null,null,null,null,null,null,null,"VRA","Vrac",1," "," ",1," "," ",1," "," "," ",48.148000000000003,13.5,649.99800000000005,1,"A25","AB25","FV"," "," "," "]
["3834000066479",6647,"AGAVE","aplanata","non dispo","25","10L",null,null,null,null,null,null,null,"VRA","Vrac",1," "," ",1," "," ",1," "," "," ",148.148,13.5,1999.998,1,"A10","AA10","FV"," "," "," "]
["3834000056555",5655,"POLYGALA","myrtifolia",null,"25","10L",null,"touffe","30/40",null,null,null,null,"VRA","Vrac",1," "," ",1," "," ",1," "," "," ",148.148,13.5,1999.998,1,"A10405","AA405010","FV"," "," "," ","Notre Sélection"]
["3834000066516",6651,"AGAVE","parryi","non dispo","25","10L",null,null,null,null,null,null,null,"VRA","Vrac",1," "," ",1," "," ",1," "," "," ",148.148,13.5,1999.998,1,"A10","AA10","FV"," "," "," "]
["3834000066523",6652,"AGAVE","neomexicana","non dispo","25 tarrina","5L Tarrina",null,null,null,null,null,null,null,"VRA","Vrac",1," "," ",1," "," ",1," "," "," ",322.22199999999998,13.5,4349.9969999999994,1,"A5","A5","FV"," "," "," "]
["3834000056562",5656,"POLYGALA","myrtifolia","février","25","10L",null,"1/2 tige",null,null,null,null,null,"VRA","Vrac",1," "," ",1," "," ",1," "," "," ",148.148,13.5,1999.998,1,"A10405","AA405010","FV"," "," "," ","Notre Sélection"]
["3834000058627",5862,"CITRUS","pomelos Star ruby","en fruits","30","15L",null,"1/2 tige",null,null,null,null,null,"VRA","Vrac",1," "," ",1," "," ",1," "," "," ",96.444000000000003,13.5,1301.9940000000001,1,"A1560752","AA607015A","FV"," "," "," "]
["3834000058634",5863,"CITRUS","limequat","en fruits","30","15L",null,"1/2 tige",null,null,null,null,null,"VRA","Vrac",1," "," ",1," "," ",1," "," "," ",96.444000000000003,13.5,1301.9940000000001,1,"A1560752","AA607015A","FV"," "," "," ","Notre Sélection"]
["3834000059150",5915,"OLEA","europaea","non dispo","30","25L","Cipressino","1/2 tige bola","12/14P",null,null,null,null,"VRA","Vrac",1," "," ",1," "," ",1," "," "," ",60,13.5,810,1,"DC25H","DCE25","FV"," "," "," "]
["3834000059518",5951,"AGAVE","franzozinii","non dispo","25","10L",null,null,null,null,null,null,null,"VRA","Vrac",1," "," ",1," "," ",1," "," "," ",148.148,13.5,1999.998,1,"A10","AA10","FV"," "," "," "]
["3834000058641",5864,"CITRUS","main de bouddha","non dispo","30","15L",null,"1/4 tige",null,null,null,null,null,"VRA","Vrac",1," "," ",1," "," ",1," "," "," ",96.444000000000003,13.5,1301.9940000000001,1,"A1560752","AA607015A","FV"," "," "," "]
["3834000060019",6001,"AMANDIER PRUNUS","dulcis almendro","non dispo","30","50L",null,"1/2 tige","16/18P",null,null,null,null,"VRA","Vrac",1," "," ",1," "," ",1," "," "," ",19.111000000000001,13.5,257.99850000000004,1,"DC50","DCE50","FV"," "," "," "]
["3834000058597",5859,"CHAMAEROPS","humilis",null,"30","15L",null,null,"70/90",null,null,null,null,"VRA","Vrac",1," "," ",1," "," ",1," "," "," ",61.110999999999997,13.5,824.99849999999992,1,"A15607","AA607015","FV"," "," "," ","Notre Sélection"]
["3834000056579",5657,"TEUCRIUM","fruticans",null,"25","10L",null,"touffe","40/50",null,null,null,null,"VRA","Vrac",1," "," ",1," "," ",1," "," "," ",148.148,13.5,1999.998,1,"A10405","AA405010","FV"," "," "," "]
["3834000062853",6285,"AGAVE","ferox","non dispo","25","10L",null,null,null,null,null,null,null,"VRA","Vrac",1," "," ",1," "," ",1," "," "," ",148.148,13.5,1999.998,1,"A10","AA10","FV"," "," "," ","Notre Sélection"]
["3834000062839",6283,"TRACHYCARPUS","fortunei","non dispo","30","15L",null,"3 plantes","80/100",null,null,null,null,"VRA","Vrac",1," "," ",1," "," ",1," "," "," ",96.444000000000003,13.5,1301.9940000000001,1,"A1560","AA608015","FV"," "," "," "]
["3834000062860",6286,"AGAVE","horrida",null,"35","25L",null,null,null,null,null,null,null,"VRA","Vrac",1," "," ",1," "," ",1," "," "," ",48.148000000000003,13.5,649.99800000000005,1,"A25","AB25","FV"," "," "," "]
["3834000062877",6287,"AGAVE","montana",null,"25","10L",null,null,null,null,null,null,null,"VRA","Vrac",1," "," ",1," "," ",1," "," "," ",148.148,13.5,1999.998,1,"A10","AA10","FV"," "," "," "]
["3834000062884",6288,"AGAVE","ovatifolia",null,"25","10L",null,null,null,null,null,null,null,"VRA","Vrac",1," "," ",1," "," ",1," "," "," ",148.148,13.5,1999.998,1,"A10","AA10","FV"," "," "," "]
["3834000062891",6289,"ALOE","ferox","non dispo","25 tarrina","5L Tarrina",null,null,null,null,null,null,null,"VRA","Vrac",1," "," ",1," "," ",1," "," "," ",322.22199999999998,13.5,4349.9969999999994,1,"A5","A5","FV"," "," "," "]
["3834000056586",5658,"VIBURNUM","lucidum","non dispo","25","10L",null,"touffe","50/70",null,null,null,null,"VRA","Vrac",1," "," ",1," "," ",1," "," "," ",148.148,13.5,1999.998,1,"A10405","AA405010","FV"," "," "," "]
["3834000056593",5659,"WASHINGTONIA","robusta",null,"25","10L",null,"1 plante","80/100",null,null,null,null,"VRA","Vrac",1," "," ",1," "," ",1," "," "," ",148.148,13.5,1999.998,1,"A10405","AA405010","FV"," "," "," ","Notre Sélection"]
["3834000056609",5660,"WASHINGTONIA","robusta","non dispo","30","15L",null,"1 plante","140/160",null,null,null,null,"VRA","Vrac",1," "," ",1," "," ",1," "," "," ",96.444400000000002,13.5,1301.9993999999999,1,"A15607","AA607015","FV"," "," "," "]
["3834000056616",5661,"WESTRINGIA","fruticosa",null,"25","10L",null,"boule","50/60",null,null,null,null,"VRA","Vrac",1," "," ",1," "," ",1," "," "," ",148.148,13.5,1999.998,1,"A10405","AA405010","FV"," "," "," "]
["3834000056623",5662,"WESTRINGIA","longifolia",null,"25","10L",null,"boule","50/60",null,null,null,null,"VRA","Vrac",1," "," ",1," "," ",1," "," "," ",148.148,13.5,1999.998,1,"A10405","AA405010","FV"," "," "," "]
["3834000056630",5663,"YUCCA","rostrata","non dispo","25","10L",null,null,"40/50",null,null,null,null,"VRA","Vrac",1," "," ",1," "," ",1," "," "," ",148.148,13.5,1999.998,1,"A10405","AA405010","FV"," "," "," ","Notre Sélection"]
["3834000056647",5664,"YUCCA","rostrata","non dispo","30","15L",null,null,"60/70",null,null,null,null,"VRA","Vrac",1," "," ",1," "," ",1," "," "," ",96.444000000000003,13.5,1301.9940000000001,1,"A15607","AA607015","FV"," "," "," "]
["3834000056654",5665,"TRACHYCARPUS","fortunei","février","25","10L",null,"3 plantes","40/60",null,null,null,null,"VRA","Vrac",1," "," ",1," "," ",1," "," "," ",148.148,13.5,1999.998,1,"A10405","AA405010","FV"," "," "," ","Notre Sélection"]
["3834000057460",5746,"AGAVE","mediopicta","non dispo","25 tarrina","5L Tarrina",null,null,null,null,null,null,null,"VRA","Vrac",1," "," ",1," "," ",1," "," "," ",322.22199999999998,13.5,4349.9969999999994,1,"A5","A5","FV"," "," "," "]
["3834000056661",5666,"TRACHYCARPUS","fortunei","février","20","5L",null,"3 plantes",null,null,null,null,null,"VRA","Vrac",1," "," ",1," "," ",1," "," "," ",322.22199999999998,13.5,4349.9969999999994,1,"A5","A5","FV"," "," "," "]
["3834000057477",5747,"AGAVE","macroacantha Viridis","non dispo","25 tarrina","5L Tarrina",null,null,null,null,null,null,null,"VRA","Vrac",1," "," ",1," "," ",1," "," "," ",322.22199999999998,13.5,4349.9969999999994,1,"A5","A5","FV"," "," "," "]
["3834000057484",5748,"AGAVE","macroacantha Blue ribbon","non dispo","25 tarrina","5L Tarrina",null,null,null,null,null,null,null,"VRA","Vrac",1," "," ",1," "," ",1," "," "," ",322.22199999999998,13.5,4349.9969999999994,1,"A5","A5","FV"," "," "," "]
["3834000057491",5749,"AGAVE","angustifolia","non dispo","25 tarrina","5L Tarrina",null,null,null,null,null,null,null,"VRA","Vrac",1," "," ",1," "," ",1," "," "," ",322.22199999999998,13.5,4349.9969999999994,1,"A5","A5","FV"," "," "," "]
["3834000057507",5750,"AGAVE","decipiens","non dispo","25 tarrina","5L Tarrina",null,null,null,null,null,null,null,"VRA","Vrac",1," "," ",1," "," ",1," "," "," ",322.22199999999998,13.5,4349.9969999999994,1,"A5","A5","FV"," "," "," "]
["3834000057514",5751,"AGAVE","parryi","non dispo","25 tarrina","5L Tarrina",null,null,null,null,null,null,null,"VRA","Vrac",1," "," ",1," "," ",1," "," "," ",322.22199999999998,13.5,4349.9969999999994,1,"A5","A5","FV"," "," "," "]
["3834000057521",5752,"ALOE","saponaria","non dispo","25 tarrina","5L Tarrina",null,null,null,null,null,null,null,"VRA","Vrac",1," "," ",1," "," ",1," "," "," ",322.22199999999998,13.5,4349.9969999999994,1,"A5","A5","FV"," "," "," "]
["3834000057538",5753,"AGAVE","scabra","non dispo","25","10L",null,null,null,null,null,null,null,"VRA","Vrac",1," "," ",1," "," ",1," "," "," ",148.148,13.5,1999.998,1,"A10","AA10","FV"," "," "," "]
["3834000057545",5754,"AGAVE","mediopicta",null,"25","10L",null,null,null,null,null,null,null,"VRA","Vrac",1," "," ",1," "," ",1," "," "," ",148.148,13.5,1999.998,1,"A10","AA10","FV"," "," "," "]
["3834000057552",5755,"AGAVE","horrida","non dispo","25","10L",null,null,null,null,null,null,null,"VRA","Vrac",1," "," ",1," "," ",1," "," "," ",148.148,13.5,1999.998,1,"A10","AA10","FV"," "," "," "]
["3834000057569",5756,"AGAVE","obscura","non dispo","25","10L",null,null,null,null,null,null,null,"VRA","Vrac",1," "," ",1," "," ",1," "," "," ",148.148,13.5,1999.998,1,"A10","AA10","FV"," "," "," "]
["3834000057576",5757,"AGAVE","purpusorum","non dispo","25","10L",null,null,null,null,null,null,null,"VRA","Vrac",1," "," ",1," "," ",1," "," "," ",148.148,13.5,1999.998,1,"A10","AA10","FV"," "," "," "]
["3834000057583",5758,"AGAVE","ghiesberchttii Huehueteca","non dispo","25","10L",null,null,null,null,null,null,null,"VRA","Vrac",1," "," ",1," "," ",1," "," "," ",148.148,13.5,1999.998,1,"A10","AA10","FV"," "," "," "]
["3834000057590",5759,"AGAVE","pseudopotatorum","non dispo","25","10L",null,null,null,null,null,null,null,"VRA","Vrac",1," "," ",1," "," ",1," "," "," ",148.148,13.5,1999.998,1,"A10","AA10","FV"," "," "," "]
["3834000057606",5760,"AGAVE","filifera","non dispo","25","10L",null,null,null,null,null,null,null,"VRA","Vrac",1," "," ",1," "," ",1," "," "," ",148.148,13.5,1999.998,1,"A10","AA10","FV"," "," "," "]
["3834000057613",5761,"AGAVE","lechuguilla",null,"25","10L",null,null,null,null,null,null,null,"VRA","Vrac",1," "," ",1," "," ",1," "," "," ",148.148,13.5,1999.998,1,"A10","AA10","FV"," "," "," "]
["3834000057620",5762,"AGAVE","fourcroydes","non dispo","25","10L",null,null,null,null,null,null,null,"VRA","Vrac",1," "," ",1," "," ",1," "," "," ",148.148,13.5,1999.998,1,"A10","AA10","FV"," "," "," "]
["3834000057637",5763,"AGAVE","mediopicta","non dispo","30","15L",null,null,null,null,null,null,null,"VRA","Vrac",1," "," ",1," "," ",1," "," "," ",96.444000000000003,13.5,1301.9940000000001,1,"A15","AA15","FV"," "," "," ","Notre Sélection"]
["3834000057644",5764,"AGAVE","decipiens",null,"30","15L",null,null,null,null,null,null,null,"VRA","Vrac",1," "," ",1," "," ",1," "," "," ",96.444000000000003,13.5,1301.9940000000001,1,"A15","AA15","FV"," "," "," "]
["3834000057651",5765,"AGAVE","attenuata","non dispo","30","15L",null,null,null,null,null,null,null,"VRA","Vrac",1," "," ",1," "," ",1," "," "," ",96.444000000000003,13.5,1301.9940000000001,1,"A15","AA15","FV"," "," "," "]
["3834000057668",5766,"AGAVE","mediopicta","non dispo","40","40L",null,null,null,null,null,null,null,"VRA","Vrac",1," "," ",1," "," ",1," "," "," ",48.148000000000003,13.5,649.99800000000005,1,"A40","AD40","FV"," "," "," "]
["3834000057675",5767,"AGAVE","salmiana","non dispo","40","40L",null,null,null,null,null,null,null,"VRA","Vrac",1," "," ",1," "," ",1," "," "," ",48.148000000000003,13.5,649.99800000000005,1,"A40","AD40","FV"," "," "," "]
["3834000057682",5768,"AGAVE","ferox","non dispo","40","40L",null,null,null,null,null,null,null,"VRA","Vrac",1," "," ",1," "," ",1," "," "," ",48.148000000000003,13.5,649.99800000000005,1,"A40","AD40","FV"," "," "," "]
["3834000057699",5769,"AGAVE","scabra","non dispo","40","40L",null,null,null,null,null,null,null,"VRA","Vrac",1," "," ",1," "," ",1," "," "," ",48.148000000000003,13.5,649.99800000000005,1,"A40","AD40","FV"," "," "," "]
["3834000057743",5774,"BOUGAINVILLEA","sanderiana","non dispo","25","10L",null,"tripode",null,null,null,null,null,"VRA","Vrac",1," "," ",1," "," ",1," "," "," ",148.148,13.5,1999.998,1,"A10405","AA405010","FV"," "," "," ","Notre Sélection"]
["3834000057750",5775,"CITRUS","mix","non dispo","25","10L",null,"1/2 tige",null,null,null,null,null,"VRA","Vrac",1," "," ",1," "," ",1," "," "," ",148.148,13.5,1999.998,1,"A10405","AA405010","FV"," "," "," "]
["3834000057767",5776,"CITRUS","mix","non dispo","30","15L",null,"1/2 tige",null,null,null,null,null,"VRA","Vrac",1," "," ",1," "," ",1," "," "," ",96.444000000000003,13.5,1301.9940000000001,1,"A15607","AA607015","FV"," "," "," "]
["3834000057774",5777,"CITRUS","mix","non dispo","35","25L",null,"1/2 tige",null,null,null,null,null,"VRA","Vrac",1," "," ",1," "," ",1," "," "," ",60,13.5,810,1,"A256070","AA607025","FV"," "," "," "]
["3834000057781",5778,"CITRUS","mix","non dispo","40","40L",null,"1/2 tige",null,null,null,null,null,"VRA","Vrac",1," "," ",1," "," ",1," "," "," ",48.148000000000003,13.5,649.99800000000005,1,"A406070","AA607040","FV"," "," "," "]
["3834000057798",5779,"CITRUS","microcitrus","non dispo","30","15L",null,"1/2 tige",null,null,null,null,null,"VRA","Vrac",1," "," ",1," "," ",1," "," "," ",96.444000000000003,13.5,1301.9940000000001,1,"A15607","AA607015","FV"," "," "," "]
["3834000057804",5780,"CITRUS","microcitrus",null,"25","10L",null,"1/2 tige",null,null,null,null,null,"VRA","Vrac",1," "," ",1," "," ",1," "," "," ",148.148,13.5,1999.998,1,"A10405","AA405010","FV"," "," "," "]
["3834000058849",5884,"CITRUS","kumquat","non dispo","30","15L","par 52 plantes ","1/2 tige",null,null,null,null,null,"VRA","Vrac",1," "," ",1," "," ",1," "," "," ",96.444000000000003,13.5,1301.9940000000001,1,"A15607","AA607015","FV"," "," "," "]
["3834000058856",5885,"CITRUS","lima bears",null,"30","15L","par 52 plantes ","1/2 tige",null,null,null,null,null,"VRA","Vrac",1," "," ",1," "," ",1," "," "," ",96.444000000000003,13.5,1301.9940000000001,1,"A15607","AA607015","FV"," "," "," ","Notre Sélection"]
["3834000058863",5886,"CITRUS","limequat","en fruits","30","15L","par 52 plantes ","1/2 tige",null,null,null,null,null,"VRA","Vrac",1," "," ",1," "," ",1," "," "," ",96.444000000000003,13.5,1301.9940000000001,1,"A15607","AA607015","FV"," "," "," ","Notre Sélection"]
["3834000058870",5887,"CITRUS","limon Eureka",null,"30","15L","par 52 plantes ","1/2 tige",null,null,null,null,null,"VRA","Vrac",1," "," ",1," "," ",1," "," "," ",96.444000000000003,13.5,1301.9940000000001,1,"A15607","AA607015","FV"," "," "," ","Notre Sélection"]
["3834000058887",5888,"CITRUS","mandarino Clemenules - nulessin",null,"30","15L","par 52 plantes ","1/2 tige",null,null,null,null,null,"VRA","Vrac",1," "," ",1," "," ",1," "," "," ",96.444000000000003,13.5,1301.9940000000001,1,"A15607","AA607015","FV"," "," "," ","Notre Sélection"]
["3834000058894",5889,"CITRUS","main de bouddha","non dispo","30","15L","par 52 plantes ","1/4 tige",null,null,null,null,null,"VRA","Vrac",1," "," ",1," "," ",1," "," "," ",96.444000000000003,13.5,1301.9940000000001,1,"A15607","AA607015","FV"," "," "," "]
["3834444458908",5890,"CITRUS","pomelos Star ruby","en fruits","30","15L","par 52 plantes ","1/2 tige",null,null,null,null,null,"VRA","Vrac",1," "," ",1," "," ",1," "," "," ",96.444000000000003,13.5,1301.9940000000001,1,"A15607","AA607015","FV"," "," "," "]
["3834000058917",5891,"CITRUS","sinensis Lane late","en fruits","30","15L","par 52 plantes ","1/2 tige",null,null,null,null,null,"VRA","Vrac",1," "," ",1," "," ",1," "," "," ",96.444000000000003,13.5,1301.9940000000001,1,"A15607","AA607015","FV"," "," "," ","Notre Sélection"]
["3834000058924",5892,"CITRUS","sinensis Navelina","en fruits","30","15L","par 52 plantes ","1/2 tige",null,null,null,null,null,"VRA","Vrac",1," "," ",1," "," ",1," "," "," ",96.444000000000003,13.5,1301.9940000000001,1,"A15607","AA607015","FV"," "," "," ","Notre Sélection"]
["3834000058931",5893,"CITRUS","sinensis Taroco rosso","en fruits","30","15L","par 52 plantes ","1/2 tige",null,null,null,null,null,"VRA","Vrac",1," "," ",1," "," ",1," "," "," ",96.444000000000003,13.5,1301.9940000000001,1,"A15607","AA607015","FV"," "," "," "]
["3834000058948",5894,"CITRUS","sinensis Valencia delta seedless","en fruits","30","15L","par 52 plantes ","1/2 tige",null,null,null,null,null,"VRA","Vrac",1," "," ",1," "," ",1," "," "," ",96.444000000000003,13.5,1301.9940000000001,1,"A15607","AA607015","FV"," "," "," "]
["0284000062842",6284,"OLEA","europaea","février","30","25L","Cipressino","1/2 tige","12/14P",null,null,null,null,"VRA","Vrac",1," "," ",1," "," ",1," "," "," ",60,13.5,810,1,"DC2512B","DCCC121425","FV"," "," "," "]
["3834000072029",7202,"AGAVE","tequilana",null,"25","10L",null,null,null,null,null,null,null,"VRA","Vrac",1," "," ",1," "," ",1," "," "," ",148.148,13.5,1999.998,1,"A10","AA10","FV"," "," "," "]
["3834000072500",7250,"AGAVE","attenuata",null,"25","10L",null,null,null,null,null,null,null,"VRA","Vrac",1," "," ",1," "," ",1," "," "," ",148.148,13.5,1999.998,1,"A10","AA10","FV"," "," "," "]
["3834000063294",6329,"CITRUS","lima bears",null,"35","25L",null,"1/2 tige",null,null,null,null,null,"VRA","Vrac",1," "," ",1," "," ",1," "," "," ",60,13.5,810,1,"A256070","AA607025","FV"," "," "," "]
["3834000063300",6330,"CITRUS","limequat",null,"35","25L",null,"1/2 tige",null,null,null,null,null,"VRA","Vrac",1," "," ",1," "," ",1," "," "," ",60,13.5,810,1,"A256070","AA607025","FV"," "," "," "]
["3834000066431",6643,"AGAVE","geminiflora",null,"25","10L",null,null,null,null,null,null,null,"VRA","Vrac",1," "," ",1," "," ",1," "," "," ",148.148,13.5,1999.998,1,"A10","AA10","FV"," "," "," ","Notre Sélection"]
["3834000063317",6331,"CITRUS","mitis variegata","non dispo","25","10L",null,"1/2 tige",null,null,null,null,null,"VRA","Vrac",1," "," ",1," "," ",1," "," "," ",148.148,13.5,1999.998,1,"A10405","AA405010","FV"," "," "," "]
["3834000063324",6332,"PISTACIA","lentiscus",null,"30","15L",null,"touffe","80/100",null,null,null,null,"VRA","Vrac",1," "," ",1," "," ",1," "," "," ",96.444000000000003,13.5,1301.9940000000001,1,"A12","AA12","FV"," "," "," "]
["3834000063331",6333,"TRACHYCARPUS","fortunei","non dispo","30","25L",null,null,"35/50T",null,null,null,null,"VRA","Vrac",1," "," ",1," "," ",1," "," "," ",60,13.5,810,1,"DC25101A","DCCC101225","FV"," "," "," "]
["3834000065519",6551,"AGAVE","americana Variegata",null,"25","10L",null,null,null,null,null,null,null,"VRA","Vrac",1," "," ",1," "," ",1," "," "," ",148.148,13.5,1999.998,1,"A10","AA10","FV"," "," "," ","Notre Sélection"]
["3834000072890",7289,"CORDYLINE","indivisa","février","25","10L",null,null,null,null,null,null,null,"VRA","Vrac",1," "," ",1," "," ",1," "," "," ",148.148,13.5,1999.998,1,"A10405","AA405010","FV"," "," "," "]
["3834000072906",7290,"GALVEZIA","","février","25","10L",null,"touffe",null,null,null,null,null,"VRA","Vrac",1," "," ",1," "," ",1," "," "," ",148.148,13.5,1999.998,1,"A10405","AA405010","FV"," "," "," "]
["3834000070940",7094,"AGAVE","azul (americana)","non dispo","25","10L",null,null,null,null,null,null,null,"VRA","Vrac",1," "," ",1," "," ",1," "," "," ",148.148,13.5,1999.998,1,"A10","AA10","FV"," "," "," ","Notre Sélection"]
["3834000066110",6611,"OLEA","europaea",null,"25","10L","Cipressino","1/4 tige",null,null,null,null,null,"VRA","Vrac",1," "," ",1," "," ",1," "," "," ",148.148,13.5,1999.998,1,"DC1018","DCB10","FV"," "," "," ","Notre Sélection"]
["3834000069951",6995,"AGAVE","parrasana","non dispo","30","15L",null,null,null,null,null,null,null,"VRA","Vrac",1," "," ",1," "," ",1," "," "," ",96.444000000000003,13.5,1301.9940000000001,1,"A15","AA15","FV"," "," "," "]
["3834000066967",6996,"AGAVE","verschaffeltii","non dispo","30","15L",null,null,null,null,null,null,null,"VRA","Vrac",1," "," ",1," "," ",1," "," "," ",96.444000000000003,13.5,1301.9940000000001,1,"A15","AA15","FV"," "," "," "]
["3834000066127",6612,"CITRUS","lima bears","non dispo","40","40L",null,"1/2 tige",null,null,null,null,null,"VRA","Vrac",1," "," ",1," "," ",1," "," "," ",48.148000000000003,13.5,649.99800000000005,1,"A406070","AA607040","FV"," "," "," "]
["3834000066134",6613,"CITRUS","sinensis","non dispo","40","40L",null,"1/2 tige",null,null,null,null,null,"VRA","Vrac",1," "," ",1," "," ",1," "," "," ",48.148000000000003,13.5,649.99800000000005,1,"A406070","AA607040","FV"," "," "," "]
["3834000069890",6889,"AGAVE","franzozinii","non dispo","30","15L",null,null,null,null,null,null,null,"VRA","Vrac",1," "," ",1," "," ",1," "," "," ",96.444000000000003,13.5,1301.9940000000001,1,"A15","AA15","FV"," "," "," "]
["3834000071985",7198,"CITRUS","limon Eureka",null,"25","10L",null,"1/2 tige",null,null,null,null,null,"VRA","Vrac",1," "," ",1," "," ",1," "," "," ",148.148,13.5,1999.998,1,"A10405","AA405010","FV"," "," "," "]
["3834000071985",7199,"CITRUS","sinensis",null,"25","10L",null,"1/2 tige",null,null,null,null,null,"VRA","Vrac",1," "," ",1," "," ",1," "," "," ",148.148,13.5,1999.998,1,"A10405","AA405010","FV"," "," "," "]
["3834000072005",7200,"CITRUS","mandarino",null,"25","10L",null,"1/2 tige",null,null,null,null,null,"VRA","Vrac",1," "," ",1," "," ",1," "," "," ",148.148,13.5,1999.998,1,"A10405","AA405010","FV"," "," "," "]
["3834000058023",5802,"OLEA","europaea",null,null,"90L","Cipressino","pyramide","180/200",null,null,null,null,"VRA","Vrac",1," "," ",1," "," ",1," "," "," ",5.1849999999999996,13.5,69.997499999999988,1,"AC110300","AQCAB300350110","FV"," "," "," "]
["3834000058030",5803,"BRAHEA","armata","non dispo","30","15L",null,null,"60/70",null,null,null,null,"VRA","Vrac",1," "," ",1," "," ",1," "," "," ",96.444000000000003,13.5,1301.9940000000001,1,"A15607","AA607015","FV"," "," "," "]
["3834000071145",7114,"OLEA","europaea","non dispo","30","15L","Cipressino","1/2 tige double boule",null,null,null,null,null,"VRA","Vrac",1," "," ",1," "," ",1," "," "," ",96.444000000000003,13.5,1301.9940000000001,1,"DC251012","DCCB101225","FV"," "," "," "]
["3834000071152",7115,"AGAVE","lophanta",null,"25","10L",null,null,null,null,null,null,null,"VRA","Vrac",1," "," ",1," "," ",1," "," "," ",148.148,13.5,1999.998,1,"A10","AA10","FV"," "," "," "]
["3834000071169",7116,"AGAVE","macroacantha Blue ribbon",null,"25","10L",null,null,null,null,null,null,null,"VRA","Vrac",1," "," ",1," "," ",1," "," "," ",148.148,13.5,1999.998,1,"A10","AA10","FV"," "," "," "]
["3834000071176",7117,"PUNICA","granatum",null,"30","25L",null,"1/2 tige","12/14P",null,null,null,null,"VRA","Vrac",1," "," ",1," "," ",1," "," "," ",60,13.5,810,1,"DC25101A","DCCC101225","FV"," "," "," "]
["3834000072159",7215,"ABELIA","grandiflora",null,"25","10L",null,"touffe","40/50",null,null,null,null,"VRA","Vrac",1," "," ",1," "," ",1," "," "," ",148.148,13.5,1999.998,1,"A10405","AA405010","FV"," "," "," "]
["3834000072166",7216,"CALLISTEMON","laevis",null,"25","10L",null,"touffe","50/60",null,null,null,null,"VRA","Vrac",1," "," ",1," "," ",1," "," "," ",148.148,13.5,1999.998,1,"A10405","AA405010","FV"," "," "," "]
["3834000072173",7217,"METROSIDEROS","excelsa",null,"25","10L",null,"touffe","40/50",null,null,null,null,"VRA","Vrac",1," "," ",1," "," ",1," "," "," ",148.148,13.5,1999.998,1,"A10405","AA405010","FV"," "," "," "]
["Total",null,null,null,null,null,null,null,null,null,null,null,null,null,null,null,null,null,null,null,null,null,null,null,null,null,null,null,null,null,null,null,null,null,null,null,{"$f":"SUBTOTAL(103,Tableau_Lancer_la_requête_à_partir_de_PALMACEA446[NOTRE_SELECTION])","v":36}]

{"sheet":"FV Tarif_AN","index":1,"n_rows":214,"n_cols":37,"rows_kept":214,"cut":false,"hidden":false,"merged":[[15,7,15,8],[11,11,11,34],[12,10,12,11],[12,12,12,34],[6,11,6,34],[7,11,7,34],[8,11,8,34],[9,10,9,34],[10,11,10,14],[10,16,10,34]]}
[]
[]
[]
[]
[null,null,null,null,null,null,null,"Retrouvez en italique Notre Sélection",null,null,"Fournisseur :","PM"]
[null,null,"Pascal HABAULT : acheteur / commercial"]
[null,null," Tél : 06 21 76 93 63",null,null,null,null,"Espagne",null,null,"TVA INTRA :"]
[null,null,"Isabelle NAULET : administratif / suivi commercial / logistique ",null,null,null,null,"PALMACEA vous propose en direct,  un grand choix de végétaux issu de ses producteurs",null,null,"Client :"]
[null,null," Tél : 06 23 38 03 49",null,null,null,null,"Prix départ, tarif transport sur demande",null,null,"Adresse :"]
[null,null,"Fax : 00 33 4 26 30 35 44"]
[null,null,"Mail : contact@palmacea.com",null,null,null,null,null,null,null,"Tél :",null,null,null,null,"Fax :"]
[null,null,null,null,null,null,null,null,null,null,"Mail :"]
[null,null,null,null,null,null,null,null,null,null,"Semaine de livraison :"]
[]
[]
["Code barre ","Code","Genre","Espèce Variété","Etat","Diam pot","Litrage","Présentation ",null,"Taille","Diam tête","HT total","Parcelle","Photo","Conditionnement","Conditionnement","Qte cond","Votre cde","Tarif départ ","Qte cond","Votre cde ","Tarif départ ","Nb cond","Qte cond total","Votre cde","Tarif départ ","Nb de cond ou plantes par ML","Metrage camion","Qte plt / camion","Cond / default","Code pour tri","pour tri","Initiale fournisseur","Montant Cde","PV TTC","Métrage"]
["CODE_BARRE","CODE","GENRE","ESPECE_VARIETE","ETAT","DIAM_POT","LITRAGE","PRESENTATION","PRESENTATION2","TAILLE","DIAM_TETE","HT_TOTAL","PARCELLE","IMAGE","CONDITION","CONDITION3","QTE_COND","VOTRE_CDE","VOTRE_CDE4","QTE_COND5","VOTRE_CDE6","VOTRE_CDE7","NB_COND","QTE_ROLL","VOTRE_CDE8","VOTRE_CDE9","NB_PLT_CAM","METRAGE_CAM","QTE_PLT_CAM","COND_DEF","CODE_TRI","TRI","INITIAL_FOURN","MONT_CDE","PVTTC","METRAGE","NOTRE_SELECTION"]
["3834000017211",1837,"BRAHEA","armata",null,null,"CTR",null,null,"40/60T",null,null,null,null,"VRA","Vrac",1," "," ",1," "," ",1,1," "," ",9.6300000000000008,13.5,130.00500000000002,1,"BRAST040","Brahea armata STE40","PM"," "," "," "]
["3834000017198",1835,"BUTIA","capitata",null,"45","46L",null,null,"10/20T",null,"100/125",null,null,"VRA","Vrac",1," "," ",1," "," ",1,1," "," ",27.407,13.5,369.99450000000002,1,"BUST0010","Butia capit STB10","PM"," "," "," "]
["3834000021492",2266,"CACTUS","cleistocactus",null,"25","10L",null,null,null,null,null,null,null,"VRA","Vrac",1," "," ",1," "," ",1,1," "," ",148.148,13.5,1999.998,1,"AS10","ASA10","PM"," "," "," "]
["3834000021546",2271,"CACTUS","echinocactus Grunsonii",null,"35","20L",null,null,null,null,null,null,null,"VRA","Vrac",1," "," ",1," "," ",1,1," "," ",66.665999999999997,13.5,899.99099999999999,1,"AS20","ASB20","PM"," "," "," "]
["3834000021508",2267,"CACTUS","myrtillocactus",null,"25","10L",null,null,null,null,null,null,null,"VRA","Vrac",1," "," ",1," "," ",1,1," "," ",148.148,13.5,1999.998,1,"AS10","ASA10","PM"," "," "," "]
["3834000021515",2268,"CACTUS","orecerus",null,"25","10L",null,null,null,null,null,null,null,"VRA","Vrac",1," "," ",1," "," ",1,1," "," ",148.148,13.5,1999.998,1,"AS10","ASA10","PM"," "," "," "]
["3834000021522",2269,"CACTUS","polaskia",null,"25","10L",null,null,null,null,null,null,null,"VRA","Vrac",1," "," ",1," "," ",1,1," "," ",148.148,13.5,1999.998,1,"AS10","ASA10","PM"," "," "," "]
["3834000021539",2270,"CACTUS","pringley",null,"25","10L",null,null,null,null,null,null,null,"VRA","Vrac",1," "," ",1," "," ",1,1," "," ",148.148,13.5,1999.998,1,"AS10","ASA10","PM"," "," "," "]
["3834000017228",1838,"CHAMAEROPS","humilis Cerifera","février",null,"130/230L",null,"1 vert","125/150",null,null,null,null,"VRA","Vrac",1," "," ",1," "," ",1,1," "," ",3.2589999999999999,13.5,43.996499999999997,1,"P230115A","PCC125150130230","PM"," "," "," "]
["3834000017693",1885,"CYCAS","revoluta",null,null,"CTR","Prix du mètre de stipe",null,null,null,null,null,null,"VRA","Vrac",1," "," ",1," "," ",1,1," "," ",27.407,13.5,369.99450000000002,1,"CYMETCTR","CYCAS REVOL STZMETRE","PM"," "," "," "]
["3834000017921",1908,"FICUS","carica",null,null,"CTR",null,"1/2 tige","15/20P",null,null,null,null,"VRA","Vrac",1," "," ",1," "," ",1,1," "," ",12.519,13.5,169.00649999999999,1,"FCA15CTR","FICU CAR DC15CTR","PM"," "," "," "]
["3834000017938",1909,"FICUS","carica",null,null,"CTR",null,"1/2 tige","20/25P",null,null,null,null,"VRA","Vrac",1," "," ",1," "," ",1,1," "," ",12.519,13.5,169.00649999999999,1,"FCA20CTR","FICU CAR DC20CTR","PM"," "," "," "]
["3834000017945",1910,"FICUS","carica",null,null,"CTR",null,"1/2 tige","25/30P",null,null,null,null,"VRA","Vrac",1," "," ",1," "," ",1,1," "," ",9.6300000000000008,13.5,130.00500000000002,1,"FCA25CTR","FICU CAR DC25CTR","PM"," "," "," "]
["3834000024813",2600,"OLEA","europaea",null,"90","coupe bonsai terra cotta D90","bonsai","exemplaire","60/80P",null,null,null,null,"VRA","Vrac",1," "," ",1," "," ",1,1," "," ",2.37,13.5,31.995000000000001,1,"OLDB90BT","OLEA KBCOUPEB90TC","PM"," "," "," "]
["3834000017532",1869,"OLEA","europaea",null,null,"160/180/230L","bonsai","exemplaire","60/80P",null,null,null,null,"VRA","Vrac",1," "," ",1," "," ",1,1," "," ",3.7040000000000002,13.5,50.004000000000005,1,"OLK682","OLEA KDA60/60CTR","PM"," "," "," ","Notre Sélection"]
["3834000017273",1843,"OLEA","europaea","janvier","50","63L","par 5 plantes","semi-exemplaire","20/35P",null,null,null,null,"VRA","Vrac",1," "," ",1," "," ",1,1," "," ",8.1479999999999997,13.5,109.99799999999999,1,"OLIP203","OLEA IP20 C5","PM"," "," "," "]
["3834000024943",2613,"OLEA","europaea","janvier","50","63L","A l'unité","semi-exemplaire","20/35P",null,null,null,null,"VRA","Vrac",1," "," ",1," "," ",1,1," "," ",10.37,13.5,139.99499999999998,1,"OLIP20","OLEA IP2040110","PM"," "," "," ","Notre Sélection"]
["3834000018096",1925,"PHOENIX","canariensis",null,null,"90/130L",null,null,"30/40T",null,null,null,null,"VRA","Vrac",1," "," ",1," "," ",1,1," "," ",9.6300000000000008,13.5,130.00500000000002,1,"PHOEC30","PHOENIC ST30","PM"," "," "," "]
["3834000018102",1926,"PHOENIX","canariensis",null,null,"160L",null,null,"40/50T",null,null,null,null,"VRA","Vrac",1," "," ",1," "," ",1,1," "," ",9.6300000000000008,13.5,130.00500000000002,1,"PHOEC40","PHOENIC ST40","PM"," "," "," "]
["3834000018119",1927,"PHOENIX","canariensis",null,null,"160L",null,null,"50/60T",null,null,null,null,"VRA","Vrac",1," "," ",1," "," ",1,1," "," ",8.1479999999999997,13.5,109.99799999999999,1,"PHOEC50","PHOENIC ST50","PM"," "," "," "]
["3834000018126",1928,"PHOENIX","canariensis",null,null,"285L",null,"1 violet","60/70T",null,null,null,null,"VRA","Vrac",1," "," ",1," "," ",1,1," "," ",5.1849999999999996,13.5,69.997499999999988,1,"PHOEC60","PHOENIC ST60","PM"," "," "," "]
["3834000018133",1929,"PHOENIX","canariensis",null,null,"285L",null,"2 violet","70/80T",null,null,null,null,"VRA","Vrac",1," "," ",1," "," ",1,1," "," ",3.7040000000000002,13.5,50.004000000000005,1,"PHOEC70","PHOENIC ST70","PM"," "," "," "]
["3834000018430",1959,"PHOENIX","canariensis",null,null,"CTR",null,"1 blanc","80/90T",null,null,null,null,"VRA","Vrac",1," "," ",1," "," ",1,1," "," ",2.37,13.5,31.995000000000001,1,"PHOEC80","PHOENIC ST80","PM"," "," "," ","Notre Sélection"]
["3834000007328",831,"PUNICA","granatum",null,"80","160L",null,"exemplaire","70/80P",null,null,null,null,"VRA","Vrac",1," "," ",1," "," ",1,1," "," ",3.7040000000000002,13.5,50.004000000000005,1,"PUNITM70","PUNIC TM70","PM"," "," "," "]
["3834000007311",830,"PUNICA","granatum",null,null,"230/350L",null,"exemplaire","80/90P",null,null,null,null,"VRA","Vrac",1," "," ",1," "," ",1,1," "," ",1.63,13.5,22.004999999999999,1,"PUNITM69","PUNIC TMA6090","PM"," "," "," "]
["3834000017501",1866,"YUCCA","rostrata Extra",null,null,"35L","tronc 10/20T","1 blanc","50/60",null,null,null,null,"VRA","Vrac",1," "," ",1," "," ",1,1," "," ",27.407,13.5,369.99450000000002,1,"A1BLANC","ADAA1BLANC","PM"," "," "," ","Notre Sélection"]
["3834000003382",338,"TRACHYCARPUS","fortunei",null,null,"45L",null,null,"50/60T",null,null,null,null,"VRA","Vrac",1," "," ",1," "," ",1,1," "," ",19.111000000000001,13.5,257.99850000000004,1,"PQ4550","PQD506045","PM"," "," "," "]
["3834000003399",339,"TRACHYCARPUS","fortunei",null,null,"70L",null,"1 rose 2 rose","60/80T",null,null,null,null,"VRA","Vrac",1," "," ",1," "," ",1,1," "," ",9.4809999999999999,13.5,127.9935,1,"PQ4560","PQD608045","PM"," "," "," "]
["3834000003405",340,"TRACHYCARPUS","fortunei",null,null,"70/90L","Ligne complète minimum 16 plantes    ","1 blanc 2 blanc","80/100T",null,null,null,null,"VRA","Vrac",1," "," ",1," "," ",1,1," "," ",13.037000000000001,13.5,175.99950000000001,1,"PQ4580","PQD8010045","PM"," "," "," "]
["3834000003627",362,"CHAMAEROPS","humilis",null,null,"35L",null,null,"80/100",null,null,null,"http://www.palmacea.com/wp-content/uploads/2017/10/PM_362_Chamaerops_humilis_35L_80-1001.jpg","VRA","Vrac",1," "," ",1," "," ",1,1," "," ",27.407,13.5,369.99450000000002,1,"P3580","PC8010035","PM"," "," "," ","Notre Sélection"]
["3834000033570",3357,"OLEA","europaea","janvier","50","63L","par 25 plantes","semi-exemplaire","20/35P",null,null,null,null,"VRA","Vrac",1," "," ",1," "," ",1,1," "," ",8.1479999999999997,13.5,109.99799999999999,1,"OLIP202","OLEA IP20 B25","PM"," "," "," "]
["3834000033587",3358,"OLEA","europaea","janvier","50","63L","par 110 plantes","semi-exemplaire","20/35P",null,null,null,null,"VRA","Vrac",1," "," ",1," "," ",1,1," "," ",8.1479999999999997,13.5,109.99799999999999,1,"OLIP201","OLEA IP20 A130","PM"," "," "," "]
["3834000033716",3371,"PHOENIX","canariensis",null,null,"CTM","Prix du mètre de stipe","specimen",null,null,null,null,null,"VRA","Vrac",1," "," ",1," "," ",1,1," "," ",0.44400000000000001,13.5,5.9939999999999998,1,"PHOECAMT","PHOENICA STZMETRE","PM"," "," "," "]
["3834000033945",3394,"BUTIA","capitata","février",null,"230/285L",null,null,"60/80T",null,"220/230",null,null,"VRA","Vrac",1," "," ",1," "," ",1,1," "," ",2.9620000000000002,13.5,39.987000000000002,1,"BUST0060","Butia capit STG60","PM"," "," "," "]
["3834000033952",3395,"TRACHYCARPUS","fortunei",null,null,"160L",null,"cépée","250/350T",null,null,null,null,"VRA","Vrac",1," "," ",1," "," ",1,1," "," ",3.7040000000000002,13.5,50.004000000000005,1,"TCYC161","TRACHY STPCEPA161","PM"," "," "," ","Notre Sélection"]
["3834000034034",3403,"OLEA","europaea",null,null,"65/70L","multi ramas","nuage","100/125",null,null,null,null,"VRA","Vrac",1," "," ",1," "," ",1,1," "," ",8.1479999999999997,13.5,109.99799999999999,1,"OLGMR070","OLEA GN00900 MR10012570","PM"," "," "," ","Notre Sélection"]
["3834000034041",3404,"OLEA","europaea",null,null,"70/90/110L","multi ramas","nuage","125/150",null,null,null,"http://www.palmacea.com/wp-content/uploads/2017/10/PM_3404_Olea_europaea_90-110L_nuage.jpg","VRA","Vrac",1," "," ",1," "," ",1,1," "," ",6.6660000000000004,13.5,89.991,1,"OLGMR090","OLEA GN00901 AMR12515090","PM"," "," "," ","Notre Sélection"]
["3834000033853",3385,"CITRUS","sinensis",null,null,"65/70L",null,"semi-exemplaire","30/40P",null,null,null,null,"VRA","Vrac",1," "," ",1," "," ",1,1," "," ",6.6669999999999998,13.5,90.004499999999993,1,"CISI3069","CITR SIN 30406090","PM"," "," "," "]
["3834000033884",3388,"OLEA","europaea",null,null,"230/285L","tronc vieux extra","nuage","40/60P",null,null,null,null,"VRA","Vrac",1," "," ",1," "," ",1,1," "," ",1.4814000000000001,13.5,19.998899999999999,1,"OLGVA40V","OLEA GVAAA4060285","PM"," "," "," ","Notre Sélection"]
["3834000033891",3389,"OLEA","europaea",null,null,"230/285/375L","tronc vieux extra","nuage","60/80P",null,null,null,null,"VRA","Vrac",1," "," ",1," "," ",1,1," "," ",1.6295999999999999,13.5,21.999600000000001,1,"OLGVA60V","OLEA GVAAA6080285375","PM"," "," "," ","Notre Sélection"]
["3834000033907",3390,"OLEA","europaea",null,null,"285/375L","tronc vieux extra","nuage","80/100P",null,null,null,null,"VRA","Vrac",1," "," ",1," "," ",1,1," "," ",1.9259999999999999,13.5,26.000999999999998,1,"OLGVA8V","OLEA GVAAA80100285375","PM"," "," "," ","Notre Sélection"]
["3834000033938",3393,"BUTIA","capitata","février",null,"180/230L",null,null,"40/60T",null,"180/200",null,null,"VRA","Vrac",1," "," ",1," "," ",1,1," "," ",3.3330000000000002,13.5,44.9955,1,"BUST0040","Butia capit STE40","PM"," "," "," "]
["3834000000725",72,"VITIS","vinifera",null,null,"12L",null,"tronc bas",null,null,null,null,null,"VRA","Vrac",1," "," ",1," "," ",1,1," "," ",96.444000000000003,13.5,1301.9940000000001,1,"VITA11","VITIS A11","PM"," "," "," "]
["3834000044132",4413,"OLEA","europaea",null,"34","25L","hauteur tronc 40/50 par 52 plantes","1/4 tige libre","14/+P",null,null,null,null,"VRA","Vrac",1," "," ",1," "," ",1,1," "," ",37.036999999999999,13.5,499.99950000000001,1,"OLIP012","OLEA IABPDB14A25","PM"," "," "," "]
["3834000064611",6461,"YUCCA","rostrata Extra",null,null,"45/55L",null,"1 violet","30/35T",null,null,null,null,"VRA","Vrac",1," "," ",1," "," ",1,1," "," ",27.407,13.5,369.99450000000002,1,"A1VIOLET","ADAO1VIOLET","PM"," "," "," ","Notre Sélection"]
["3834000047669",4766,"CHAMAEROPS","humilis",null,null,"70/90L",null,"1 vert","125/150 nacional",null,null,null,null,"VRA","Vrac",1," "," ",1," "," ",1,1," "," ",6.6669999999999998,13.5,90.004499999999993,1,"P90125","PI12515090","PM"," "," "," "]
["3834000047676",4767,"CHAMAEROPS","humilis",null,null,"50/70L",null,"1 jaune","100/125 nacional",null,null,null,null,"VRA","Vrac",1," "," ",1," "," ",1,1," "," ",8.1479999999999997,13.5,109.99799999999999,1,"P79105","PG1251507090","PM"," "," "," "]
["3834000047683",4768,"CHAMAEROPS","humilis",null,null,"90/110L",null,"1 rouge","150/175 nacional",null,null,null,null,"VRA","Vrac",1," "," ",1," "," ",1,1," "," ",5.1849999999999996,13.5,69.997499999999988,1,"P11015","PI15017590110","PM"," "," "," "]
["3834000058825",5882,"OLEA","europaea",null,null,"65/70L","multi ramas par 20 plantes","nuage","100/125",null,null,null,null,"VRA","Vrac",1," "," ",1," "," ",1,1," "," ",8.1479999999999997,13.5,109.99799999999999,1,"OLGMR020","OLEA GN00899 MR10012570","PM"," "," "," ","Notre Sélection"]
["3834000047768",4776,"OLEA","europaea",null,null,"240/285L","pompon",null,"40/50P",null,null,null,null,"VRA","Vrac",1," "," ",1," "," ",1,1," "," ",3.2589999999999999,13.5,43.996499999999997,1,"OLGWA40","OLEA GWA4050CTR","PM"," "," "," "]
["3834000047775",4777,"OLEA","europaea",null,null,"240/285L","pompon",null,"50/60P",null,null,null,null,"VRA","Vrac",1," "," ",1," "," ",1,1," "," ",3.2589999999999999,13.5,43.996499999999997,1,"OLGWA50","OLEA GWA5060CTR","PM"," "," "," "]
["3834000047812",4781,"OLEA","europaea",null,"60","coupe bonsai terra cotta D60",null,"1/4 tige","20/40P",null,null,null,null,"VRA","Vrac",1," "," ",1," "," ",1,1," "," ",9.6300000000000008,13.5,130.00500000000002,1,"DC60A","DCEA60","PM"," "," "," "]
["3834000047843",4784,"OLEA","europaea",null,null,"90/110/130L","écorce lisse multi ramas","exemplaire","40/50P",null,null,null,null,"VRA","Vrac",1," "," ",1," "," ",1,1," "," ",5.1849999999999996,13.5,69.997499999999988,1,"OLIP40MA","OLEA IPAMAR4050130","PM"," "," "," "]
["3834000047928",4792,"TRACHYCARPUS","fortunei",null,null,"70/90L","Ligne complète minimum 16 plantes    ","1 jaune  2 jaune","100/120T",null,null,null,null,"VRA","Vrac",1," "," ",1," "," ",1,1," "," ",6.67,13.5,90.045000000000002,1,"PQ4580","PQD8010045","PM"," "," "," ","Notre Sélection"]
["3834000047935",4793,"TRACHYCARPUS","fortunei",null,null,"90/110L","Ligne complète minimum 16 plantes    ","1 vert   2 vert","120/140T",null,null,null,null,"VRA","Vrac",1," "," ",1," "," ",1,1," "," ",6.2960000000000003,13.5,84.996000000000009,1,"TCYTA140","TRACHY STZCPTMETRETAILLE140","PM"," "," "," ","Notre Sélection"]
["3834000047959",4795,"TRACHYCARPUS","fortunei",null,null,"90/110L",null,"1 violet 1 rouge","140/160T",null,null,null,null,"VRA","Vrac",1," "," ",1," "," ",1,1," "," ",7.851,13.5,105.9885,1,"PQ160150","PQDA15017545","PM"," "," "," ","Notre Sélection"]
["3834000047973",4797,"TRACHYCARPUS","fortunei",null,null,"110/160/230L","Ligne complète minimum 16 plantes    ","2 violet 2 rouge","160/180T",null,null,null,null,"VRA","Vrac",1," "," ",1," "," ",1,1," "," ",3.7040000000000002,13.5,50.004000000000005,1,"PQ160175","PQDB17520045","PM"," "," "," "]
["3834000047997",4799,"TRACHYCARPUS","fortunei",null,null,"160/230L",null,"1 bleu 2 bleu","180/200T",null,null,null,null,"VRA","Vrac",1," "," ",1," "," ",1,1," "," ",3.2589999999999999,13.5,43.996499999999997,1,"PQ230200","PQDB20022545","PM"," "," "," "]
["3834000048024",4802,"TRACHYCARPUS","fortunei",null,null,"230L",null,null,"220/240T",null,null,null,null,"VRA","Vrac",1," "," ",1," "," ",1,1," "," ",3.2589999999999999,13.5,43.996499999999997,1,"PQ230225","PQDB22525045","PM"," "," "," "]
["3834000048048",4804,"XANTHORRHOEA","glauca",null,null,"CTR","Prix du mètre de stipe","tronc unique",null,null,null,null,null,"VRA","Vrac",1," "," ",1," "," ",1,1," "," ",0.44400000000000001,13.5,5.9939999999999998,1,"XAMETRE","XANTHO R STZMETRE","PM"," "," "," "]
["3834000048055",4805,"XANTHORRHOEA","glauca",null,null,"CTR","Prix du mètre de stipe","multi troncs",null,null,null,null,null,"VRA","Vrac",1," "," ",1," "," ",1,1," "," ",0.44400000000000001,13.5,5.9939999999999998,1,"XAMET","XANTHO RA MULTI STZMETRE","PM"," "," "," "]
["3834000048062",4806,"OLEA","europaea",null,null,"285/375/450L","tronc vieux extra","nuage","100/110P",null,null,null,null,"VRA","Vrac",1," "," ",1," "," ",1,1," "," ",1.9259999999999999,13.5,26.000999999999998,1,"OLGV101V","OLEA GVAAAA10011020285","PM"," "," "," "]
["3834000048079",4807,"OLEA","europaea",null,null,"285/375/450L","tronc vieux extra","nuage","110/140P",null,null,null,null,"VRA","Vrac",1," "," ",1," "," ",1,1," "," ",1.9259999999999999,13.5,26.000999999999998,1,"OLGV114V","OLEA GVAAAA11014020285375","PM"," "," "," "]
["3834000065441",6544,"OLEA","europaea",null,"34","25L","hauteur tronc 40/50","1/4 tige libre","14/+P",null,null,null,null,"VRA","Vrac",1," "," ",1," "," ",1,1," "," ",37.036999999999999,13.5,499.99950000000001,1,"OLIP013","OLEA IABPDB14B25","PM"," "," "," "]
["3834000065472",6547,"YUCCA","rostrata Extra",null,null,"45/55L",null,"2 violet","35/40T",null,null,null,null,"VRA","Vrac",1," "," ",1," "," ",1,1," "," ",27.407,13.5,369.99450000000002,1,"A2VIOLET","ADAO2VIOLET","PM"," "," "," ","Notre Sélection"]
["3834000050027",5002,"CHAMAEROPS","humilis",null,null,"50L",null,"1 blanc","80/100 nacional",null,null,null,null,"VRA","Vrac",1," "," ",1," "," ",1,1," "," ",19.111000000000001,13.5,257.99850000000004,1,"P50810F","PF8010050","PM"," "," "," "]
["3834000050034",5003,"CHAMAEROPS","humilis",null,null,"90/110L",null,"1 bleu","175/200 nacional",null,null,null,null,"VRA","Vrac",1," "," ",1," "," ",1,1," "," ",5.1849999999999996,13.5,69.997499999999988,1,"P11520","PI17520090110","PM"," "," "," "]
["3834000050089",5008,"CHAMAEROPS","humilis Cerifera","février",null,"130/230L",null,"1 jaune","100/125",null,null,null,null,"VRA","Vrac",1," "," ",1," "," ",1,1," "," ",3.2589999999999999,13.5,43.996499999999997,1,"P2301015","PCC100125230","PM"," "," "," "]
["3834000050096",5009,"CHAMAEROPS","humilis Cerifera","février",null,"285L",null,"1 rouge","150/175",null,null,null,null,"VRA","Vrac",1," "," ",1," "," ",1,1," "," ",2.37,13.5,31.995000000000001,1,"P28515","PCC150200285","PM"," "," "," "]
["3834000050102",5010,"CHAMAEROPS","humilis Cerifera","février",null,"285L",null,"1 bleu","175/200",null,null,null,null,"VRA","Vrac",1," "," ",1," "," ",1,1," "," ",2.37,13.5,31.995000000000001,1,"P28517","PCC175200285","PM"," "," "," "]
["3834000050133",5013,"OLEA","europaea",null,null,"CTM","tronc vieux extra","nuage","A",null,null,null,null,"VRA","Vrac",1," "," ",1," "," ",1,1," "," ",1.4810000000000001,13.5,19.993500000000001,1,"OLGVA","OLEA GVACTM","PM"," "," "," "]
["3834000050140",5014,"OLEA","europaea",null,null,"CTM","tronc vieux extra","nuage","B",null,null,null,null,"VRA","Vrac",1," "," ",1," "," ",1,1," "," ",1.4810000000000001,13.5,19.993500000000001,1,"OLGVB","OLEA GVBCTM","PM"," "," "," "]
["3834000064635",6463,"BRAHEA","armata",null,"50","50L",null,null,"80/100",null,null,null,null,"VRA","Vrac",1," "," ",1," "," ",1,1," "," ",19.111000000000001,13.5,257.99850000000004,1,"BRAST010","Brahea armata STC10","PM"," "," "," "]
["3834000065496",6548,"YUCCA","rostrata Extra",null,null,"90L",null,"2 bleu","35/40T",null,null,null,null,"VRA","Vrac",1," "," ",1," "," ",1,1," "," ",27.407,13.5,369.99450000000002,1,"A2BLEU","ADAS2BLEU","PM"," "," "," ","Notre Sélection"]
["3834000050201",5020,"OLEA","europaea",null,null,"CTR/CTM","regional","exemplaire","90/100P",null,null,null,null,"VRA","Vrac",1," "," ",1," "," ",1,1," "," ",1.333,13.5,17.9955,1,"OLYR90","OLEA YR90100","PM"," "," "," "]
["3834000050218",5021,"OLEA","europaea",null,null,"CTR/CTM","regional","exemplaire","100/120P",null,null,null,null,"VRA","Vrac",1," "," ",1," "," ",1,1," "," ",1.333,13.5,17.9955,1,"OLYR10","OLEA YRC100120","PM"," "," "," ","Notre Sélection"]
["3834000050225",5022,"OLEA","europaea",null,null,"CTR/CTM","regional","exemplaire","120/140P",null,null,null,null,"VRA","Vrac",1," "," ",1," "," ",1,1," "," ",1.333,13.5,17.9955,1,"OLYR12","OLEA YRC120140","PM"," "," "," "]
["3834000050232",5023,"TRACHYCARPUS","fortunei",null,null,"160/230L",null,"1 orange  2 orange","200/220T",null,null,null,null,"VRA","Vrac",1," "," ",1," "," ",1,1," "," ",3.2589999999999999,13.5,43.996499999999997,1,"PQ230206","PQDB20022645","PM"," "," "," "]
["3834000057323",5732,"PHOENIX","canariensis",null,null,"CTR",null,"2 blanc","90/100T",null,null,null,null,"VRA","Vrac",1," "," ",1," "," ",1,1," "," ",2.37,13.5,31.995000000000001,1,"PHOEC90","PHOENIC ST90","PM"," "," "," "]
["3834000057330",5733,"PHOENIX","canariensis",null,null,"CTR",null,null,"100/110T",null,null,null,null,"VRA","Vrac",1," "," ",1," "," ",1,1," "," ",0.22,13.5,2.97,1,"PHOEC100","PHOENIC STA100","PM"," "," "," ","Notre Sélection"]
["3834000057347",5734,"PHOENIX","canariensis",null,null,"CTR",null,null,"110/120T",null,null,null,null,"VRA","Vrac",1," "," ",1," "," ",1,1," "," ",2.37,13.5,31.995000000000001,1,"PHOEC110","PHOENIC STA110","PM"," "," "," "]
["3834000057354",5735,"PHOENIX","dactylifera",null,null,"CTM","Prix du mètre de stipe","specimen",null,null,null,null,null,"VRA","Vrac",1," "," ",1," "," ",1,1," "," ",0.44400000000000001,13.5,5.9939999999999998,1,"PHOECAMT","PHOENICA STZMETRE","PM"," "," "," "]
["3834000057439",5743,"STRELITZIA","reginae",null,null,"50L",null,"touffe",null,null,null,null,null,"VRA","Vrac",1," "," ",1," "," ",1,1," "," ",19.111000000000001,13.5,257.99850000000004,1,"P50810F","PF8010050","PM"," "," "," "]
["3834000069326",6932,"OLEA","europaea",null,"60","coupe bonsai terra cotta D60","mini bonsai",null,null,null,null,null,null,"VRA","Vrac",1," "," ",1," "," ",1,1," "," ",19.111000000000001,13.5,257.99850000000004,1,"OLDBC60T","OLEA KACOUPEA60TC","PM"," "," "," "]
["3834000059440",5944,"CORDYLINE","indivisa",null,"40","35L",null,"grupo","125/150",null,null,null,"http://www.palmacea.com/wp-content/uploads/2016/11/PM_5944_Cordyline_indivisa_35L_grupo_125-150-b.jpg","VRA","Vrac",1," "," ",1," "," ",1,1," "," ",27.407,13.5,369.99450000000002,1,"P35680","PF608035","PM"," "," "," ","Notre Sélection"]
["3834000059693",5969,"YUCCA","rostrata Extra",null,null,"35L","tronc 25/35T","2 blanc","60/70",null,null,null,null,"VRA","Vrac",1," "," ",1," "," ",1,1," "," ",27.407,13.5,369.99450000000002,1,"A2BLANC","ADAA2BLANCS","PM"," "," "," ","Notre Sélection"]
["3834000058719",5871,"OLEA","europaea",null,"34","25L","hauteur tronc 40/50 par 300 plantes","1/4 tige libre","14/+P",null,null,null,null,"VRA","Vrac",1," "," ",1," "," ",1,1," "," ",37.036999999999999,13.5,499.99950000000001,1,"OLIPP011","OLEA IABPDB1425","PM"," "," "," "]
["3834000058719",5871,"OLEA","europaea",null,"34","25L","hauteur tronc 40/50 par 300 plantes","1/4 tige libre","14/+P",null,null,null,null,"VRA","Vrac",1," "," ",1," "," ",1,1," "," ",37.036999999999999,13.5,499.99950000000001,1,"OLIPP011","OLEA IABPDB1425","PM"," "," "," "]
["3834000058719",5871,"OLEA","europaea",null,"34","25L","hauteur tronc 40/50 par 300 plantes","1/4 tige libre","14/+P",null,null,null,null,"VRA","Vrac",1," "," ",1," "," ",1,1," "," ",37.036999999999999,13.5,499.99950000000001,1,"OLIPP011","OLEA IABPDB1425","PM"," "," "," "]
["3834000060460",6046,"AGAPANTHUS","africanus Azul",null,null,"15L",null,"touffe","50/60",null,null,null,null,"VRA","Vrac",1," "," ",1," "," ",1,1," "," ",96.444000000000003,13.5,1301.9940000000001,1,"A1550","AA506015","PM"," "," "," "]
["3834000060484",6048,"ACCA","sellowiana",null,"35","30L",null,"touffe","80/100",null,null,null,null,"VRA","Vrac",1," "," ",1," "," ",1,1," "," ",60,13.5,810,1,"A2580","AB8010025","PM"," "," "," ","Notre Sélection"]
["3834000060507",6050,"MYRTUS","communis",null,"CT 30","15L",null,"touffe","40/60",null,null,null,null,"VRA","Vrac",1," "," ",1," "," ",1,1," "," ",96.444000000000003,13.5,1301.9940000000001,1,"A1380","AA8010013","PM"," "," "," "]
["3834000060606",6060,"YUCCA","gloriosa",null,"CT 30","15L",null,"touffe",null,null,null,null,null,"VRA","Vrac",1," "," ",1," "," ",1,1," "," ",96.444000000000003,13.5,1301.9940000000001,1,"A13","AA13","PM"," "," "," "]
["3834000060613",6061,"YUCCA","gloriosa Variegata",null,"CT 30","15L",null,"touffe",null,null,null,null,null,"VRA","Vrac",1," "," ",1," "," ",1,1," "," ",96.444000000000003,13.5,1301.9940000000001,1,"A13","AA13","PM"," "," "," "]
["3834000062822",6282,"OLEA","europaea",null,null,"65/70L","nuage","pompon","100/125",null,null,null,null,"VRA","Vrac",1," "," ",1," "," ",1,1," "," ",8.1479999999999997,13.5,109.99799999999999,1,"OLGWA10","OLEA GWA10","PM"," "," "," ","Notre Sélection"]
["3834000005614",5611,"OLEA","europaea",null,"34","25L","hauteur tronc 40/50 par 52 plantes","1/4 tige bola","14/+P",null,null,null,null,"VRA","Vrac",1," "," ",1," "," ",1,1," "," ",59.259,13.5,799.99649999999997,1,"OILP010D","OLEA IABPDBB14A25","PM"," "," "," "]
["3834000005614",5611,"OLEA","europaea",null,"34","25L","hauteur tronc 40/50 par 52 plantes","1/4 tige bola","14/+P",null,null,null,null,"VRA","Vrac",1," "," ",1," "," ",1,1," "," ",59.259,13.5,799.99649999999997,1,"OILP010D","OLEA IABPDBB14A25","PM"," "," "," "]
["3834000005614",5611,"OLEA","europaea",null,"34","25L","hauteur tronc 40/50 par 52 plantes","1/4 tige bola","14/+P",null,null,null,null,"VRA","Vrac",1," "," ",1," "," ",1,1," "," ",59.259,13.5,799.99649999999997,1,"OILP010D","OLEA IABPDBB14A25","PM"," "," "," "]
["3834000053127",5312,"OLEA","europaea",null,null,"160/180/285L","écorce lisse tronc haut multi ramas","exemplaire","40/50P",null,null,null,null,"VRA","Vrac",1," "," ",1," "," ",1,1," "," ",5.1849999999999996,13.5,69.997499999999988,1,"OLIP40MB","OLEA IPAMBR4050130","PM"," "," "," ","Notre Sélection"]
["3834000053134",5313,"OLEA","europaea",null,null,"160/180/285L","écorce lisse tronc haut multi ramas","exemplaire","50/60P",null,null,null,null,"VRA","Vrac",1," "," ",1," "," ",1,1," "," ",5.1849999999999996,13.5,69.997499999999988,1,"OLIP50MB","OLEA IPAMBR5060130","PM"," "," "," ","Notre Sélection"]
["3834000053141",5314,"TRACHYCARPUS","fortunei",null,null,"230L",null,null,"240/250T",null,null,null,null,"VRA","Vrac",1," "," ",1," "," ",1,1," "," ",3.2589999999999999,13.5,43.996499999999997,1,"PQ230225","PQDB22525045","PM"," "," "," "]
["3834000053219",5321,"OLEA","europaea",null,"90","coupe bonsai terra cotta D90","mini bonsai","semi-exemplaire","40/60P",null,null,null,null,"VRA","Vrac",1," "," ",1," "," ",1,1," "," ",5.1849999999999996,13.5,69.997499999999988,1,"OLDB90AT","OLEA KACOUPEB90TC","PM"," "," "," "]
["3834000060057",6005,"CYCAS","revoluta",null,null,"CTR",null,"1 bleu","20/30T",null,null,null,null,"VRA","Vrac",1," "," ",1," "," ",1,1," "," ",27.407,13.5,369.99450000000002,1,"CY2030T","CYCAS A2030T","PM"," "," "," "]
["3834000060064",6006,"CYCAS","revoluta",null,null,"CTR",null,"2 bleu","30/40T",null,null,null,null,"VRA","Vrac",1," "," ",1," "," ",1,1," "," ",27.407,13.5,369.99450000000002,1,"CY3040T","CYCAS A3040T","PM"," "," "," "]
["3834000060071",6007,"CYCAS","revoluta",null,null,"CTR",null,"1 violet","40/50T",null,null,null,null,"VRA","Vrac",1," "," ",1," "," ",1,1," "," ",27.407,13.5,369.99450000000002,1,"CY4050T","CYCAS A4050T","PM"," "," "," "]
["3834000060088",6008,"CYCAS","revoluta",null,null,"CTR",null,"2 violet","50/60T",null,null,null,null,"VRA","Vrac",1," "," ",1," "," ",1,1," "," ",27.407,13.5,369.99450000000002,1,"CY5060T","CYCAS A5060T","PM"," "," "," "]
["3834000060095",6009,"CYCAS","revoluta",null,null,"CTR",null,"1 rouge","60/70T",null,null,null,null,"VRA","Vrac",1," "," ",1," "," ",1,1," "," ",27.407,13.5,369.99450000000002,1,"CY6070T","CYCAS A6070T","PM"," "," "," "]
["3834000060101",6010,"CYCAS","revoluta",null,null,"CTR",null,"2 rouge","70/80T",null,null,null,null,"VRA","Vrac",1," "," ",1," "," ",1,1," "," ",27.407,13.5,369.99450000000002,1,"CY7080T","CYCAS A7080T","PM"," "," "," "]
["3834000060118",6011,"CYCAS","revoluta",null,null,"CTR",null,"1 blanc","80/90T",null,null,null,null,"VRA","Vrac",1," "," ",1," "," ",1,1," "," ",27.407,13.5,369.99450000000002,1,"CY8090T","CYCAS A8090T","PM"," "," "," "]
["3834000060125",6012,"CYCAS","revoluta",null,null,"CTR",null,"2 blanc","90/100T",null,null,null,null,"VRA","Vrac",1," "," ",1," "," ",1,1," "," ",27.407,13.5,369.99450000000002,1,"CY90100T","CYCAS A90100T","PM"," "," "," "]
["3834000060132",6013,"CYCAS","revoluta",null,null,"CTR",null,null,"100/110T",null,null,null,null,"VRA","Vrac",1," "," ",1," "," ",1,1," "," ",27.407,13.5,369.99450000000002,1,"CY101T","CYCAS AB100110T","PM"," "," "," "]
["3834000060149",6014,"CYCAS","revoluta",null,null,"CTR",null,null,"110/120T",null,null,null,null,"VRA","Vrac",1," "," ",1," "," ",1,1," "," ",27.407,13.5,369.99450000000002,1,"CY102T","CYCAS AB110120T","PM"," "," "," "]
["3834000072524",7252,"CHAMAEROPS","humilis",null,null,"35L",null,null,"60/80",null,null,null,null,"VRA","Vrac",1," "," ",1," "," ",1,1," "," ",27.407,13.5,369.99450000000002,1,"P3550","PC506035","PM"," "," "," "]
["3834000065700",6570,"BOUGAINVILLEA","",null,null,"Pot chinois","Ruban bleu","specimen",null,null,null,null,null,"VRA","Vrac",1," "," ",1," "," ",1,1," "," ",2.37,13.5,31.995000000000001,1,"BGSPECB","BOUGCSPECIBLEU","PM"," "," "," "]
["3834000057248",5724,"OLEA","europaea",null,null,"CTR/CTM","regional","exemplaire","140/160P",null,null,null,null,"VRA","Vrac",1," "," ",1," "," ",1,1," "," ",1.333,13.5,17.9955,1,"OLYR12","OLEA YRC120140","PM"," "," "," "]
["3834000057255",5725,"OLEA","europaea",null,null,"CTR/CTM","regional","exemplaire","160/180P",null,null,null,null,"VRA","Vrac",1," "," ",1," "," ",1,1," "," ",1.333,13.5,17.9955,1,"OLYR12","OLEA YRC120140","PM"," "," "," "]
["3834000057262",5726,"OLEA","europaea",null,null,"CTR/CTM","regional","exemplaire","180/200P",null,null,null,null,"VRA","Vrac",1," "," ",1," "," ",1,1," "," ",1.333,13.5,17.9955,1,"OLYR12","OLEA YRC120140","PM"," "," "," "]
["3834000057279",5727,"OLEA","europaea",null,null,"CTR/CTM","regional","exemplaire","200/220P",null,null,null,null,"VRA","Vrac",1," "," ",1," "," ",1,1," "," ",1.333,13.5,17.9955,1,"OLYR12","OLEA YRC120140","PM"," "," "," "]
["3834000065717",6571,"BOUGAINVILLEA","",null,null,"Pot chinois","Ruban rose","specimen",null,null,null,null,null,"VRA","Vrac",1," "," ",1," "," ",1,1," "," ",2.37,13.5,31.995000000000001,1,"BGSPECR","BOUGESPECIROSE","PM"," "," "," "]
["3834000067728",6572,"BOUGAINVILLEA","",null,null,"Pot chinois","Ruban violet","specimen",null,null,null,null,null,"VRA","Vrac",1," "," ",1," "," ",1,1," "," ",2.37,13.5,31.995000000000001,1,"BGSPECV","BOUGGSPECIVIOLET","PM"," "," "," "]
["3834000063942",6394,"OLEA","europaea",null,null,"160L","écorce lisse tronc haut multi ramas","exemplaire","30/40P",null,null,null,null,"VRA","Vrac",1," "," ",1," "," ",1,1," "," ",5.1849999999999996,13.5,69.997499999999988,1,"OLIP30MB","OLEA IPAMBR3040130","PM"," "," "," "]
["3834000069333",6933,"OLEA","europaea",null,"34","25L","hauteur tronc 40/50","1/4 tige bola","14/+P",null,null,null,null,"VRA","Vrac",1," "," ",1," "," ",1,1," "," ",37.036999999999999,13.5,499.99950000000001,1,"OILP010E","OLEA IABPDBB14B25","PM"," "," "," "]
["3834000065427",6542,"OLEA","europaea",null,null,"160L","Bonsai par camion complet 45/50 plantes","exemplaire","60/80P",null,null,null,null,"VRA","Vrac",1," "," ",1," "," ",1,1," "," ",3.7040000000000002,13.5,50.004000000000005,1,"OLK68","OLEA KD60/80CTR","PM"," "," "," "]
["3834000063904",6390,"YUCCA","rostrata Extra",null,null,"90L",null,"1 bleu","30/35T",null,null,null,null,"VRA","Vrac",1," "," ",1," "," ",1,1," "," ",27.407,13.5,369.99450000000002,1,"A1BLEU","ADAS1BLEU","PM"," "," "," "]
["3834000065359",6535,"TRITHRINAX","campestris",null,"25","10L",null,null,"30/40",null,null,null,null,"VRA","Vrac",1," "," ",1," "," ",1,1," "," ",148.148,13.5,1999.998,1,"P1060","PA608010","PM"," "," "," "]
["3834000072531",7253,"CHAMAEROPS","humilis",null,null,"35L",null,null,"100/125",null,null,null,null,"VRA","Vrac",1," "," ",1," "," ",1,1," "," ",27.407,13.5,369.99450000000002,1,"P359095","PC909535","PM"," "," "," "]
["3834000069364",6936,"OLEA","europaea",null,"34","25L","hauteur tronc 40/50 par 300 plantes","1/4 tige bola","14/+P",null,null,null,null,"VRA","Vrac",1," "," ",1," "," ",1,1," "," ",37.036999999999999,13.5,499.99950000000001,1,"OILP010C","OLEA IABPDBB1425","PM"," "," "," "]
["3834000072548",7254,"JUBAEA","chilensis",null,null,"70L",null,null,"20/30T",null,null,null,null,"VRA","Vrac",1," "," ",1," "," ",1,1," "," ",15.926,13.5,215.001,1,"PQ6520","PQF203065","PM"," "," "," "]
["3834000066783",6678,"CITRUS","microcitrus",null,null,"15L",null,null,null,null,null,null,null,"VRA","Vrac",1," "," ",1," "," ",1,1," "," ",96.444000000000003,13.5,1301.9940000000001,1,"A15607","AA607015","PM"," "," "," "]
["3834000070933",7093,"PHOENIX","canariensis",null,null,"CTM","Prix du mètre de stipe","stipe taillé",null,null,null,null,null,"VRA","Vrac",1," "," ",1," "," ",1,1," "," ",0.44400000000000001,13.5,5.9939999999999998,1,"PHOECAMT","PHOENICA STZMETRE","PM"," "," "," "]
["3834000072340",7234,"BUTIA","capitata",null,"45","46L",null,null,"20/25T",null,"125/150",null,null,"VRA","Vrac",1," "," ",1," "," ",1,1," "," ",27.407,13.5,369.99450000000002,1,"BUST0020","Butia capit STB20","PM"," "," "," "]
["3834000072357",7235,"BUTIA","capitata","février",null,"230/285L",null,"2 stipes","80/100T",null,null,null,null,"VRA","Vrac",1," "," ",1," "," ",1,1," "," ",2.9620000000000002,13.5,39.987000000000002,1,"BUST0060","Butia capit STG60","PM"," "," "," "]
["3834000060316",6031,"OLEA","europaea",null,null,"CTM","N°6","Nuage specimen","270/280P",null,null,null,null,"VRA","Vrac",1," "," ",1," "," ",1,1," "," ",0.88900000000000001,13.5,12.0015,1,"OLGWT1","OLEA GW1TOCTM","PM"," "," "," "]
["3834000060323",6032,"OLEA","europaea",null,null,"CTM","N°7","Nuage specimen","280/290P",null,null,null,null,"VRA","Vrac",1," "," ",1," "," ",1,1," "," ",0.88900000000000001,13.5,12.0015,1,"OLGWT2","OLEA GW2TOCTM","PM"," "," "," "]
["3834000060330",6033,"OLEA","europaea",null,null,"CTM","N°5","Nuage specimen","280/290P",null,null,null,null,"VRA","Vrac",1," "," ",1," "," ",1,1," "," ",0.88900000000000001,13.5,12.0015,1,"OLGWT3","OLEA GW3TOCTM","PM"," "," "," "]
["3834000060347",6034,"OLEA","europaea",null,null,"CTM","N°4","Nuage specimen","320/330P",null,null,null,null,"VRA","Vrac",1," "," ",1," "," ",1,1," "," ",0.88900000000000001,13.5,12.0015,1,"OLGWT4","OLEA GW4TOCTM","PM"," "," "," "]
["3834000060354",6035,"OLEA","europaea",null,null,"CTM","N°2","Nuage specimen","390/400P",null,null,null,null,"VRA","Vrac",1," "," ",1," "," ",1,1," "," ",0.88900000000000001,13.5,12.0015,1,"OLGWT7","OLEA GW7TOCTM","PM"," "," "," "]
["3834000060361",6036,"OLEA","europaea",null,null,"CTM","N°1","Nuage specimen","360/370P",null,null,null,null,"VRA","Vrac",1," "," ",1," "," ",1,1," "," ",0.88900000000000001,13.5,12.0015,1,"OLGWT5","OLEA GW5TOCTM","PM"," "," "," "]
["3834000060378",6037,"OLEA","europaea",null,null,"CTM","N°3","Nuage specimen","370P",null,null,null,null,"VRA","Vrac",1," "," ",1," "," ",1,1," "," ",0.88900000000000001,13.5,12.0015,1,"OLGWT6","OLEA GW6TOCTM","PM"," "," "," "]
["3834000071688",7168,"NERIUM","oleander Rouge simple","février","40","35L",null,null,"80/100",null,null,null,null,"VRA","Vrac",1," "," ",1," "," ",1,1," "," ",27.407,13.5,369.99450000000002,1,"P35680","PF608035","VV"," "," "," "]
["3834000065687",6568,"OLEA","europaea",null,null,"160L","bonsai","exemplaire","60/80P",null,null,null,null,"VRA","Vrac",1," "," ",1," "," ",1,1," "," ",3.7040000000000002,13.5,50.004000000000005,1,"OLKD60","OLEA KDA60/125 B","PM"," "," "," "]
["3834000066370",6637,"BRAHEA","armata",null,null,"CTR",null,null,"60/80T",null,null,null,null,"VRA","Vrac",1," "," ",1," "," ",1,1," "," ",8.1479999999999997,13.5,109.99799999999999,1,"BRAST060","Brahea armata STF60","PM"," "," "," "]
["3834000066387",6638,"BRAHEA","armata",null,null,"CTR",null,null,"80/100T",null,null,null,null,"VRA","Vrac",1," "," ",1," "," ",1,1," "," ",8.1479999999999997,13.5,109.99799999999999,1,"BRAST080","Brahea armata STF80","PM"," "," "," "]
["3834000066394",6639,"BRAHEA","armata",null,null,"CTM","Prix du mètre de stipe","specimen","100/+T",null,null,null,null,"VRA","Vrac",1," "," ",1," "," ",1,1," "," ",0.44400000000000001,13.5,5.9939999999999998,1,"BRASTMT","Brahea armata STG100 MT","PM"," "," "," "]
["3834000072647",7264,"OLEA","europaea","février",null,"180L","écorce lisse marron","exemplaire","50/60P",null,null,null,null,"VRA","Vrac",1," "," ",1," "," ",1,1," "," ",3.7040000000000002,13.5,50.004000000000005,1,"OLIP50MN","OLEA IPAMBRR5060180","PM"," "," "," ","Notre Sélection"]
["3834000072654",7265,"OLEA","europaea","février",null,"180L","écorce lisse marron","exemplaire","60/70P",null,null,null,null,"VRA","Vrac",1," "," ",1," "," ",1,1," "," ",3.7040000000000002,13.5,50.004000000000005,1,"OLIP60MN","OLEA IPAMBRR6070180","PM"," "," "," ","Notre Sélection"]
["3834000072661",7266,"OLEA","europaea","février",null,"180L","écorce lisse marron","exemplaire","70/80P",null,null,null,null,"VRA","Vrac",1," "," ",1," "," ",1,1," "," ",3.7040000000000002,13.5,50.004000000000005,1,"OLIP70MN","OLEA IPAMBRR7080180","PM"," "," "," "]
["3834000072388",7238,"OLEA","europaea",null,null,"230/285L","Régional ramificado","exemplaire","40/50P",null,null,null,null,"VRA","Vrac",1," "," ",1," "," ",1,1," "," ",1.9259999999999999,13.5,26.000999999999998,1,"OLYRA40","OLEA YAR4050","PM"," "," "," "]
["3834000072395",7239,"OLEA","europaea",null,null,"230/285L","Régional ramificado","exemplaire","50/60P",null,null,null,null,"VRA","Vrac",1," "," ",1," "," ",1,1," "," ",1.9259999999999999,13.5,26.000999999999998,1,"OLYRA50","OLEA YAR5060","PM"," "," "," "]
["3834000072401",7240,"OLEA","europaea",null,null,"230/285L","Régional ramificado","exemplaire","60/70P",null,null,null,null,"VRA","Vrac",1," "," ",1," "," ",1,1," "," ",1.9259999999999999,13.5,26.000999999999998,1,"OLYRA60","OLEA YAR6070","PM"," "," "," "]
["3834000072418",7241,"OLEA","europaea",null,null,"230/285L","Régional ramificado","exemplaire","70/80P",null,null,null,null,"VRA","Vrac",1," "," ",1," "," ",1,1," "," ",1.9259999999999999,13.5,26.000999999999998,1,"OLYRA70","OLEA YAR7080","PM"," "," "," ","Notre Sélection"]
["3834000072425",7242,"OLEA","europaea",null,null,"230/285L","Régional ramificado","exemplaire","80/90P",null,null,null,null,"VRA","Vrac",1," "," ",1," "," ",1,1," "," ",1.9259999999999999,13.5,26.000999999999998,1,"OLYRA80","OLEA YAR8090","PM"," "," "," "]
["3834000072432",7243,"OLEA","europaea",null,null,"230/285L","Régional ramificado","exemplaire","90/100P",null,null,null,null,"VRA","Vrac",1," "," ",1," "," ",1,1," "," ",1.9259999999999999,13.5,26.000999999999998,1,"OLYRA90","OLEA YAR90100","PM"," "," "," "]
["3834000072449",7244,"OLEA","europaea",null,null,"230/285L","Régional ramificado","exemplaire","100/110P",null,null,null,null,"VRA","Vrac",1," "," ",1," "," ",1,1," "," ",1.9259999999999999,13.5,26.000999999999998,1,"OLYRA100","OLEA YARA100110","PM"," "," "," "]
["3834000071824",7182,"OLEA","europaea",null,null,"160L","Tortuga ramificado","exemplaire","40/50P",null,null,null,null,"VRA","Vrac",1," "," ",1," "," ",1,1," "," ",5.1849999999999996,13.5,69.997499999999988,1,"OLIP40MR","OLEA IPAMR4050130","PM"," "," "," "]
["3834000071831",7183,"OLEA","europaea",null,null,"160L","Tortuga ramificado","exemplaire","50/60P",null,null,null,null,"VRA","Vrac",1," "," ",1," "," ",1,1," "," ",5.1849999999999996,13.5,69.997499999999988,1,"OLIP40MR","OLEA IPAMR4050130","PM"," "," "," "]
["3834000071855",7185,"OLEA","europaea",null,"30","15L",null,"1/4 tige bola",null,null,null,null,"http://www.palmacea.com/wp-content/uploads/2017/10/PM_7185_Olea_europaea_15L_1-4-tige-bola.jpg","VRA","Vrac",1," "," ",1," "," ",1,1," "," ",96.444000000000003,13.5,1301.9940000000001,1,"DC15B","DCE15","PM"," "," "," ","Notre Sélection"]
["3834000071862",7186,"OLEA","europaea",null,"30","coupe D30",null,"1/4 tige bola",null,null,null,null,"http://www.palmacea.com/wp-content/uploads/2017/10/PM_7186_Olea_europaea_coupe-D30_1-4-tige-bola.jpg","VRA","Vrac",1," "," ",1," "," ",1,1," "," ",96.444000000000003,13.5,1301.9940000000001,1,"DC15B","DCE15","PM"," "," "," ","Notre Sélection"]
["3834000065564",6556,"OLEA","europaea",null,null,"230/285L","écorce lisse multi ramas extra","nuage","60/70P",null,null,null,null,"VRA","Vrac",1," "," ",1," "," ",1,1," "," ",1.9259999999999999,13.5,26.000999999999998,1,"OLGVA40","OLEA GVAA4060285","PM"," "," "," "]
["3834000065571",6557,"OLEA","europaea",null,null,"230/285L","écorce lisse multi ramas extra","nuage","70/80P",null,null,null,null,"VRA","Vrac",1," "," ",1," "," ",1,1," "," ",2.37,13.5,31.995000000000001,1,"OLGVA40","OLEA GVAA4060285","PM"," "," "," "]
["3834000065588",6558,"OLEA","europaea",null,null,"230/285L","écorce lisse multi ramas extra","nuage","80/90P",null,null,null,null,"VRA","Vrac",1," "," ",1," "," ",1,1," "," ",2.37,13.5,31.995000000000001,1,"OLGVA40","OLEA GVAA4060285","PM"," "," "," ","Notre Sélection"]
["3834000065595",6559,"OLEA","europaea",null,null,"CTM","écorce lisse multi ramas extra","nuage","80/90P",null,null,null,null,"VRA","Vrac",1," "," ",1," "," ",1,1," "," ",1.9259999999999999,13.5,26.000999999999998,1,"OLGVA40","OLEA GVAA4060285","PM"," "," "," "]
["3834000065601",6560,"OLEA","europaea",null,null,"230/285L","écorce lisse multi ramas extra","nuage","90/100P",null,null,null,null,"VRA","Vrac",1," "," ",1," "," ",1,1," "," ",2.37,13.5,31.995000000000001,1,"OLGVA40","OLEA GVAA4060285","PM"," "," "," "]
["3834000065618",6561,"OLEA","europaea",null,null,"CTM","écorce lisse multi ramas extra","nuage","90/100P",null,null,null,null,"VRA","Vrac",1," "," ",1," "," ",1,1," "," ",1.9259999999999999,13.5,26.000999999999998,1,"OLGVA40","OLEA GVAA4060285","PM"," "," "," "]
["3834000065625",6562,"OLEA","europaea",null,null,"285/375L","écorce lisse multi ramas extra","nuage","100/110P",null,null,null,null,"VRA","Vrac",1," "," ",1," "," ",1,1," "," ",1.9259999999999999,13.5,26.000999999999998,1,"OLGVA40","OLEA GVAA4060285","PM"," "," "," "]
["3834000065632",6563,"OLEA","europaea",null,null,"CTM","écorce lisse multi ramas extra","nuage","100/110P",null,null,null,null,"VRA","Vrac",1," "," ",1," "," ",1,1," "," ",1.9259999999999999,13.5,26.000999999999998,1,"OLGVA40","OLEA GVAA4060285","PM"," "," "," "]
["3834000065649",6564,"OLEA","europaea",null,null,"285/375L","écorce lisse multi ramas extra","nuage","110/140P",null,null,null,null,"VRA","Vrac",1," "," ",1," "," ",1,1," "," ",1.9259999999999999,13.5,26.000999999999998,1,"OLGVA40","OLEA GVAA4060285","PM"," "," "," "]
["3834000065656",6565,"OLEA","europaea",null,null,"CTM","écorce lisse multi ramas extra","nuage","110/140P",null,null,null,null,"VRA","Vrac",1," "," ",1," "," ",1,1," "," ",1.9259999999999999,13.5,26.000999999999998,1,"OLGVA40","OLEA GVAA4060285","PM"," "," "," "]
["3834000065663",6566,"OLEA","europaea",null,null,"285/375L","écorce lisse multi ramas extra","nuage","140P",null,null,null,null,"VRA","Vrac",1," "," ",1," "," ",1,1," "," ",1.9259999999999999,13.5,26.000999999999998,1,"OLGVA40","OLEA GVAA4060285","PM"," "," "," "]
["3834000065670",6567,"OLEA","europaea",null,null,"CTM","écorce lisse multi ramas extra","nuage","140P",null,null,null,null,"VRA","Vrac",1," "," ",1," "," ",1,1," "," ",1.9259999999999999,13.5,26.000999999999998,1,"OLGVA40","OLEA GVAA4060285","PM"," "," "," "]
[]
[]
[]
[]
[]
[]
[]
[]
[]
[]
[]
[]
[]
[]
[]
[]
[]
[]
[]
[]
[]
[]
[]
[]
[]
[]
[null,null,null,null,null,null,null,null,null,null,null,null,null,null,null,"NB DE COND",null,null,null,null,null,null,null,null,null,"TOTAL",null,null,null,null,null,null,null,{"$f":"SUM(AH18:AH213)","v":0},"TOTAL",{"$f":"SUM(AJ18:AJ213)","v":0}]

{"sheet":"FV Tarif_BI","index":2,"n_rows":214,"n_cols":37,"rows_kept":214,"cut":false,"hidden":false,"merged":[[15,7,15,8],[11,11,11,34],[12,10,12,11],[12,12,12,34],[6,11,6,34],[7,11,7,34],[8,11,8,34],[9,10,9,34],[10,11,10,14],[10,16,10,34]]}
[]
[]
[]
[]
[null,null,null,null,null,null,null,"Retrouvez en italique Notre Sélection",null,null,"Fournisseur :","PM"]
[null,null,"Pascal HABAULT : acheteur / commercial"]
[null,null," Tél : 06 21 76 93 63",null,null,null,null,"Espagne",null,null,"TVA INTRA :"]
[null,null,"Isabelle NAULET : administratif / suivi commercial / logistique ",null,null,null,null,"PALMACEA vous propose en direct,  un grand choix de végétaux issu de ses producteurs",null,null,"Client :"]
[null,null," Tél : 06 23 38 03 49",null,null,null,null,"Prix départ, tarif transport sur demande",null,null,"Adresse :"]
[null,null,"Fax : 00 33 4 26 30 35 44"]
[null,null,"Mail : contact@palmacea.com",null,null,null,null,null,null,null,"Tél :",null,null,null,null,"Fax :"]
[null,null,null,null,null,null,null,null,null,null,"Mail :"]
[null,null,null,null,null,null,null,null,null,null,"Semaine de livraison :"]
[]
[]
["Code barre ","Code","Genre","Espèce Variété","Etat","Diam pot","Litrage","Présentation ",null,"Taille","Diam tête","HT total","Parcelle","Photo","Conditionnement","Conditionnement","Qte cond","Votre cde","Tarif départ ","Qte cond","Votre cde ","Tarif départ ","Nb cond","Qte cond total","Votre cde","Tarif départ ","Nb de cond ou plantes par ML","Metrage camion","Qte plt / camion","Cond / default","Code pour tri","pour tri","Initiale fournisseur","Montant Cde","PV TTC","Métrage"]
["CODE_BARRE","CODE","GENRE","ESPECE_VARIETE","ETAT","DIAM_POT","LITRAGE","PRESENTATION","PRESENTATION2","TAILLE","DIAM_TETE","HT_TOTAL","PARCELLE","IMAGE","CONDITION","CONDITION3","QTE_COND","VOTRE_CDE","VOTRE_CDE4","QTE_COND5","VOTRE_CDE6","VOTRE_CDE7","NB_COND","QTE_ROLL","VOTRE_CDE8","VOTRE_CDE9","NB_PLT_CAM","METRAGE_CAM","QTE_PLT_CAM","COND_DEF","CODE_TRI","TRI","INITIAL_FOURN","MONT_CDE","PVTTC","METRAGE","NOTRE_SELECTION"]
["3834000017211",1837,"BRAHEA","armata",null,null,"CTR",null,null,"40/60T",null,null,null,null,"VRA","Vrac",1," "," ",1," "," ",1,1," "," ",9.6300000000000008,13.5,130.00500000000002,1,"BRAST040","Brahea armata STE40","PM"," "," "," "]
["3834000017198",1835,"BUTIA","capitata",null,"45","46L",null,null,"10/20T",null,"100/125",null,null,"VRA","Vrac",1," "," ",1," "," ",1,1," "," ",27.407,13.5,369.99450000000002,1,"BUST0010","Butia capit STB10","PM"," "," "," "]
["3834000021492",2266,"CACTUS","cleistocactus",null,"25","10L",null,null,null,null,null,null,null,"VRA","Vrac",1," "," ",1," "," ",1,1," "," ",148.148,13.5,1999.998,1,"AS10","ASA10","PM"," "," "," "]
["3834000021546",2271,"CACTUS","echinocactus Grunsonii",null,"35","20L",null,null,null,null,null,null,null,"VRA","Vrac",1," "," ",1," "," ",1,1," "," ",66.665999999999997,13.5,899.99099999999999,1,"AS20","ASB20","PM"," "," "," "]
["3834000021508",2267,"CACTUS","myrtillocactus",null,"25","10L",null,null,null,null,null,null,null,"VRA","Vrac",1," "," ",1," "," ",1,1," "," ",148.148,13.5,1999.998,1,"AS10","ASA10","PM"," "," "," "]
["3834000021515",2268,"CACTUS","orecerus",null,"25","10L",null,null,null,null,null,null,null,"VRA","Vrac",1," "," ",1," "," ",1,1," "," ",148.148,13.5,1999.998,1,"AS10","ASA10","PM"," "," "," "]
["3834000021522",2269,"CACTUS","polaskia",null,"25","10L",null,null,null,null,null,null,null,"VRA","Vrac",1," "," ",1," "," ",1,1," "," ",148.148,13.5,1999.998,1,"AS10","ASA10","PM"," "," "," "]
["3834000021539",2270,"CACTUS","pringley",null,"25","10L",null,null,null,null,null,null,null,"VRA","Vrac",1," "," ",1," "," ",1,1," "," ",148.148,13.5,1999.998,1,"AS10","ASA10","PM"," "," "," "]
["3834000017228",1838,"CHAMAEROPS","humilis Cerifera","février",null,"130/230L",null,"1 vert","125/150",null,null,null,null,"VRA","Vrac",1," "," ",1," "," ",1,1," "," ",3.2589999999999999,13.5,43.996499999999997,1,"P230115A","PCC125150130230","PM"," "," "," "]
["3834000017693",1885,"CYCAS","revoluta",null,null,"CTR","Prix du mètre de stipe",null,null,null,null,null,null,"VRA","Vrac",1," "," ",1," "," ",1,1," "," ",27.407,13.5,369.99450000000002,1,"CYMETCTR","CYCAS REVOL STZMETRE","PM"," "," "," "]
["3834000017921",1908,"FICUS","carica",null,null,"CTR",null,"1/2 tige","15/20P",null,null,null,null,"VRA","Vrac",1," "," ",1," "," ",1,1," "," ",12.519,13.5,169.00649999999999,1,"FCA15CTR","FICU CAR DC15CTR","PM"," "," "," "]
["3834000017938",1909,"FICUS","carica",null,null,"CTR",null,"1/2 tige","20/25P",null,null,null,null,"VRA","Vrac",1," "," ",1," "," ",1,1," "," ",12.519,13.5,169.00649999999999,1,"FCA20CTR","FICU CAR DC20CTR","PM"," "," "," "]
["3834000017945",1910,"FICUS","carica",null,null,"CTR",null,"1/2 tige","25/30P",null,null,null,null,"VRA","Vrac",1," "," ",1," "," ",1,1," "," ",9.6300000000000008,13.5,130.00500000000002,1,"FCA25CTR","FICU CAR DC25CTR","PM"," "," "," "]
["3834000024813",2600,"OLEA","europaea",null,"90","coupe bonsai terra cotta D90","bonsai","exemplaire","60/80P",null,null,null,null,"VRA","Vrac",1," "," ",1," "," ",1,1," "," ",2.37,13.5,31.995000000000001,1,"OLDB90BT","OLEA KBCOUPEB90TC","PM"," "," "," "]
["3834000017532",1869,"OLEA","europaea",null,null,"160/180/230L","bonsai","exemplaire","60/80P",null,null,null,null,"VRA","Vrac",1," "," ",1," "," ",1,1," "," ",3.7040000000000002,13.5,50.004000000000005,1,"OLK682","OLEA KDA60/60CTR","PM"," "," "," ","Notre Sélection"]
["3834000017273",1843,"OLEA","europaea","janvier","50","63L","par 5 plantes","semi-exemplaire","20/35P",null,null,null,null,"VRA","Vrac",1," "," ",1," "," ",1,1," "," ",8.1479999999999997,13.5,109.99799999999999,1,"OLIP203","OLEA IP20 C5","PM"," "," "," "]
["3834000024943",2613,"OLEA","europaea","janvier","50","63L","A l'unité","semi-exemplaire","20/35P",null,null,null,null,"VRA","Vrac",1," "," ",1," "," ",1,1," "," ",10.37,13.5,139.99499999999998,1,"OLIP20","OLEA IP2040110","PM"," "," "," ","Notre Sélection"]
["3834000018096",1925,"PHOENIX","canariensis",null,null,"90/130L",null,null,"30/40T",null,null,null,null,"VRA","Vrac",1," "," ",1," "," ",1,1," "," ",9.6300000000000008,13.5,130.00500000000002,1,"PHOEC30","PHOENIC ST30","PM"," "," "," "]
["3834000018102",1926,"PHOENIX","canariensis",null,null,"160L",null,null,"40/50T",null,null,null,null,"VRA","Vrac",1," "," ",1," "," ",1,1," "," ",9.6300000000000008,13.5,130.00500000000002,1,"PHOEC40","PHOENIC ST40","PM"," "," "," "]
["3834000018119",1927,"PHOENIX","canariensis",null,null,"160L",null,null,"50/60T",null,null,null,null,"VRA","Vrac",1," "," ",1," "," ",1,1," "," ",8.1479999999999997,13.5,109.99799999999999,1,"PHOEC50","PHOENIC ST50","PM"," "," "," "]
["3834000018126",1928,"PHOENIX","canariensis",null,null,"285L",null,"1 violet","60/70T",null,null,null,null,"VRA","Vrac",1," "," ",1," "," ",1,1," "," ",5.1849999999999996,13.5,69.997499999999988,1,"PHOEC60","PHOENIC ST60","PM"," "," "," "]
["3834000018133",1929,"PHOENIX","canariensis",null,null,"285L",null,"2 violet","70/80T",null,null,null,null,"VRA","Vrac",1," "," ",1," "," ",1,1," "," ",3.7040000000000002,13.5,50.004000000000005,1,"PHOEC70","PHOENIC ST70","PM"," "," "," "]
["3834000018430",1959,"PHOENIX","canariensis",null,null,"CTR",null,"1 blanc","80/90T",null,null,null,null,"VRA","Vrac",1," "," ",1," "," ",1,1," "," ",2.37,13.5,31.995000000000001,1,"PHOEC80","PHOENIC ST80","PM"," "," "," ","Notre Sélection"]
["3834000007328",831,"PUNICA","granatum",null,"80","160L",null,"exemplaire","70/80P",null,null,null,null,"VRA","Vrac",1," "," ",1," "," ",1,1," "," ",3.7040000000000002,13.5,50.004000000000005,1,"PUNITM70","PUNIC TM70","PM"," "," "," "]
["3834000007311",830,"PUNICA","granatum",null,null,"230/350L",null,"exemplaire","80/90P",null,null,null,null,"VRA","Vrac",1," "," ",1," "," ",1,1," "," ",1.63,13.5,22.004999999999999,1,"PUNITM69","PUNIC TMA6090","PM"," "," "," "]
["3834000017501",1866,"YUCCA","rostrata Extra",null,null,"35L","tronc 10/20T","1 blanc","50/60",null,null,null,null,"VRA","Vrac",1," "," ",1," "," ",1,1," "," ",27.407,13.5,369.99450000000002,1,"A1BLANC","ADAA1BLANC","PM"," "," "," ","Notre Sélection"]
["3834000003382",338,"TRACHYCARPUS","fortunei",null,null,"45L",null,null,"50/60T",null,null,null,null,"VRA","Vrac",1," "," ",1," "," ",1,1," "," ",19.111000000000001,13.5,257.99850000000004,1,"PQ4550","PQD506045","PM"," "," "," "]
["3834000003399",339,"TRACHYCARPUS","fortunei",null,null,"70L",null,"1 rose 2 rose","60/80T",null,null,null,null,"VRA","Vrac",1," "," ",1," "," ",1,1," "," ",9.4809999999999999,13.5,127.9935,1,"PQ4560","PQD608045","PM"," "," "," "]
["3834000003405",340,"TRACHYCARPUS","fortunei",null,null,"70/90L","Ligne complète minimum 16 plantes    ","1 blanc 2 blanc","80/100T",null,null,null,null,"VRA","Vrac",1," "," ",1," "," ",1,1," "," ",13.037000000000001,13.5,175.99950000000001,1,"PQ4580","PQD8010045","PM"," "," "," "]
["3834000003627",362,"CHAMAEROPS","humilis",null,null,"35L",null,null,"80/100",null,null,null,"http://www.palmacea.com/wp-content/uploads/2017/10/PM_362_Chamaerops_humilis_35L_80-1001.jpg","VRA","Vrac",1," "," ",1," "," ",1,1," "," ",27.407,13.5,369.99450000000002,1,"P3580","PC8010035","PM"," "," "," ","Notre Sélection"]
["3834000033570",3357,"OLEA","europaea","janvier","50","63L","par 25 plantes","semi-exemplaire","20/35P",null,null,null,null,"VRA","Vrac",1," "," ",1," "," ",1,1," "," ",8.1479999999999997,13.5,109.99799999999999,1,"OLIP202","OLEA IP20 B25","PM"," "," "," "]
["3834000033587",3358,"OLEA","europaea","janvier","50","63L","par 110 plantes","semi-exemplaire","20/35P",null,null,null,null,"VRA","Vrac",1," "," ",1," "," ",1,1," "," ",8.1479999999999997,13.5,109.99799999999999,1,"OLIP201","OLEA IP20 A130","PM"," "," "," "]
["3834000033716",3371,"PHOENIX","canariensis",null,null,"CTM","Prix du mètre de stipe","specimen",null,null,null,null,null,"VRA","Vrac",1," "," ",1," "," ",1,1," "," ",0.44400000000000001,13.5,5.9939999999999998,1,"PHOECAMT","PHOENICA STZMETRE","PM"," "," "," "]
["3834000033945",3394,"BUTIA","capitata","février",null,"230/285L",null,null,"60/80T",null,"220/230",null,null,"VRA","Vrac",1," "," ",1," "," ",1,1," "," ",2.9620000000000002,13.5,39.987000000000002,1,"BUST0060","Butia capit STG60","PM"," "," "," "]
["3834000033952",3395,"TRACHYCARPUS","fortunei",null,null,"160L",null,"cépée","250/350T",null,null,null,null,"VRA","Vrac",1," "," ",1," "," ",1,1," "," ",3.7040000000000002,13.5,50.004000000000005,1,"TCYC161","TRACHY STPCEPA161","PM"," "," "," ","Notre Sélection"]
["3834000034034",3403,"OLEA","europaea",null,null,"65/70L","multi ramas","nuage","100/125",null,null,null,null,"VRA","Vrac",1," "," ",1," "," ",1,1," "," ",8.1479999999999997,13.5,109.99799999999999,1,"OLGMR070","OLEA GN00900 MR10012570","PM"," "," "," ","Notre Sélection"]
["3834000034041",3404,"OLEA","europaea",null,null,"70/90/110L","multi ramas","nuage","125/150",null,null,null,"http://www.palmacea.com/wp-content/uploads/2017/10/PM_3404_Olea_europaea_90-110L_nuage.jpg","VRA","Vrac",1," "," ",1," "," ",1,1," "," ",6.6660000000000004,13.5,89.991,1,"OLGMR090","OLEA GN00901 AMR12515090","PM"," "," "," ","Notre Sélection"]
["3834000033853",3385,"CITRUS","sinensis",null,null,"65/70L",null,"semi-exemplaire","30/40P",null,null,null,null,"VRA","Vrac",1," "," ",1," "," ",1,1," "," ",6.6669999999999998,13.5,90.004499999999993,1,"CISI3069","CITR SIN 30406090","PM"," "," "," "]
["3834000033884",3388,"OLEA","europaea",null,null,"230/285L","tronc vieux extra","nuage","40/60P",null,null,null,null,"VRA","Vrac",1," "," ",1," "," ",1,1," "," ",1.4814000000000001,13.5,19.998899999999999,1,"OLGVA40V","OLEA GVAAA4060285","PM"," "," "," ","Notre Sélection"]
["3834000033891",3389,"OLEA","europaea",null,null,"230/285/375L","tronc vieux extra","nuage","60/80P",null,null,null,null,"VRA","Vrac",1," "," ",1," "," ",1,1," "," ",1.6295999999999999,13.5,21.999600000000001,1,"OLGVA60V","OLEA GVAAA6080285375","PM"," "," "," ","Notre Sélection"]
["3834000033907",3390,"OLEA","europaea",null,null,"285/375L","tronc vieux extra","nuage","80/100P",null,null,null,null,"VRA","Vrac",1," "," ",1," "," ",1,1," "," ",1.9259999999999999,13.5,26.000999999999998,1,"OLGVA8V","OLEA GVAAA80100285375","PM"," "," "," ","Notre Sélection"]
["3834000033938",3393,"BUTIA","capitata","février",null,"180/230L",null,null,"40/60T",null,"180/200",null,null,"VRA","Vrac",1," "," ",1," "," ",1,1," "," ",3.3330000000000002,13.5,44.9955,1,"BUST0040","Butia capit STE40","PM"," "," "," "]
["3834000000725",72,"VITIS","vinifera",null,null,"12L",null,"tronc bas",null,null,null,null,null,"VRA","Vrac",1," "," ",1," "," ",1,1," "," ",96.444000000000003,13.5,1301.9940000000001,1,"VITA11","VITIS A11","PM"," "," "," "]
["3834000044132",4413,"OLEA","europaea",null,"34","25L","hauteur tronc 40/50 par 52 plantes","1/4 tige libre","14/+P",null,null,null,null,"VRA","Vrac",1," "," ",1," "," ",1,1," "," ",37.036999999999999,13.5,499.99950000000001,1,"OLIP012","OLEA IABPDB14A25","PM"," "," "," "]
["3834000064611",6461,"YUCCA","rostrata Extra",null,null,"45/55L",null,"1 violet","30/35T",null,null,null,null,"VRA","Vrac",1," "," ",1," "," ",1,1," "," ",27.407,13.5,369.99450000000002,1,"A1VIOLET","ADAO1VIOLET","PM"," "," "," ","Notre Sélection"]
["3834000047669",4766,"CHAMAEROPS","humilis",null,null,"70/90L",null,"1 vert","125/150 nacional",null,null,null,null,"VRA","Vrac",1," "," ",1," "," ",1,1," "," ",6.6669999999999998,13.5,90.004499999999993,1,"P90125","PI12515090","PM"," "," "," "]
["3834000047676",4767,"CHAMAEROPS","humilis",null,null,"50/70L",null,"1 jaune","100/125 nacional",null,null,null,null,"VRA","Vrac",1," "," ",1," "," ",1,1," "," ",8.1479999999999997,13.5,109.99799999999999,1,"P79105","PG1251507090","PM"," "," "," "]
["3834000047683",4768,"CHAMAEROPS","humilis",null,null,"90/110L",null,"1 rouge","150/175 nacional",null,null,null,null,"VRA","Vrac",1," "," ",1," "," ",1,1," "," ",5.1849999999999996,13.5,69.997499999999988,1,"P11015","PI15017590110","PM"," "," "," "]
["3834000058825",5882,"OLEA","europaea",null,null,"65/70L","multi ramas par 20 plantes","nuage","100/125",null,null,null,null,"VRA","Vrac",1," "," ",1," "," ",1,1," "," ",8.1479999999999997,13.5,109.99799999999999,1,"OLGMR020","OLEA GN00899 MR10012570","PM"," "," "," ","Notre Sélection"]
["3834000047768",4776,"OLEA","europaea",null,null,"240/285L","pompon",null,"40/50P",null,null,null,null,"VRA","Vrac",1," "," ",1," "," ",1,1," "," ",3.2589999999999999,13.5,43.996499999999997,1,"OLGWA40","OLEA GWA4050CTR","PM"," "," "," "]
["3834000047775",4777,"OLEA","europaea",null,null,"240/285L","pompon",null,"50/60P",null,null,null,null,"VRA","Vrac",1," "," ",1," "," ",1,1," "," ",3.2589999999999999,13.5,43.996499999999997,1,"OLGWA50","OLEA GWA5060CTR","PM"," "," "," "]
["3834000047812",4781,"OLEA","europaea",null,"60","coupe bonsai terra cotta D60",null,"1/4 tige","20/40P",null,null,null,null,"VRA","Vrac",1," "," ",1," "," ",1,1," "," ",9.6300000000000008,13.5,130.00500000000002,1,"DC60A","DCEA60","PM"," "," "," "]
["3834000047843",4784,"OLEA","europaea",null,null,"90/110/130L","écorce lisse multi ramas","exemplaire","40/50P",null,null,null,null,"VRA","Vrac",1," "," ",1," "," ",1,1," "," ",5.1849999999999996,13.5,69.997499999999988,1,"OLIP40MA","OLEA IPAMAR4050130","PM"," "," "," "]
["3834000047928",4792,"TRACHYCARPUS","fortunei",null,null,"70/90L","Ligne complète minimum 16 plantes    ","1 jaune  2 jaune","100/120T",null,null,null,null,"VRA","Vrac",1," "," ",1," "," ",1,1," "," ",6.67,13.5,90.045000000000002,1,"PQ4580","PQD8010045","PM"," "," "," ","Notre Sélection"]
["3834000047935",4793,"TRACHYCARPUS","fortunei",null,null,"90/110L","Ligne complète minimum 16 plantes    ","1 vert   2 vert","120/140T",null,null,null,null,"VRA","Vrac",1," "," ",1," "," ",1,1," "," ",6.2960000000000003,13.5,84.996000000000009,1,"TCYTA140","TRACHY STZCPTMETRETAILLE140","PM"," "," "," ","Notre Sélection"]
["3834000047959",4795,"TRACHYCARPUS","fortunei",null,null,"90/110L",null,"1 violet 1 rouge","140/160T",null,null,null,null,"VRA","Vrac",1," "," ",1," "," ",1,1," "," ",7.851,13.5,105.9885,1,"PQ160150","PQDA15017545","PM"," "," "," ","Notre Sélection"]
["3834000047973",4797,"TRACHYCARPUS","fortunei",null,null,"110/160/230L","Ligne complète minimum 16 plantes    ","2 violet 2 rouge","160/180T",null,null,null,null,"VRA","Vrac",1," "," ",1," "," ",1,1," "," ",3.7040000000000002,13.5,50.004000000000005,1,"PQ160175","PQDB17520045","PM"," "," "," "]
["3834000047997",4799,"TRACHYCARPUS","fortunei",null,null,"160/230L",null,"1 bleu 2 bleu","180/200T",null,null,null,null,"VRA","Vrac",1," "," ",1," "," ",1,1," "," ",3.2589999999999999,13.5,43.996499999999997,1,"PQ230200","PQDB20022545","PM"," "," "," "]
["3834000048024",4802,"TRACHYCARPUS","fortunei",null,null,"230L",null,null,"220/240T",null,null,null,null,"VRA","Vrac",1," "," ",1," "," ",1,1," "," ",3.2589999999999999,13.5,43.996499999999997,1,"PQ230225","PQDB22525045","PM"," "," "," "]
["3834000048048",4804,"XANTHORRHOEA","glauca",null,null,"CTR","Prix du mètre de stipe","tronc unique",null,null,null,null,null,"VRA","Vrac",1," "," ",1," "," ",1,1," "," ",0.44400000000000001,13.5,5.9939999999999998,1,"XAMETRE","XANTHO R STZMETRE","PM"," "," "," "]
["3834000048055",4805,"XANTHORRHOEA","glauca",null,null,"CTR","Prix du mètre de stipe","multi troncs",null,null,null,null,null,"VRA","Vrac",1," "," ",1," "," ",1,1," "," ",0.44400000000000001,13.5,5.9939999999999998,1,"XAMET","XANTHO RA MULTI STZMETRE","PM"," "," "," "]
["3834000048062",4806,"OLEA","europaea",null,null,"285/375/450L","tronc vieux extra","nuage","100/110P",null,null,null,null,"VRA","Vrac",1," "," ",1," "," ",1,1," "," ",1.9259999999999999,13.5,26.000999999999998,1,"OLGV101V","OLEA GVAAAA10011020285","PM"," "," "," "]
["3834000048079",4807,"OLEA","europaea",null,null,"285/375/450L","tronc vieux extra","nuage","110/140P",null,null,null,null,"VRA","Vrac",1," "," ",1," "," ",1,1," "," ",1.9259999999999999,13.5,26.000999999999998,1,"OLGV114V","OLEA GVAAAA11014020285375","PM"," "," "," "]
["3834000065441",6544,"OLEA","europaea",null,"34","25L","hauteur tronc 40/50","1/4 tige libre","14/+P",null,null,null,null,"VRA","Vrac",1," "," ",1," "," ",1,1," "," ",37.036999999999999,13.5,499.99950000000001,1,"OLIP013","OLEA IABPDB14B25","PM"," "," "," "]
["3834000065472",6547,"YUCCA","rostrata Extra",null,null,"45/55L",null,"2 violet","35/40T",null,null,null,null,"VRA","Vrac",1," "," ",1," "," ",1,1," "," ",27.407,13.5,369.99450000000002,1,"A2VIOLET","ADAO2VIOLET","PM"," "," "," ","Notre Sélection"]
["3834000050027",5002,"CHAMAEROPS","humilis",null,null,"50L",null,"1 blanc","80/100 nacional",null,null,null,null,"VRA","Vrac",1," "," ",1," "," ",1,1," "," ",19.111000000000001,13.5,257.99850000000004,1,"P50810F","PF8010050","PM"," "," "," "]
["3834000050034",5003,"CHAMAEROPS","humilis",null,null,"90/110L",null,"1 bleu","175/200 nacional",null,null,null,null,"VRA","Vrac",1," "," ",1," "," ",1,1," "," ",5.1849999999999996,13.5,69.997499999999988,1,"P11520","PI17520090110","PM"," "," "," "]
["3834000050089",5008,"CHAMAEROPS","humilis Cerifera","février",null,"130/230L",null,"1 jaune","100/125",null,null,null,null,"VRA","Vrac",1," "," ",1," "," ",1,1," "," ",3.2589999999999999,13.5,43.996499999999997,1,"P2301015","PCC100125230","PM"," "," "," "]
["3834000050096",5009,"CHAMAEROPS","humilis Cerifera","février",null,"285L",null,"1 rouge","150/175",null,null,null,null,"VRA","Vrac",1," "," ",1," "," ",1,1," "," ",2.37,13.5,31.995000000000001,1,"P28515","PCC150200285","PM"," "," "," "]
["3834000050102",5010,"CHAMAEROPS","humilis Cerifera","février",null,"285L",null,"1 bleu","175/200",null,null,null,null,"VRA","Vrac",1," "," ",1," "," ",1,1," "," ",2.37,13.5,31.995000000000001,1,"P28517","PCC175200285","PM"," "," "," "]
["3834000050133",5013,"OLEA","europaea",null,null,"CTM","tronc vieux extra","nuage","A",null,null,null,null,"VRA","Vrac",1," "," ",1," "," ",1,1," "," ",1.4810000000000001,13.5,19.993500000000001,1,"OLGVA","OLEA GVACTM","PM"," "," "," "]
["3834000050140",5014,"OLEA","europaea",null,null,"CTM","tronc vieux extra","nuage","B",null,null,null,null,"VRA","Vrac",1," "," ",1," "," ",1,1," "," ",1.4810000000000001,13.5,19.993500000000001,1,"OLGVB","OLEA GVBCTM","PM"," "," "," "]
["3834000064635",6463,"BRAHEA","armata",null,"50","50L",null,null,"80/100",null,null,null,null,"VRA","Vrac",1," "," ",1," "," ",1,1," "," ",19.111000000000001,13.5,257.99850000000004,1,"BRAST010","Brahea armata STC10","PM"," "," "," "]
["3834000065496",6548,"YUCCA","rostrata Extra",null,null,"90L",null,"2 bleu","35/40T",null,null,null,null,"VRA","Vrac",1," "," ",1," "," ",1,1," "," ",27.407,13.5,369.99450000000002,1,"A2BLEU","ADAS2BLEU","PM"," "," "," ","Notre Sélection"]
["3834000050201",5020,"OLEA","europaea",null,null,"CTR/CTM","regional","exemplaire","90/100P",null,null,null,null,"VRA","Vrac",1," "," ",1," "," ",1,1," "," ",1.333,13.5,17.9955,1,"OLYR90","OLEA YR90100","PM"," "," "," "]
["3834000050218",5021,"OLEA","europaea",null,null,"CTR/CTM","regional","exemplaire","100/120P",null,null,null,null,"VRA","Vrac",1," "," ",1," "," ",1,1," "," ",1.333,13.5,17.9955,1,"OLYR10","OLEA YRC100120","PM"," "," "," ","Notre Sélection"]
["3834000050225",5022,"OLEA","europaea",null,null,"CTR/CTM","regional","exemplaire","120/140P",null,null,null,null,"VRA","Vrac",1," "," ",1," "," ",1,1," "," ",1.333,13.5,17.9955,1,"OLYR12","OLEA YRC120140","PM"," "," "," "]
["3834000050232",5023,"TRACHYCARPUS","fortunei",null,null,"160/230L",null,"1 orange  2 orange","200/220T",null,null,null,null,"VRA","Vrac",1," "," ",1," "," ",1,1," "," ",3.2589999999999999,13.5,43.996499999999997,1,"PQ230206","PQDB20022645","PM"," "," "," "]
["3834000057323",5732,"PHOENIX","canariensis",null,null,"CTR",null,"2 blanc","90/100T",null,null,null,null,"VRA","Vrac",1," "," ",1," "," ",1,1," "," ",2.37,13.5,31.995000000000001,1,"PHOEC90","PHOENIC ST90","PM"," "," "," "]
["3834000057330",5733,"PHOENIX","canariensis",null,null,"CTR",null,null,"100/110T",null,null,null,null,"VRA","Vrac",1," "," ",1," "," ",1,1," "," ",0.22,13.5,2.97,1,"PHOEC100","PHOENIC STA100","PM"," "," "," ","Notre Sélection"]
["3834000057347",5734,"PHOENIX","canariensis",null,null,"CTR",null,null,"110/120T",null,null,null,null,"VRA","Vrac",1," "," ",1," "," ",1,1," "," ",2.37,13.5,31.995000000000001,1,"PHOEC110","PHOENIC STA110","PM"," "," "," "]
["3834000057354",5735,"PHOENIX","dactylifera",null,null,"CTM","Prix du mètre de stipe","specimen",null,null,null,null,null,"VRA","Vrac",1," "," ",1," "," ",1,1," "," ",0.44400000000000001,13.5,5.9939999999999998,1,"PHOECAMT","PHOENICA STZMETRE","PM"," "," "," "]
["3834000057439",5743,"STRELITZIA","reginae",null,null,"50L",null,"touffe",null,null,null,null,null,"VRA","Vrac",1," "," ",1," "," ",1,1," "," ",19.111000000000001,13.5,257.99850000000004,1,"P50810F","PF8010050","PM"," "," "," "]
["3834000069326",6932,"OLEA","europaea",null,"60","coupe bonsai terra cotta D60","mini bonsai",null,null,null,null,null,null,"VRA","Vrac",1," "," ",1," "," ",1,1," "," ",19.111000000000001,13.5,257.99850000000004,1,"OLDBC60T","OLEA KACOUPEA60TC","PM"," "," "," "]
["3834000059440",5944,"CORDYLINE","indivisa",null,"40","35L",null,"grupo","125/150",null,null,null,"http://www.palmacea.com/wp-content/uploads/2016/11/PM_5944_Cordyline_indivisa_35L_grupo_125-150-b.jpg","VRA","Vrac",1," "," ",1," "," ",1,1," "," ",27.407,13.5,369.99450000000002,1,"P35680","PF608035","PM"," "," "," ","Notre Sélection"]
["3834000059693",5969,"YUCCA","rostrata Extra",null,null,"35L","tronc 25/35T","2 blanc","60/70",null,null,null,null,"VRA","Vrac",1," "," ",1," "," ",1,1," "," ",27.407,13.5,369.99450000000002,1,"A2BLANC","ADAA2BLANCS","PM"," "," "," ","Notre Sélection"]
["3834000058719",5871,"OLEA","europaea",null,"34","25L","hauteur tronc 40/50 par 300 plantes","1/4 tige libre","14/+P",null,null,null,null,"VRA","Vrac",1," "," ",1," "," ",1,1," "," ",37.036999999999999,13.5,499.99950000000001,1,"OLIPP011","OLEA IABPDB1425","PM"," "," "," "]
["3834000058719",5871,"OLEA","europaea",null,"34","25L","hauteur tronc 40/50 par 300 plantes","1/4 tige libre","14/+P",null,null,null,null,"VRA","Vrac",1," "," ",1," "," ",1,1," "," ",37.036999999999999,13.5,499.99950000000001,1,"OLIPP011","OLEA IABPDB1425","PM"," "," "," "]
["3834000058719",5871,"OLEA","europaea",null,"34","25L","hauteur tronc 40/50 par 300 plantes","1/4 tige libre","14/+P",null,null,null,null,"VRA","Vrac",1," "," ",1," "," ",1,1," "," ",37.036999999999999,13.5,499.99950000000001,1,"OLIPP011","OLEA IABPDB1425","PM"," "," "," "]
["3834000060460",6046,"AGAPANTHUS","africanus Azul",null,null,"15L",null,"touffe","50/60",null,null,null,null,"VRA","Vrac",1," "," ",1," "," ",1,1," "," ",96.444000000000003,13.5,1301.9940000000001,1,"A1550","AA506015","PM"," "," "," "]
["3834000060484",6048,"ACCA","sellowiana",null,"35","30L",null,"touffe","80/100",null,null,null,null,"VRA","Vrac",1," "," ",1," "," ",1,1," "," ",60,13.5,810,1,"A2580","AB8010025","PM"," "," "," ","Notre Sélection"]
["3834000060507",6050,"MYRTUS","communis",null,"CT 30","15L",null,"touffe","40/60",null,null,null,null,"VRA","Vrac",1," "," ",1," "," ",1,1," "," ",96.444000000000003,13.5,1301.9940000000001,1,"A1380","AA8010013","PM"," "," "," "]
["3834000060606",6060,"YUCCA","gloriosa",null,"CT 30","15L",null,"touffe",null,null,null,null,null,"VRA","Vrac",1," "," ",1," "," ",1,1," "," ",96.444000000000003,13.5,1301.9940000000001,1,"A13","AA13","PM"," "," "," "]
["3834000060613",6061,"YUCCA","gloriosa Variegata",null,"CT 30","15L",null,"touffe",null,null,null,null,null,"VRA","Vrac",1," "," ",1," "," ",1,1," "," ",96.444000000000003,13.5,1301.9940000000001,1,"A13","AA13","PM"," "," "," "]
["3834000062822",6282,"OLEA","europaea",null,null,"65/70L","nuage","pompon","100/125",null,null,null,null,"VRA","Vrac",1," "," ",1," "," ",1,1," "," ",8.1479999999999997,13.5,109.99799999999999,1,"OLGWA10","OLEA GWA10","PM"," "," "," ","Notre Sélection"]
["3834000005614",5611,"OLEA","europaea",null,"34","25L","hauteur tronc 40/50 par 52 plantes","1/4 tige bola","14/+P",null,null,null,null,"VRA","Vrac",1," "," ",1," "," ",1,1," "," ",59.259,13.5,799.99649999999997,1,"OILP010D","OLEA IABPDBB14A25","PM"," "," "," "]
["3834000005614",5611,"OLEA","europaea",null,"34","25L","hauteur tronc 40/50 par 52 plantes","1/4 tige bola","14/+P",null,null,null,null,"VRA","Vrac",1," "," ",1," "," ",1,1," "," ",59.259,13.5,799.99649999999997,1,"OILP010D","OLEA IABPDBB14A25","PM"," "," "," "]
["3834000005614",5611,"OLEA","europaea",null,"34","25L","hauteur tronc 40/50 par 52 plantes","1/4 tige bola","14/+P",null,null,null,null,"VRA","Vrac",1," "," ",1," "," ",1,1," "," ",59.259,13.5,799.99649999999997,1,"OILP010D","OLEA IABPDBB14A25","PM"," "," "," "]
["3834000053127",5312,"OLEA","europaea",null,null,"160/180/285L","écorce lisse tronc haut multi ramas","exemplaire","40/50P",null,null,null,null,"VRA","Vrac",1," "," ",1," "," ",1,1," "," ",5.1849999999999996,13.5,69.997499999999988,1,"OLIP40MB","OLEA IPAMBR4050130","PM"," "," "," ","Notre Sélection"]
["3834000053134",5313,"OLEA","europaea",null,null,"160/180/285L","écorce lisse tronc haut multi ramas","exemplaire","50/60P",null,null,null,null,"VRA","Vrac",1," "," ",1," "," ",1,1," "," ",5.1849999999999996,13.5,69.997499999999988,1,"OLIP50MB","OLEA IPAMBR5060130","PM"," "," "," ","Notre Sélection"]
["3834000053141",5314,"TRACHYCARPUS","fortunei",null,null,"230L",null,null,"240/250T",null,null,null,null,"VRA","Vrac",1," "," ",1," "," ",1,1," "," ",3.2589999999999999,13.5,43.996499999999997,1,"PQ230225","PQDB22525045","PM"," "," "," "]
["3834000053219",5321,"OLEA","europaea",null,"90","coupe bonsai terra cotta D90","mini bonsai","semi-exemplaire","40/60P",null,null,null,null,"VRA","Vrac",1," "," ",1," "," ",1,1," "," ",5.1849999999999996,13.5,69.997499999999988,1,"OLDB90AT","OLEA KACOUPEB90TC","PM"," "," "," "]
["3834000060057",6005,"CYCAS","revoluta",null,null,"CTR",null,"1 bleu","20/30T",null,null,null,null,"VRA","Vrac",1," "," ",1," "," ",1,1," "," ",27.407,13.5,369.99450000000002,1,"CY2030T","CYCAS A2030T","PM"," "," "," "]
["3834000060064",6006,"CYCAS","revoluta",null,null,"CTR",null,"2 bleu","30/40T",null,null,null,null,"VRA","Vrac",1," "," ",1," "," ",1,1," "," ",27.407,13.5,369.99450000000002,1,"CY3040T","CYCAS A3040T","PM"," "," "," "]
["3834000060071",6007,"CYCAS","revoluta",null,null,"CTR",null,"1 violet","40/50T",null,null,null,null,"VRA","Vrac",1," "," ",1," "," ",1,1," "," ",27.407,13.5,369.99450000000002,1,"CY4050T","CYCAS A4050T","PM"," "," "," "]
["3834000060088",6008,"CYCAS","revoluta",null,null,"CTR",null,"2 violet","50/60T",null,null,null,null,"VRA","Vrac",1," "," ",1," "," ",1,1," "," ",27.407,13.5,369.99450000000002,1,"CY5060T","CYCAS A5060T","PM"," "," "," "]
["3834000060095",6009,"CYCAS","revoluta",null,null,"CTR",null,"1 rouge","60/70T",null,null,null,null,"VRA","Vrac",1," "," ",1," "," ",1,1," "," ",27.407,13.5,369.99450000000002,1,"CY6070T","CYCAS A6070T","PM"," "," "," "]
["3834000060101",6010,"CYCAS","revoluta",null,null,"CTR",null,"2 rouge","70/80T",null,null,null,null,"VRA","Vrac",1," "," ",1," "," ",1,1," "," ",27.407,13.5,369.99450000000002,1,"CY7080T","CYCAS A7080T","PM"," "," "," "]
["3834000060118",6011,"CYCAS","revoluta",null,null,"CTR",null,"1 blanc","80/90T",null,null,null,null,"VRA","Vrac",1," "," ",1," "," ",1,1," "," ",27.407,13.5,369.99450000000002,1,"CY8090T","CYCAS A8090T","PM"," "," "," "]
["3834000060125",6012,"CYCAS","revoluta",null,null,"CTR",null,"2 blanc","90/100T",null,null,null,null,"VRA","Vrac",1," "," ",1," "," ",1,1," "," ",27.407,13.5,369.99450000000002,1,"CY90100T","CYCAS A90100T","PM"," "," "," "]
["3834000060132",6013,"CYCAS","revoluta",null,null,"CTR",null,null,"100/110T",null,null,null,null,"VRA","Vrac",1," "," ",1," "," ",1,1," "," ",27.407,13.5,369.99450000000002,1,"CY101T","CYCAS AB100110T","PM"," "," "," "]
["3834000060149",6014,"CYCAS","revoluta",null,null,"CTR",null,null,"110/120T",null,null,null,null,"VRA","Vrac",1," "," ",1," "," ",1,1," "," ",27.407,13.5,369.99450000000002,1,"CY102T","CYCAS AB110120T","PM"," "," "," "]
["3834000072524",7252,"CHAMAEROPS","humilis",null,null,"35L",null,null,"60/80",null,null,null,null,"VRA","Vrac",1," "," ",1," "," ",1,1," "," ",27.407,13.5,369.99450000000002,1,"P3550","PC506035","PM"," "," "," "]
["3834000065700",6570,"BOUGAINVILLEA","",null,null,"Pot chinois","Ruban bleu","specimen",null,null,null,null,null,"VRA","Vrac",1," "," ",1," "," ",1,1," "," ",2.37,13.5,31.995000000000001,1,"BGSPECB","BOUGCSPECIBLEU","PM"," "," "," "]
["3834000057248",5724,"OLEA","europaea",null,null,"CTR/CTM","regional","exemplaire","140/160P",null,null,null,null,"VRA","Vrac",1," "," ",1," "," ",1,1," "," ",1.333,13.5,17.9955,1,"OLYR12","OLEA YRC120140","PM"," "," "," "]
["3834000057255",5725,"OLEA","europaea",null,null,"CTR/CTM","regional","exemplaire","160/180P",null,null,null,null,"VRA","Vrac",1," "," ",1," "," ",1,1," "," ",1.333,13.5,17.9955,1,"OLYR12","OLEA YRC120140","PM"," "," "," "]
["3834000057262",5726,"OLEA","europaea",null,null,"CTR/CTM","regional","exemplaire","180/200P",null,null,null,null,"VRA","Vrac",1," "," ",1," "," ",1,1," "," ",1.333,13.5,17.9955,1,"OLYR12","OLEA YRC120140","PM"," "," "," "]
["3834000057279",5727,"OLEA","europaea",null,null,"CTR/CTM","regional","exemplaire","200/220P",null,null,null,null,"VRA","Vrac",1," "," ",1," "," ",1,1," "," ",1.333,13.5,17.9955,1,"OLYR12","OLEA YRC120140","PM"," "," "," "]
["3834000065717",6571,"BOUGAINVILLEA","",null,null,"Pot chinois","Ruban rose","specimen",null,null,null,null,null,"VRA","Vrac",1," "," ",1," "," ",1,1," "," ",2.37,13.5,31.995000000000001,1,"BGSPECR","BOUGESPECIROSE","PM"," "," "," "]
["3834000067728",6572,"BOUGAINVILLEA","",null,null,"Pot chinois","Ruban violet","specimen",null,null,null,null,null,"VRA","Vrac",1," "," ",1," "," ",1,1," "," ",2.37,13.5,31.995000000000001,1,"BGSPECV","BOUGGSPECIVIOLET","PM"," "," "," "]
["3834000063942",6394,"OLEA","europaea",null,null,"160L","écorce lisse tronc haut multi ramas","exemplaire","30/40P",null,null,null,null,"VRA","Vrac",1," "," ",1," "," ",1,1," "," ",5.1849999999999996,13.5,69.997499999999988,1,"OLIP30MB","OLEA IPAMBR3040130","PM"," "," "," "]
["3834000069333",6933,"OLEA","europaea",null,"34","25L","hauteur tronc 40/50","1/4 tige bola","14/+P",null,null,null,null,"VRA","Vrac",1," "," ",1," "," ",1,1," "," ",37.036999999999999,13.5,499.99950000000001,1,"OILP010E","OLEA IABPDBB14B25","PM"," "," "," "]
["3834000065427",6542,"OLEA","europaea",null,null,"160L","Bonsai par camion complet 45/50 plantes","exemplaire","60/80P",null,null,null,null,"VRA","Vrac",1," "," ",1," "," ",1,1," "," ",3.7040000000000002,13.5,50.004000000000005,1,"OLK68","OLEA KD60/80CTR","PM"," "," "," "]
["3834000063904",6390,"YUCCA","rostrata Extra",null,null,"90L",null,"1 bleu","30/35T",null,null,null,null,"VRA","Vrac",1," "," ",1," "," ",1,1," "," ",27.407,13.5,369.99450000000002,1,"A1BLEU","ADAS1BLEU","PM"," "," "," "]
["3834000065359",6535,"TRITHRINAX","campestris",null,"25","10L",null,null,"30/40",null,null,null,null,"VRA","Vrac",1," "," ",1," "," ",1,1," "," ",148.148,13.5,1999.998,1,"P1060","PA608010","PM"," "," "," "]
["3834000072531",7253,"CHAMAEROPS","humilis",null,null,"35L",null,null,"100/125",null,null,null,null,"VRA","Vrac",1," "," ",1," "," ",1,1," "," ",27.407,13.5,369.99450000000002,1,"P359095","PC909535","PM"," "," "," "]
["3834000069364",6936,"OLEA","europaea",null,"34","25L","hauteur tronc 40/50 par 300 plantes","1/4 tige bola","14/+P",null,null,null,null,"VRA","Vrac",1," "," ",1," "," ",1,1," "," ",37.036999999999999,13.5,499.99950000000001,1,"OILP010C","OLEA IABPDBB1425","PM"," "," "," "]
["3834000072548",7254,"JUBAEA","chilensis",null,null,"70L",null,null,"20/30T",null,null,null,null,"VRA","Vrac",1," "," ",1," "," ",1,1," "," ",15.926,13.5,215.001,1,"PQ6520","PQF203065","PM"," "," "," "]
["3834000066783",6678,"CITRUS","microcitrus",null,null,"15L",null,null,null,null,null,null,null,"VRA","Vrac",1," "," ",1," "," ",1,1," "," ",96.444000000000003,13.5,1301.9940000000001,1,"A15607","AA607015","PM"," "," "," "]
["3834000070933",7093,"PHOENIX","canariensis",null,null,"CTM","Prix du mètre de stipe","stipe taillé",null,null,null,null,null,"VRA","Vrac",1," "," ",1," "," ",1,1," "," ",0.44400000000000001,13.5,5.9939999999999998,1,"PHOECAMT","PHOENICA STZMETRE","PM"," "," "," "]
["3834000072340",7234,"BUTIA","capitata",null,"45","46L",null,null,"20/25T",null,"125/150",null,null,"VRA","Vrac",1," "," ",1," "," ",1,1," "," ",27.407,13.5,369.99450000000002,1,"BUST0020","Butia capit STB20","PM"," "," "," "]
["3834000072357",7235,"BUTIA","capitata","février",null,"230/285L",null,"2 stipes","80/100T",null,null,null,null,"VRA","Vrac",1," "," ",1," "," ",1,1," "," ",2.9620000000000002,13.5,39.987000000000002,1,"BUST0060","Butia capit STG60","PM"," "," "," "]
["3834000060316",6031,"OLEA","europaea",null,null,"CTM","N°6","Nuage specimen","270/280P",null,null,null,null,"VRA","Vrac",1," "," ",1," "," ",1,1," "," ",0.88900000000000001,13.5,12.0015,1,"OLGWT1","OLEA GW1TOCTM","PM"," "," "," "]
["3834000060323",6032,"OLEA","europaea",null,null,"CTM","N°7","Nuage specimen","280/290P",null,null,null,null,"VRA","Vrac",1," "," ",1," "," ",1,1," "," ",0.88900000000000001,13.5,12.0015,1,"OLGWT2","OLEA GW2TOCTM","PM"," "," "," "]
["3834000060330",6033,"OLEA","europaea",null,null,"CTM","N°5","Nuage specimen","280/290P",null,null,null,null,"VRA","Vrac",1," "," ",1," "," ",1,1," "," ",0.88900000000000001,13.5,12.0015,1,"OLGWT3","OLEA GW3TOCTM","PM"," "," "," "]
["3834000060347",6034,"OLEA","europaea",null,null,"CTM","N°4","Nuage specimen","320/330P",null,null,null,null,"VRA","Vrac",1," "," ",1," "," ",1,1," "," ",0.88900000000000001,13.5,12.0015,1,"OLGWT4","OLEA GW4TOCTM","PM"," "," "," "]
["3834000060354",6035,"OLEA","europaea",null,null,"CTM","N°2","Nuage specimen","390/400P",null,null,null,null,"VRA","Vrac",1," "," ",1," "," ",1,1," "," ",0.88900000000000001,13.5,12.0015,1,"OLGWT7","OLEA GW7TOCTM","PM"," "," "," "]
["3834000060361",6036,"OLEA","europaea",null,null,"CTM","N°1","Nuage specimen","360/370P",null,null,null,null,"VRA","Vrac",1," "," ",1," "," ",1,1," "," ",0.88900000000000001,13.5,12.0015,1,"OLGWT5","OLEA GW5TOCTM","PM"," "," "," "]
["3834000060378",6037,"OLEA","europaea",null,null,"CTM","N°3","Nuage specimen","370P",null,null,null,null,"VRA","Vrac",1," "," ",1," "," ",1,1," "," ",0.88900000000000001,13.5,12.0015,1,"OLGWT6","OLEA GW6TOCTM","PM"," "," "," "]
["3834000071688",7168,"NERIUM","oleander Rouge simple","février","40","35L",null,null,"80/100",null,null,null,null,"VRA","Vrac",1," "," ",1," "," ",1,1," "," ",27.407,13.5,369.99450000000002,1,"P35680","PF608035","VV"," "," "," "]
["3834000065687",6568,"OLEA","europaea",null,null,"160L","bonsai","exemplaire","60/80P",null,null,null,null,"VRA","Vrac",1," "," ",1," "," ",1,1," "," ",3.7040000000000002,13.5,50.004000000000005,1,"OLKD60","OLEA KDA60/125 B","PM"," "," "," "]
["3834000066370",6637,"BRAHEA","armata",null,null,"CTR",null,null,"60/80T",null,null,null,null,"VRA","Vrac",1," "," ",1," "," ",1,1," "," ",8.1479999999999997,13.5,109.99799999999999,1,"BRAST060","Brahea armata STF60","PM"," "," "," "]
["3834000066387",6638,"BRAHEA","armata",null,null,"CTR",null,null,"80/100T",null,null,null,null,"VRA","Vrac",1," "," ",1," "," ",1,1," "," ",8.1479999999999997,13.5,109.99799999999999,1,"BRAST080","Brahea armata STF80","PM"," "," "," "]
["3834000066394",6639,"BRAHEA","armata",null,null,"CTM","Prix du mètre de stipe","specimen","100/+T",null,null,null,null,"VRA","Vrac",1," "," ",1," "," ",1,1," "," ",0.44400000000000001,13.5,5.9939999999999998,1,"BRASTMT","Brahea armata STG100 MT","PM"," "," "," "]
["3834000072647",7264,"OLEA","europaea","février",null,"180L","écorce lisse marron","exemplaire","50/60P",null,null,null,null,"VRA","Vrac",1," "," ",1," "," ",1,1," "," ",3.7040000000000002,13.5,50.004000000000005,1,"OLIP50MN","OLEA IPAMBRR5060180","PM"," "," "," ","Notre Sélection"]
["3834000072654",7265,"OLEA","europaea","février",null,"180L","écorce lisse marron","exemplaire","60/70P",null,null,null,null,"VRA","Vrac",1," "," ",1," "," ",1,1," "," ",3.7040000000000002,13.5,50.004000000000005,1,"OLIP60MN","OLEA IPAMBRR6070180","PM"," "," "," ","Notre Sélection"]
["3834000072661",7266,"OLEA","europaea","février",null,"180L","écorce lisse marron","exemplaire","70/80P",null,null,null,null,"VRA","Vrac",1," "," ",1," "," ",1,1," "," ",3.7040000000000002,13.5,50.004000000000005,1,"OLIP70MN","OLEA IPAMBRR7080180","PM"," "," "," "]
["3834000072388",7238,"OLEA","europaea",null,null,"230/285L","Régional ramificado","exemplaire","40/50P",null,null,null,null,"VRA","Vrac",1," "," ",1," "," ",1,1," "," ",1.9259999999999999,13.5,26.000999999999998,1,"OLYRA40","OLEA YAR4050","PM"," "," "," "]
["3834000072395",7239,"OLEA","europaea",null,null,"230/285L","Régional ramificado","exemplaire","50/60P",null,null,null,null,"VRA","Vrac",1," "," ",1," "," ",1,1," "," ",1.9259999999999999,13.5,26.000999999999998,1,"OLYRA50","OLEA YAR5060","PM"," "," "," "]
["3834000072401",7240,"OLEA","europaea",null,null,"230/285L","Régional ramificado","exemplaire","60/70P",null,null,null,null,"VRA","Vrac",1," "," ",1," "," ",1,1," "," ",1.9259999999999999,13.5,26.000999999999998,1,"OLYRA60","OLEA YAR6070","PM"," "," "," "]
["3834000072418",7241,"OLEA","europaea",null,null,"230/285L","Régional ramificado","exemplaire","70/80P",null,null,null,null,"VRA","Vrac",1," "," ",1," "," ",1,1," "," ",1.9259999999999999,13.5,26.000999999999998,1,"OLYRA70","OLEA YAR7080","PM"," "," "," ","Notre Sélection"]
["3834000072425",7242,"OLEA","europaea",null,null,"230/285L","Régional ramificado","exemplaire","80/90P",null,null,null,null,"VRA","Vrac",1," "," ",1," "," ",1,1," "," ",1.9259999999999999,13.5,26.000999999999998,1,"OLYRA80","OLEA YAR8090","PM"," "," "," "]
["3834000072432",7243,"OLEA","europaea",null,null,"230/285L","Régional ramificado","exemplaire","90/100P",null,null,null,null,"VRA","Vrac",1," "," ",1," "," ",1,1," "," ",1.9259999999999999,13.5,26.000999999999998,1,"OLYRA90","OLEA YAR90100","PM"," "," "," "]
["3834000072449",7244,"OLEA","europaea",null,null,"230/285L","Régional ramificado","exemplaire","100/110P",null,null,null,null,"VRA","Vrac",1," "," ",1," "," ",1,1," "," ",1.9259999999999999,13.5,26.000999999999998,1,"OLYRA100","OLEA YARA100110","PM"," "," "," "]
["3834000071824",7182,"OLEA","europaea",null,null,"160L","Tortuga ramificado","exemplaire","40/50P",null,null,null,null,"VRA","Vrac",1," "," ",1," "," ",1,1," "," ",5.1849999999999996,13.5,69.997499999999988,1,"OLIP40MR","OLEA IPAMR4050130","PM"," "," "," "]
["3834000071831",7183,"OLEA","europaea",null,null,"160L","Tortuga ramificado","exemplaire","50/60P",null,null,null,null,"VRA","Vrac",1," "," ",1," "," ",1,1," "," ",5.1849999999999996,13.5,69.997499999999988,1,"OLIP40MR","OLEA IPAMR4050130","PM"," "," "," "]
["3834000071855",7185,"OLEA","europaea",null,"30","15L",null,"1/4 tige bola",null,null,null,null,"http://www.palmacea.com/wp-content/uploads/2017/10/PM_7185_Olea_europaea_15L_1-4-tige-bola.jpg","VRA","Vrac",1," "," ",1," "," ",1,1," "," ",96.444000000000003,13.5,1301.9940000000001,1,"DC15B","DCE15","PM"," "," "," ","Notre Sélection"]
["3834000071862",7186,"OLEA","europaea",null,"30","coupe D30",null,"1/4 tige bola",null,null,null,null,"http://www.palmacea.com/wp-content/uploads/2017/10/PM_7186_Olea_europaea_coupe-D30_1-4-tige-bola.jpg","VRA","Vrac",1," "," ",1," "," ",1,1," "," ",96.444000000000003,13.5,1301.9940000000001,1,"DC15B","DCE15","PM"," "," "," ","Notre Sélection"]
["3834000065564",6556,"OLEA","europaea",null,null,"230/285L","écorce lisse multi ramas extra","nuage","60/70P",null,null,null,null,"VRA","Vrac",1," "," ",1," "," ",1,1," "," ",1.9259999999999999,13.5,26.000999999999998,1,"OLGVA40","OLEA GVAA4060285","PM"," "," "," "]
["3834000065571",6557,"OLEA","europaea",null,null,"230/285L","écorce lisse multi ramas extra","nuage","70/80P",null,null,null,null,"VRA","Vrac",1," "," ",1," "," ",1,1," "," ",2.37,13.5,31.995000000000001,1,"OLGVA40","OLEA GVAA4060285","PM"," "," "," "]
["3834000065588",6558,"OLEA","europaea",null,null,"230/285L","écorce lisse multi ramas extra","nuage","80/90P",null,null,null,null,"VRA","Vrac",1," "," ",1," "," ",1,1," "," ",2.37,13.5,31.995000000000001,1,"OLGVA40","OLEA GVAA4060285","PM"," "," "," ","Notre Sélection"]
["3834000065595",6559,"OLEA","europaea",null,null,"CTM","écorce lisse multi ramas extra","nuage","80/90P",null,null,null,null,"VRA","Vrac",1," "," ",1," "," ",1,1," "," ",1.9259999999999999,13.5,26.000999999999998,1,"OLGVA40","OLEA GVAA4060285","PM"," "," "," "]
["3834000065601",6560,"OLEA","europaea",null,null,"230/285L","écorce lisse multi ramas extra","nuage","90/100P",null,null,null,null,"VRA","Vrac",1," "," ",1," "," ",1,1," "," ",2.37,13.5,31.995000000000001,1,"OLGVA40","OLEA GVAA4060285","PM"," "," "," "]
["3834000065618",6561,"OLEA","europaea",null,null,"CTM","écorce lisse multi ramas extra","nuage","90/100P",null,null,null,null,"VRA","Vrac",1," "," ",1," "," ",1,1," "," ",1.9259999999999999,13.5,26.000999999999998,1,"OLGVA40","OLEA GVAA4060285","PM"," "," "," "]
["3834000065625",6562,"OLEA","europaea",null,null,"285/375L","écorce lisse multi ramas extra","nuage","100/110P",null,null,null,null,"VRA","Vrac",1," "," ",1," "," ",1,1," "," ",1.9259999999999999,13.5,26.000999999999998,1,"OLGVA40","OLEA GVAA4060285","PM"," "," "," "]
["3834000065632",6563,"OLEA","europaea",null,null,"CTM","écorce lisse multi ramas extra","nuage","100/110P",null,null,null,null,"VRA","Vrac",1," "," ",1," "," ",1,1," "," ",1.9259999999999999,13.5,26.000999999999998,1,"OLGVA40","OLEA GVAA4060285","PM"," "," "," "]
["3834000065649",6564,"OLEA","europaea",null,null,"285/375L","écorce lisse multi ramas extra","nuage","110/140P",null,null,null,null,"VRA","Vrac",1," "," ",1," "," ",1,1," "," ",1.9259999999999999,13.5,26.000999999999998,1,"OLGVA40","OLEA GVAA4060285","PM"," "," "," "]
["3834000065656",6565,"OLEA","europaea",null,null,"CTM","écorce lisse multi ramas extra","nuage","110/140P",null,null,null,null,"VRA","Vrac",1," "," ",1," "," ",1,1," "," ",1.9259999999999999,13.5,26.000999999999998,1,"OLGVA40","OLEA GVAA4060285","PM"," "," "," "]
["3834000065663",6566,"OLEA","europaea",null,null,"285/375L","écorce lisse multi ramas extra","nuage","140P",null,null,null,null,"VRA","Vrac",1," "," ",1," "," ",1,1," "," ",1.9259999999999999,13.5,26.000999999999998,1,"OLGVA40","OLEA GVAA4060285","PM"," "," "," "]
["3834000065670",6567,"OLEA","europaea",null,null,"CTM","écorce lisse multi ramas extra","nuage","140P",null,null,null,null,"VRA","Vrac",1," "," ",1," "," ",1,1," "," ",1.9259999999999999,13.5,26.000999999999998,1,"OLGVA40","OLEA GVAA4060285","PM"," "," "," "]
[]
[]
[]
[]
[]
[]
[]
[]
[]
[]
[]
[]
[]
[]
[]
[]
[]
[]
[]
[]
[]
[]
[]
[]
[]
[]
[null,null,null,null,null,null,null,null,null,null,null,null,null,null,null,"NB DE COND",null,null,null,null,null,null,null,null,null,"TOTAL",null,null,null,null,null,null,null,{"$f":"SUM(AH18:AH213)","v":0},"TOTAL",{"$f":"SUM(AJ18:AJ213)","v":0}]

{"sheet":"FV Tarif_CC","index":3,"n_rows":214,"n_cols":37,"rows_kept":214,"cut":false,"hidden":false,"merged":[[15,7,15,8],[11,11,11,34],[12,10,12,11],[12,12,12,34],[6,11,6,34],[7,11,7,34],[8,11,8,34],[9,10,9,34],[10,11,10,14],[10,16,10,34]]}
[]
[]
[]
[]
[null,null,null,null,null,null,null,"Retrouvez en italique Notre Sélection",null,null,"Fournisseur :","PM"]
[null,null,"Pascal HABAULT : acheteur / commercial"]
[null,null," Tél : 06 21 76 93 63",null,null,null,null,"Espagne",null,null,"TVA INTRA :"]
[null,null,"Isabelle NAULET : administratif / suivi commercial / logistique ",null,null,null,null,"PALMACEA vous propose en direct,  un grand choix de végétaux issu de ses producteurs",null,null,"Client :"]
[null,null," Tél : 06 23 38 03 49",null,null,null,null,"Prix départ, tarif transport sur demande",null,null,"Adresse :"]
[null,null,"Fax : 00 33 4 26 30 35 44"]
[null,null,"Mail : contact@palmacea.com",null,null,null,null,null,null,null,"Tél :",null,null,null,null,"Fax :"]
[null,null,null,null,null,null,null,null,null,null,"Mail :"]
[null,null,null,null,null,null,null,null,null,null,"Semaine de livraison :"]
[]
[]
["Code barre ","Code","Genre","Espèce Variété","Etat","Diam pot","Litrage","Présentation ",null,"Taille","Diam tête","HT total","Parcelle","Photo","Conditionnement","Conditionnement","Qte cond","Votre cde","Tarif départ ","Qte cond","Votre cde ","Tarif départ ","Nb cond","Qte cond total","Votre cde","Tarif départ ","Nb de cond ou plantes par ML","Metrage camion","Qte plt / camion","Cond / default","Code pour tri","pour tri","Initiale fournisseur","Montant Cde","PV TTC","Métrage"]
["CODE_BARRE","CODE","GENRE","ESPECE_VARIETE","ETAT","DIAM_POT","LITRAGE","PRESENTATION","PRESENTATION2","TAILLE","DIAM_TETE","HT_TOTAL","PARCELLE","IMAGE","CONDITION","CONDITION3","QTE_COND","VOTRE_CDE","VOTRE_CDE4","QTE_COND5","VOTRE_CDE6","VOTRE_CDE7","NB_COND","QTE_ROLL","VOTRE_CDE8","VOTRE_CDE9","NB_PLT_CAM","METRAGE_CAM","QTE_PLT_CAM","COND_DEF","CODE_TRI","TRI","INITIAL_FOURN","MONT_CDE","PVTTC","METRAGE","NOTRE_SELECTION"]
["3834000017211",1837,"BRAHEA","armata",null,null,"CTR",null,null,"40/60T",null,null,null,null,"VRA","Vrac",1," "," ",1," "," ",1,1," "," ",9.6300000000000008,13.5,130.00500000000002,1,"BRAST040","Brahea armata STE40","PM"," "," "," "]
["3834000017198",1835,"BUTIA","capitata",null,"45","46L",null,null,"10/20T",null,"100/125",null,null,"VRA","Vrac",1," "," ",1," "," ",1,1," "," ",27.407,13.5,369.99450000000002,1,"BUST0010","Butia capit STB10","PM"," "," "," "]
["3834000021492",2266,"CACTUS","cleistocactus",null,"25","10L",null,null,null,null,null,null,null,"VRA","Vrac",1," "," ",1," "," ",1,1," "," ",148.148,13.5,1999.998,1,"AS10","ASA10","PM"," "," "," "]
["3834000021546",2271,"CACTUS","echinocactus Grunsonii",null,"35","20L",null,null,null,null,null,null,null,"VRA","Vrac",1," "," ",1," "," ",1,1," "," ",66.665999999999997,13.5,899.99099999999999,1,"AS20","ASB20","PM"," "," "," "]
["3834000021508",2267,"CACTUS","myrtillocactus",null,"25","10L",null,null,null,null,null,null,null,"VRA","Vrac",1," "," ",1," "," ",1,1," "," ",148.148,13.5,1999.998,1,"AS10","ASA10","PM"," "," "," "]
["3834000021515",2268,"CACTUS","orecerus",null,"25","10L",null,null,null,null,null,null,null,"VRA","Vrac",1," "," ",1," "," ",1,1," "," ",148.148,13.5,1999.998,1,"AS10","ASA10","PM"," "," "," "]
["3834000021522",2269,"CACTUS","polaskia",null,"25","10L",null,null,null,null,null,null,null,"VRA","Vrac",1," "," ",1," "," ",1,1," "," ",148.148,13.5,1999.998,1,"AS10","ASA10","PM"," "," "," "]
["3834000021539",2270,"CACTUS","pringley",null,"25","10L",null,null,null,null,null,null,null,"VRA","Vrac",1," "," ",1," "," ",1,1," "," ",148.148,13.5,1999.998,1,"AS10","ASA10","PM"," "," "," "]
["3834000017228",1838,"CHAMAEROPS","humilis Cerifera","février",null,"130/230L",null,"1 vert","125/150",null,null,null,null,"VRA","Vrac",1," "," ",1," "," ",1,1," "," ",3.2589999999999999,13.5,43.996499999999997,1,"P230115A","PCC125150130230","PM"," "," "," "]
["3834000017693",1885,"CYCAS","revoluta",null,null,"CTR","Prix du mètre de stipe",null,null,null,null,null,null,"VRA","Vrac",1," "," ",1," "," ",1,1," "," ",27.407,13.5,369.99450000000002,1,"CYMETCTR","CYCAS REVOL STZMETRE","PM"," "," "," "]
["3834000017921",1908,"FICUS","carica",null,null,"CTR",null,"1/2 tige","15/20P",null,null,null,null,"VRA","Vrac",1," "," ",1," "," ",1,1," "," ",12.519,13.5,169.00649999999999,1,"FCA15CTR","FICU CAR DC15CTR","PM"," "," "," "]
["3834000017938",1909,"FICUS","carica",null,null,"CTR",null,"1/2 tige","20/25P",null,null,null,null,"VRA","Vrac",1," "," ",1," "," ",1,1," "," ",12.519,13.5,169.00649999999999,1,"FCA20CTR","FICU CAR DC20CTR","PM"," "," "," "]
["3834000017945",1910,"FICUS","carica",null,null,"CTR",null,"1/2 tige","25/30P",null,null,null,null,"VRA","Vrac",1," "," ",1," "," ",1,1," "," ",9.6300000000000008,13.5,130.00500000000002,1,"FCA25CTR","FICU CAR DC25CTR","PM"," "," "," "]
["3834000024813",2600,"OLEA","europaea",null,"90","coupe bonsai terra cotta D90","bonsai","exemplaire","60/80P",null,null,null,null,"VRA","Vrac",1," "," ",1," "," ",1,1," "," ",2.37,13.5,31.995000000000001,1,"OLDB90BT","OLEA KBCOUPEB90TC","PM"," "," "," "]
["3834000017532",1869,"OLEA","europaea",null,null,"160/180/230L","bonsai","exemplaire","60/80P",null,null,null,null,"VRA","Vrac",1," "," ",1," "," ",1,1," "," ",3.7040000000000002,13.5,50.004000000000005,1,"OLK682","OLEA KDA60/60CTR","PM"," "," "," ","Notre Sélection"]
["3834000017273",1843,"OLEA","europaea","janvier","50","63L","par 5 plantes","semi-exemplaire","20/35P",null,null,null,null,"VRA","Vrac",1," "," ",1," "," ",1,1," "," ",8.1479999999999997,13.5,109.99799999999999,1,"OLIP203","OLEA IP20 C5","PM"," "," "," "]
["3834000024943",2613,"OLEA","europaea","janvier","50","63L","A l'unité","semi-exemplaire","20/35P",null,null,null,null,"VRA","Vrac",1," "," ",1," "," ",1,1," "," ",10.37,13.5,139.99499999999998,1,"OLIP20","OLEA IP2040110","PM"," "," "," ","Notre Sélection"]
["3834000018096",1925,"PHOENIX","canariensis",null,null,"90/130L",null,null,"30/40T",null,null,null,null,"VRA","Vrac",1," "," ",1," "," ",1,1," "," ",9.6300000000000008,13.5,130.00500000000002,1,"PHOEC30","PHOENIC ST30","PM"," "," "," "]
["3834000018102",1926,"PHOENIX","canariensis",null,null,"160L",null,null,"40/50T",null,null,null,null,"VRA","Vrac",1," "," ",1," "," ",1,1," "," ",9.6300000000000008,13.5,130.00500000000002,1,"PHOEC40","PHOENIC ST40","PM"," "," "," "]
["3834000018119",1927,"PHOENIX","canariensis",null,null,"160L",null,null,"50/60T",null,null,null,null,"VRA","Vrac",1," "," ",1," "," ",1,1," "," ",8.1479999999999997,13.5,109.99799999999999,1,"PHOEC50","PHOENIC ST50","PM"," "," "," "]
["3834000018126",1928,"PHOENIX","canariensis",null,null,"285L",null,"1 violet","60/70T",null,null,null,null,"VRA","Vrac",1," "," ",1," "," ",1,1," "," ",5.1849999999999996,13.5,69.997499999999988,1,"PHOEC60","PHOENIC ST60","PM"," "," "," "]
["3834000018133",1929,"PHOENIX","canariensis",null,null,"285L",null,"2 violet","70/80T",null,null,null,null,"VRA","Vrac",1," "," ",1," "," ",1,1," "," ",3.7040000000000002,13.5,50.004000000000005,1,"PHOEC70","PHOENIC ST70","PM"," "," "," "]
["3834000018430",1959,"PHOENIX","canariensis",null,null,"CTR",null,"1 blanc","80/90T",null,null,null,null,"VRA","Vrac",1," "," ",1," "," ",1,1," "," ",2.37,13.5,31.995000000000001,1,"PHOEC80","PHOENIC ST80","PM"," "," "," ","Notre Sélection"]
["3834000007328",831,"PUNICA","granatum",null,"80","160L",null,"exemplaire","70/80P",null,null,null,null,"VRA","Vrac",1," "," ",1," "," ",1,1," "," ",3.7040000000000002,13.5,50.004000000000005,1,"PUNITM70","PUNIC TM70","PM"," "," "," "]
["3834000007311",830,"PUNICA","granatum",null,null,"230/350L",null,"exemplaire","80/90P",null,null,null,null,"VRA","Vrac",1," "," ",1," "," ",1,1," "," ",1.63,13.5,22.004999999999999,1,"PUNITM69","PUNIC TMA6090","PM"," "," "," "]
["3834000017501",1866,"YUCCA","rostrata Extra",null,null,"35L","tronc 10/20T","1 blanc","50/60",null,null,null,null,"VRA","Vrac",1," "," ",1," "," ",1,1," "," ",27.407,13.5,369.99450000000002,1,"A1BLANC","ADAA1BLANC","PM"," "," "," ","Notre Sélection"]
["3834000003382",338,"TRACHYCARPUS","fortunei",null,null,"45L",null,null,"50/60T",null,null,null,null,"VRA","Vrac",1," "," ",1," "," ",1,1," "," ",19.111000000000001,13.5,257.99850000000004,1,"PQ4550","PQD506045","PM"," "," "," "]
["3834000003399",339,"TRACHYCARPUS","fortunei",null,null,"70L",null,"1 rose 2 rose","60/80T",null,null,null,null,"VRA","Vrac",1," "," ",1," "," ",1,1," "," ",9.4809999999999999,13.5,127.9935,1,"PQ4560","PQD608045","PM"," "," "," "]
["3834000003405",340,"TRACHYCARPUS","fortunei",null,null,"70/90L","Ligne complète minimum 16 plantes    ","1 blanc 2 blanc","80/100T",null,null,null,null,"VRA","Vrac",1," "," ",1," "," ",1,1," "," ",13.037000000000001,13.5,175.99950000000001,1,"PQ4580","PQD8010045","PM"," "," "," "]
["3834000003627",362,"CHAMAEROPS","humilis",null,null,"35L",null,null,"80/100",null,null,null,"http://www.palmacea.com/wp-content/uploads/2017/10/PM_362_Chamaerops_humilis_35L_80-1001.jpg","VRA","Vrac",1," "," ",1," "," ",1,1," "," ",27.407,13.5,369.99450000000002,1,"P3580","PC8010035","PM"," "," "," ","Notre Sélection"]
["3834000033570",3357,"OLEA","europaea","janvier","50","63L","par 25 plantes","semi-exemplaire","20/35P",null,null,null,null,"VRA","Vrac",1," "," ",1," "," ",1,1," "," ",8.1479999999999997,13.5,109.99799999999999,1,"OLIP202","OLEA IP20 B25","PM"," "," "," "]
["3834000033587",3358,"OLEA","europaea","janvier","50","63L","par 110 plantes","semi-exemplaire","20/35P",null,null,null,null,"VRA","Vrac",1," "," ",1," "," ",1,1," "," ",8.1479999999999997,13.5,109.99799999999999,1,"OLIP201","OLEA IP20 A130","PM"," "," "," "]
["3834000033716",3371,"PHOENIX","canariensis",null,null,"CTM","Prix du mètre de stipe","specimen",null,null,null,null,null,"VRA","Vrac",1," "," ",1," "," ",1,1," "," ",0.44400000000000001,13.5,5.9939999999999998,1,"PHOECAMT","PHOENICA STZMETRE","PM"," "," "," "]
["3834000033945",3394,"BUTIA","capitata","février",null,"230/285L",null,null,"60/80T",null,"220/230",null,null,"VRA","Vrac",1," "," ",1," "," ",1,1," "," ",2.9620000000000002,13.5,39.987000000000002,1,"BUST0060","Butia capit STG60","PM"," "," "," "]
["3834000033952",3395,"TRACHYCARPUS","fortunei",null,null,"160L",null,"cépée","250/350T",null,null,null,null,"VRA","Vrac",1," "," ",1," "," ",1,1," "," ",3.7040000000000002,13.5,50.004000000000005,1,"TCYC161","TRACHY STPCEPA161","PM"," "," "," ","Notre Sélection"]
["3834000034034",3403,"OLEA","europaea",null,null,"65/70L","multi ramas","nuage","100/125",null,null,null,null,"VRA","Vrac",1," "," ",1," "," ",1,1," "," ",8.1479999999999997,13.5,109.99799999999999,1,"OLGMR070","OLEA GN00900 MR10012570","PM"," "," "," ","Notre Sélection"]
["3834000034041",3404,"OLEA","europaea",null,null,"70/90/110L","multi ramas","nuage","125/150",null,null,null,"http://www.palmacea.com/wp-content/uploads/2017/10/PM_3404_Olea_europaea_90-110L_nuage.jpg","VRA","Vrac",1," "," ",1," "," ",1,1," "," ",6.6660000000000004,13.5,89.991,1,"OLGMR090","OLEA GN00901 AMR12515090","PM"," "," "," ","Notre Sélection"]
["3834000033853",3385,"CITRUS","sinensis",null,null,"65/70L",null,"semi-exemplaire","30/40P",null,null,null,null,"VRA","Vrac",1," "," ",1," "," ",1,1," "," ",6.6669999999999998,13.5,90.004499999999993,1,"CISI3069","CITR SIN 30406090","PM"," "," "," "]
["3834000033884",3388,"OLEA","europaea",null,null,"230/285L","tronc vieux extra","nuage","40/60P",null,null,null,null,"VRA","Vrac",1," "," ",1," "," ",1,1," "," ",1.4814000000000001,13.5,19.998899999999999,1,"OLGVA40V","OLEA GVAAA4060285","PM"," "," "," ","Notre Sélection"]
["3834000033891",3389,"OLEA","europaea",null,null,"230/285/375L","tronc vieux extra","nuage","60/80P",null,null,null,null,"VRA","Vrac",1," "," ",1," "," ",1,1," "," ",1.6295999999999999,13.5,21.999600000000001,1,"OLGVA60V","OLEA GVAAA6080285375","PM"," "," "," ","Notre Sélection"]
["3834000033907",3390,"OLEA","europaea",null,null,"285/375L","tronc vieux extra","nuage","80/100P",null,null,null,null,"VRA","Vrac",1," "," ",1," "," ",1,1," "," ",1.9259999999999999,13.5,26.000999999999998,1,"OLGVA8V","OLEA GVAAA80100285375","PM"," "," "," ","Notre Sélection"]
["3834000033938",3393,"BUTIA","capitata","février",null,"180/230L",null,null,"40/60T",null,"180/200",null,null,"VRA","Vrac",1," "," ",1," "," ",1,1," "," ",3.3330000000000002,13.5,44.9955,1,"BUST0040","Butia capit STE40","PM"," "," "," "]
["3834000000725",72,"VITIS","vinifera",null,null,"12L",null,"tronc bas",null,null,null,null,null,"VRA","Vrac",1," "," ",1," "," ",1,1," "," ",96.444000000000003,13.5,1301.9940000000001,1,"VITA11","VITIS A11","PM"," "," "," "]
["3834000044132",4413,"OLEA","europaea",null,"34","25L","hauteur tronc 40/50 par 52 plantes","1/4 tige libre","14/+P",null,null,null,null,"VRA","Vrac",1," "," ",1," "," ",1,1," "," ",37.036999999999999,13.5,499.99950000000001,1,"OLIP012","OLEA IABPDB14A25","PM"," "," "," "]
["3834000064611",6461,"YUCCA","rostrata Extra",null,null,"45/55L",null,"1 violet","30/35T",null,null,null,null,"VRA","Vrac",1," "," ",1," "," ",1,1," "," ",27.407,13.5,369.99450000000002,1,"A1VIOLET","ADAO1VIOLET","PM"," "," "," ","Notre Sélection"]
["3834000047669",4766,"CHAMAEROPS","humilis",null,null,"70/90L",null,"1 vert","125/150 nacional",null,null,null,null,"VRA","Vrac",1," "," ",1," "," ",1,1," "," ",6.6669999999999998,13.5,90.004499999999993,1,"P90125","PI12515090","PM"," "," "," "]
["3834000047676",4767,"CHAMAEROPS","humilis",null,null,"50/70L",null,"1 jaune","100/125 nacional",null,null,null,null,"VRA","Vrac",1," "," ",1," "," ",1,1," "," ",8.1479999999999997,13.5,109.99799999999999,1,"P79105","PG1251507090","PM"," "," "," "]
["3834000047683",4768,"CHAMAEROPS","humilis",null,null,"90/110L",null,"1 rouge","150/175 nacional",null,null,null,null,"VRA","Vrac",1," "," ",1," "," ",1,1," "," ",5.1849999999999996,13.5,69.997499999999988,1,"P11015","PI15017590110","PM"," "," "," "]
["3834000058825",5882,"OLEA","europaea",null,null,"65/70L","multi ramas par 20 plantes","nuage","100/125",null,null,null,null,"VRA","Vrac",1," "," ",1," "," ",1,1," "," ",8.1479999999999997,13.5,109.99799999999999,1,"OLGMR020","OLEA GN00899 MR10012570","PM"," "," "," ","Notre Sélection"]
["3834000047768",4776,"OLEA","europaea",null,null,"240/285L","pompon",null,"40/50P",null,null,null,null,"VRA","Vrac",1," "," ",1," "," ",1,1," "," ",3.2589999999999999,13.5,43.996499999999997,1,"OLGWA40","OLEA GWA4050CTR","PM"," "," "," "]
["3834000047775",4777,"OLEA","europaea",null,null,"240/285L","pompon",null,"50/60P",null,null,null,null,"VRA","Vrac",1," "," ",1," "," ",1,1," "," ",3.2589999999999999,13.5,43.996499999999997,1,"OLGWA50","OLEA GWA5060CTR","PM"," "," "," "]
["3834000047812",4781,"OLEA","europaea",null,"60","coupe bonsai terra cotta D60",null,"1/4 tige","20/40P",null,null,null,null,"VRA","Vrac",1," "," ",1," "," ",1,1," "," ",9.6300000000000008,13.5,130.00500000000002,1,"DC60A","DCEA60","PM"," "," "," "]
["3834000047843",4784,"OLEA","europaea",null,null,"90/110/130L","écorce lisse multi ramas","exemplaire","40/50P",null,null,null,null,"VRA","Vrac",1," "," ",1," "," ",1,1," "," ",5.1849999999999996,13.5,69.997499999999988,1,"OLIP40MA","OLEA IPAMAR4050130","PM"," "," "," "]
["3834000047928",4792,"TRACHYCARPUS","fortunei",null,null,"70/90L","Ligne complète minimum 16 plantes    ","1 jaune  2 jaune","100/120T",null,null,null,null,"VRA","Vrac",1," "," ",1," "," ",1,1," "," ",6.67,13.5,90.045000000000002,1,"PQ4580","PQD8010045","PM"," "," "," ","Notre Sélection"]
["3834000047935",4793,"TRACHYCARPUS","fortunei",null,null,"90/110L","Ligne complète minimum 16 plantes    ","1 vert   2 vert","120/140T",null,null,null,null,"VRA","Vrac",1," "," ",1," "," ",1,1," "," ",6.2960000000000003,13.5,84.996000000000009,1,"TCYTA140","TRACHY STZCPTMETRETAILLE140","PM"," "," "," ","Notre Sélection"]
["3834000047959",4795,"TRACHYCARPUS","fortunei",null,null,"90/110L",null,"1 violet 1 rouge","140/160T",null,null,null,null,"VRA","Vrac",1," "," ",1," "," ",1,1," "," ",7.851,13.5,105.9885,1,"PQ160150","PQDA15017545","PM"," "," "," ","Notre Sélection"]
["3834000047973",4797,"TRACHYCARPUS","fortunei",null,null,"110/160/230L","Ligne complète minimum 16 plantes    ","2 violet 2 rouge","160/180T",null,null,null,null,"VRA","Vrac",1," "," ",1," "," ",1,1," "," ",3.7040000000000002,13.5,50.004000000000005,1,"PQ160175","PQDB17520045","PM"," "," "," "]
["3834000047997",4799,"TRACHYCARPUS","fortunei",null,null,"160/230L",null,"1 bleu 2 bleu","180/200T",null,null,null,null,"VRA","Vrac",1," "," ",1," "," ",1,1," "," ",3.2589999999999999,13.5,43.996499999999997,1,"PQ230200","PQDB20022545","PM"," "," "," "]
["3834000048024",4802,"TRACHYCARPUS","fortunei",null,null,"230L",null,null,"220/240T",null,null,null,null,"VRA","Vrac",1," "," ",1," "," ",1,1," "," ",3.2589999999999999,13.5,43.996499999999997,1,"PQ230225","PQDB22525045","PM"," "," "," "]
["3834000048048",4804,"XANTHORRHOEA","glauca",null,null,"CTR","Prix du mètre de stipe","tronc unique",null,null,null,null,null,"VRA","Vrac",1," "," ",1," "," ",1,1," "," ",0.44400000000000001,13.5,5.9939999999999998,1,"XAMETRE","XANTHO R STZMETRE","PM"," "," "," "]
["3834000048055",4805,"XANTHORRHOEA","glauca",null,null,"CTR","Prix du mètre de stipe","multi troncs",null,null,null,null,null,"VRA","Vrac",1," "," ",1," "," ",1,1," "," ",0.44400000000000001,13.5,5.9939999999999998,1,"XAMET","XANTHO RA MULTI STZMETRE","PM"," "," "," "]
["3834000048062",4806,"OLEA","europaea",null,null,"285/375/450L","tronc vieux extra","nuage","100/110P",null,null,null,null,"VRA","Vrac",1," "," ",1," "," ",1,1," "," ",1.9259999999999999,13.5,26.000999999999998,1,"OLGV101V","OLEA GVAAAA10011020285","PM"," "," "," "]
["3834000048079",4807,"OLEA","europaea",null,null,"285/375/450L","tronc vieux extra","nuage","110/140P",null,null,null,null,"VRA","Vrac",1," "," ",1," "," ",1,1," "," ",1.9259999999999999,13.5,26.000999999999998,1,"OLGV114V","OLEA GVAAAA11014020285375","PM"," "," "," "]
["3834000065441",6544,"OLEA","europaea",null,"34","25L","hauteur tronc 40/50","1/4 tige libre","14/+P",null,null,null,null,"VRA","Vrac",1," "," ",1," "," ",1,1," "," ",37.036999999999999,13.5,499.99950000000001,1,"OLIP013","OLEA IABPDB14B25","PM"," "," "," "]
["3834000065472",6547,"YUCCA","rostrata Extra",null,null,"45/55L",null,"2 violet","35/40T",null,null,null,null,"VRA","Vrac",1," "," ",1," "," ",1,1," "," ",27.407,13.5,369.99450000000002,1,"A2VIOLET","ADAO2VIOLET","PM"," "," "," ","Notre Sélection"]
["3834000050027",5002,"CHAMAEROPS","humilis",null,null,"50L",null,"1 blanc","80/100 nacional",null,null,null,null,"VRA","Vrac",1," "," ",1," "," ",1,1," "," ",19.111000000000001,13.5,257.99850000000004,1,"P50810F","PF8010050","PM"," "," "," "]
["3834000050034",5003,"CHAMAEROPS","humilis",null,null,"90/110L",null,"1 bleu","175/200 nacional",null,null,null,null,"VRA","Vrac",1," "," ",1," "," ",1,1," "," ",5.1849999999999996,13.5,69.997499999999988,1,"P11520","PI17520090110","PM"," "," "," "]
["3834000050089",5008,"CHAMAEROPS","humilis Cerifera","février",null,"130/230L",null,"1 jaune","100/125",null,null,null,null,"VRA","Vrac",1," "," ",1," "," ",1,1," "," ",3.2589999999999999,13.5,43.996499999999997,1,"P2301015","PCC100125230","PM"," "," "," "]
["3834000050096",5009,"CHAMAEROPS","humilis Cerifera","février",null,"285L",null,"1 rouge","150/175",null,null,null,null,"VRA","Vrac",1," "," ",1," "," ",1,1," "," ",2.37,13.5,31.995000000000001,1,"P28515","PCC150200285","PM"," "," "," "]
["3834000050102",5010,"CHAMAEROPS","humilis Cerifera","février",null,"285L",null,"1 bleu","175/200",null,null,null,null,"VRA","Vrac",1," "," ",1," "," ",1,1," "," ",2.37,13.5,31.995000000000001,1,"P28517","PCC175200285","PM"," "," "," "]
["3834000050133",5013,"OLEA","europaea",null,null,"CTM","tronc vieux extra","nuage","A",null,null,null,null,"VRA","Vrac",1," "," ",1," "," ",1,1," "," ",1.4810000000000001,13.5,19.993500000000001,1,"OLGVA","OLEA GVACTM","PM"," "," "," "]
["3834000050140",5014,"OLEA","europaea",null,null,"CTM","tronc vieux extra","nuage","B",null,null,null,null,"VRA","Vrac",1," "," ",1," "," ",1,1," "," ",1.4810000000000001,13.5,19.993500000000001,1,"OLGVB","OLEA GVBCTM","PM"," "," "," "]
["3834000064635",6463,"BRAHEA","armata",null,"50","50L",null,null,"80/100",null,null,null,null,"VRA","Vrac",1," "," ",1," "," ",1,1," "," ",19.111000000000001,13.5,257.99850000000004,1,"BRAST010","Brahea armata STC10","PM"," "," "," "]
["3834000065496",6548,"YUCCA","rostrata Extra",null,null,"90L",null,"2 bleu","35/40T",null,null,null,null,"VRA","Vrac",1," "," ",1," "," ",1,1," "," ",27.407,13.5,369.99450000000002,1,"A2BLEU","ADAS2BLEU","PM"," "," "," ","Notre Sélection"]
["3834000050201",5020,"OLEA","europaea",null,null,"CTR/CTM","regional","exemplaire","90/100P",null,null,null,null,"VRA","Vrac",1," "," ",1," "," ",1,1," "," ",1.333,13.5,17.9955,1,"OLYR90","OLEA YR90100","PM"," "," "," "]
["3834000050218",5021,"OLEA","europaea",null,null,"CTR/CTM","regional","exemplaire","100/120P",null,null,null,null,"VRA","Vrac",1," "," ",1," "," ",1,1," "," ",1.333,13.5,17.9955,1,"OLYR10","OLEA YRC100120","PM"," "," "," ","Notre Sélection"]
["3834000050225",5022,"OLEA","europaea",null,null,"CTR/CTM","regional","exemplaire","120/140P",null,null,null,null,"VRA","Vrac",1," "," ",1," "," ",1,1," "," ",1.333,13.5,17.9955,1,"OLYR12","OLEA YRC120140","PM"," "," "," "]
["3834000050232",5023,"TRACHYCARPUS","fortunei",null,null,"160/230L",null,"1 orange  2 orange","200/220T",null,null,null,null,"VRA","Vrac",1," "," ",1," "," ",1,1," "," ",3.2589999999999999,13.5,43.996499999999997,1,"PQ230206","PQDB20022645","PM"," "," "," "]
["3834000057323",5732,"PHOENIX","canariensis",null,null,"CTR",null,"2 blanc","90/100T",null,null,null,null,"VRA","Vrac",1," "," ",1," "," ",1,1," "," ",2.37,13.5,31.995000000000001,1,"PHOEC90","PHOENIC ST90","PM"," "," "," "]
["3834000057330",5733,"PHOENIX","canariensis",null,null,"CTR",null,null,"100/110T",null,null,null,null,"VRA","Vrac",1," "," ",1," "," ",1,1," "," ",0.22,13.5,2.97,1,"PHOEC100","PHOENIC STA100","PM"," "," "," ","Notre Sélection"]
["3834000057347",5734,"PHOENIX","canariensis",null,null,"CTR",null,null,"110/120T",null,null,null,null,"VRA","Vrac",1," "," ",1," "," ",1,1," "," ",2.37,13.5,31.995000000000001,1,"PHOEC110","PHOENIC STA110","PM"," "," "," "]
["3834000057354",5735,"PHOENIX","dactylifera",null,null,"CTM","Prix du mètre de stipe","specimen",null,null,null,null,null,"VRA","Vrac",1," "," ",1," "," ",1,1," "," ",0.44400000000000001,13.5,5.9939999999999998,1,"PHOECAMT","PHOENICA STZMETRE","PM"," "," "," "]
["3834000057439",5743,"STRELITZIA","reginae",null,null,"50L",null,"touffe",null,null,null,null,null,"VRA","Vrac",1," "," ",1," "," ",1,1," "," ",19.111000000000001,13.5,257.99850000000004,1,"P50810F","PF8010050","PM"," "," "," "]
["3834000069326",6932,"OLEA","europaea",null,"60","coupe bonsai terra cotta D60","mini bonsai",null,null,null,null,null,null,"VRA","Vrac",1," "," ",1," "," ",1,1," "," ",19.111000000000001,13.5,257.99850000000004,1,"OLDBC60T","OLEA KACOUPEA60TC","PM"," "," "," "]
["3834000059440",5944,"CORDYLINE","indivisa",null,"40","35L",null,"grupo","125/150",null,null,null,"http://www.palmacea.com/wp-content/uploads/2016/11/PM_5944_Cordyline_indivisa_35L_grupo_125-150-b.jpg","VRA","Vrac",1," "," ",1," "," ",1,1," "," ",27.407,13.5,369.99450000000002,1,"P35680","PF608035","PM"," "," "," ","Notre Sélection"]
["3834000059693",5969,"YUCCA","rostrata Extra",null,null,"35L","tronc 25/35T","2 blanc","60/70",null,null,null,null,"VRA","Vrac",1," "," ",1," "," ",1,1," "," ",27.407,13.5,369.99450000000002,1,"A2BLANC","ADAA2BLANCS","PM"," "," "," ","Notre Sélection"]
["3834000058719",5871,"OLEA","europaea",null,"34","25L","hauteur tronc 40/50 par 300 plantes","1/4 tige libre","14/+P",null,null,null,null,"VRA","Vrac",1," "," ",1," "," ",1,1," "," ",37.036999999999999,13.5,499.99950000000001,1,"OLIPP011","OLEA IABPDB1425","PM"," "," "," "]
["3834000058719",5871,"OLEA","europaea",null,"34","25L","hauteur tronc 40/50 par 300 plantes","1/4 tige libre","14/+P",null,null,null,null,"VRA","Vrac",1," "," ",1," "," ",1,1," "," ",37.036999999999999,13.5,499.99950000000001,1,"OLIPP011","OLEA IABPDB1425","PM"," "," "," "]
["3834000058719",5871,"OLEA","europaea",null,"34","25L","hauteur tronc 40/50 par 300 plantes","1/4 tige libre","14/+P",null,null,null,null,"VRA","Vrac",1," "," ",1," "," ",1,1," "," ",37.036999999999999,13.5,499.99950000000001,1,"OLIPP011","OLEA IABPDB1425","PM"," "," "," "]
["3834000060460",6046,"AGAPANTHUS","africanus Azul",null,null,"15L",null,"touffe","50/60",null,null,null,null,"VRA","Vrac",1," "," ",1," "," ",1,1," "," ",96.444000000000003,13.5,1301.9940000000001,1,"A1550","AA506015","PM"," "," "," "]
["3834000060484",6048,"ACCA","sellowiana",null,"35","30L",null,"touffe","80/100",null,null,null,null,"VRA","Vrac",1," "," ",1," "," ",1,1," "," ",60,13.5,810,1,"A2580","AB8010025","PM"," "," "," ","Notre Sélection"]
["3834000060507",6050,"MYRTUS","communis",null,"CT 30","15L",null,"touffe","40/60",null,null,null,null,"VRA","Vrac",1," "," ",1," "," ",1,1," "," ",96.444000000000003,13.5,1301.9940000000001,1,"A1380","AA8010013","PM"," "," "," "]
["3834000060606",6060,"YUCCA","gloriosa",null,"CT 30","15L",null,"touffe",null,null,null,null,null,"VRA","Vrac",1," "," ",1," "," ",1,1," "," ",96.444000000000003,13.5,1301.9940000000001,1,"A13","AA13","PM"," "," "," "]
["3834000060613",6061,"YUCCA","gloriosa Variegata",null,"CT 30","15L",null,"touffe",null,null,null,null,null,"VRA","Vrac",1," "," ",1," "," ",1,1," "," ",96.444000000000003,13.5,1301.9940000000001,1,"A13","AA13","PM"," "," "," "]
["3834000062822",6282,"OLEA","europaea",null,null,"65/70L","nuage","pompon","100/125",null,null,null,null,"VRA","Vrac",1," "," ",1," "," ",1,1," "," ",8.1479999999999997,13.5,109.99799999999999,1,"OLGWA10","OLEA GWA10","PM"," "," "," ","Notre Sélection"]
["3834000005614",5611,"OLEA","europaea",null,"34","25L","hauteur tronc 40/50 par 52 plantes","1/4 tige bola","14/+P",null,null,null,null,"VRA","Vrac",1," "," ",1," "," ",1,1," "," ",59.259,13.5,799.99649999999997,1,"OILP010D","OLEA IABPDBB14A25","PM"," "," "," "]
["3834000005614",5611,"OLEA","europaea",null,"34","25L","hauteur tronc 40/50 par 52 plantes","1/4 tige bola","14/+P",null,null,null,null,"VRA","Vrac",1," "," ",1," "," ",1,1," "," ",59.259,13.5,799.99649999999997,1,"OILP010D","OLEA IABPDBB14A25","PM"," "," "," "]
["3834000005614",5611,"OLEA","europaea",null,"34","25L","hauteur tronc 40/50 par 52 plantes","1/4 tige bola","14/+P",null,null,null,null,"VRA","Vrac",1," "," ",1," "," ",1,1," "," ",59.259,13.5,799.99649999999997,1,"OILP010D","OLEA IABPDBB14A25","PM"," "," "," "]
["3834000053127",5312,"OLEA","europaea",null,null,"160/180/285L","écorce lisse tronc haut multi ramas","exemplaire","40/50P",null,null,null,null,"VRA","Vrac",1," "," ",1," "," ",1,1," "," ",5.1849999999999996,13.5,69.997499999999988,1,"OLIP40MB","OLEA IPAMBR4050130","PM"," "," "," ","Notre Sélection"]
["3834000053134",5313,"OLEA","europaea",null,null,"160/180/285L","écorce lisse tronc haut multi ramas","exemplaire","50/60P",null,null,null,null,"VRA","Vrac",1," "," ",1," "," ",1,1," "," ",5.1849999999999996,13.5,69.997499999999988,1,"OLIP50MB","OLEA IPAMBR5060130","PM"," "," "," ","Notre Sélection"]
["3834000053141",5314,"TRACHYCARPUS","fortunei",null,null,"230L",null,null,"240/250T",null,null,null,null,"VRA","Vrac",1," "," ",1," "," ",1,1," "," ",3.2589999999999999,13.5,43.996499999999997,1,"PQ230225","PQDB22525045","PM"," "," "," "]
["3834000053219",5321,"OLEA","europaea",null,"90","coupe bonsai terra cotta D90","mini bonsai","semi-exemplaire","40/60P",null,null,null,null,"VRA","Vrac",1," "," ",1," "," ",1,1," "," ",5.1849999999999996,13.5,69.997499999999988,1,"OLDB90AT","OLEA KACOUPEB90TC","PM"," "," "," "]
["3834000060057",6005,"CYCAS","revoluta",null,null,"CTR",null,"1 bleu","20/30T",null,null,null,null,"VRA","Vrac",1," "," ",1," "," ",1,1," "," ",27.407,13.5,369.99450000000002,1,"CY2030T","CYCAS A2030T","PM"," "," "," "]
["3834000060064",6006,"CYCAS","revoluta",null,null,"CTR",null,"2 bleu","30/40T",null,null,null,null,"VRA","Vrac",1," "," ",1," "," ",1,1," "," ",27.407,13.5,369.99450000000002,1,"CY3040T","CYCAS A3040T","PM"," "," "," "]
["3834000060071",6007,"CYCAS","revoluta",null,null,"CTR",null,"1 violet","40/50T",null,null,null,null,"VRA","Vrac",1," "," ",1," "," ",1,1," "," ",27.407,13.5,369.99450000000002,1,"CY4050T","CYCAS A4050T","PM"," "," "," "]
["3834000060088",6008,"CYCAS","revoluta",null,null,"CTR",null,"2 violet","50/60T",null,null,null,null,"VRA","Vrac",1," "," ",1," "," ",1,1," "," ",27.407,13.5,369.99450000000002,1,"CY5060T","CYCAS A5060T","PM"," "," "," "]
["3834000060095",6009,"CYCAS","revoluta",null,null,"CTR",null,"1 rouge","60/70T",null,null,null,null,"VRA","Vrac",1," "," ",1," "," ",1,1," "," ",27.407,13.5,369.99450000000002,1,"CY6070T","CYCAS A6070T","PM"," "," "," "]
["3834000060101",6010,"CYCAS","revoluta",null,null,"CTR",null,"2 rouge","70/80T",null,null,null,null,"VRA","Vrac",1," "," ",1," "," ",1,1," "," ",27.407,13.5,369.99450000000002,1,"CY7080T","CYCAS A7080T","PM"," "," "," "]
["3834000060118",6011,"CYCAS","revoluta",null,null,"CTR",null,"1 blanc","80/90T",null,null,null,null,"VRA","Vrac",1," "," ",1," "," ",1,1," "," ",27.407,13.5,369.99450000000002,1,"CY8090T","CYCAS A8090T","PM"," "," "," "]
["3834000060125",6012,"CYCAS","revoluta",null,null,"CTR",null,"2 blanc","90/100T",null,null,null,null,"VRA","Vrac",1," "," ",1," "," ",1,1," "," ",27.407,13.5,369.99450000000002,1,"CY90100T","CYCAS A90100T","PM"," "," "," "]
["3834000060132",6013,"CYCAS","revoluta",null,null,"CTR",null,null,"100/110T",null,null,null,null,"VRA","Vrac",1," "," ",1," "," ",1,1," "," ",27.407,13.5,369.99450000000002,1,"CY101T","CYCAS AB100110T","PM"," "," "," "]
["3834000060149",6014,"CYCAS","revoluta",null,null,"CTR",null,null,"110/120T",null,null,null,null,"VRA","Vrac",1," "," ",1," "," ",1,1," "," ",27.407,13.5,369.99450000000002,1,"CY102T","CYCAS AB110120T","PM"," "," "," "]
["3834000072524",7252,"CHAMAEROPS","humilis",null,null,"35L",null,null,"60/80",null,null,null,null,"VRA","Vrac",1," "," ",1," "," ",1,1," "," ",27.407,13.5,369.99450000000002,1,"P3550","PC506035","PM"," "," "," "]
["3834000065700",6570,"BOUGAINVILLEA","",null,null,"Pot chinois","Ruban bleu","specimen",null,null,null,null,null,"VRA","Vrac",1," "," ",1," "," ",1,1," "," ",2.37,13.5,31.995000000000001,1,"BGSPECB","BOUGCSPECIBLEU","PM"," "," "," "]
["3834000057248",5724,"OLEA","europaea",null,null,"CTR/CTM","regional","exemplaire","140/160P",null,null,null,null,"VRA","Vrac",1," "," ",1," "," ",1,1," "," ",1.333,13.5,17.9955,1,"OLYR12","OLEA YRC120140","PM"," "," "," "]
["3834000057255",5725,"OLEA","europaea",null,null,"CTR/CTM","regional","exemplaire","160/180P",null,null,null,null,"VRA","Vrac",1," "," ",1," "," ",1,1," "," ",1.333,13.5,17.9955,1,"OLYR12","OLEA YRC120140","PM"," "," "," "]
["3834000057262",5726,"OLEA","europaea",null,null,"CTR/CTM","regional","exemplaire","180/200P",null,null,null,null,"VRA","Vrac",1," "," ",1," "," ",1,1," "," ",1.333,13.5,17.9955,1,"OLYR12","OLEA YRC120140","PM"," "," "," "]
["3834000057279",5727,"OLEA","europaea",null,null,"CTR/CTM","regional","exemplaire","200/220P",null,null,null,null,"VRA","Vrac",1," "," ",1," "," ",1,1," "," ",1.333,13.5,17.9955,1,"OLYR12","OLEA YRC120140","PM"," "," "," "]
["3834000065717",6571,"BOUGAINVILLEA","",null,null,"Pot chinois","Ruban rose","specimen",null,null,null,null,null,"VRA","Vrac",1," "," ",1," "," ",1,1," "," ",2.37,13.5,31.995000000000001,1,"BGSPECR","BOUGESPECIROSE","PM"," "," "," "]
["3834000067728",6572,"BOUGAINVILLEA","",null,null,"Pot chinois","Ruban violet","specimen",null,null,null,null,null,"VRA","Vrac",1," "," ",1," "," ",1,1," "," ",2.37,13.5,31.995000000000001,1,"BGSPECV","BOUGGSPECIVIOLET","PM"," "," "," "]
["3834000063942",6394,"OLEA","europaea",null,null,"160L","écorce lisse tronc haut multi ramas","exemplaire","30/40P",null,null,null,null,"VRA","Vrac",1," "," ",1," "," ",1,1," "," ",5.1849999999999996,13.5,69.997499999999988,1,"OLIP30MB","OLEA IPAMBR3040130","PM"," "," "," "]
["3834000069333",6933,"OLEA","europaea",null,"34","25L","hauteur tronc 40/50","1/4 tige bola","14/+P",null,null,null,null,"VRA","Vrac",1," "," ",1," "," ",1,1," "," ",37.036999999999999,13.5,499.99950000000001,1,"OILP010E","OLEA IABPDBB14B25","PM"," "," "," "]
["3834000065427",6542,"OLEA","europaea",null,null,"160L","Bonsai par camion complet 45/50 plantes","exemplaire","60/80P",null,null,null,null,"VRA","Vrac",1," "," ",1," "," ",1,1," "," ",3.7040000000000002,13.5,50.004000000000005,1,"OLK68","OLEA KD60/80CTR","PM"," "," "," "]
["3834000063904",6390,"YUCCA","rostrata Extra",null,null,"90L",null,"1 bleu","30/35T",null,null,null,null,"VRA","Vrac",1," "," ",1," "," ",1,1," "," ",27.407,13.5,369.99450000000002,1,"A1BLEU","ADAS1BLEU","PM"," "," "," "]
["3834000065359",6535,"TRITHRINAX","campestris",null,"25","10L",null,null,"30/40",null,null,null,null,"VRA","Vrac",1," "," ",1," "," ",1,1," "," ",148.148,13.5,1999.998,1,"P1060","PA608010","PM"," "," "," "]
["3834000072531",7253,"CHAMAEROPS","humilis",null,null,"35L",null,null,"100/125",null,null,null,null,"VRA","Vrac",1," "," ",1," "," ",1,1," "," ",27.407,13.5,369.99450000000002,1,"P359095","PC909535","PM"," "," "," "]
["3834000069364",6936,"OLEA","europaea",null,"34","25L","hauteur tronc 40/50 par 300 plantes","1/4 tige bola","14/+P",null,null,null,null,"VRA","Vrac",1," "," ",1," "," ",1,1," "," ",37.036999999999999,13.5,499.99950000000001,1,"OILP010C","OLEA IABPDBB1425","PM"," "," "," "]
["3834000072548",7254,"JUBAEA","chilensis",null,null,"70L",null,null,"20/30T",null,null,null,null,"VRA","Vrac",1," "," ",1," "," ",1,1," "," ",15.926,13.5,215.001,1,"PQ6520","PQF203065","PM"," "," "," "]
["3834000066783",6678,"CITRUS","microcitrus",null,null,"15L",null,null,null,null,null,null,null,"VRA","Vrac",1," "," ",1," "," ",1,1," "," ",96.444000000000003,13.5,1301.9940000000001,1,"A15607","AA607015","PM"," "," "," "]
["3834000070933",7093,"PHOENIX","canariensis",null,null,"CTM","Prix du mètre de stipe","stipe taillé",null,null,null,null,null,"VRA","Vrac",1," "," ",1," "," ",1,1," "," ",0.44400000000000001,13.5,5.9939999999999998,1,"PHOECAMT","PHOENICA STZMETRE","PM"," "," "," "]
["3834000072340",7234,"BUTIA","capitata",null,"45","46L",null,null,"20/25T",null,"125/150",null,null,"VRA","Vrac",1," "," ",1," "," ",1,1," "," ",27.407,13.5,369.99450000000002,1,"BUST0020","Butia capit STB20","PM"," "," "," "]
["3834000072357",7235,"BUTIA","capitata","février",null,"230/285L",null,"2 stipes","80/100T",null,null,null,null,"VRA","Vrac",1," "," ",1," "," ",1,1," "," ",2.9620000000000002,13.5,39.987000000000002,1,"BUST0060","Butia capit STG60","PM"," "," "," "]
["3834000060316",6031,"OLEA","europaea",null,null,"CTM","N°6","Nuage specimen","270/280P",null,null,null,null,"VRA","Vrac",1," "," ",1," "," ",1,1," "," ",0.88900000000000001,13.5,12.0015,1,"OLGWT1","OLEA GW1TOCTM","PM"," "," "," "]
["3834000060323",6032,"OLEA","europaea",null,null,"CTM","N°7","Nuage specimen","280/290P",null,null,null,null,"VRA","Vrac",1," "," ",1," "," ",1,1," "," ",0.88900000000000001,13.5,12.0015,1,"OLGWT2","OLEA GW2TOCTM","PM"," "," "," "]
["3834000060330",6033,"OLEA","europaea",null,null,"CTM","N°5","Nuage specimen","280/290P",null,null,null,null,"VRA","Vrac",1," "," ",1," "," ",1,1," "," ",0.88900000000000001,13.5,12.0015,1,"OLGWT3","OLEA GW3TOCTM","PM"," "," "," "]
["3834000060347",6034,"OLEA","europaea",null,null,"CTM","N°4","Nuage specimen","320/330P",null,null,null,null,"VRA","Vrac",1," "," ",1," "," ",1,1," "," ",0.88900000000000001,13.5,12.0015,1,"OLGWT4","OLEA GW4TOCTM","PM"," "," "," "]
["3834000060354",6035,"OLEA","europaea",null,null,"CTM","N°2","Nuage specimen","390/400P",null,null,null,null,"VRA","Vrac",1," "," ",1," "," ",1,1," "," ",0.88900000000000001,13.5,12.0015,1,"OLGWT7","OLEA GW7TOCTM","PM"," "," "," "]
["3834000060361",6036,"OLEA","europaea",null,null,"CTM","N°1","Nuage specimen","360/370P",null,null,null,null,"VRA","Vrac",1," "," ",1," "," ",1,1," "," ",0.88900000000000001,13.5,12.0015,1,"OLGWT5","OLEA GW5TOCTM","PM"," "," "," "]
["3834000060378",6037,"OLEA","europaea",null,null,"CTM","N°3","Nuage specimen","370P",null,null,null,null,"VRA","Vrac",1," "," ",1," "," ",1,1," "," ",0.88900000000000001,13.5,12.0015,1,"OLGWT6","OLEA GW6TOCTM","PM"," "," "," "]
["3834000071688",7168,"NERIUM","oleander Rouge simple","février","40","35L",null,null,"80/100",null,null,null,null,"VRA","Vrac",1," "," ",1," "," ",1,1," "," ",27.407,13.5,369.99450000000002,1,"P35680","PF608035","VV"," "," "," "]
["3834000065687",6568,"OLEA","europaea",null,null,"160L","bonsai","exemplaire","60/80P",null,null,null,null,"VRA","Vrac",1," "," ",1," "," ",1,1," "," ",3.7040000000000002,13.5,50.004000000000005,1,"OLKD60","OLEA KDA60/125 B","PM"," "," "," "]
["3834000066370",6637,"BRAHEA","armata",null,null,"CTR",null,null,"60/80T",null,null,null,null,"VRA","Vrac",1," "," ",1," "," ",1,1," "," ",8.1479999999999997,13.5,109.99799999999999,1,"BRAST060","Brahea armata STF60","PM"," "," "," "]
["3834000066387",6638,"BRAHEA","armata",null,null,"CTR",null,null,"80/100T",null,null,null,null,"VRA","Vrac",1," "," ",1," "," ",1,1," "," ",8.1479999999999997,13.5,109.99799999999999,1,"BRAST080","Brahea armata STF80","PM"," "," "," "]
["3834000066394",6639,"BRAHEA","armata",null,null,"CTM","Prix du mètre de stipe","specimen","100/+T",null,null,null,null,"VRA","Vrac",1," "," ",1," "," ",1,1," "," ",0.44400000000000001,13.5,5.9939999999999998,1,"BRASTMT","Brahea armata STG100 MT","PM"," "," "," "]
["3834000072647",7264,"OLEA","europaea","février",null,"180L","écorce lisse marron","exemplaire","50/60P",null,null,null,null,"VRA","Vrac",1," "," ",1," "," ",1,1," "," ",3.7040000000000002,13.5,50.004000000000005,1,"OLIP50MN","OLEA IPAMBRR5060180","PM"," "," "," ","Notre Sélection"]
["3834000072654",7265,"OLEA","europaea","février",null,"180L","écorce lisse marron","exemplaire","60/70P",null,null,null,null,"VRA","Vrac",1," "," ",1," "," ",1,1," "," ",3.7040000000000002,13.5,50.004000000000005,1,"OLIP60MN","OLEA IPAMBRR6070180","PM"," "," "," ","Notre Sélection"]
["3834000072661",7266,"OLEA","europaea","février",null,"180L","écorce lisse marron","exemplaire","70/80P",null,null,null,null,"VRA","Vrac",1," "," ",1," "," ",1,1," "," ",3.7040000000000002,13.5,50.004000000000005,1,"OLIP70MN","OLEA IPAMBRR7080180","PM"," "," "," "]
["3834000072388",7238,"OLEA","europaea",null,null,"230/285L","Régional ramificado","exemplaire","40/50P",null,null,null,null,"VRA","Vrac",1," "," ",1," "," ",1,1," "," ",1.9259999999999999,13.5,26.000999999999998,1,"OLYRA40","OLEA YAR4050","PM"," "," "," "]
["3834000072395",7239,"OLEA","europaea",null,null,"230/285L","Régional ramificado","exemplaire","50/60P",null,null,null,null,"VRA","Vrac",1," "," ",1," "," ",1,1," "," ",1.9259999999999999,13.5,26.000999999999998,1,"OLYRA50","OLEA YAR5060","PM"," "," "," "]
["3834000072401",7240,"OLEA","europaea",null,null,"230/285L","Régional ramificado","exemplaire","60/70P",null,null,null,null,"VRA","Vrac",1," "," ",1," "," ",1,1," "," ",1.9259999999999999,13.5,26.000999999999998,1,"OLYRA60","OLEA YAR6070","PM"," "," "," "]
["3834000072418",7241,"OLEA","europaea",null,null,"230/285L","Régional ramificado","exemplaire","70/80P",null,null,null,null,"VRA","Vrac",1," "," ",1," "," ",1,1," "," ",1.9259999999999999,13.5,26.000999999999998,1,"OLYRA70","OLEA YAR7080","PM"," "," "," ","Notre Sélection"]
["3834000072425",7242,"OLEA","europaea",null,null,"230/285L","Régional ramificado","exemplaire","80/90P",null,null,null,null,"VRA","Vrac",1," "," ",1," "," ",1,1," "," ",1.9259999999999999,13.5,26.000999999999998,1,"OLYRA80","OLEA YAR8090","PM"," "," "," "]
["3834000072432",7243,"OLEA","europaea",null,null,"230/285L","Régional ramificado","exemplaire","90/100P",null,null,null,null,"VRA","Vrac",1," "," ",1," "," ",1,1," "," ",1.9259999999999999,13.5,26.000999999999998,1,"OLYRA90","OLEA YAR90100","PM"," "," "," "]
["3834000072449",7244,"OLEA","europaea",null,null,"230/285L","Régional ramificado","exemplaire","100/110P",null,null,null,null,"VRA","Vrac",1," "," ",1," "," ",1,1," "," ",1.9259999999999999,13.5,26.000999999999998,1,"OLYRA100","OLEA YARA100110","PM"," "," "," "]
["3834000071824",7182,"OLEA","europaea",null,null,"160L","Tortuga ramificado","exemplaire","40/50P",null,null,null,null,"VRA","Vrac",1," "," ",1," "," ",1,1," "," ",5.1849999999999996,13.5,69.997499999999988,1,"OLIP40MR","OLEA IPAMR4050130","PM"," "," "," "]
["3834000071831",7183,"OLEA","europaea",null,null,"160L","Tortuga ramificado","exemplaire","50/60P",null,null,null,null,"VRA","Vrac",1," "," ",1," "," ",1,1," "," ",5.1849999999999996,13.5,69.997499999999988,1,"OLIP40MR","OLEA IPAMR4050130","PM"," "," "," "]
["3834000071855",7185,"OLEA","europaea",null,"30","15L",null,"1/4 tige bola",null,null,null,null,"http://www.palmacea.com/wp-content/uploads/2017/10/PM_7185_Olea_europaea_15L_1-4-tige-bola.jpg","VRA","Vrac",1," "," ",1," "," ",1,1," "," ",96.444000000000003,13.5,1301.9940000000001,1,"DC15B","DCE15","PM"," "," "," ","Notre Sélection"]
["3834000071862",7186,"OLEA","europaea",null,"30","coupe D30",null,"1/4 tige bola",null,null,null,null,"http://www.palmacea.com/wp-content/uploads/2017/10/PM_7186_Olea_europaea_coupe-D30_1-4-tige-bola.jpg","VRA","Vrac",1," "," ",1," "," ",1,1," "," ",96.444000000000003,13.5,1301.9940000000001,1,"DC15B","DCE15","PM"," "," "," ","Notre Sélection"]
["3834000065564",6556,"OLEA","europaea",null,null,"230/285L","écorce lisse multi ramas extra","nuage","60/70P",null,null,null,null,"VRA","Vrac",1," "," ",1," "," ",1,1," "," ",1.9259999999999999,13.5,26.000999999999998,1,"OLGVA40","OLEA GVAA4060285","PM"," "," "," "]
["3834000065571",6557,"OLEA","europaea",null,null,"230/285L","écorce lisse multi ramas extra","nuage","70/80P",null,null,null,null,"VRA","Vrac",1," "," ",1," "," ",1,1," "," ",2.37,13.5,31.995000000000001,1,"OLGVA40","OLEA GVAA4060285","PM"," "," "," "]
["3834000065588",6558,"OLEA","europaea",null,null,"230/285L","écorce lisse multi ramas extra","nuage","80/90P",null,null,null,null,"VRA","Vrac",1," "," ",1," "," ",1,1," "," ",2.37,13.5,31.995000000000001,1,"OLGVA40","OLEA GVAA4060285","PM"," "," "," ","Notre Sélection"]
["3834000065595",6559,"OLEA","europaea",null,null,"CTM","écorce lisse multi ramas extra","nuage","80/90P",null,null,null,null,"VRA","Vrac",1," "," ",1," "," ",1,1," "," ",1.9259999999999999,13.5,26.000999999999998,1,"OLGVA40","OLEA GVAA4060285","PM"," "," "," "]
["3834000065601",6560,"OLEA","europaea",null,null,"230/285L","écorce lisse multi ramas extra","nuage","90/100P",null,null,null,null,"VRA","Vrac",1," "," ",1," "," ",1,1," "," ",2.37,13.5,31.995000000000001,1,"OLGVA40","OLEA GVAA4060285","PM"," "," "," "]
["3834000065618",6561,"OLEA","europaea",null,null,"CTM","écorce lisse multi ramas extra","nuage","90/100P",null,null,null,null,"VRA","Vrac",1," "," ",1," "," ",1,1," "," ",1.9259999999999999,13.5,26.000999999999998,1,"OLGVA40","OLEA GVAA4060285","PM"," "," "," "]
["3834000065625",6562,"OLEA","europaea",null,null,"285/375L","écorce lisse multi ramas extra","nuage","100/110P",null,null,null,null,"VRA","Vrac",1," "," ",1," "," ",1,1," "," ",1.9259999999999999,13.5,26.000999999999998,1,"OLGVA40","OLEA GVAA4060285","PM"," "," "," "]
["3834000065632",6563,"OLEA","europaea",null,null,"CTM","écorce lisse multi ramas extra","nuage","100/110P",null,null,null,null,"VRA","Vrac",1," "," ",1," "," ",1,1," "," ",1.9259999999999999,13.5,26.000999999999998,1,"OLGVA40","OLEA GVAA4060285","PM"," "," "," "]
["3834000065649",6564,"OLEA","europaea",null,null,"285/375L","écorce lisse multi ramas extra","nuage","110/140P",null,null,null,null,"VRA","Vrac",1," "," ",1," "," ",1,1," "," ",1.9259999999999999,13.5,26.000999999999998,1,"OLGVA40","OLEA GVAA4060285","PM"," "," "," "]
["3834000065656",6565,"OLEA","europaea",null,null,"CTM","écorce lisse multi ramas extra","nuage","110/140P",null,null,null,null,"VRA","Vrac",1," "," ",1," "," ",1,1," "," ",1.9259999999999999,13.5,26.000999999999998,1,"OLGVA40","OLEA GVAA4060285","PM"," "," "," "]
["3834000065663",6566,"OLEA","europaea",null,null,"285/375L","écorce lisse multi ramas extra","nuage","140P",null,null,null,null,"VRA","Vrac",1," "," ",1," "," ",1,1," "," ",1.9259999999999999,13.5,26.000999999999998,1,"OLGVA40","OLEA GVAA4060285","PM"," "," "," "]
["3834000065670",6567,"OLEA","europaea",null,null,"CTM","écorce lisse multi ramas extra","nuage","140P",null,null,null,null,"VRA","Vrac",1," "," ",1," "," ",1,1," "," ",1.9259999999999999,13.5,26.000999999999998,1,"OLGVA40","OLEA GVAA4060285","PM"," "," "," "]
[]
[]
[]
[]
[]
[]
[]
[]
[]
[]
[]
[]
[]
[]
[]
[]
[]
[]
[]
[]
[]
[]
[]
[]
[]
[]
[null,null,null,null,null,null,null,null,null,null,null,null,null,null,null,"NB DE COND",null,null,null,null,null,null,null,null,null,"TOTAL",null,null,null,null,null,null,null,{"$f":"SUM(AH18:AH213)","v":0},"TOTAL",{"$f":"SUM(AJ18:AJ213)","v":0}]

{"sheet":" TV Tarif_DO","index":4,"n_rows":188,"n_cols":37,"rows_kept":188,"cut":false,"hidden":false,"merged":[[15,7,15,8],[11,11,11,34],[12,10,12,11],[12,12,12,34],[6,11,6,34],[7,11,7,34],[8,11,8,34],[9,10,9,34],[10,11,10,14],[10,16,10,34]]}
[]
[]
[]
[]
[null,null,null,null,null,null,null,"Retrouvez en italique Notre Sélection",null,null,"Fournisseur :","PM"]
[null,null,"Pascal HABAULT : acheteur / commercial"]
[null,null," Tél : 06 21 76 93 63",null,null,null,null,"Espagne",null,null,"TVA INTRA :"]
[null,null,"Isabelle NAULET : administratif / suivi commercial / logistique ",null,null,null,null,"PALMACEA vous propose en direct,  un grand choix de végétaux issu de ses producteurs",null,null,"Client :"]
[null,null," Tél : 06 23 38 03 49",null,null,null,null,"Prix départ, tarif transport sur demande",null,null,"Adresse :"]
[null,null,"Fax : 00 33 4 26 30 35 44"]
[null,null,"Mail : contact@palmacea.com",null,null,null,null,null,null,null,"Tél :",null,null,null,null,"Fax :"]
[null,null,null,null,null,null,null,null,null,null,"Mail :"]
[null,null,null,null,null,null,null,null,null,null,"Semaine de livraison :"]
[]
[]
["Code barre ","Code","Genre","Espèce Variété","Etat","Diam pot","Litrage","Présentation ",null,"Taille","Diam tête","HT total","Parcelle","Photo","Conditionnement","Conditionnement","Qte cond","Votre cde","Tarif départ ","Qte cond","Votre cde ","Tarif départ ","Nb cond","Qte cond total","Votre cde","Tarif départ ","Nb de cond ou plantes par ML","Metrage camion","Qte plt / camion","Cond / default","Code pour tri","pour tri","Initiale fournisseur","Montant Cde","PV TTC","Métrage"]
["CODE_BARRE","CODE","GENRE","ESPECE_VARIETE","ETAT","DIAM_POT","LITRAGE","PRESENTATION","PRESENTATION2","TAILLE","DIAM_TETE","HT_TOTAL","PARCELLE","IMAGE","CONDITION","CONDITION3","QTE_COND","VOTRE_CDE","VOTRE_CDE4","QTE_COND5","VOTRE_CDE6","VOTRE_CDE7","NB_COND","QTE_ROLL","VOTRE_CDE8","VOTRE_CDE9","NB_PLT_CAM","METRAGE_CAM","QTE_PLT_CAM","COND_DEF","CODE_TRI","TRI","INITIAL_FOURN","MONT_CDE","PVTTC","METRAGE","NOTRE_SELECTION"]
["3834000017211",1837,"BRAHEA","armata",null,null,"CTR",null,null,"40/60T",null,null,null,null,"VRA","Vrac",1," "," ",1," "," ",1,1," "," ",9.6300000000000008,13.5,130.00500000000002,1,"BRAST040","Brahea armata STE40","PM"," "," "," "]
["3834000017198",1835,"BUTIA","capitata",null,"45","46L",null,null,"10/20T",null,"100/125",null,null,"VRA","Vrac",1," "," ",1," "," ",1,1," "," ",27.407,13.5,369.99450000000002,1,"BUST0010","Butia capit STB10","PM"," "," "," "]
["3834000021492",2266,"CACTUS","cleistocactus",null,"25","10L",null,null,null,null,null,null,null,"VRA","Vrac",1," "," ",1," "," ",1,1," "," ",148.148,13.5,1999.998,1,"AS10","ASA10","PM"," "," "," "]
["3834000021546",2271,"CACTUS","echinocactus Grunsonii",null,"35","20L",null,null,null,null,null,null,null,"VRA","Vrac",1," "," ",1," "," ",1,1," "," ",66.665999999999997,13.5,899.99099999999999,1,"AS20","ASB20","PM"," "," "," "]
["3834000021508",2267,"CACTUS","myrtillocactus",null,"25","10L",null,null,null,null,null,null,null,"VRA","Vrac",1," "," ",1," "," ",1,1," "," ",148.148,13.5,1999.998,1,"AS10","ASA10","PM"," "," "," "]
["3834000021515",2268,"CACTUS","orecerus",null,"25","10L",null,null,null,null,null,null,null,"VRA","Vrac",1," "," ",1," "," ",1,1," "," ",148.148,13.5,1999.998,1,"AS10","ASA10","PM"," "," "," "]
["3834000021522",2269,"CACTUS","polaskia",null,"25","10L",null,null,null,null,null,null,null,"VRA","Vrac",1," "," ",1," "," ",1,1," "," ",148.148,13.5,1999.998,1,"AS10","ASA10","PM"," "," "," "]
["3834000021539",2270,"CACTUS","pringley",null,"25","10L",null,null,null,null,null,null,null,"VRA","Vrac",1," "," ",1," "," ",1,1," "," ",148.148,13.5,1999.998,1,"AS10","ASA10","PM"," "," "," "]
["3834000017228",1838,"CHAMAEROPS","humilis Cerifera","février",null,"130/230L",null,"1 vert","125/150",null,null,null,null,"VRA","Vrac",1," "," ",1," "," ",1,1," "," ",3.2589999999999999,13.5,43.996499999999997,1,"P230115A","PCC125150130230","PM"," "," "," "]
["3834000017693",1885,"CYCAS","revoluta",null,null,"CTR","Prix du mètre de stipe",null,null,null,null,null,null,"VRA","Vrac",1," "," ",1," "," ",1,1," "," ",27.407,13.5,369.99450000000002,1,"CYMETCTR","CYCAS REVOL STZMETRE","PM"," "," "," "]
["3834000017921",1908,"FICUS","carica",null,null,"CTR",null,"1/2 tige","15/20P",null,null,null,null,"VRA","Vrac",1," "," ",1," "," ",1,1," "," ",12.519,13.5,169.00649999999999,1,"FCA15CTR","FICU CAR DC15CTR","PM"," "," "," "]
["3834000017938",1909,"FICUS","carica",null,null,"CTR",null,"1/2 tige","20/25P",null,null,null,null,"VRA","Vrac",1," "," ",1," "," ",1,1," "," ",12.519,13.5,169.00649999999999,1,"FCA20CTR","FICU CAR DC20CTR","PM"," "," "," "]
["3834000017945",1910,"FICUS","carica",null,null,"CTR",null,"1/2 tige","25/30P",null,null,null,null,"VRA","Vrac",1," "," ",1," "," ",1,1," "," ",9.6300000000000008,13.5,130.00500000000002,1,"FCA25CTR","FICU CAR DC25CTR","PM"," "," "," "]
["3834000024813",2600,"OLEA","europaea",null,"90","coupe bonsai terra cotta D90","bonsai","exemplaire","60/80P",null,null,null,null,"VRA","Vrac",1," "," ",1," "," ",1,1," "," ",2.37,13.5,31.995000000000001,1,"OLDB90BT","OLEA KBCOUPEB90TC","PM"," "," "," "]
["3834000017532",1869,"OLEA","europaea",null,null,"160/180/230L","bonsai","exemplaire","60/80P",null,null,null,null,"VRA","Vrac",1," "," ",1," "," ",1,1," "," ",3.7040000000000002,13.5,50.004000000000005,1,"OLK682","OLEA KDA60/60CTR","PM"," "," "," ","Notre Sélection"]
["3834000017273",1843,"OLEA","europaea","janvier","50","63L","par 5 plantes","semi-exemplaire","20/35P",null,null,null,null,"VRA","Vrac",1," "," ",1," "," ",1,1," "," ",8.1479999999999997,13.5,109.99799999999999,1,"OLIP203","OLEA IP20 C5","PM"," "," "," "]
["3834000024943",2613,"OLEA","europaea","janvier","50","63L","A l'unité","semi-exemplaire","20/35P",null,null,null,null,"VRA","Vrac",1," "," ",1," "," ",1,1," "," ",10.37,13.5,139.99499999999998,1,"OLIP20","OLEA IP2040110","PM"," "," "," ","Notre Sélection"]
["3834000018096",1925,"PHOENIX","canariensis",null,null,"90/130L",null,null,"30/40T",null,null,null,null,"VRA","Vrac",1," "," ",1," "," ",1,1," "," ",9.6300000000000008,13.5,130.00500000000002,1,"PHOEC30","PHOENIC ST30","PM"," "," "," "]
["3834000018102",1926,"PHOENIX","canariensis",null,null,"160L",null,null,"40/50T",null,null,null,null,"VRA","Vrac",1," "," ",1," "," ",1,1," "," ",9.6300000000000008,13.5,130.00500000000002,1,"PHOEC40","PHOENIC ST40","PM"," "," "," "]
["3834000018119",1927,"PHOENIX","canariensis",null,null,"160L",null,null,"50/60T",null,null,null,null,"VRA","Vrac",1," "," ",1," "," ",1,1," "," ",8.1479999999999997,13.5,109.99799999999999,1,"PHOEC50","PHOENIC ST50","PM"," "," "," "]
["3834000018126",1928,"PHOENIX","canariensis",null,null,"285L",null,"1 violet","60/70T",null,null,null,null,"VRA","Vrac",1," "," ",1," "," ",1,1," "," ",5.1849999999999996,13.5,69.997499999999988,1,"PHOEC60","PHOENIC ST60","PM"," "," "," "]
["3834000018133",1929,"PHOENIX","canariensis",null,null,"285L",null,"2 violet","70/80T",null,null,null,null,"VRA","Vrac",1," "," ",1," "," ",1,1," "," ",3.7040000000000002,13.5,50.004000000000005,1,"PHOEC70","PHOENIC ST70","PM"," "," "," "]
["3834000018430",1959,"PHOENIX","canariensis",null,null,"CTR",null,"1 blanc","80/90T",null,null,null,null,"VRA","Vrac",1," "," ",1," "," ",1,1," "," ",2.37,13.5,31.995000000000001,1,"PHOEC80","PHOENIC ST80","PM"," "," "," ","Notre Sélection"]
["3834000007328",831,"PUNICA","granatum",null,"80","160L",null,"exemplaire","70/80P",null,null,null,null,"VRA","Vrac",1," "," ",1," "," ",1,1," "," ",3.7040000000000002,13.5,50.004000000000005,1,"PUNITM70","PUNIC TM70","PM"," "," "," "]
["3834000007311",830,"PUNICA","granatum",null,null,"230/350L",null,"exemplaire","80/90P",null,null,null,null,"VRA","Vrac",1," "," ",1," "," ",1,1," "," ",1.63,13.5,22.004999999999999,1,"PUNITM69","PUNIC TMA6090","PM"," "," "," "]
["3834000017501",1866,"YUCCA","rostrata Extra",null,null,"35L","tronc 10/20T","1 blanc","50/60",null,null,null,null,"VRA","Vrac",1," "," ",1," "," ",1,1," "," ",27.407,13.5,369.99450000000002,1,"A1BLANC","ADAA1BLANC","PM"," "," "," ","Notre Sélection"]
["3834000003382",338,"TRACHYCARPUS","fortunei",null,null,"45L",null,null,"50/60T",null,null,null,null,"VRA","Vrac",1," "," ",1," "," ",1,1," "," ",19.111000000000001,13.5,257.99850000000004,1,"PQ4550","PQD506045","PM"," "," "," "]
["3834000003399",339,"TRACHYCARPUS","fortunei",null,null,"70L",null,"1 rose 2 rose","60/80T",null,null,null,null,"VRA","Vrac",1," "," ",1," "," ",1,1," "," ",9.4809999999999999,13.5,127.9935,1,"PQ4560","PQD608045","PM"," "," "," "]
["3834000003405",340,"TRACHYCARPUS","fortunei",null,null,"70/90L","Ligne complète minimum 16 plantes    ","1 blanc 2 blanc","80/100T",null,null,null,null,"VRA","Vrac",1," "," ",1," "," ",1,1," "," ",13.037000000000001,13.5,175.99950000000001,1,"PQ4580","PQD8010045","PM"," "," "," "]
["3834000003627",362,"CHAMAEROPS","humilis",null,null,"35L",null,null,"80/100",null,null,null,"http://www.palmacea.com/wp-content/uploads/2017/10/PM_362_Chamaerops_humilis_35L_80-1001.jpg","VRA","Vrac",1," "," ",1," "," ",1,1," "," ",27.407,13.5,369.99450000000002,1,"P3580","PC8010035","PM"," "," "," ","Notre Sélection"]
["3834000033570",3357,"OLEA","europaea","janvier","50","63L","par 25 plantes","semi-exemplaire","20/35P",null,null,null,null,"VRA","Vrac",1," "," ",1," "," ",1,1," "," ",8.1479999999999997,13.5,109.99799999999999,1,"OLIP202","OLEA IP20 B25","PM"," "," "," "]
["3834000033587",3358,"OLEA","europaea","janvier","50","63L","par 110 plantes","semi-exemplaire","20/35P",null,null,null,null,"VRA","Vrac",1," "," ",1," "," ",1,1," "," ",8.1479999999999997,13.5,109.99799999999999,1,"OLIP201","OLEA IP20 A130","PM"," "," "," "]
["3834000033716",3371,"PHOENIX","canariensis",null,null,"CTM","Prix du mètre de stipe","specimen",null,null,null,null,null,"VRA","Vrac",1," "," ",1," "," ",1,1," "," ",0.44400000000000001,13.5,5.9939999999999998,1,"PHOECAMT","PHOENICA STZMETRE","PM"," "," "," "]
["3834000033945",3394,"BUTIA","capitata","février",null,"230/285L",null,null,"60/80T",null,"220/230",null,null,"VRA","Vrac",1," "," ",1," "," ",1,1," "," ",2.9620000000000002,13.5,39.987000000000002,1,"BUST0060","Butia capit STG60","PM"," "," "," "]
["3834000033952",3395,"TRACHYCARPUS","fortunei",null,null,"160L",null,"cépée","250/350T",null,null,null,null,"VRA","Vrac",1," "," ",1," "," ",1,1," "," ",3.7040000000000002,13.5,50.004000000000005,1,"TCYC161","TRACHY STPCEPA161","PM"," "," "," ","Notre Sélection"]
["3834000034034",3403,"OLEA","europaea",null,null,"65/70L","multi ramas","nuage","100/125",null,null,null,null,"VRA","Vrac",1," "," ",1," "," ",1,1," "," ",8.1479999999999997,13.5,109.99799999999999,1,"OLGMR070","OLEA GN00900 MR10012570","PM"," "," "," ","Notre Sélection"]
["3834000034041",3404,"OLEA","europaea",null,null,"70/90/110L","multi ramas","nuage","125/150",null,null,null,"http://www.palmacea.com/wp-content/uploads/2017/10/PM_3404_Olea_europaea_90-110L_nuage.jpg","VRA","Vrac",1," "," ",1," "," ",1,1," "," ",6.6660000000000004,13.5,89.991,1,"OLGMR090","OLEA GN00901 AMR12515090","PM"," "," "," ","Notre Sélection"]
["3834000033853",3385,"CITRUS","sinensis",null,null,"65/70L",null,"semi-exemplaire","30/40P",null,null,null,null,"VRA","Vrac",1," "," ",1," "," ",1,1," "," ",6.6669999999999998,13.5,90.004499999999993,1,"CISI3069","CITR SIN 30406090","PM"," "," "," "]
["3834000033884",3388,"OLEA","europaea",null,null,"230/285L","tronc vieux extra","nuage","40/60P",null,null,null,null,"VRA","Vrac",1," "," ",1," "," ",1,1," "," ",1.4814000000000001,13.5,19.998899999999999,1,"OLGVA40V","OLEA GVAAA4060285","PM"," "," "," ","Notre Sélection"]
["3834000033891",3389,"OLEA","europaea",null,null,"230/285/375L","tronc vieux extra","nuage","60/80P",null,null,null,null,"VRA","Vrac",1," "," ",1," "," ",1,1," "," ",1.6295999999999999,13.5,21.999600000000001,1,"OLGVA60V","OLEA GVAAA6080285375","PM"," "," "," ","Notre Sélection"]
["3834000033907",3390,"OLEA","europaea",null,null,"285/375L","tronc vieux extra","nuage","80/100P",null,null,null,null,"VRA","Vrac",1," "," ",1," "," ",1,1," "," ",1.9259999999999999,13.5,26.000999999999998,1,"OLGVA8V","OLEA GVAAA80100285375","PM"," "," "," ","Notre Sélection"]
["3834000033938",3393,"BUTIA","capitata","février",null,"180/230L",null,null,"40/60T",null,"180/200",null,null,"VRA","Vrac",1," "," ",1," "," ",1,1," "," ",3.3330000000000002,13.5,44.9955,1,"BUST0040","Butia capit STE40","PM"," "," "," "]
["3834000000725",72,"VITIS","vinifera",null,null,"12L",null,"tronc bas",null,null,null,null,null,"VRA","Vrac",1," "," ",1," "," ",1,1," "," ",96.444000000000003,13.5,1301.9940000000001,1,"VITA11","VITIS A11","PM"," "," "," "]
["3834000044132",4413,"OLEA","europaea",null,"34","25L","hauteur tronc 40/50 par 52 plantes","1/4 tige libre","14/+P",null,null,null,null,"VRA","Vrac",1," "," ",1," "," ",1,1," "," ",37.036999999999999,13.5,499.99950000000001,1,"OLIP012","OLEA IABPDB14A25","PM"," "," "," "]
["3834000064611",6461,"YUCCA","rostrata Extra",null,null,"45/55L",null,"1 violet","30/35T",null,null,null,null,"VRA","Vrac",1," "," ",1," "," ",1,1," "," ",27.407,13.5,369.99450000000002,1,"A1VIOLET","ADAO1VIOLET","PM"," "," "," ","Notre Sélection"]
["3834000047669",4766,"CHAMAEROPS","humilis",null,null,"70/90L",null,"1 vert","125/150 nacional",null,null,null,null,"VRA","Vrac",1," "," ",1," "," ",1,1," "," ",6.6669999999999998,13.5,90.004499999999993,1,"P90125","PI12515090","PM"," "," "," "]
["3834000047676",4767,"CHAMAEROPS","humilis",null,null,"50/70L",null,"1 jaune","100/125 nacional",null,null,null,null,"VRA","Vrac",1," "," ",1," "," ",1,1," "," ",8.1479999999999997,13.5,109.99799999999999,1,"P79105","PG1251507090","PM"," "," "," "]
["3834000047683",4768,"CHAMAEROPS","humilis",null,null,"90/110L",null,"1 rouge","150/175 nacional",null,null,null,null,"VRA","Vrac",1," "," ",1," "," ",1,1," "," ",5.1849999999999996,13.5,69.997499999999988,1,"P11015","PI15017590110","PM"," "," "," "]
["3834000058825",5882,"OLEA","europaea",null,null,"65/70L","multi ramas par 20 plantes","nuage","100/125",null,null,null,null,"VRA","Vrac",1," "," ",1," "," ",1,1," "," ",8.1479999999999997,13.5,109.99799999999999,1,"OLGMR020","OLEA GN00899 MR10012570","PM"," "," "," ","Notre Sélection"]
["3834000047768",4776,"OLEA","europaea",null,null,"240/285L","pompon",null,"40/50P",null,null,null,null,"VRA","Vrac",1," "," ",1," "," ",1,1," "," ",3.2589999999999999,13.5,43.996499999999997,1,"OLGWA40","OLEA GWA4050CTR","PM"," "," "," "]
["3834000047775",4777,"OLEA","europaea",null,null,"240/285L","pompon",null,"50/60P",null,null,null,null,"VRA","Vrac",1," "," ",1," "," ",1,1," "," ",3.2589999999999999,13.5,43.996499999999997,1,"OLGWA50","OLEA GWA5060CTR","PM"," "," "," "]
["3834000047812",4781,"OLEA","europaea",null,"60","coupe bonsai terra cotta D60",null,"1/4 tige","20/40P",null,null,null,null,"VRA","Vrac",1," "," ",1," "," ",1,1," "," ",9.6300000000000008,13.5,130.00500000000002,1,"DC60A","DCEA60","PM"," "," "," "]
["3834000047843",4784,"OLEA","europaea",null,null,"90/110/130L","écorce lisse multi ramas","exemplaire","40/50P",null,null,null,null,"VRA","Vrac",1," "," ",1," "," ",1,1," "," ",5.1849999999999996,13.5,69.997499999999988,1,"OLIP40MA","OLEA IPAMAR4050130","PM"," "," "," "]
["3834000047928",4792,"TRACHYCARPUS","fortunei",null,null,"70/90L","Ligne complète minimum 16 plantes    ","1 jaune  2 jaune","100/120T",null,null,null,null,"VRA","Vrac",1," "," ",1," "," ",1,1," "," ",6.67,13.5,90.045000000000002,1,"PQ4580","PQD8010045","PM"," "," "," ","Notre Sélection"]
["3834000047935",4793,"TRACHYCARPUS","fortunei",null,null,"90/110L","Ligne complète minimum 16 plantes    ","1 vert   2 vert","120/140T",null,null,null,null,"VRA","Vrac",1," "," ",1," "," ",1,1," "," ",6.2960000000000003,13.5,84.996000000000009,1,"TCYTA140","TRACHY STZCPTMETRETAILLE140","PM"," "," "," ","Notre Sélection"]
["3834000047959",4795,"TRACHYCARPUS","fortunei",null,null,"90/110L",null,"1 violet 1 rouge","140/160T",null,null,null,null,"VRA","Vrac",1," "," ",1," "," ",1,1," "," ",7.851,13.5,105.9885,1,"PQ160150","PQDA15017545","PM"," "," "," ","Notre Sélection"]
["3834000047973",4797,"TRACHYCARPUS","fortunei",null,null,"110/160/230L","Ligne complète minimum 16 plantes    ","2 violet 2 rouge","160/180T",null,null,null,null,"VRA","Vrac",1," "," ",1," "," ",1,1," "," ",3.7040000000000002,13.5,50.004000000000005,1,"PQ160175","PQDB17520045","PM"," "," "," "]
["3834000047997",4799,"TRACHYCARPUS","fortunei",null,null,"160/230L",null,"1 bleu 2 bleu","180/200T",null,null,null,null,"VRA","Vrac",1," "," ",1," "," ",1,1," "," ",3.2589999999999999,13.5,43.996499999999997,1,"PQ230200","PQDB20022545","PM"," "," "," "]
["3834000048024",4802,"TRACHYCARPUS","fortunei",null,null,"230L",null,null,"220/240T",null,null,null,null,"VRA","Vrac",1," "," ",1," "," ",1,1," "," ",3.2589999999999999,13.5,43.996499999999997,1,"PQ230225","PQDB22525045","PM"," "," "," "]
["3834000048048",4804,"XANTHORRHOEA","glauca",null,null,"CTR","Prix du mètre de stipe","tronc unique",null,null,null,null,null,"VRA","Vrac",1," "," ",1," "," ",1,1," "," ",0.44400000000000001,13.5,5.9939999999999998,1,"XAMETRE","XANTHO R STZMETRE","PM"," "," "," "]
["3834000048055",4805,"XANTHORRHOEA","glauca",null,null,"CTR","Prix du mètre de stipe","multi troncs",null,null,null,null,null,"VRA","Vrac",1," "," ",1," "," ",1,1," "," ",0.44400000000000001,13.5,5.9939999999999998,1,"XAMET","XANTHO RA MULTI STZMETRE","PM"," "," "," "]
["3834000048062",4806,"OLEA","europaea",null,null,"285/375/450L","tronc vieux extra","nuage","100/110P",null,null,null,null,"VRA","Vrac",1," "," ",1," "," ",1,1," "," ",1.9259999999999999,13.5,26.000999999999998,1,"OLGV101V","OLEA GVAAAA10011020285","PM"," "," "," "]
["3834000048079",4807,"OLEA","europaea",null,null,"285/375/450L","tronc vieux extra","nuage","110/140P",null,null,null,null,"VRA","Vrac",1," "," ",1," "," ",1,1," "," ",1.9259999999999999,13.5,26.000999999999998,1,"OLGV114V","OLEA GVAAAA11014020285375","PM"," "," "," "]
["3834000065441",6544,"OLEA","europaea",null,"34","25L","hauteur tronc 40/50","1/4 tige libre","14/+P",null,null,null,null,"VRA","Vrac",1," "," ",1," "," ",1,1," "," ",37.036999999999999,13.5,499.99950000000001,1,"OLIP013","OLEA IABPDB14B25","PM"," "," "," "]
["3834000065472",6547,"YUCCA","rostrata Extra",null,null,"45/55L",null,"2 violet","35/40T",null,null,null,null,"VRA","Vrac",1," "," ",1," "," ",1,1," "," ",27.407,13.5,369.99450000000002,1,"A2VIOLET","ADAO2VIOLET","PM"," "," "," ","Notre Sélection"]
["3834000050027",5002,"CHAMAEROPS","humilis",null,null,"50L",null,"1 blanc","80/100 nacional",null,null,null,null,"VRA","Vrac",1," "," ",1," "," ",1,1," "," ",19.111000000000001,13.5,257.99850000000004,1,"P50810F","PF8010050","PM"," "," "," "]
["3834000050034",5003,"CHAMAEROPS","humilis",null,null,"90/110L",null,"1 bleu","175/200 nacional",null,null,null,null,"VRA","Vrac",1," "," ",1," "," ",1,1," "," ",5.1849999999999996,13.5,69.997499999999988,1,"P11520","PI17520090110","PM"," "," "," "]
["3834000050089",5008,"CHAMAEROPS","humilis Cerifera","février",null,"130/230L",null,"1 jaune","100/125",null,null,null,null,"VRA","Vrac",1," "," ",1," "," ",1,1," "," ",3.2589999999999999,13.5,43.996499999999997,1,"P2301015","PCC100125230","PM"," "," "," "]
["3834000050096",5009,"CHAMAEROPS","humilis Cerifera","février",null,"285L",null,"1 rouge","150/175",null,null,null,null,"VRA","Vrac",1," "," ",1," "," ",1,1," "," ",2.37,13.5,31.995000000000001,1,"P28515","PCC150200285","PM"," "," "," "]
["3834000050102",5010,"CHAMAEROPS","humilis Cerifera","février",null,"285L",null,"1 bleu","175/200",null,null,null,null,"VRA","Vrac",1," "," ",1," "," ",1,1," "," ",2.37,13.5,31.995000000000001,1,"P28517","PCC175200285","PM"," "," "," "]
["3834000050133",5013,"OLEA","europaea",null,null,"CTM","tronc vieux extra","nuage","A",null,null,null,null,"VRA","Vrac",1," "," ",1," "," ",1,1," "," ",1.4810000000000001,13.5,19.993500000000001,1,"OLGVA","OLEA GVACTM","PM"," "," "," "]
["3834000050140",5014,"OLEA","europaea",null,null,"CTM","tronc vieux extra","nuage","B",null,null,null,null,"VRA","Vrac",1," "," ",1," "," ",1,1," "," ",1.4810000000000001,13.5,19.993500000000001,1,"OLGVB","OLEA GVBCTM","PM"," "," "," "]
["3834000064635",6463,"BRAHEA","armata",null,"50","50L",null,null,"80/100",null,null,null,null,"VRA","Vrac",1," "," ",1," "," ",1,1," "," ",19.111000000000001,13.5,257.99850000000004,1,"BRAST010","Brahea armata STC10","PM"," "," "," "]
["3834000065496",6548,"YUCCA","rostrata Extra",null,null,"90L",null,"2 bleu","35/40T",null,null,null,null,"VRA","Vrac",1," "," ",1," "," ",1,1," "," ",27.407,13.5,369.99450000000002,1,"A2BLEU","ADAS2BLEU","PM"," "," "," ","Notre Sélection"]
["3834000050201",5020,"OLEA","europaea",null,null,"CTR/CTM","regional","exemplaire","90/100P",null,null,null,null,"VRA","Vrac",1," "," ",1," "," ",1,1," "," ",1.333,13.5,17.9955,1,"OLYR90","OLEA YR90100","PM"," "," "," "]
["3834000050218",5021,"OLEA","europaea",null,null,"CTR/CTM","regional","exemplaire","100/120P",null,null,null,null,"VRA","Vrac",1," "," ",1," "," ",1,1," "," ",1.333,13.5,17.9955,1,"OLYR10","OLEA YRC100120","PM"," "," "," ","Notre Sélection"]
["3834000050225",5022,"OLEA","europaea",null,null,"CTR/CTM","regional","exemplaire","120/140P",null,null,null,null,"VRA","Vrac",1," "," ",1," "," ",1,1," "," ",1.333,13.5,17.9955,1,"OLYR12","OLEA YRC120140","PM"," "," "," "]
["3834000050232",5023,"TRACHYCARPUS","fortunei",null,null,"160/230L",null,"1 orange  2 orange","200/220T",null,null,null,null,"VRA","Vrac",1," "," ",1," "," ",1,1," "," ",3.2589999999999999,13.5,43.996499999999997,1,"PQ230206","PQDB20022645","PM"," "," "," "]
["3834000057323",5732,"PHOENIX","canariensis",null,null,"CTR",null,"2 blanc","90/100T",null,null,null,null,"VRA","Vrac",1," "," ",1," "," ",1,1," "," ",2.37,13.5,31.995000000000001,1,"PHOEC90","PHOENIC ST90","PM"," "," "," "]
["3834000057330",5733,"PHOENIX","canariensis",null,null,"CTR",null,null,"100/110T",null,null,null,null,"VRA","Vrac",1," "," ",1," "," ",1,1," "," ",0.22,13.5,2.97,1,"PHOEC100","PHOENIC STA100","PM"," "," "," ","Notre Sélection"]
["3834000057347",5734,"PHOENIX","canariensis",null,null,"CTR",null,null,"110/120T",null,null,null,null,"VRA","Vrac",1," "," ",1," "," ",1,1," "," ",2.37,13.5,31.995000000000001,1,"PHOEC110","PHOENIC STA110","PM"," "," "," "]
["3834000057354",5735,"PHOENIX","dactylifera",null,null,"CTM","Prix du mètre de stipe","specimen",null,null,null,null,null,"VRA","Vrac",1," "," ",1," "," ",1,1," "," ",0.44400000000000001,13.5,5.9939999999999998,1,"PHOECAMT","PHOENICA STZMETRE","PM"," "," "," "]
["3834000057439",5743,"STRELITZIA","reginae",null,null,"50L",null,"touffe",null,null,null,null,null,"VRA","Vrac",1," "," ",1," "," ",1,1," "," ",19.111000000000001,13.5,257.99850000000004,1,"P50810F","PF8010050","PM"," "," "," "]
["3834000069326",6932,"OLEA","europaea",null,"60","coupe bonsai terra cotta D60","mini bonsai",null,null,null,null,null,null,"VRA","Vrac",1," "," ",1," "," ",1,1," "," ",19.111000000000001,13.5,257.99850000000004,1,"OLDBC60T","OLEA KACOUPEA60TC","PM"," "," "," "]
["3834000059440",5944,"CORDYLINE","indivisa",null,"40","35L",null,"grupo","125/150",null,null,null,"http://www.palmacea.com/wp-content/uploads/2016/11/PM_5944_Cordyline_indivisa_35L_grupo_125-150-b.jpg","VRA","Vrac",1," "," ",1," "," ",1,1," "," ",27.407,13.5,369.99450000000002,1,"P35680","PF608035","PM"," "," "," ","Notre Sélection"]
["3834000059693",5969,"YUCCA","rostrata Extra",null,null,"35L","tronc 25/35T","2 blanc","60/70",null,null,null,null,"VRA","Vrac",1," "," ",1," "," ",1,1," "," ",27.407,13.5,369.99450000000002,1,"A2BLANC","ADAA2BLANCS","PM"," "," "," ","Notre Sélection"]
["3834000058719",5871,"OLEA","europaea",null,"34","25L","hauteur tronc 40/50 par 300 plantes","1/4 tige libre","14/+P",null,null,null,null,"VRA","Vrac",1," "," ",1," "," ",1,1," "," ",37.036999999999999,13.5,499.99950000000001,1,"OLIPP011","OLEA IABPDB1425","PM"," "," "," "]
["3834000058719",5871,"OLEA","europaea",null,"34","25L","hauteur tronc 40/50 par 300 plantes","1/4 tige libre","14/+P",null,null,null,null,"VRA","Vrac",1," "," ",1," "," ",1,1," "," ",37.036999999999999,13.5,499.99950000000001,1,"OLIPP011","OLEA IABPDB1425","PM"," "," "," "]
["3834000058719",5871,"OLEA","europaea",null,"34","25L","hauteur tronc 40/50 par 300 plantes","1/4 tige libre","14/+P",null,null,null,null,"VRA","Vrac",1," "," ",1," "," ",1,1," "," ",37.036999999999999,13.5,499.99950000000001,1,"OLIPP011","OLEA IABPDB1425","PM"," "," "," "]
["3834000060460",6046,"AGAPANTHUS","africanus Azul",null,null,"15L",null,"touffe","50/60",null,null,null,null,"VRA","Vrac",1," "," ",1," "," ",1,1," "," ",96.444000000000003,13.5,1301.9940000000001,1,"A1550","AA506015","PM"," "," "," "]
["3834000060484",6048,"ACCA","sellowiana",null,"35","30L",null,"touffe","80/100",null,null,null,null,"VRA","Vrac",1," "," ",1," "," ",1,1," "," ",60,13.5,810,1,"A2580","AB8010025","PM"," "," "," ","Notre Sélection"]
["3834000060507",6050,"MYRTUS","communis",null,"CT 30","15L",null,"touffe","40/60",null,null,null,null,"VRA","Vrac",1," "," ",1," "," ",1,1," "," ",96.444000000000003,13.5,1301.9940000000001,1,"A1380","AA8010013","PM"," "," "," "]
["3834000060606",6060,"YUCCA","gloriosa",null,"CT 30","15L",null,"touffe",null,null,null,null,null,"VRA","Vrac",1," "," ",1," "," ",1,1," "," ",96.444000000000003,13.5,1301.9940000000001,1,"A13","AA13","PM"," "," "," "]
["3834000060613",6061,"YUCCA","gloriosa Variegata",null,"CT 30","15L",null,"touffe",null,null,null,null,null,"VRA","Vrac",1," "," ",1," "," ",1,1," "," ",96.444000000000003,13.5,1301.9940000000001,1,"A13","AA13","PM"," "," "," "]
["3834000062822",6282,"OLEA","europaea",null,null,"65/70L","nuage","pompon","100/125",null,null,null,null,"VRA","Vrac",1," "," ",1," "," ",1,1," "," ",8.1479999999999997,13.5,109.99799999999999,1,"OLGWA10","OLEA GWA10","PM"," "," "," ","Notre Sélection"]
["3834000005614",5611,"OLEA","europaea",null,"34","25L","hauteur tronc 40/50 par 52 plantes","1/4 tige bola","14/+P",null,null,null,null,"VRA","Vrac",1," "," ",1," "," ",1,1," "," ",59.259,13.5,799.99649999999997,1,"OILP010D","OLEA IABPDBB14A25","PM"," "," "," "]
["3834000005614",5611,"OLEA","europaea",null,"34","25L","hauteur tronc 40/50 par 52 plantes","1/4 tige bola","14/+P",null,null,null,null,"VRA","Vrac",1," "," ",1," "," ",1,1," "," ",59.259,13.5,799.99649999999997,1,"OILP010D","OLEA IABPDBB14A25","PM"," "," "," "]
["3834000005614",5611,"OLEA","europaea",null,"34","25L","hauteur tronc 40/50 par 52 plantes","1/4 tige bola","14/+P",null,null,null,null,"VRA","Vrac",1," "," ",1," "," ",1,1," "," ",59.259,13.5,799.99649999999997,1,"OILP010D","OLEA IABPDBB14A25","PM"," "," "," "]
["3834000053127",5312,"OLEA","europaea",null,null,"160/180/285L","écorce lisse tronc haut multi ramas","exemplaire","40/50P",null,null,null,null,"VRA","Vrac",1," "," ",1," "," ",1,1," "," ",5.1849999999999996,13.5,69.997499999999988,1,"OLIP40MB","OLEA IPAMBR4050130","PM"," "," "," ","Notre Sélection"]
["3834000053134",5313,"OLEA","europaea",null,null,"160/180/285L","écorce lisse tronc haut multi ramas","exemplaire","50/60P",null,null,null,null,"VRA","Vrac",1," "," ",1," "," ",1,1," "," ",5.1849999999999996,13.5,69.997499999999988,1,"OLIP50MB","OLEA IPAMBR5060130","PM"," "," "," ","Notre Sélection"]
["3834000053141",5314,"TRACHYCARPUS","fortunei",null,null,"230L",null,null,"240/250T",null,null,null,null,"VRA","Vrac",1," "," ",1," "," ",1,1," "," ",3.2589999999999999,13.5,43.996499999999997,1,"PQ230225","PQDB22525045","PM"," "," "," "]
["3834000053219",5321,"OLEA","europaea",null,"90","coupe bonsai terra cotta D90","mini bonsai","semi-exemplaire","40/60P",null,null,null,null,"VRA","Vrac",1," "," ",1," "," ",1,1," "," ",5.1849999999999996,13.5,69.997499999999988,1,"OLDB90AT","OLEA KACOUPEB90TC","PM"," "," "," "]
["3834000060057",6005,"CYCAS","revoluta",null,null,"CTR",null,"1 bleu","20/30T",null,null,null,null,"VRA","Vrac",1," "," ",1," "," ",1,1," "," ",27.407,13.5,369.99450000000002,1,"CY2030T","CYCAS A2030T","PM"," "," "," "]
["3834000060064",6006,"CYCAS","revoluta",null,null,"CTR",null,"2 bleu","30/40T",null,null,null,null,"VRA","Vrac",1," "," ",1," "," ",1,1," "," ",27.407,13.5,369.99450000000002,1,"CY3040T","CYCAS A3040T","PM"," "," "," "]
["3834000060071",6007,"CYCAS","revoluta",null,null,"CTR",null,"1 violet","40/50T",null,null,null,null,"VRA","Vrac",1," "," ",1," "," ",1,1," "," ",27.407,13.5,369.99450000000002,1,"CY4050T","CYCAS A4050T","PM"," "," "," "]
["3834000060088",6008,"CYCAS","revoluta",null,null,"CTR",null,"2 violet","50/60T",null,null,null,null,"VRA","Vrac",1," "," ",1," "," ",1,1," "," ",27.407,13.5,369.99450000000002,1,"CY5060T","CYCAS A5060T","PM"," "," "," "]
["3834000060095",6009,"CYCAS","revoluta",null,null,"CTR",null,"1 rouge","60/70T",null,null,null,null,"VRA","Vrac",1," "," ",1," "," ",1,1," "," ",27.407,13.5,369.99450000000002,1,"CY6070T","CYCAS A6070T","PM"," "," "," "]
["3834000060101",6010,"CYCAS","revoluta",null,null,"CTR",null,"2 rouge","70/80T",null,null,null,null,"VRA","Vrac",1," "," ",1," "," ",1,1," "," ",27.407,13.5,369.99450000000002,1,"CY7080T","CYCAS A7080T","PM"," "," "," "]
["3834000060118",6011,"CYCAS","revoluta",null,null,"CTR",null,"1 blanc","80/90T",null,null,null,null,"VRA","Vrac",1," "," ",1," "," ",1,1," "," ",27.407,13.5,369.99450000000002,1,"CY8090T","CYCAS A8090T","PM"," "," "," "]
["3834000060125",6012,"CYCAS","revoluta",null,null,"CTR",null,"2 blanc","90/100T",null,null,null,null,"VRA","Vrac",1," "," ",1," "," ",1,1," "," ",27.407,13.5,369.99450000000002,1,"CY90100T","CYCAS A90100T","PM"," "," "," "]
["3834000060132",6013,"CYCAS","revoluta",null,null,"CTR",null,null,"100/110T",null,null,null,null,"VRA","Vrac",1," "," ",1," "," ",1,1," "," ",27.407,13.5,369.99450000000002,1,"CY101T","CYCAS AB100110T","PM"," "," "," "]
["3834000060149",6014,"CYCAS","revoluta",null,null,"CTR",null,null,"110/120T",null,null,null,null,"VRA","Vrac",1," "," ",1," "," ",1,1," "," ",27.407,13.5,369.99450000000002,1,"CY102T","CYCAS AB110120T","PM"," "," "," "]
["3834000072524",7252,"CHAMAEROPS","humilis",null,null,"35L",null,null,"60/80",null,null,null,null,"VRA","Vrac",1," "," ",1," "," ",1,1," "," ",27.407,13.5,369.99450000000002,1,"P3550","PC506035","PM"," "," "," "]
["3834000065700",6570,"BOUGAINVILLEA","",null,null,"Pot chinois","Ruban bleu","specimen",null,null,null,null,null,"VRA","Vrac",1," "," ",1," "," ",1,1," "," ",2.37,13.5,31.995000000000001,1,"BGSPECB","BOUGCSPECIBLEU","PM"," "," "," "]
["3834000057248",5724,"OLEA","europaea",null,null,"CTR/CTM","regional","exemplaire","140/160P",null,null,null,null,"VRA","Vrac",1," "," ",1," "," ",1,1," "," ",1.333,13.5,17.9955,1,"OLYR12","OLEA YRC120140","PM"," "," "," "]
["3834000057255",5725,"OLEA","europaea",null,null,"CTR/CTM","regional","exemplaire","160/180P",null,null,null,null,"VRA","Vrac",1," "," ",1," "," ",1,1," "," ",1.333,13.5,17.9955,1,"OLYR12","OLEA YRC120140","PM"," "," "," "]
["3834000057262",5726,"OLEA","europaea",null,null,"CTR/CTM","regional","exemplaire","180/200P",null,null,null,null,"VRA","Vrac",1," "," ",1," "," ",1,1," "," ",1.333,13.5,17.9955,1,"OLYR12","OLEA YRC120140","PM"," "," "," "]
["3834000057279",5727,"OLEA","europaea",null,null,"CTR/CTM","regional","exemplaire","200/220P",null,null,null,null,"VRA","Vrac",1," "," ",1," "," ",1,1," "," ",1.333,13.5,17.9955,1,"OLYR12","OLEA YRC120140","PM"," "," "," "]
["3834000065717",6571,"BOUGAINVILLEA","",null,null,"Pot chinois","Ruban rose","specimen",null,null,null,null,null,"VRA","Vrac",1," "," ",1," "," ",1,1," "," ",2.37,13.5,31.995000000000001,1,"BGSPECR","BOUGESPECIROSE","PM"," "," "," "]
["3834000067728",6572,"BOUGAINVILLEA","",null,null,"Pot chinois","Ruban violet","specimen",null,null,null,null,null,"VRA","Vrac",1," "," ",1," "," ",1,1," "," ",2.37,13.5,31.995000000000001,1,"BGSPECV","BOUGGSPECIVIOLET","PM"," "," "," "]
["3834000063942",6394,"OLEA","europaea",null,null,"160L","écorce lisse tronc haut multi ramas","exemplaire","30/40P",null,null,null,null,"VRA","Vrac",1," "," ",1," "," ",1,1," "," ",5.1849999999999996,13.5,69.997499999999988,1,"OLIP30MB","OLEA IPAMBR3040130","PM"," "," "," "]
["3834000069333",6933,"OLEA","europaea",null,"34","25L","hauteur tronc 40/50","1/4 tige bola","14/+P",null,null,null,null,"VRA","Vrac",1," "," ",1," "," ",1,1," "," ",37.036999999999999,13.5,499.99950000000001,1,"OILP010E","OLEA IABPDBB14B25","PM"," "," "," "]
["3834000065427",6542,"OLEA","europaea",null,null,"160L","Bonsai par camion complet 45/50 plantes","exemplaire","60/80P",null,null,null,null,"VRA","Vrac",1," "," ",1," "," ",1,1," "," ",3.7040000000000002,13.5,50.004000000000005,1,"OLK68","OLEA KD60/80CTR","PM"," "," "," "]
["3834000063904",6390,"YUCCA","rostrata Extra",null,null,"90L",null,"1 bleu","30/35T",null,null,null,null,"VRA","Vrac",1," "," ",1," "," ",1,1," "," ",27.407,13.5,369.99450000000002,1,"A1BLEU","ADAS1BLEU","PM"," "," "," "]
["3834000065359",6535,"TRITHRINAX","campestris",null,"25","10L",null,null,"30/40",null,null,null,null,"VRA","Vrac",1," "," ",1," "," ",1,1," "," ",148.148,13.5,1999.998,1,"P1060","PA608010","PM"," "," "," "]
["3834000072531",7253,"CHAMAEROPS","humilis",null,null,"35L",null,null,"100/125",null,null,null,null,"VRA","Vrac",1," "," ",1," "," ",1,1," "," ",27.407,13.5,369.99450000000002,1,"P359095","PC909535","PM"," "," "," "]
["3834000069364",6936,"OLEA","europaea",null,"34","25L","hauteur tronc 40/50 par 300 plantes","1/4 tige bola","14/+P",null,null,null,null,"VRA","Vrac",1," "," ",1," "," ",1,1," "," ",37.036999999999999,13.5,499.99950000000001,1,"OILP010C","OLEA IABPDBB1425","PM"," "," "," "]
["3834000072548",7254,"JUBAEA","chilensis",null,null,"70L",null,null,"20/30T",null,null,null,null,"VRA","Vrac",1," "," ",1," "," ",1,1," "," ",15.926,13.5,215.001,1,"PQ6520","PQF203065","PM"," "," "," "]
["3834000066783",6678,"CITRUS","microcitrus",null,null,"15L",null,null,null,null,null,null,null,"VRA","Vrac",1," "," ",1," "," ",1,1," "," ",96.444000000000003,13.5,1301.9940000000001,1,"A15607","AA607015","PM"," "," "," "]
["3834000070933",7093,"PHOENIX","canariensis",null,null,"CTM","Prix du mètre de stipe","stipe taillé",null,null,null,null,null,"VRA","Vrac",1," "," ",1," "," ",1,1," "," ",0.44400000000000001,13.5,5.9939999999999998,1,"PHOECAMT","PHOENICA STZMETRE","PM"," "," "," "]
["3834000072340",7234,"BUTIA","capitata",null,"45","46L",null,null,"20/25T",null,"125/150",null,null,"VRA","Vrac",1," "," ",1," "," ",1,1," "," ",27.407,13.5,369.99450000000002,1,"BUST0020","Butia capit STB20","PM"," "," "," "]
["3834000072357",7235,"BUTIA","capitata","février",null,"230/285L",null,"2 stipes","80/100T",null,null,null,null,"VRA","Vrac",1," "," ",1," "," ",1,1," "," ",2.9620000000000002,13.5,39.987000000000002,1,"BUST0060","Butia capit STG60","PM"," "," "," "]
["3834000060316",6031,"OLEA","europaea",null,null,"CTM","N°6","Nuage specimen","270/280P",null,null,null,null,"VRA","Vrac",1," "," ",1," "," ",1,1," "," ",0.88900000000000001,13.5,12.0015,1,"OLGWT1","OLEA GW1TOCTM","PM"," "," "," "]
["3834000060323",6032,"OLEA","europaea",null,null,"CTM","N°7","Nuage specimen","280/290P",null,null,null,null,"VRA","Vrac",1," "," ",1," "," ",1,1," "," ",0.88900000000000001,13.5,12.0015,1,"OLGWT2","OLEA GW2TOCTM","PM"," "," "," "]
["3834000060330",6033,"OLEA","europaea",null,null,"CTM","N°5","Nuage specimen","280/290P",null,null,null,null,"VRA","Vrac",1," "," ",1," "," ",1,1," "," ",0.88900000000000001,13.5,12.0015,1,"OLGWT3","OLEA GW3TOCTM","PM"," "," "," "]
["3834000060347",6034,"OLEA","europaea",null,null,"CTM","N°4","Nuage specimen","320/330P",null,null,null,null,"VRA","Vrac",1," "," ",1," "," ",1,1," "," ",0.88900000000000001,13.5,12.0015,1,"OLGWT4","OLEA GW4TOCTM","PM"," "," "," "]
["3834000060354",6035,"OLEA","europaea",null,null,"CTM","N°2","Nuage specimen","390/400P",null,null,null,null,"VRA","Vrac",1," "," ",1," "," ",1,1," "," ",0.88900000000000001,13.5,12.0015,1,"OLGWT7","OLEA GW7TOCTM","PM"," "," "," "]
["3834000060361",6036,"OLEA","europaea",null,null,"CTM","N°1","Nuage specimen","360/370P",null,null,null,null,"VRA","Vrac",1," "," ",1," "," ",1,1," "," ",0.88900000000000001,13.5,12.0015,1,"OLGWT5","OLEA GW5TOCTM","PM"," "," "," "]
["3834000060378",6037,"OLEA","europaea",null,null,"CTM","N°3","Nuage specimen","370P",null,null,null,null,"VRA","Vrac",1," "," ",1," "," ",1,1," "," ",0.88900000000000001,13.5,12.0015,1,"OLGWT6","OLEA GW6TOCTM","PM"," "," "," "]
["3834000071688",7168,"NERIUM","oleander Rouge simple","février","40","35L",null,null,"80/100",null,null,null,null,"VRA","Vrac",1," "," ",1," "," ",1,1," "," ",27.407,13.5,369.99450000000002,1,"P35680","PF608035","VV"," "," "," "]
["3834000065687",6568,"OLEA","europaea",null,null,"160L","bonsai","exemplaire","60/80P",null,null,null,null,"VRA","Vrac",1," "," ",1," "," ",1,1," "," ",3.7040000000000002,13.5,50.004000000000005,1,"OLKD60","OLEA KDA60/125 B","PM"," "," "," "]
["3834000066370",6637,"BRAHEA","armata",null,null,"CTR",null,null,"60/80T",null,null,null,null,"VRA","Vrac",1," "," ",1," "," ",1,1," "," ",8.1479999999999997,13.5,109.99799999999999,1,"BRAST060","Brahea armata STF60","PM"," "," "," "]
["3834000066387",6638,"BRAHEA","armata",null,null,"CTR",null,null,"80/100T",null,null,null,null,"VRA","Vrac",1," "," ",1," "," ",1,1," "," ",8.1479999999999997,13.5,109.99799999999999,1,"BRAST080","Brahea armata STF80","PM"," "," "," "]
["3834000066394",6639,"BRAHEA","armata",null,null,"CTM","Prix du mètre de stipe","specimen","100/+T",null,null,null,null,"VRA","Vrac",1," "," ",1," "," ",1,1," "," ",0.44400000000000001,13.5,5.9939999999999998,1,"BRASTMT","Brahea armata STG100 MT","PM"," "," "," "]
["3834000072647",7264,"OLEA","europaea","février",null,"180L","écorce lisse marron","exemplaire","50/60P",null,null,null,null,"VRA","Vrac",1," "," ",1," "," ",1,1," "," ",3.7040000000000002,13.5,50.004000000000005,1,"OLIP50MN","OLEA IPAMBRR5060180","PM"," "," "," ","Notre Sélection"]
["3834000072654",7265,"OLEA","europaea","février",null,"180L","écorce lisse marron","exemplaire","60/70P",null,null,null,null,"VRA","Vrac",1," "," ",1," "," ",1,1," "," ",3.7040000000000002,13.5,50.004000000000005,1,"OLIP60MN","OLEA IPAMBRR6070180","PM"," "," "," ","Notre Sélection"]
["3834000072661",7266,"OLEA","europaea","février",null,"180L","écorce lisse marron","exemplaire","70/80P",null,null,null,null,"VRA","Vrac",1," "," ",1," "," ",1,1," "," ",3.7040000000000002,13.5,50.004000000000005,1,"OLIP70MN","OLEA IPAMBRR7080180","PM"," "," "," "]
["3834000072388",7238,"OLEA","europaea",null,null,"230/285L","Régional ramificado","exemplaire","40/50P",null,null,null,null,"VRA","Vrac",1," "," ",1," "," ",1,1," "," ",1.9259999999999999,13.5,26.000999999999998,1,"OLYRA40","OLEA YAR4050","PM"," "," "," "]
["3834000072395",7239,"OLEA","europaea",null,null,"230/285L","Régional ramificado","exemplaire","50/60P",null,null,null,null,"VRA","Vrac",1," "," ",1," "," ",1,1," "," ",1.9259999999999999,13.5,26.000999999999998,1,"OLYRA50","OLEA YAR5060","PM"," "," "," "]
["3834000072401",7240,"OLEA","europaea",null,null,"230/285L","Régional ramificado","exemplaire","60/70P",null,null,null,null,"VRA","Vrac",1," "," ",1," "," ",1,1," "," ",1.9259999999999999,13.5,26.000999999999998,1,"OLYRA60","OLEA YAR6070","PM"," "," "," "]
["3834000072418",7241,"OLEA","europaea",null,null,"230/285L","Régional ramificado","exemplaire","70/80P",null,null,null,null,"VRA","Vrac",1," "," ",1," "," ",1,1," "," ",1.9259999999999999,13.5,26.000999999999998,1,"OLYRA70","OLEA YAR7080","PM"," "," "," ","Notre Sélection"]
["3834000072425",7242,"OLEA","europaea",null,null,"230/285L","Régional ramificado","exemplaire","80/90P",null,null,null,null,"VRA","Vrac",1," "," ",1," "," ",1,1," "," ",1.9259999999999999,13.5,26.000999999999998,1,"OLYRA80","OLEA YAR8090","PM"," "," "," "]
["3834000072432",7243,"OLEA","europaea",null,null,"230/285L","Régional ramificado","exemplaire","90/100P",null,null,null,null,"VRA","Vrac",1," "," ",1," "," ",1,1," "," ",1.9259999999999999,13.5,26.000999999999998,1,"OLYRA90","OLEA YAR90100","PM"," "," "," "]
["3834000072449",7244,"OLEA","europaea",null,null,"230/285L","Régional ramificado","exemplaire","100/110P",null,null,null,null,"VRA","Vrac",1," "," ",1," "," ",1,1," "," ",1.9259999999999999,13.5,26.000999999999998,1,"OLYRA100","OLEA YARA100110","PM"," "," "," "]
["3834000071824",7182,"OLEA","europaea",null,null,"160L","Tortuga ramificado","exemplaire","40/50P",null,null,null,null,"VRA","Vrac",1," "," ",1," "," ",1,1," "," ",5.1849999999999996,13.5,69.997499999999988,1,"OLIP40MR","OLEA IPAMR4050130","PM"," "," "," "]
["3834000071831",7183,"OLEA","europaea",null,null,"160L","Tortuga ramificado","exemplaire","50/60P",null,null,null,null,"VRA","Vrac",1," "," ",1," "," ",1,1," "," ",5.1849999999999996,13.5,69.997499999999988,1,"OLIP40MR","OLEA IPAMR4050130","PM"," "," "," "]
["3834000071855",7185,"OLEA","europaea",null,"30","15L",null,"1/4 tige bola",null,null,null,null,"http://www.palmacea.com/wp-content/uploads/2017/10/PM_7185_Olea_europaea_15L_1-4-tige-bola.jpg","VRA","Vrac",1," "," ",1," "," ",1,1," "," ",96.444000000000003,13.5,1301.9940000000001,1,"DC15B","DCE15","PM"," "," "," ","Notre Sélection"]
["3834000071862",7186,"OLEA","europaea",null,"30","coupe D30",null,"1/4 tige bola",null,null,null,null,"http://www.palmacea.com/wp-content/uploads/2017/10/PM_7186_Olea_europaea_coupe-D30_1-4-tige-bola.jpg","VRA","Vrac",1," "," ",1," "," ",1,1," "," ",96.444000000000003,13.5,1301.9940000000001,1,"DC15B","DCE15","PM"," "," "," ","Notre Sélection"]
["3834000065564",6556,"OLEA","europaea",null,null,"230/285L","écorce lisse multi ramas extra","nuage","60/70P",null,null,null,null,"VRA","Vrac",1," "," ",1," "," ",1,1," "," ",1.9259999999999999,13.5,26.000999999999998,1,"OLGVA40","OLEA GVAA4060285","PM"," "," "," "]
["3834000065571",6557,"OLEA","europaea",null,null,"230/285L","écorce lisse multi ramas extra","nuage","70/80P",null,null,null,null,"VRA","Vrac",1," "," ",1," "," ",1,1," "," ",2.37,13.5,31.995000000000001,1,"OLGVA40","OLEA GVAA4060285","PM"," "," "," "]
["3834000065588",6558,"OLEA","europaea",null,null,"230/285L","écorce lisse multi ramas extra","nuage","80/90P",null,null,null,null,"VRA","Vrac",1," "," ",1," "," ",1,1," "," ",2.37,13.5,31.995000000000001,1,"OLGVA40","OLEA GVAA4060285","PM"," "," "," ","Notre Sélection"]
["3834000065595",6559,"OLEA","europaea",null,null,"CTM","écorce lisse multi ramas extra","nuage","80/90P",null,null,null,null,"VRA","Vrac",1," "," ",1," "," ",1,1," "," ",1.9259999999999999,13.5,26.000999999999998,1,"OLGVA40","OLEA GVAA4060285","PM"," "," "," "]
["3834000065601",6560,"OLEA","europaea",null,null,"230/285L","écorce lisse multi ramas extra","nuage","90/100P",null,null,null,null,"VRA","Vrac",1," "," ",1," "," ",1,1," "," ",2.37,13.5,31.995000000000001,1,"OLGVA40","OLEA GVAA4060285","PM"," "," "," "]
["3834000065618",6561,"OLEA","europaea",null,null,"CTM","écorce lisse multi ramas extra","nuage","90/100P",null,null,null,null,"VRA","Vrac",1," "," ",1," "," ",1,1," "," ",1.9259999999999999,13.5,26.000999999999998,1,"OLGVA40","OLEA GVAA4060285","PM"," "," "," "]
["3834000065625",6562,"OLEA","europaea",null,null,"285/375L","écorce lisse multi ramas extra","nuage","100/110P",null,null,null,null,"VRA","Vrac",1," "," ",1," "," ",1,1," "," ",1.9259999999999999,13.5,26.000999999999998,1,"OLGVA40","OLEA GVAA4060285","PM"," "," "," "]
["3834000065632",6563,"OLEA","europaea",null,null,"CTM","écorce lisse multi ramas extra","nuage","100/110P",null,null,null,null,"VRA","Vrac",1," "," ",1," "," ",1,1," "," ",1.9259999999999999,13.5,26.000999999999998,1,"OLGVA40","OLEA GVAA4060285","PM"," "," "," "]
["3834000065649",6564,"OLEA","europaea",null,null,"285/375L","écorce lisse multi ramas extra","nuage","110/140P",null,null,null,null,"VRA","Vrac",1," "," ",1," "," ",1,1," "," ",1.9259999999999999,13.5,26.000999999999998,1,"OLGVA40","OLEA GVAA4060285","PM"," "," "," "]
["3834000065656",6565,"OLEA","europaea",null,null,"CTM","écorce lisse multi ramas extra","nuage","110/140P",null,null,null,null,"VRA","Vrac",1," "," ",1," "," ",1,1," "," ",1.9259999999999999,13.5,26.000999999999998,1,"OLGVA40","OLEA GVAA4060285","PM"," "," "," "]
["3834000065663",6566,"OLEA","europaea",null,null,"285/375L","écorce lisse multi ramas extra","nuage","140P",null,null,null,null,"VRA","Vrac",1," "," ",1," "," ",1,1," "," ",1.9259999999999999,13.5,26.000999999999998,1,"OLGVA40","OLEA GVAA4060285","PM"," "," "," "]
["3834000065670",6567,"OLEA","europaea",null,null,"CTM","écorce lisse multi ramas extra","nuage","140P",null,null,null,null,"VRA","Vrac",1," "," ",1," "," ",1,1," "," ",1.9259999999999999,13.5,26.000999999999998,1,"OLGVA40","OLEA GVAA4060285","PM"," "," "," "]
["Total",null,null,null,null,null,null,null,null,null,null,null,null,null,null,null,null,null,null,null,null,null,null,null,null,null,null,null,null,null,null,null,null,null,null,null,{"$f":"SUBTOTAL(103,Tableau_Lancer_la_requête_à_partir_de_PALMACEA44624578910[NOTRE_SELECTION])","v":32}]

{"sheet":"FV Tarif_EL","index":5,"n_rows":191,"n_cols":37,"rows_kept":191,"cut":false,"hidden":false,"merged":[[15,7,15,8],[11,11,11,34],[12,10,12,11],[12,12,12,34],[6,11,6,34],[7,11,7,34],[8,11,8,34],[9,10,9,34],[10,11,10,14],[10,16,10,34]]}
[]
[]
[]
[]
[null,null,null,null,null,null,null,"Retrouvez en italique Notre Sélection",null,null,"Fournisseur :","PM"]
[null,null,"Pascal HABAULT : acheteur / commercial"]
[null,null," Tél : 06 21 76 93 63",null,null,null,null,"Espagne",null,null,"TVA INTRA :"]
[null,null,"Isabelle NAULET : administratif / suivi commercial / logistique ",null,null,null,null,"PALMACEA vous propose en direct,  un grand choix de végétaux issu de ses producteurs",null,null,"Client :"]
[null,null," Tél : 06 23 38 03 49",null,null,null,null,"Prix départ, tarif transport sur demande",null,null,"Adresse :"]
[null,null,"Fax : 00 33 4 26 30 35 44"]
[null,null,"Mail : contact@palmacea.com",null,null,null,null,null,null,null,"Tél :",null,null,null,null,"Fax :"]
[null,null,null,null,null,null,null,null,null,null,"Mail :"]
[null,null,null,null,null,null,null,null,null,null,"Semaine de livraison :"]
[]
[]
["Code barre ","Code","Genre","Espèce Variété","Etat","Diam pot","Litrage","Présentation ",null,"Taille","Diam tête","HT total","Parcelle","Photo","Conditionnement","Conditionnement","Qte cond","Votre cde","Tarif départ ","Qte cond","Votre cde ","Tarif départ ","Nb cond","Qte cond total","Votre cde","Tarif départ ","Nb de cond ou plantes par ML","Metrage camion","Qte plt / camion","Cond / default","Code pour tri","pour tri","Initiale fournisseur","Montant Cde","PV TTC","Métrage"]
["CODE_BARRE","CODE","GENRE","ESPECE_VARIETE","ETAT","DIAM_POT","LITRAGE","PRESENTATION","PRESENTATION2","TAILLE","DIAM_TETE","HT_TOTAL","PARCELLE","IMAGE","CONDITION","CONDITION3","QTE_COND","VOTRE_CDE","VOTRE_CDE4","QTE_COND5","VOTRE_CDE6","VOTRE_CDE7","NB_COND","QTE_ROLL","VOTRE_CDE8","VOTRE_CDE9","NB_PLT_CAM","METRAGE_CAM","QTE_PLT_CAM","COND_DEF","CODE_TRI","TRI","INITIAL_FOURN","MONT_CDE","PVTTC","METRAGE","NOTRE_SELECTION"]
["3834000017211",1837,"BRAHEA","armata",null,null,"CTR",null,null,"40/60T",null,null,null,null,"VRA","Vrac",1," "," ",1," "," ",1,1," "," ",9.6300000000000008,13.5,130.00500000000002,1,"BRAST040","Brahea armata STE40","PM"," "," "," "]
["3834000017198",1835,"BUTIA","capitata",null,"45","46L",null,null,"10/20T",null,"100/125",null,null,"VRA","Vrac",1," "," ",1," "," ",1,1," "," ",27.407,13.5,369.99450000000002,1,"BUST0010","Butia capit STB10","PM"," "," "," "]
["3834000021492",2266,"CACTUS","cleistocactus",null,"25","10L",null,null,null,null,null,null,null,"VRA","Vrac",1," "," ",1," "," ",1,1," "," ",148.148,13.5,1999.998,1,"AS10","ASA10","PM"," "," "," "]
["3834000021546",2271,"CACTUS","echinocactus Grunsonii",null,"35","20L",null,null,null,null,null,null,null,"VRA","Vrac",1," "," ",1," "," ",1,1," "," ",66.665999999999997,13.5,899.99099999999999,1,"AS20","ASB20","PM"," "," "," "]
["3834000021508",2267,"CACTUS","myrtillocactus",null,"25","10L",null,null,null,null,null,null,null,"VRA","Vrac",1," "," ",1," "," ",1,1," "," ",148.148,13.5,1999.998,1,"AS10","ASA10","PM"," "," "," "]
["3834000021515",2268,"CACTUS","orecerus",null,"25","10L",null,null,null,null,null,null,null,"VRA","Vrac",1," "," ",1," "," ",1,1," "," ",148.148,13.5,1999.998,1,"AS10","ASA10","PM"," "," "," "]
["3834000021522",2269,"CACTUS","polaskia",null,"25","10L",null,null,null,null,null,null,null,"VRA","Vrac",1," "," ",1," "," ",1,1," "," ",148.148,13.5,1999.998,1,"AS10","ASA10","PM"," "," "," "]
["3834000021539",2270,"CACTUS","pringley",null,"25","10L",null,null,null,null,null,null,null,"VRA","Vrac",1," "," ",1," "," ",1,1," "," ",148.148,13.5,1999.998,1,"AS10","ASA10","PM"," "," "," "]
["3834000017228",1838,"CHAMAEROPS","humilis Cerifera","février",null,"130/230L",null,"1 vert","125/150",null,null,null,null,"VRA","Vrac",1," "," ",1," "," ",1,1," "," ",3.2589999999999999,13.5,43.996499999999997,1,"P230115A","PCC125150130230","PM"," "," "," "]
["3834000017693",1885,"CYCAS","revoluta",null,null,"CTR","Prix du mètre de stipe",null,null,null,null,null,null,"VRA","Vrac",1," "," ",1," "," ",1,1," "," ",27.407,13.5,369.99450000000002,1,"CYMETCTR","CYCAS REVOL STZMETRE","PM"," "," "," "]
["3834000017921",1908,"FICUS","carica",null,null,"CTR",null,"1/2 tige","15/20P",null,null,null,null,"VRA","Vrac",1," "," ",1," "," ",1,1," "," ",12.519,13.5,169.00649999999999,1,"FCA15CTR","FICU CAR DC15CTR","PM"," "," "," "]
["3834000017938",1909,"FICUS","carica",null,null,"CTR",null,"1/2 tige","20/25P",null,null,null,null,"VRA","Vrac",1," "," ",1," "," ",1,1," "," ",12.519,13.5,169.00649999999999,1,"FCA20CTR","FICU CAR DC20CTR","PM"," "," "," "]
["3834000017945",1910,"FICUS","carica",null,null,"CTR",null,"1/2 tige","25/30P",null,null,null,null,"VRA","Vrac",1," "," ",1," "," ",1,1," "," ",9.6300000000000008,13.5,130.00500000000002,1,"FCA25CTR","FICU CAR DC25CTR","PM"," "," "," "]
["3834000024813",2600,"OLEA","europaea",null,"90","coupe bonsai terra cotta D90","bonsai","exemplaire","60/80P",null,null,null,null,"VRA","Vrac",1," "," ",1," "," ",1,1," "," ",2.37,13.5,31.995000000000001,1,"OLDB90BT","OLEA KBCOUPEB90TC","PM"," "," "," "]
["3834000017532",1869,"OLEA","europaea",null,null,"160/180/230L","bonsai","exemplaire","60/80P",null,null,null,null,"VRA","Vrac",1," "," ",1," "," ",1,1," "," ",3.7040000000000002,13.5,50.004000000000005,1,"OLK682","OLEA KDA60/60CTR","PM"," "," "," ","Notre Sélection"]
["3834000017273",1843,"OLEA","europaea","janvier","50","63L","par 5 plantes","semi-exemplaire","20/35P",null,null,null,null,"VRA","Vrac",1," "," ",1," "," ",1,1," "," ",8.1479999999999997,13.5,109.99799999999999,1,"OLIP203","OLEA IP20 C5","PM"," "," "," "]
["3834000024943",2613,"OLEA","europaea","janvier","50","63L","A l'unité","semi-exemplaire","20/35P",null,null,null,null,"VRA","Vrac",1," "," ",1," "," ",1,1," "," ",10.37,13.5,139.99499999999998,1,"OLIP20","OLEA IP2040110","PM"," "," "," ","Notre Sélection"]
["3834000018096",1925,"PHOENIX","canariensis",null,null,"90/130L",null,null,"30/40T",null,null,null,null,"VRA","Vrac",1," "," ",1," "," ",1,1," "," ",9.6300000000000008,13.5,130.00500000000002,1,"PHOEC30","PHOENIC ST30","PM"," "," "," "]
["3834000018102",1926,"PHOENIX","canariensis",null,null,"160L",null,null,"40/50T",null,null,null,null,"VRA","Vrac",1," "," ",1," "," ",1,1," "," ",9.6300000000000008,13.5,130.00500000000002,1,"PHOEC40","PHOENIC ST40","PM"," "," "," "]
["3834000018119",1927,"PHOENIX","canariensis",null,null,"160L",null,null,"50/60T",null,null,null,null,"VRA","Vrac",1," "," ",1," "," ",1,1," "," ",8.1479999999999997,13.5,109.99799999999999,1,"PHOEC50","PHOENIC ST50","PM"," "," "," "]
["3834000018126",1928,"PHOENIX","canariensis",null,null,"285L",null,"1 violet","60/70T",null,null,null,null,"VRA","Vrac",1," "," ",1," "," ",1,1," "," ",5.1849999999999996,13.5,69.997499999999988,1,"PHOEC60","PHOENIC ST60","PM"," "," "," "]
["3834000018133",1929,"PHOENIX","canariensis",null,null,"285L",null,"2 violet","70/80T",null,null,null,null,"VRA","Vrac",1," "," ",1," "," ",1,1," "," ",3.7040000000000002,13.5,50.004000000000005,1,"PHOEC70","PHOENIC ST70","PM"," "," "," "]
["3834000018430",1959,"PHOENIX","canariensis",null,null,"CTR",null,"1 blanc","80/90T",null,null,null,null,"VRA","Vrac",1," "," ",1," "," ",1,1," "," ",2.37,13.5,31.995000000000001,1,"PHOEC80","PHOENIC ST80","PM"," "," "," ","Notre Sélection"]
["3834000007328",831,"PUNICA","granatum",null,"80","160L",null,"exemplaire","70/80P",null,null,null,null,"VRA","Vrac",1," "," ",1," "," ",1,1," "," ",3.7040000000000002,13.5,50.004000000000005,1,"PUNITM70","PUNIC TM70","PM"," "," "," "]
["3834000007311",830,"PUNICA","granatum",null,null,"230/350L",null,"exemplaire","80/90P",null,null,null,null,"VRA","Vrac",1," "," ",1," "," ",1,1," "," ",1.63,13.5,22.004999999999999,1,"PUNITM69","PUNIC TMA6090","PM"," "," "," "]
["3834000017501",1866,"YUCCA","rostrata Extra",null,null,"35L","tronc 10/20T","1 blanc","50/60",null,null,null,null,"VRA","Vrac",1," "," ",1," "," ",1,1," "," ",27.407,13.5,369.99450000000002,1,"A1BLANC","ADAA1BLANC","PM"," "," "," ","Notre Sélection"]
["3834000003382",338,"TRACHYCARPUS","fortunei",null,null,"45L",null,null,"50/60T",null,null,null,null,"VRA","Vrac",1," "," ",1," "," ",1,1," "," ",19.111000000000001,13.5,257.99850000000004,1,"PQ4550","PQD506045","PM"," "," "," "]
["3834000003399",339,"TRACHYCARPUS","fortunei",null,null,"70L",null,"1 rose 2 rose","60/80T",null,null,null,null,"VRA","Vrac",1," "," ",1," "," ",1,1," "," ",9.4809999999999999,13.5,127.9935,1,"PQ4560","PQD608045","PM"," "," "," "]
["3834000003405",340,"TRACHYCARPUS","fortunei",null,null,"70/90L","Ligne complète minimum 16 plantes    ","1 blanc 2 blanc","80/100T",null,null,null,null,"VRA","Vrac",1," "," ",1," "," ",1,1," "," ",13.037000000000001,13.5,175.99950000000001,1,"PQ4580","PQD8010045","PM"," "," "," "]
["3834000003627",362,"CHAMAEROPS","humilis",null,null,"35L",null,null,"80/100",null,null,null,"http://www.palmacea.com/wp-content/uploads/2017/10/PM_362_Chamaerops_humilis_35L_80-1001.jpg","VRA","Vrac",1," "," ",1," "," ",1,1," "," ",27.407,13.5,369.99450000000002,1,"P3580","PC8010035","PM"," "," "," ","Notre Sélection"]
["3834000033570",3357,"OLEA","europaea","janvier","50","63L","par 25 plantes","semi-exemplaire","20/35P",null,null,null,null,"VRA","Vrac",1," "," ",1," "," ",1,1," "," ",8.1479999999999997,13.5,109.99799999999999,1,"OLIP202","OLEA IP20 B25","PM"," "," "," "]
["3834000033587",3358,"OLEA","europaea","janvier","50","63L","par 110 plantes","semi-exemplaire","20/35P",null,null,null,null,"VRA","Vrac",1," "," ",1," "," ",1,1," "," ",8.1479999999999997,13.5,109.99799999999999,1,"OLIP201","OLEA IP20 A130","PM"," "," "," "]
["3834000033716",3371,"PHOENIX","canariensis",null,null,"CTM","Prix du mètre de stipe","specimen",null,null,null,null,null,"VRA","Vrac",1," "," ",1," "," ",1,1," "," ",0.44400000000000001,13.5,5.9939999999999998,1,"PHOECAMT","PHOENICA STZMETRE","PM"," "," "," "]
["3834000033945",3394,"BUTIA","capitata","février",null,"230/285L",null,null,"60/80T",null,"220/230",null,null,"VRA","Vrac",1," "," ",1," "," ",1,1," "," ",2.9620000000000002,13.5,39.987000000000002,1,"BUST0060","Butia capit STG60","PM"," "," "," "]
["3834000033952",3395,"TRACHYCARPUS","fortunei",null,null,"160L",null,"cépée","250/350T",null,null,null,null,"VRA","Vrac",1," "," ",1," "," ",1,1," "," ",3.7040000000000002,13.5,50.004000000000005,1,"TCYC161","TRACHY STPCEPA161","PM"," "," "," ","Notre Sélection"]
["3834000034034",3403,"OLEA","europaea",null,null,"65/70L","multi ramas","nuage","100/125",null,null,null,null,"VRA","Vrac",1," "," ",1," "," ",1,1," "," ",8.1479999999999997,13.5,109.99799999999999,1,"OLGMR070","OLEA GN00900 MR10012570","PM"," "," "," ","Notre Sélection"]
["3834000034041",3404,"OLEA","europaea",null,null,"70/90/110L","multi ramas","nuage","125/150",null,null,null,"http://www.palmacea.com/wp-content/uploads/2017/10/PM_3404_Olea_europaea_90-110L_nuage.jpg","VRA","Vrac",1," "," ",1," "," ",1,1," "," ",6.6660000000000004,13.5,89.991,1,"OLGMR090","OLEA GN00901 AMR12515090","PM"," "," "," ","Notre Sélection"]
["3834000033853",3385,"CITRUS","sinensis",null,null,"65/70L",null,"semi-exemplaire","30/40P",null,null,null,null,"VRA","Vrac",1," "," ",1," "," ",1,1," "," ",6.6669999999999998,13.5,90.004499999999993,1,"CISI3069","CITR SIN 30406090","PM"," "," "," "]
["3834000033884",3388,"OLEA","europaea",null,null,"230/285L","tronc vieux extra","nuage","40/60P",null,null,null,null,"VRA","Vrac",1," "," ",1," "," ",1,1," "," ",1.4814000000000001,13.5,19.998899999999999,1,"OLGVA40V","OLEA GVAAA4060285","PM"," "," "," ","Notre Sélection"]
["3834000033891",3389,"OLEA","europaea",null,null,"230/285/375L","tronc vieux extra","nuage","60/80P",null,null,null,null,"VRA","Vrac",1," "," ",1," "," ",1,1," "," ",1.6295999999999999,13.5,21.999600000000001,1,"OLGVA60V","OLEA GVAAA6080285375","PM"," "," "," ","Notre Sélection"]
["3834000033907",3390,"OLEA","europaea",null,null,"285/375L","tronc vieux extra","nuage","80/100P",null,null,null,null,"VRA","Vrac",1," "," ",1," "," ",1,1," "," ",1.9259999999999999,13.5,26.000999999999998,1,"OLGVA8V","OLEA GVAAA80100285375","PM"," "," "," ","Notre Sélection"]
["3834000033938",3393,"BUTIA","capitata","février",null,"180/230L",null,null,"40/60T",null,"180/200",null,null,"VRA","Vrac",1," "," ",1," "," ",1,1," "," ",3.3330000000000002,13.5,44.9955,1,"BUST0040","Butia capit STE40","PM"," "," "," "]
["3834000000725",72,"VITIS","vinifera",null,null,"12L",null,"tronc bas",null,null,null,null,null,"VRA","Vrac",1," "," ",1," "," ",1,1," "," ",96.444000000000003,13.5,1301.9940000000001,1,"VITA11","VITIS A11","PM"," "," "," "]
["3834000044132",4413,"OLEA","europaea",null,"34","25L","hauteur tronc 40/50 par 52 plantes","1/4 tige libre","14/+P",null,null,null,null,"VRA","Vrac",1," "," ",1," "," ",1,1," "," ",37.036999999999999,13.5,499.99950000000001,1,"OLIP012","OLEA IABPDB14A25","PM"," "," "," "]
["3834000064611",6461,"YUCCA","rostrata Extra",null,null,"45/55L",null,"1 violet","30/35T",null,null,null,null,"VRA","Vrac",1," "," ",1," "," ",1,1," "," ",27.407,13.5,369.99450000000002,1,"A1VIOLET","ADAO1VIOLET","PM"," "," "," ","Notre Sélection"]
["3834000047669",4766,"CHAMAEROPS","humilis",null,null,"70/90L",null,"1 vert","125/150 nacional",null,null,null,null,"VRA","Vrac",1," "," ",1," "," ",1,1," "," ",6.6669999999999998,13.5,90.004499999999993,1,"P90125","PI12515090","PM"," "," "," "]
["3834000047676",4767,"CHAMAEROPS","humilis",null,null,"50/70L",null,"1 jaune","100/125 nacional",null,null,null,null,"VRA","Vrac",1," "," ",1," "," ",1,1," "," ",8.1479999999999997,13.5,109.99799999999999,1,"P79105","PG1251507090","PM"," "," "," "]
["3834000047683",4768,"CHAMAEROPS","humilis",null,null,"90/110L",null,"1 rouge","150/175 nacional",null,null,null,null,"VRA","Vrac",1," "," ",1," "," ",1,1," "," ",5.1849999999999996,13.5,69.997499999999988,1,"P11015","PI15017590110","PM"," "," "," "]
["3834000058825",5882,"OLEA","europaea",null,null,"65/70L","multi ramas par 20 plantes","nuage","100/125",null,null,null,null,"VRA","Vrac",1," "," ",1," "," ",1,1," "," ",8.1479999999999997,13.5,109.99799999999999,1,"OLGMR020","OLEA GN00899 MR10012570","PM"," "," "," ","Notre Sélection"]
["3834000047768",4776,"OLEA","europaea",null,null,"240/285L","pompon",null,"40/50P",null,null,null,null,"VRA","Vrac",1," "," ",1," "," ",1,1," "," ",3.2589999999999999,13.5,43.996499999999997,1,"OLGWA40","OLEA GWA4050CTR","PM"," "," "," "]
["3834000047775",4777,"OLEA","europaea",null,null,"240/285L","pompon",null,"50/60P",null,null,null,null,"VRA","Vrac",1," "," ",1," "," ",1,1," "," ",3.2589999999999999,13.5,43.996499999999997,1,"OLGWA50","OLEA GWA5060CTR","PM"," "," "," "]
["3834000047812",4781,"OLEA","europaea",null,"60","coupe bonsai terra cotta D60",null,"1/4 tige","20/40P",null,null,null,null,"VRA","Vrac",1," "," ",1," "," ",1,1," "," ",9.6300000000000008,13.5,130.00500000000002,1,"DC60A","DCEA60","PM"," "," "," "]
["3834000047843",4784,"OLEA","europaea",null,null,"90/110/130L","écorce lisse multi ramas","exemplaire","40/50P",null,null,null,null,"VRA","Vrac",1," "," ",1," "," ",1,1," "," ",5.1849999999999996,13.5,69.997499999999988,1,"OLIP40MA","OLEA IPAMAR4050130","PM"," "," "," "]
["3834000047928",4792,"TRACHYCARPUS","fortunei",null,null,"70/90L","Ligne complète minimum 16 plantes    ","1 jaune  2 jaune","100/120T",null,null,null,null,"VRA","Vrac",1," "," ",1," "," ",1,1," "," ",6.67,13.5,90.045000000000002,1,"PQ4580","PQD8010045","PM"," "," "," ","Notre Sélection"]
["3834000047935",4793,"TRACHYCARPUS","fortunei",null,null,"90/110L","Ligne complète minimum 16 plantes    ","1 vert   2 vert","120/140T",null,null,null,null,"VRA","Vrac",1," "," ",1," "," ",1,1," "," ",6.2960000000000003,13.5,84.996000000000009,1,"TCYTA140","TRACHY STZCPTMETRETAILLE140","PM"," "," "," ","Notre Sélection"]
["3834000047959",4795,"TRACHYCARPUS","fortunei",null,null,"90/110L",null,"1 violet 1 rouge","140/160T",null,null,null,null,"VRA","Vrac",1," "," ",1," "," ",1,1," "," ",7.851,13.5,105.9885,1,"PQ160150","PQDA15017545","PM"," "," "," ","Notre Sélection"]
["3834000047973",4797,"TRACHYCARPUS","fortunei",null,null,"110/160/230L","Ligne complète minimum 16 plantes    ","2 violet 2 rouge","160/180T",null,null,null,null,"VRA","Vrac",1," "," ",1," "," ",1,1," "," ",3.7040000000000002,13.5,50.004000000000005,1,"PQ160175","PQDB17520045","PM"," "," "," "]
["3834000047997",4799,"TRACHYCARPUS","fortunei",null,null,"160/230L",null,"1 bleu 2 bleu","180/200T",null,null,null,null,"VRA","Vrac",1," "," ",1," "," ",1,1," "," ",3.2589999999999999,13.5,43.996499999999997,1,"PQ230200","PQDB20022545","PM"," "," "," "]
["3834000048024",4802,"TRACHYCARPUS","fortunei",null,null,"230L",null,null,"220/240T",null,null,null,null,"VRA","Vrac",1," "," ",1," "," ",1,1," "," ",3.2589999999999999,13.5,43.996499999999997,1,"PQ230225","PQDB22525045","PM"," "," "," "]
["3834000048048",4804,"XANTHORRHOEA","glauca",null,null,"CTR","Prix du mètre de stipe","tronc unique",null,null,null,null,null,"VRA","Vrac",1," "," ",1," "," ",1,1," "," ",0.44400000000000001,13.5,5.9939999999999998,1,"XAMETRE","XANTHO R STZMETRE","PM"," "," "," "]
["3834000048055",4805,"XANTHORRHOEA","glauca",null,null,"CTR","Prix du mètre de stipe","multi troncs",null,null,null,null,null,"VRA","Vrac",1," "," ",1," "," ",1,1," "," ",0.44400000000000001,13.5,5.9939999999999998,1,"XAMET","XANTHO RA MULTI STZMETRE","PM"," "," "," "]
["3834000048062",4806,"OLEA","europaea",null,null,"285/375/450L","tronc vieux extra","nuage","100/110P",null,null,null,null,"VRA","Vrac",1," "," ",1," "," ",1,1," "," ",1.9259999999999999,13.5,26.000999999999998,1,"OLGV101V","OLEA GVAAAA10011020285","PM"," "," "," "]
["3834000048079",4807,"OLEA","europaea",null,null,"285/375/450L","tronc vieux extra","nuage","110/140P",null,null,null,null,"VRA","Vrac",1," "," ",1," "," ",1,1," "," ",1.9259999999999999,13.5,26.000999999999998,1,"OLGV114V","OLEA GVAAAA11014020285375","PM"," "," "," "]
["3834000065441",6544,"OLEA","europaea",null,"34","25L","hauteur tronc 40/50","1/4 tige libre","14/+P",null,null,null,null,"VRA","Vrac",1," "," ",1," "," ",1,1," "," ",37.036999999999999,13.5,499.99950000000001,1,"OLIP013","OLEA IABPDB14B25","PM"," "," "," "]
["3834000065472",6547,"YUCCA","rostrata Extra",null,null,"45/55L",null,"2 violet","35/40T",null,null,null,null,"VRA","Vrac",1," "," ",1," "," ",1,1," "," ",27.407,13.5,369.99450000000002,1,"A2VIOLET","ADAO2VIOLET","PM"," "," "," ","Notre Sélection"]
["3834000050027",5002,"CHAMAEROPS","humilis",null,null,"50L",null,"1 blanc","80/100 nacional",null,null,null,null,"VRA","Vrac",1," "," ",1," "," ",1,1," "," ",19.111000000000001,13.5,257.99850000000004,1,"P50810F","PF8010050","PM"," "," "," "]
["3834000050034",5003,"CHAMAEROPS","humilis",null,null,"90/110L",null,"1 bleu","175/200 nacional",null,null,null,null,"VRA","Vrac",1," "," ",1," "," ",1,1," "," ",5.1849999999999996,13.5,69.997499999999988,1,"P11520","PI17520090110","PM"," "," "," "]
["3834000050089",5008,"CHAMAEROPS","humilis Cerifera","février",null,"130/230L",null,"1 jaune","100/125",null,null,null,null,"VRA","Vrac",1," "," ",1," "," ",1,1," "," ",3.2589999999999999,13.5,43.996499999999997,1,"P2301015","PCC100125230","PM"," "," "," "]
["3834000050096",5009,"CHAMAEROPS","humilis Cerifera","février",null,"285L",null,"1 rouge","150/175",null,null,null,null,"VRA","Vrac",1," "," ",1," "," ",1,1," "," ",2.37,13.5,31.995000000000001,1,"P28515","PCC150200285","PM"," "," "," "]
["3834000050102",5010,"CHAMAEROPS","humilis Cerifera","février",null,"285L",null,"1 bleu","175/200",null,null,null,null,"VRA","Vrac",1," "," ",1," "," ",1,1," "," ",2.37,13.5,31.995000000000001,1,"P28517","PCC175200285","PM"," "," "," "]
["3834000050133",5013,"OLEA","europaea",null,null,"CTM","tronc vieux extra","nuage","A",null,null,null,null,"VRA","Vrac",1," "," ",1," "," ",1,1," "," ",1.4810000000000001,13.5,19.993500000000001,1,"OLGVA","OLEA GVACTM","PM"," "," "," "]
["3834000050140",5014,"OLEA","europaea",null,null,"CTM","tronc vieux extra","nuage","B",null,null,null,null,"VRA","Vrac",1," "," ",1," "," ",1,1," "," ",1.4810000000000001,13.5,19.993500000000001,1,"OLGVB","OLEA GVBCTM","PM"," "," "," "]
["3834000064635",6463,"BRAHEA","armata",null,"50","50L",null,null,"80/100",null,null,null,null,"VRA","Vrac",1," "," ",1," "," ",1,1," "," ",19.111000000000001,13.5,257.99850000000004,1,"BRAST010","Brahea armata STC10","PM"," "," "," "]
["3834000065496",6548,"YUCCA","rostrata Extra",null,null,"90L",null,"2 bleu","35/40T",null,null,null,null,"VRA","Vrac",1," "," ",1," "," ",1,1," "," ",27.407,13.5,369.99450000000002,1,"A2BLEU","ADAS2BLEU","PM"," "," "," ","Notre Sélection"]
["3834000050201",5020,"OLEA","europaea",null,null,"CTR/CTM","regional","exemplaire","90/100P",null,null,null,null,"VRA","Vrac",1," "," ",1," "," ",1,1," "," ",1.333,13.5,17.9955,1,"OLYR90","OLEA YR90100","PM"," "," "," "]
["3834000050218",5021,"OLEA","europaea",null,null,"CTR/CTM","regional","exemplaire","100/120P",null,null,null,null,"VRA","Vrac",1," "," ",1," "," ",1,1," "," ",1.333,13.5,17.9955,1,"OLYR10","OLEA YRC100120","PM"," "," "," ","Notre Sélection"]
["3834000050225",5022,"OLEA","europaea",null,null,"CTR/CTM","regional","exemplaire","120/140P",null,null,null,null,"VRA","Vrac",1," "," ",1," "," ",1,1," "," ",1.333,13.5,17.9955,1,"OLYR12","OLEA YRC120140","PM"," "," "," "]
["3834000050232",5023,"TRACHYCARPUS","fortunei",null,null,"160/230L",null,"1 orange  2 orange","200/220T",null,null,null,null,"VRA","Vrac",1," "," ",1," "," ",1,1," "," ",3.2589999999999999,13.5,43.996499999999997,1,"PQ230206","PQDB20022645","PM"," "," "," "]
["3834000057323",5732,"PHOENIX","canariensis",null,null,"CTR",null,"2 blanc","90/100T",null,null,null,null,"VRA","Vrac",1," "," ",1," "," ",1,1," "," ",2.37,13.5,31.995000000000001,1,"PHOEC90","PHOENIC ST90","PM"," "," "," "]
["3834000057330",5733,"PHOENIX","canariensis",null,null,"CTR",null,null,"100/110T",null,null,null,null,"VRA","Vrac",1," "," ",1," "," ",1,1," "," ",0.22,13.5,2.97,1,"PHOEC100","PHOENIC STA100","PM"," "," "," ","Notre Sélection"]
["3834000057347",5734,"PHOENIX","canariensis",null,null,"CTR",null,null,"110/120T",null,null,null,null,"VRA","Vrac",1," "," ",1," "," ",1,1," "," ",2.37,13.5,31.995000000000001,1,"PHOEC110","PHOENIC STA110","PM"," "," "," "]
["3834000057354",5735,"PHOENIX","dactylifera",null,null,"CTM","Prix du mètre de stipe","specimen",null,null,null,null,null,"VRA","Vrac",1," "," ",1," "," ",1,1," "," ",0.44400000000000001,13.5,5.9939999999999998,1,"PHOECAMT","PHOENICA STZMETRE","PM"," "," "," "]
["3834000057439",5743,"STRELITZIA","reginae",null,null,"50L",null,"touffe",null,null,null,null,null,"VRA","Vrac",1," "," ",1," "," ",1,1," "," ",19.111000000000001,13.5,257.99850000000004,1,"P50810F","PF8010050","PM"," "," "," "]
["3834000069326",6932,"OLEA","europaea",null,"60","coupe bonsai terra cotta D60","mini bonsai",null,null,null,null,null,null,"VRA","Vrac",1," "," ",1," "," ",1,1," "," ",19.111000000000001,13.5,257.99850000000004,1,"OLDBC60T","OLEA KACOUPEA60TC","PM"," "," "," "]
["3834000059440",5944,"CORDYLINE","indivisa",null,"40","35L",null,"grupo","125/150",null,null,null,"http://www.palmacea.com/wp-content/uploads/2016/11/PM_5944_Cordyline_indivisa_35L_grupo_125-150-b.jpg","VRA","Vrac",1," "," ",1," "," ",1,1," "," ",27.407,13.5,369.99450000000002,1,"P35680","PF608035","PM"," "," "," ","Notre Sélection"]
["3834000059693",5969,"YUCCA","rostrata Extra",null,null,"35L","tronc 25/35T","2 blanc","60/70",null,null,null,null,"VRA","Vrac",1," "," ",1," "," ",1,1," "," ",27.407,13.5,369.99450000000002,1,"A2BLANC","ADAA2BLANCS","PM"," "," "," ","Notre Sélection"]
["3834000058719",5871,"OLEA","europaea",null,"34","25L","hauteur tronc 40/50 par 300 plantes","1/4 tige libre","14/+P",null,null,null,null,"VRA","Vrac",1," "," ",1," "," ",1,1," "," ",37.036999999999999,13.5,499.99950000000001,1,"OLIPP011","OLEA IABPDB1425","PM"," "," "," "]
["3834000058719",5871,"OLEA","europaea",null,"34","25L","hauteur tronc 40/50 par 300 plantes","1/4 tige libre","14/+P",null,null,null,null,"VRA","Vrac",1," "," ",1," "," ",1,1," "," ",37.036999999999999,13.5,499.99950000000001,1,"OLIPP011","OLEA IABPDB1425","PM"," "," "," "]
["3834000058719",5871,"OLEA","europaea",null,"34","25L","hauteur tronc 40/50 par 300 plantes","1/4 tige libre","14/+P",null,null,null,null,"VRA","Vrac",1," "," ",1," "," ",1,1," "," ",37.036999999999999,13.5,499.99950000000001,1,"OLIPP011","OLEA IABPDB1425","PM"," "," "," "]
["3834000060460",6046,"AGAPANTHUS","africanus Azul",null,null,"15L",null,"touffe","50/60",null,null,null,null,"VRA","Vrac",1," "," ",1," "," ",1,1," "," ",96.444000000000003,13.5,1301.9940000000001,1,"A1550","AA506015","PM"," "," "," "]
["3834000060484",6048,"ACCA","sellowiana",null,"35","30L",null,"touffe","80/100",null,null,null,null,"VRA","Vrac",1," "," ",1," "," ",1,1," "," ",60,13.5,810,1,"A2580","AB8010025","PM"," "," "," ","Notre Sélection"]
["3834000060507",6050,"MYRTUS","communis",null,"CT 30","15L",null,"touffe","40/60",null,null,null,null,"VRA","Vrac",1," "," ",1," "," ",1,1," "," ",96.444000000000003,13.5,1301.9940000000001,1,"A1380","AA8010013","PM"," "," "," "]
["3834000060606",6060,"YUCCA","gloriosa",null,"CT 30","15L",null,"touffe",null,null,null,null,null,"VRA","Vrac",1," "," ",1," "," ",1,1," "," ",96.444000000000003,13.5,1301.9940000000001,1,"A13","AA13","PM"," "," "," "]
["3834000060613",6061,"YUCCA","gloriosa Variegata",null,"CT 30","15L",null,"touffe",null,null,null,null,null,"VRA","Vrac",1," "," ",1," "," ",1,1," "," ",96.444000000000003,13.5,1301.9940000000001,1,"A13","AA13","PM"," "," "," "]
["3834000062822",6282,"OLEA","europaea",null,null,"65/70L","nuage","pompon","100/125",null,null,null,null,"VRA","Vrac",1," "," ",1," "," ",1,1," "," ",8.1479999999999997,13.5,109.99799999999999,1,"OLGWA10","OLEA GWA10","PM"," "," "," ","Notre Sélection"]
["3834000005614",5611,"OLEA","europaea",null,"34","25L","hauteur tronc 40/50 par 52 plantes","1/4 tige bola","14/+P",null,null,null,null,"VRA","Vrac",1," "," ",1," "," ",1,1," "," ",59.259,13.5,799.99649999999997,1,"OILP010D","OLEA IABPDBB14A25","PM"," "," "," "]
["3834000005614",5611,"OLEA","europaea",null,"34","25L","hauteur tronc 40/50 par 52 plantes","1/4 tige bola","14/+P",null,null,null,null,"VRA","Vrac",1," "," ",1," "," ",1,1," "," ",59.259,13.5,799.99649999999997,1,"OILP010D","OLEA IABPDBB14A25","PM"," "," "," "]
["3834000005614",5611,"OLEA","europaea",null,"34","25L","hauteur tronc 40/50 par 52 plantes","1/4 tige bola","14/+P",null,null,null,null,"VRA","Vrac",1," "," ",1," "," ",1,1," "," ",59.259,13.5,799.99649999999997,1,"OILP010D","OLEA IABPDBB14A25","PM"," "," "," "]
["3834000053127",5312,"OLEA","europaea",null,null,"160/180/285L","écorce lisse tronc haut multi ramas","exemplaire","40/50P",null,null,null,null,"VRA","Vrac",1," "," ",1," "," ",1,1," "," ",5.1849999999999996,13.5,69.997499999999988,1,"OLIP40MB","OLEA IPAMBR4050130","PM"," "," "," ","Notre Sélection"]
["3834000053134",5313,"OLEA","europaea",null,null,"160/180/285L","écorce lisse tronc haut multi ramas","exemplaire","50/60P",null,null,null,null,"VRA","Vrac",1," "," ",1," "," ",1,1," "," ",5.1849999999999996,13.5,69.997499999999988,1,"OLIP50MB","OLEA IPAMBR5060130","PM"," "," "," ","Notre Sélection"]
["3834000053141",5314,"TRACHYCARPUS","fortunei",null,null,"230L",null,null,"240/250T",null,null,null,null,"VRA","Vrac",1," "," ",1," "," ",1,1," "," ",3.2589999999999999,13.5,43.996499999999997,1,"PQ230225","PQDB22525045","PM"," "," "," "]
["3834000053219",5321,"OLEA","europaea",null,"90","coupe bonsai terra cotta D90","mini bonsai","semi-exemplaire","40/60P",null,null,null,null,"VRA","Vrac",1," "," ",1," "," ",1,1," "," ",5.1849999999999996,13.5,69.997499999999988,1,"OLDB90AT","OLEA KACOUPEB90TC","PM"," "," "," "]
["3834000060057",6005,"CYCAS","revoluta",null,null,"CTR",null,"1 bleu","20/30T",null,null,null,null,"VRA","Vrac",1," "," ",1," "," ",1,1," "," ",27.407,13.5,369.99450000000002,1,"CY2030T","CYCAS A2030T","PM"," "," "," "]
["3834000060064",6006,"CYCAS","revoluta",null,null,"CTR",null,"2 bleu","30/40T",null,null,null,null,"VRA","Vrac",1," "," ",1," "," ",1,1," "," ",27.407,13.5,369.99450000000002,1,"CY3040T","CYCAS A3040T","PM"," "," "," "]
["3834000060071",6007,"CYCAS","revoluta",null,null,"CTR",null,"1 violet","40/50T",null,null,null,null,"VRA","Vrac",1," "," ",1," "," ",1,1," "," ",27.407,13.5,369.99450000000002,1,"CY4050T","CYCAS A4050T","PM"," "," "," "]
["3834000060088",6008,"CYCAS","revoluta",null,null,"CTR",null,"2 violet","50/60T",null,null,null,null,"VRA","Vrac",1," "," ",1," "," ",1,1," "," ",27.407,13.5,369.99450000000002,1,"CY5060T","CYCAS A5060T","PM"," "," "," "]
["3834000060095",6009,"CYCAS","revoluta",null,null,"CTR",null,"1 rouge","60/70T",null,null,null,null,"VRA","Vrac",1," "," ",1," "," ",1,1," "," ",27.407,13.5,369.99450000000002,1,"CY6070T","CYCAS A6070T","PM"," "," "," "]
["3834000060101",6010,"CYCAS","revoluta",null,null,"CTR",null,"2 rouge","70/80T",null,null,null,null,"VRA","Vrac",1," "," ",1," "," ",1,1," "," ",27.407,13.5,369.99450000000002,1,"CY7080T","CYCAS A7080T","PM"," "," "," "]
["3834000060118",6011,"CYCAS","revoluta",null,null,"CTR",null,"1 blanc","80/90T",null,null,null,null,"VRA","Vrac",1," "," ",1," "," ",1,1," "," ",27.407,13.5,369.99450000000002,1,"CY8090T","CYCAS A8090T","PM"," "," "," "]
["3834000060125",6012,"CYCAS","revoluta",null,null,"CTR",null,"2 blanc","90/100T",null,null,null,null,"VRA","Vrac",1," "," ",1," "," ",1,1," "," ",27.407,13.5,369.99450000000002,1,"CY90100T","CYCAS A90100T","PM"," "," "," "]
["3834000060132",6013,"CYCAS","revoluta",null,null,"CTR",null,null,"100/110T",null,null,null,null,"VRA","Vrac",1," "," ",1," "," ",1,1," "," ",27.407,13.5,369.99450000000002,1,"CY101T","CYCAS AB100110T","PM"," "," "," "]
["3834000060149",6014,"CYCAS","revoluta",null,null,"CTR",null,null,"110/120T",null,null,null,null,"VRA","Vrac",1," "," ",1," "," ",1,1," "," ",27.407,13.5,369.99450000000002,1,"CY102T","CYCAS AB110120T","PM"," "," "," "]
["3834000072524",7252,"CHAMAEROPS","humilis",null,null,"35L",null,null,"60/80",null,null,null,null,"VRA","Vrac",1," "," ",1," "," ",1,1," "," ",27.407,13.5,369.99450000000002,1,"P3550","PC506035","PM"," "," "," "]
["3834000065700",6570,"BOUGAINVILLEA","",null,null,"Pot chinois","Ruban bleu","specimen",null,null,null,null,null,"VRA","Vrac",1," "," ",1," "," ",1,1," "," ",2.37,13.5,31.995000000000001,1,"BGSPECB","BOUGCSPECIBLEU","PM"," "," "," "]
["3834000057248",5724,"OLEA","europaea",null,null,"CTR/CTM","regional","exemplaire","140/160P",null,null,null,null,"VRA","Vrac",1," "," ",1," "," ",1,1," "," ",1.333,13.5,17.9955,1,"OLYR12","OLEA YRC120140","PM"," "," "," "]
["3834000057255",5725,"OLEA","europaea",null,null,"CTR/CTM","regional","exemplaire","160/180P",null,null,null,null,"VRA","Vrac",1," "," ",1," "," ",1,1," "," ",1.333,13.5,17.9955,1,"OLYR12","OLEA YRC120140","PM"," "," "," "]
["3834000057262",5726,"OLEA","europaea",null,null,"CTR/CTM","regional","exemplaire","180/200P",null,null,null,null,"VRA","Vrac",1," "," ",1," "," ",1,1," "," ",1.333,13.5,17.9955,1,"OLYR12","OLEA YRC120140","PM"," "," "," "]
["3834000057279",5727,"OLEA","europaea",null,null,"CTR/CTM","regional","exemplaire","200/220P",null,null,null,null,"VRA","Vrac",1," "," ",1," "," ",1,1," "," ",1.333,13.5,17.9955,1,"OLYR12","OLEA YRC120140","PM"," "," "," "]
["3834000065717",6571,"BOUGAINVILLEA","",null,null,"Pot chinois","Ruban rose","specimen",null,null,null,null,null,"VRA","Vrac",1," "," ",1," "," ",1,1," "," ",2.37,13.5,31.995000000000001,1,"BGSPECR","BOUGESPECIROSE","PM"," "," "," "]
["3834000067728",6572,"BOUGAINVILLEA","",null,null,"Pot chinois","Ruban violet","specimen",null,null,null,null,null,"VRA","Vrac",1," "," ",1," "," ",1,1," "," ",2.37,13.5,31.995000000000001,1,"BGSPECV","BOUGGSPECIVIOLET","PM"," "," "," "]
["3834000063942",6394,"OLEA","europaea",null,null,"160L","écorce lisse tronc haut multi ramas","exemplaire","30/40P",null,null,null,null,"VRA","Vrac",1," "," ",1," "," ",1,1," "," ",5.1849999999999996,13.5,69.997499999999988,1,"OLIP30MB","OLEA IPAMBR3040130","PM"," "," "," "]
["3834000069333",6933,"OLEA","europaea",null,"34","25L","hauteur tronc 40/50","1/4 tige bola","14/+P",null,null,null,null,"VRA","Vrac",1," "," ",1," "," ",1,1," "," ",37.036999999999999,13.5,499.99950000000001,1,"OILP010E","OLEA IABPDBB14B25","PM"," "," "," "]
["3834000072821",7282,"TRACHYCARPUS","fortunei",null,null,"90/110L","stipe taillé","1 vert   2 vert","120/140T",null,null,null,null,"VRA","Vrac",1," "," ",1," "," ",1,1," "," ",6.2960000000000003,13.5,84.996000000000009,1,"PQ90125","PQDA12515045","PM"," "," "," "]
["3834000065427",6542,"OLEA","europaea",null,null,"160L","Bonsai par camion complet 45/50 plantes","exemplaire","60/80P",null,null,null,null,"VRA","Vrac",1," "," ",1," "," ",1,1," "," ",3.7040000000000002,13.5,50.004000000000005,1,"OLK68","OLEA KD60/80CTR","PM"," "," "," "]
["3834000063904",6390,"YUCCA","rostrata Extra",null,null,"90L",null,"1 bleu","30/35T",null,null,null,null,"VRA","Vrac",1," "," ",1," "," ",1,1," "," ",27.407,13.5,369.99450000000002,1,"A1BLEU","ADAS1BLEU","PM"," "," "," "]
["3834000065359",6535,"TRITHRINAX","campestris",null,"25","10L",null,null,"30/40",null,null,null,null,"VRA","Vrac",1," "," ",1," "," ",1,1," "," ",148.148,13.5,1999.998,1,"P1060","PA608010","PM"," "," "," "]
["3834000072531",7253,"CHAMAEROPS","humilis",null,null,"35L",null,null,"100/125",null,null,null,null,"VRA","Vrac",1," "," ",1," "," ",1,1," "," ",27.407,13.5,369.99450000000002,1,"P359095","PC909535","PM"," "," "," "]
["3834000069364",6936,"OLEA","europaea",null,"34","25L","hauteur tronc 40/50 par 300 plantes","1/4 tige bola","14/+P",null,null,null,null,"VRA","Vrac",1," "," ",1," "," ",1,1," "," ",37.036999999999999,13.5,499.99950000000001,1,"OILP010C","OLEA IABPDBB1425","PM"," "," "," "]
["3834000072548",7254,"JUBAEA","chilensis",null,null,"70L",null,null,"20/30T",null,null,null,null,"VRA","Vrac",1," "," ",1," "," ",1,1," "," ",15.926,13.5,215.001,1,"PQ6520","PQF203065","PM"," "," "," "]
["3834000072838",7283,"TRACHYCARPUS","fortunei",null,null,"70/90L","stipe taillé","1 jaune  2 jaune","100/120T",null,null,null,null,"VRA","Vrac",1," "," ",1," "," ",1,1," "," ",6.67,13.5,90.045000000000002,1,"TCYTA120","TRACHY STZCPTMETRETAILLE120","PM"," "," "," "]
["3834000072845",7284,"TRACHYCARPUS","fortunei",null,null,"90/110L","stipe taillé","1 violet 1 rouge","140/160T",null,null,null,null,"VRA","Vrac",1," "," ",1," "," ",1,1," "," ",7.851,13.5,105.9885,1,"TCYTA160","TRACHY STZCPTMETRETAILLE160","PM"," "," "," "]
["3834000066783",6678,"CITRUS","microcitrus",null,null,"15L",null,null,null,null,null,null,null,"VRA","Vrac",1," "," ",1," "," ",1,1," "," ",96.444000000000003,13.5,1301.9940000000001,1,"A15607","AA607015","PM"," "," "," "]
["3834000070933",7093,"PHOENIX","canariensis",null,null,"CTM","Prix du mètre de stipe","stipe taillé",null,null,null,null,null,"VRA","Vrac",1," "," ",1," "," ",1,1," "," ",0.44400000000000001,13.5,5.9939999999999998,1,"PHOECAMT","PHOENICA STZMETRE","PM"," "," "," "]
["3834000072340",7234,"BUTIA","capitata",null,"45","46L",null,null,"20/25T",null,"125/150",null,null,"VRA","Vrac",1," "," ",1," "," ",1,1," "," ",27.407,13.5,369.99450000000002,1,"BUST0020","Butia capit STB20","PM"," "," "," "]
["3834000072357",7235,"BUTIA","capitata","février",null,"230/285L",null,"2 stipes","80/100T",null,null,null,null,"VRA","Vrac",1," "," ",1," "," ",1,1," "," ",2.9620000000000002,13.5,39.987000000000002,1,"BUST0060","Butia capit STG60","PM"," "," "," "]
["3834000060316",6031,"OLEA","europaea",null,null,"CTM","N°6","Nuage specimen","270/280P",null,null,null,null,"VRA","Vrac",1," "," ",1," "," ",1,1," "," ",0.88900000000000001,13.5,12.0015,1,"OLGWT1","OLEA GW1TOCTM","PM"," "," "," "]
["3834000060323",6032,"OLEA","europaea",null,null,"CTM","N°7","Nuage specimen","280/290P",null,null,null,null,"VRA","Vrac",1," "," ",1," "," ",1,1," "," ",0.88900000000000001,13.5,12.0015,1,"OLGWT2","OLEA GW2TOCTM","PM"," "," "," "]
["3834000060330",6033,"OLEA","europaea",null,null,"CTM","N°5","Nuage specimen","280/290P",null,null,null,null,"VRA","Vrac",1," "," ",1," "," ",1,1," "," ",0.88900000000000001,13.5,12.0015,1,"OLGWT3","OLEA GW3TOCTM","PM"," "," "," "]
["3834000060347",6034,"OLEA","europaea",null,null,"CTM","N°4","Nuage specimen","320/330P",null,null,null,null,"VRA","Vrac",1," "," ",1," "," ",1,1," "," ",0.88900000000000001,13.5,12.0015,1,"OLGWT4","OLEA GW4TOCTM","PM"," "," "," "]
["3834000060354",6035,"OLEA","europaea",null,null,"CTM","N°2","Nuage specimen","390/400P",null,null,null,null,"VRA","Vrac",1," "," ",1," "," ",1,1," "," ",0.88900000000000001,13.5,12.0015,1,"OLGWT7","OLEA GW7TOCTM","PM"," "," "," "]
["3834000060361",6036,"OLEA","europaea",null,null,"CTM","N°1","Nuage specimen","360/370P",null,null,null,null,"VRA","Vrac",1," "," ",1," "," ",1,1," "," ",0.88900000000000001,13.5,12.0015,1,"OLGWT5","OLEA GW5TOCTM","PM"," "," "," "]
["3834000060378",6037,"OLEA","europaea",null,null,"CTM","N°3","Nuage specimen","370P",null,null,null,null,"VRA","Vrac",1," "," ",1," "," ",1,1," "," ",0.88900000000000001,13.5,12.0015,1,"OLGWT6","OLEA GW6TOCTM","PM"," "," "," "]
["3834000071688",7168,"NERIUM","oleander Rouge simple","février","40","35L",null,null,"80/100",null,null,null,null,"VRA","Vrac",1," "," ",1," "," ",1,1," "," ",27.407,13.5,369.99450000000002,1,"P35680","PF608035","VV"," "," "," "]
["3834000065687",6568,"OLEA","europaea",null,null,"160L","bonsai","exemplaire","60/80P",null,null,null,null,"VRA","Vrac",1," "," ",1," "," ",1,1," "," ",3.7040000000000002,13.5,50.004000000000005,1,"OLKD60","OLEA KDA60/125 B","PM"," "," "," "]
["3834000066370",6637,"BRAHEA","armata",null,null,"CTR",null,null,"60/80T",null,null,null,null,"VRA","Vrac",1," "," ",1," "," ",1,1," "," ",8.1479999999999997,13.5,109.99799999999999,1,"BRAST060","Brahea armata STF60","PM"," "," "," "]
["3834000066387",6638,"BRAHEA","armata",null,null,"CTR",null,null,"80/100T",null,null,null,null,"VRA","Vrac",1," "," ",1," "," ",1,1," "," ",8.1479999999999997,13.5,109.99799999999999,1,"BRAST080","Brahea armata STF80","PM"," "," "," "]
["3834000066394",6639,"BRAHEA","armata",null,null,"CTM","Prix du mètre de stipe","specimen","100/+T",null,null,null,null,"VRA","Vrac",1," "," ",1," "," ",1,1," "," ",0.44400000000000001,13.5,5.9939999999999998,1,"BRASTMT","Brahea armata STG100 MT","PM"," "," "," "]
["3834000072647",7264,"OLEA","europaea","février",null,"180L","écorce lisse marron","exemplaire","50/60P",null,null,null,null,"VRA","Vrac",1," "," ",1," "," ",1,1," "," ",3.7040000000000002,13.5,50.004000000000005,1,"OLIP50MN","OLEA IPAMBRR5060180","PM"," "," "," ","Notre Sélection"]
["3834000072654",7265,"OLEA","europaea","février",null,"180L","écorce lisse marron","exemplaire","60/70P",null,null,null,null,"VRA","Vrac",1," "," ",1," "," ",1,1," "," ",3.7040000000000002,13.5,50.004000000000005,1,"OLIP60MN","OLEA IPAMBRR6070180","PM"," "," "," ","Notre Sélection"]
["3834000072661",7266,"OLEA","europaea","février",null,"180L","écorce lisse marron","exemplaire","70/80P",null,null,null,null,"VRA","Vrac",1," "," ",1," "," ",1,1," "," ",3.7040000000000002,13.5,50.004000000000005,1,"OLIP70MN","OLEA IPAMBRR7080180","PM"," "," "," "]
["3834000072388",7238,"OLEA","europaea",null,null,"230/285L","Régional ramificado","exemplaire","40/50P",null,null,null,null,"VRA","Vrac",1," "," ",1," "," ",1,1," "," ",1.9259999999999999,13.5,26.000999999999998,1,"OLYRA40","OLEA YAR4050","PM"," "," "," "]
["3834000072395",7239,"OLEA","europaea",null,null,"230/285L","Régional ramificado","exemplaire","50/60P",null,null,null,null,"VRA","Vrac",1," "," ",1," "," ",1,1," "," ",1.9259999999999999,13.5,26.000999999999998,1,"OLYRA50","OLEA YAR5060","PM"," "," "," "]
["3834000072401",7240,"OLEA","europaea",null,null,"230/285L","Régional ramificado","exemplaire","60/70P",null,null,null,null,"VRA","Vrac",1," "," ",1," "," ",1,1," "," ",1.9259999999999999,13.5,26.000999999999998,1,"OLYRA60","OLEA YAR6070","PM"," "," "," "]
["3834000072418",7241,"OLEA","europaea",null,null,"230/285L","Régional ramificado","exemplaire","70/80P",null,null,null,null,"VRA","Vrac",1," "," ",1," "," ",1,1," "," ",1.9259999999999999,13.5,26.000999999999998,1,"OLYRA70","OLEA YAR7080","PM"," "," "," ","Notre Sélection"]
["3834000072425",7242,"OLEA","europaea",null,null,"230/285L","Régional ramificado","exemplaire","80/90P",null,null,null,null,"VRA","Vrac",1," "," ",1," "," ",1,1," "," ",1.9259999999999999,13.5,26.000999999999998,1,"OLYRA80","OLEA YAR8090","PM"," "," "," "]
["3834000072432",7243,"OLEA","europaea",null,null,"230/285L","Régional ramificado","exemplaire","90/100P",null,null,null,null,"VRA","Vrac",1," "," ",1," "," ",1,1," "," ",1.9259999999999999,13.5,26.000999999999998,1,"OLYRA90","OLEA YAR90100","PM"," "," "," "]
["3834000072449",7244,"OLEA","europaea",null,null,"230/285L","Régional ramificado","exemplaire","100/110P",null,null,null,null,"VRA","Vrac",1," "," ",1," "," ",1,1," "," ",1.9259999999999999,13.5,26.000999999999998,1,"OLYRA100","OLEA YARA100110","PM"," "," "," "]
["3834000071824",7182,"OLEA","europaea",null,null,"160L","Tortuga ramificado","exemplaire","40/50P",null,null,null,null,"VRA","Vrac",1," "," ",1," "," ",1,1," "," ",5.1849999999999996,13.5,69.997499999999988,1,"OLIP40MR","OLEA IPAMR4050130","PM"," "," "," "]
["3834000071831",7183,"OLEA","europaea",null,null,"160L","Tortuga ramificado","exemplaire","50/60P",null,null,null,null,"VRA","Vrac",1," "," ",1," "," ",1,1," "," ",5.1849999999999996,13.5,69.997499999999988,1,"OLIP40MR","OLEA IPAMR4050130","PM"," "," "," "]
["3834000071855",7185,"OLEA","europaea",null,"30","15L",null,"1/4 tige bola",null,null,null,null,"http://www.palmacea.com/wp-content/uploads/2017/10/PM_7185_Olea_europaea_15L_1-4-tige-bola.jpg","VRA","Vrac",1," "," ",1," "," ",1,1," "," ",96.444000000000003,13.5,1301.9940000000001,1,"DC15B","DCE15","PM"," "," "," ","Notre Sélection"]
["3834000071862",7186,"OLEA","europaea",null,"30","coupe D30",null,"1/4 tige bola",null,null,null,null,"http://www.palmacea.com/wp-content/uploads/2017/10/PM_7186_Olea_europaea_coupe-D30_1-4-tige-bola.jpg","VRA","Vrac",1," "," ",1," "," ",1,1," "," ",96.444000000000003,13.5,1301.9940000000001,1,"DC15B","DCE15","PM"," "," "," ","Notre Sélection"]
["3834000065564",6556,"OLEA","europaea",null,null,"230/285L","écorce lisse multi ramas extra","nuage","60/70P",null,null,null,null,"VRA","Vrac",1," "," ",1," "," ",1,1," "," ",1.9259999999999999,13.5,26.000999999999998,1,"OLGVA40","OLEA GVAA4060285","PM"," "," "," "]
["3834000065571",6557,"OLEA","europaea",null,null,"230/285L","écorce lisse multi ramas extra","nuage","70/80P",null,null,null,null,"VRA","Vrac",1," "," ",1," "," ",1,1," "," ",2.37,13.5,31.995000000000001,1,"OLGVA40","OLEA GVAA4060285","PM"," "," "," "]
["3834000065588",6558,"OLEA","europaea",null,null,"230/285L","écorce lisse multi ramas extra","nuage","80/90P",null,null,null,null,"VRA","Vrac",1," "," ",1," "," ",1,1," "," ",2.37,13.5,31.995000000000001,1,"OLGVA40","OLEA GVAA4060285","PM"," "," "," ","Notre Sélection"]
["3834000065595",6559,"OLEA","europaea",null,null,"CTM","écorce lisse multi ramas extra","nuage","80/90P",null,null,null,null,"VRA","Vrac",1," "," ",1," "," ",1,1," "," ",1.9259999999999999,13.5,26.000999999999998,1,"OLGVA40","OLEA GVAA4060285","PM"," "," "," "]
["3834000065601",6560,"OLEA","europaea",null,null,"230/285L","écorce lisse multi ramas extra","nuage","90/100P",null,null,null,null,"VRA","Vrac",1," "," ",1," "," ",1,1," "," ",2.37,13.5,31.995000000000001,1,"OLGVA40","OLEA GVAA4060285","PM"," "," "," "]
["3834000065618",6561,"OLEA","europaea",null,null,"CTM","écorce lisse multi ramas extra","nuage","90/100P",null,null,null,null,"VRA","Vrac",1," "," ",1," "," ",1,1," "," ",1.9259999999999999,13.5,26.000999999999998,1,"OLGVA40","OLEA GVAA4060285","PM"," "," "," "]
["3834000065625",6562,"OLEA","europaea",null,null,"285/375L","écorce lisse multi ramas extra","nuage","100/110P",null,null,null,null,"VRA","Vrac",1," "," ",1," "," ",1,1," "," ",1.9259999999999999,13.5,26.000999999999998,1,"OLGVA40","OLEA GVAA4060285","PM"," "," "," "]
["3834000065632",6563,"OLEA","europaea",null,null,"CTM","écorce lisse multi ramas extra","nuage","100/110P",null,null,null,null,"VRA","Vrac",1," "," ",1," "," ",1,1," "," ",1.9259999999999999,13.5,26.000999999999998,1,"OLGVA40","OLEA GVAA4060285","PM"," "," "," "]
["3834000065649",6564,"OLEA","europaea",null,null,"285/375L","écorce lisse multi ramas extra","nuage","110/140P",null,null,null,null,"VRA","Vrac",1," "," ",1," "," ",1,1," "," ",1.9259999999999999,13.5,26.000999999999998,1,"OLGVA40","OLEA GVAA4060285","PM"," "," "," "]
["3834000065656",6565,"OLEA","europaea",null,null,"CTM","écorce lisse multi ramas extra","nuage","110/140P",null,null,null,null,"VRA","Vrac",1," "," ",1," "," ",1,1," "," ",1.9259999999999999,13.5,26.000999999999998,1,"OLGVA40","OLEA GVAA4060285","PM"," "," "," "]
["3834000065663",6566,"OLEA","europaea",null,null,"285/375L","écorce lisse multi ramas extra","nuage","140P",null,null,null,null,"VRA","Vrac",1," "," ",1," "," ",1,1," "," ",1.9259999999999999,13.5,26.000999999999998,1,"OLGVA40","OLEA GVAA4060285","PM"," "," "," "]
["3834000065670",6567,"OLEA","europaea",null,null,"CTM","écorce lisse multi ramas extra","nuage","140P",null,null,null,null,"VRA","Vrac",1," "," ",1," "," ",1,1," "," ",1.9259999999999999,13.5,26.000999999999998,1,"OLGVA40","OLEA GVAA4060285","PM"," "," "," "]
["Total",null,null,null,null,null,null,null,null,null,null,null,null,null,null,null,null,null,null,null,null,null,null,null,null,null,null,null,null,null,null,null,null,null,null,null,{"$f":"SUBTOTAL(103,Tableau_Lancer_la_requête_à_partir_de_PALMACEA4462457891011[NOTRE_SELECTION])","v":32}]

{"sheet":"FV Tarif_FA","index":6,"n_rows":188,"n_cols":37,"rows_kept":188,"cut":false,"hidden":false,"merged":[[15,7,15,8],[11,11,11,34],[12,10,12,11],[12,12,12,34],[6,11,6,34],[7,11,7,34],[8,11,8,34],[9,10,9,34],[10,11,10,14],[10,16,10,34]]}
[]
[]
[]
[]
[null,null,null,null,null,null,null,"Retrouvez en italique Notre Sélection",null,null,"Fournisseur :","PM"]
[null,null,"Pascal HABAULT : acheteur / commercial"]
[null,null," Tél : 06 21 76 93 63",null,null,null,null,"Espagne",null,null,"TVA INTRA :"]
[null,null,"Isabelle NAULET : administratif / suivi commercial / logistique ",null,null,null,null,"PALMACEA vous propose en direct,  un grand choix de végétaux issu de ses producteurs",null,null,"Client :"]
[null,null," Tél : 06 23 38 03 49",null,null,null,null,"Prix départ, tarif transport sur demande",null,null,"Adresse :"]
[null,null,"Fax : 00 33 4 26 30 35 44"]
[null,null,"Mail : contact@palmacea.com",null,null,null,null,null,null,null,"Tél :",null,null,null,null,"Fax :"]
[null,null,null,null,null,null,null,null,null,null,"Mail :"]
[null,null,null,null,null,null,null,null,null,null,"Semaine de livraison :"]
[]
[]
["Code barre ","Code","Genre","Espèce Variété","Etat","Diam pot","Litrage","Présentation ",null,"Taille","Diam tête","HT total","Parcelle","Photo","Conditionnement","Conditionnement","Qte cond","Votre cde","Tarif départ ","Qte cond","Votre cde ","Tarif départ ","Nb cond","Qte cond total","Votre cde","Tarif départ ","Nb de cond ou plantes par ML","Metrage camion","Qte plt / camion","Cond / default","Code pour tri","pour tri","Initiale fournisseur","Montant Cde","PV TTC","Métrage"]
["CODE_BARRE","CODE","GENRE","ESPECE_VARIETE","ETAT","DIAM_POT","LITRAGE","PRESENTATION","PRESENTATION2","TAILLE","DIAM_TETE","HT_TOTAL","PARCELLE","IMAGE","CONDITION","CONDITION3","QTE_COND","VOTRE_CDE","VOTRE_CDE4","QTE_COND5","VOTRE_CDE6","VOTRE_CDE7","NB_COND","QTE_ROLL","VOTRE_CDE8","VOTRE_CDE9","NB_PLT_CAM","METRAGE_CAM","QTE_PLT_CAM","COND_DEF","CODE_TRI","TRI","INITIAL_FOURN","MONT_CDE","PVTTC","METRAGE","NOTRE_SELECTION"]
["3834000017211",1837,"BRAHEA","armata",null,null,"CTR",null,null,"40/60T",null,null,null,null,"VRA","Vrac",1," "," ",1," "," ",1,1," "," ",9.6300000000000008,13.5,130.00500000000002,1,"BRAST040","Brahea armata STE40","PM"," "," "," "]
["3834000017198",1835,"BUTIA","capitata",null,"45","46L",null,null,"10/20T",null,"100/125",null,null,"VRA","Vrac",1," "," ",1," "," ",1,1," "," ",27.407,13.5,369.99450000000002,1,"BUST0010","Butia capit STB10","PM"," "," "," "]
["3834000021492",2266,"CACTUS","cleistocactus",null,"25","10L",null,null,null,null,null,null,null,"VRA","Vrac",1," "," ",1," "," ",1,1," "," ",148.148,13.5,1999.998,1,"AS10","ASA10","PM"," "," "," "]
["3834000021546",2271,"CACTUS","echinocactus Grunsonii",null,"35","20L",null,null,null,null,null,null,null,"VRA","Vrac",1," "," ",1," "," ",1,1," "," ",66.665999999999997,13.5,899.99099999999999,1,"AS20","ASB20","PM"," "," "," "]
["3834000021508",2267,"CACTUS","myrtillocactus",null,"25","10L",null,null,null,null,null,null,null,"VRA","Vrac",1," "," ",1," "," ",1,1," "," ",148.148,13.5,1999.998,1,"AS10","ASA10","PM"," "," "," "]
["3834000021515",2268,"CACTUS","orecerus",null,"25","10L",null,null,null,null,null,null,null,"VRA","Vrac",1," "," ",1," "," ",1,1," "," ",148.148,13.5,1999.998,1,"AS10","ASA10","PM"," "," "," "]
["3834000021522",2269,"CACTUS","polaskia",null,"25","10L",null,null,null,null,null,null,null,"VRA","Vrac",1," "," ",1," "," ",1,1," "," ",148.148,13.5,1999.998,1,"AS10","ASA10","PM"," "," "," "]
["3834000021539",2270,"CACTUS","pringley",null,"25","10L",null,null,null,null,null,null,null,"VRA","Vrac",1," "," ",1," "," ",1,1," "," ",148.148,13.5,1999.998,1,"AS10","ASA10","PM"," "," "," "]
["3834000017228",1838,"CHAMAEROPS","humilis Cerifera","février",null,"130/230L",null,"1 vert","125/150",null,null,null,null,"VRA","Vrac",1," "," ",1," "," ",1,1," "," ",3.2589999999999999,13.5,43.996499999999997,1,"P230115A","PCC125150130230","PM"," "," "," "]
["3834000017693",1885,"CYCAS","revoluta",null,null,"CTR","Prix du mètre de stipe",null,null,null,null,null,null,"VRA","Vrac",1," "," ",1," "," ",1,1," "," ",27.407,13.5,369.99450000000002,1,"CYMETCTR","CYCAS REVOL STZMETRE","PM"," "," "," "]
["3834000017921",1908,"FICUS","carica",null,null,"CTR",null,"1/2 tige","15/20P",null,null,null,null,"VRA","Vrac",1," "," ",1," "," ",1,1," "," ",12.519,13.5,169.00649999999999,1,"FCA15CTR","FICU CAR DC15CTR","PM"," "," "," "]
["3834000017938",1909,"FICUS","carica",null,null,"CTR",null,"1/2 tige","20/25P",null,null,null,null,"VRA","Vrac",1," "," ",1," "," ",1,1," "," ",12.519,13.5,169.00649999999999,1,"FCA20CTR","FICU CAR DC20CTR","PM"," "," "," "]
["3834000017945",1910,"FICUS","carica",null,null,"CTR",null,"1/2 tige","25/30P",null,null,null,null,"VRA","Vrac",1," "," ",1," "," ",1,1," "," ",9.6300000000000008,13.5,130.00500000000002,1,"FCA25CTR","FICU CAR DC25CTR","PM"," "," "," "]
["3834000024813",2600,"OLEA","europaea",null,"90","coupe bonsai terra cotta D90","bonsai","exemplaire","60/80P",null,null,null,null,"VRA","Vrac",1," "," ",1," "," ",1,1," "," ",2.37,13.5,31.995000000000001,1,"OLDB90BT","OLEA KBCOUPEB90TC","PM"," "," "," "]
["3834000017532",1869,"OLEA","europaea",null,null,"160/180/230L","bonsai","exemplaire","60/80P",null,null,null,null,"VRA","Vrac",1," "," ",1," "," ",1,1," "," ",3.7040000000000002,13.5,50.004000000000005,1,"OLK682","OLEA KDA60/60CTR","PM"," "," "," ","Notre Sélection"]
["3834000017273",1843,"OLEA","europaea","janvier","50","63L","par 5 plantes","semi-exemplaire","20/35P",null,null,null,null,"VRA","Vrac",1," "," ",1," "," ",1,1," "," ",8.1479999999999997,13.5,109.99799999999999,1,"OLIP203","OLEA IP20 C5","PM"," "," "," "]
["3834000024943",2613,"OLEA","europaea","janvier","50","63L","A l'unité","semi-exemplaire","20/35P",null,null,null,null,"VRA","Vrac",1," "," ",1," "," ",1,1," "," ",10.37,13.5,139.99499999999998,1,"OLIP20","OLEA IP2040110","PM"," "," "," ","Notre Sélection"]
["3834000018096",1925,"PHOENIX","canariensis",null,null,"90/130L",null,null,"30/40T",null,null,null,null,"VRA","Vrac",1," "," ",1," "," ",1,1," "," ",9.6300000000000008,13.5,130.00500000000002,1,"PHOEC30","PHOENIC ST30","PM"," "," "," "]
["3834000018102",1926,"PHOENIX","canariensis",null,null,"160L",null,null,"40/50T",null,null,null,null,"VRA","Vrac",1," "," ",1," "," ",1,1," "," ",9.6300000000000008,13.5,130.00500000000002,1,"PHOEC40","PHOENIC ST40","PM"," "," "," "]
["3834000018119",1927,"PHOENIX","canariensis",null,null,"160L",null,null,"50/60T",null,null,null,null,"VRA","Vrac",1," "," ",1," "," ",1,1," "," ",8.1479999999999997,13.5,109.99799999999999,1,"PHOEC50","PHOENIC ST50","PM"," "," "," "]
["3834000018126",1928,"PHOENIX","canariensis",null,null,"285L",null,"1 violet","60/70T",null,null,null,null,"VRA","Vrac",1," "," ",1," "," ",1,1," "," ",5.1849999999999996,13.5,69.997499999999988,1,"PHOEC60","PHOENIC ST60","PM"," "," "," "]
["3834000018133",1929,"PHOENIX","canariensis",null,null,"285L",null,"2 violet","70/80T",null,null,null,null,"VRA","Vrac",1," "," ",1," "," ",1,1," "," ",3.7040000000000002,13.5,50.004000000000005,1,"PHOEC70","PHOENIC ST70","PM"," "," "," "]
["3834000018430",1959,"PHOENIX","canariensis",null,null,"CTR",null,"1 blanc","80/90T",null,null,null,null,"VRA","Vrac",1," "," ",1," "," ",1,1," "," ",2.37,13.5,31.995000000000001,1,"PHOEC80","PHOENIC ST80","PM"," "," "," ","Notre Sélection"]
["3834000007328",831,"PUNICA","granatum",null,"80","160L",null,"exemplaire","70/80P",null,null,null,null,"VRA","Vrac",1," "," ",1," "," ",1,1," "," ",3.7040000000000002,13.5,50.004000000000005,1,"PUNITM70","PUNIC TM70","PM"," "," "," "]
["3834000007311",830,"PUNICA","granatum",null,null,"230/350L",null,"exemplaire","80/90P",null,null,null,null,"VRA","Vrac",1," "," ",1," "," ",1,1," "," ",1.63,13.5,22.004999999999999,1,"PUNITM69","PUNIC TMA6090","PM"," "," "," "]
["3834000017501",1866,"YUCCA","rostrata Extra",null,null,"35L","tronc 10/20T","1 blanc","50/60",null,null,null,null,"VRA","Vrac",1," "," ",1," "," ",1,1," "," ",27.407,13.5,369.99450000000002,1,"A1BLANC","ADAA1BLANC","PM"," "," "," ","Notre Sélection"]
["3834000003382",338,"TRACHYCARPUS","fortunei",null,null,"45L",null,null,"50/60T",null,null,null,null,"VRA","Vrac",1," "," ",1," "," ",1,1," "," ",19.111000000000001,13.5,257.99850000000004,1,"PQ4550","PQD506045","PM"," "," "," "]
["3834000003399",339,"TRACHYCARPUS","fortunei",null,null,"70L",null,"1 rose 2 rose","60/80T",null,null,null,null,"VRA","Vrac",1," "," ",1," "," ",1,1," "," ",9.4809999999999999,13.5,127.9935,1,"PQ4560","PQD608045","PM"," "," "," "]
["3834000003405",340,"TRACHYCARPUS","fortunei",null,null,"70/90L","Ligne complète minimum 16 plantes    ","1 blanc 2 blanc","80/100T",null,null,null,null,"VRA","Vrac",1," "," ",1," "," ",1,1," "," ",13.037000000000001,13.5,175.99950000000001,1,"PQ4580","PQD8010045","PM"," "," "," "]
["3834000003627",362,"CHAMAEROPS","humilis",null,null,"35L",null,null,"80/100",null,null,null,"http://www.palmacea.com/wp-content/uploads/2017/10/PM_362_Chamaerops_humilis_35L_80-1001.jpg","VRA","Vrac",1," "," ",1," "," ",1,1," "," ",27.407,13.5,369.99450000000002,1,"P3580","PC8010035","PM"," "," "," ","Notre Sélection"]
["3834000033570",3357,"OLEA","europaea","janvier","50","63L","par 25 plantes","semi-exemplaire","20/35P",null,null,null,null,"VRA","Vrac",1," "," ",1," "," ",1,1," "," ",8.1479999999999997,13.5,109.99799999999999,1,"OLIP202","OLEA IP20 B25","PM"," "," "," "]
["3834000033587",3358,"OLEA","europaea","janvier","50","63L","par 110 plantes","semi-exemplaire","20/35P",null,null,null,null,"VRA","Vrac",1," "," ",1," "," ",1,1," "," ",8.1479999999999997,13.5,109.99799999999999,1,"OLIP201","OLEA IP20 A130","PM"," "," "," "]
["3834000033716",3371,"PHOENIX","canariensis",null,null,"CTM","Prix du mètre de stipe","specimen",null,null,null,null,null,"VRA","Vrac",1," "," ",1," "," ",1,1," "," ",0.44400000000000001,13.5,5.9939999999999998,1,"PHOECAMT","PHOENICA STZMETRE","PM"," "," "," "]
["3834000033945",3394,"BUTIA","capitata","février",null,"230/285L",null,null,"60/80T",null,"220/230",null,null,"VRA","Vrac",1," "," ",1," "," ",1,1," "," ",2.9620000000000002,13.5,39.987000000000002,1,"BUST0060","Butia capit STG60","PM"," "," "," "]
["3834000033952",3395,"TRACHYCARPUS","fortunei",null,null,"160L",null,"cépée","250/350T",null,null,null,null,"VRA","Vrac",1," "," ",1," "," ",1,1," "," ",3.7040000000000002,13.5,50.004000000000005,1,"TCYC161","TRACHY STPCEPA161","PM"," "," "," ","Notre Sélection"]
["3834000034034",3403,"OLEA","europaea",null,null,"65/70L","multi ramas","nuage","100/125",null,null,null,null,"VRA","Vrac",1," "," ",1," "," ",1,1," "," ",8.1479999999999997,13.5,109.99799999999999,1,"OLGMR070","OLEA GN00900 MR10012570","PM"," "," "," ","Notre Sélection"]
["3834000034041",3404,"OLEA","europaea",null,null,"70/90/110L","multi ramas","nuage","125/150",null,null,null,"http://www.palmacea.com/wp-content/uploads/2017/10/PM_3404_Olea_europaea_90-110L_nuage.jpg","VRA","Vrac",1," "," ",1," "," ",1,1," "," ",6.6660000000000004,13.5,89.991,1,"OLGMR090","OLEA GN00901 AMR12515090","PM"," "," "," ","Notre Sélection"]
["3834000033853",3385,"CITRUS","sinensis",null,null,"65/70L",null,"semi-exemplaire","30/40P",null,null,null,null,"VRA","Vrac",1," "," ",1," "," ",1,1," "," ",6.6669999999999998,13.5,90.004499999999993,1,"CISI3069","CITR SIN 30406090","PM"," "," "," "]
["3834000033884",3388,"OLEA","europaea",null,null,"230/285L","tronc vieux extra","nuage","40/60P",null,null,null,null,"VRA","Vrac",1," "," ",1," "," ",1,1," "," ",1.4814000000000001,13.5,19.998899999999999,1,"OLGVA40V","OLEA GVAAA4060285","PM"," "," "," ","Notre Sélection"]
["3834000033891",3389,"OLEA","europaea",null,null,"230/285/375L","tronc vieux extra","nuage","60/80P",null,null,null,null,"VRA","Vrac",1," "," ",1," "," ",1,1," "," ",1.6295999999999999,13.5,21.999600000000001,1,"OLGVA60V","OLEA GVAAA6080285375","PM"," "," "," ","Notre Sélection"]
["3834000033907",3390,"OLEA","europaea",null,null,"285/375L","tronc vieux extra","nuage","80/100P",null,null,null,null,"VRA","Vrac",1," "," ",1," "," ",1,1," "," ",1.9259999999999999,13.5,26.000999999999998,1,"OLGVA8V","OLEA GVAAA80100285375","PM"," "," "," ","Notre Sélection"]
["3834000033938",3393,"BUTIA","capitata","février",null,"180/230L",null,null,"40/60T",null,"180/200",null,null,"VRA","Vrac",1," "," ",1," "," ",1,1," "," ",3.3330000000000002,13.5,44.9955,1,"BUST0040","Butia capit STE40","PM"," "," "," "]
["3834000000725",72,"VITIS","vinifera",null,null,"12L",null,"tronc bas",null,null,null,null,null,"VRA","Vrac",1," "," ",1," "," ",1,1," "," ",96.444000000000003,13.5,1301.9940000000001,1,"VITA11","VITIS A11","PM"," "," "," "]
["3834000044132",4413,"OLEA","europaea",null,"34","25L","hauteur tronc 40/50 par 52 plantes","1/4 tige libre","14/+P",null,null,null,null,"VRA","Vrac",1," "," ",1," "," ",1,1," "," ",37.036999999999999,13.5,499.99950000000001,1,"OLIP012","OLEA IABPDB14A25","PM"," "," "," "]
["3834000064611",6461,"YUCCA","rostrata Extra",null,null,"45/55L",null,"1 violet","30/35T",null,null,null,null,"VRA","Vrac",1," "," ",1," "," ",1,1," "," ",27.407,13.5,369.99450000000002,1,"A1VIOLET","ADAO1VIOLET","PM"," "," "," ","Notre Sélection"]
["3834000047669",4766,"CHAMAEROPS","humilis",null,null,"70/90L",null,"1 vert","125/150 nacional",null,null,null,null,"VRA","Vrac",1," "," ",1," "," ",1,1," "," ",6.6669999999999998,13.5,90.004499999999993,1,"P90125","PI12515090","PM"," "," "," "]
["3834000047676",4767,"CHAMAEROPS","humilis",null,null,"50/70L",null,"1 jaune","100/125 nacional",null,null,null,null,"VRA","Vrac",1," "," ",1," "," ",1,1," "," ",8.1479999999999997,13.5,109.99799999999999,1,"P79105","PG1251507090","PM"," "," "," "]
["3834000047683",4768,"CHAMAEROPS","humilis",null,null,"90/110L",null,"1 rouge","150/175 nacional",null,null,null,null,"VRA","Vrac",1," "," ",1," "," ",1,1," "," ",5.1849999999999996,13.5,69.997499999999988,1,"P11015","PI15017590110","PM"," "," "," "]
["3834000058825",5882,"OLEA","europaea",null,null,"65/70L","multi ramas par 20 plantes","nuage","100/125",null,null,null,null,"VRA","Vrac",1," "," ",1," "," ",1,1," "," ",8.1479999999999997,13.5,109.99799999999999,1,"OLGMR020","OLEA GN00899 MR10012570","PM"," "," "," ","Notre Sélection"]
["3834000047768",4776,"OLEA","europaea",null,null,"240/285L","pompon",null,"40/50P",null,null,null,null,"VRA","Vrac",1," "," ",1," "," ",1,1," "," ",3.2589999999999999,13.5,43.996499999999997,1,"OLGWA40","OLEA GWA4050CTR","PM"," "," "," "]
["3834000047775",4777,"OLEA","europaea",null,null,"240/285L","pompon",null,"50/60P",null,null,null,null,"VRA","Vrac",1," "," ",1," "," ",1,1," "," ",3.2589999999999999,13.5,43.996499999999997,1,"OLGWA50","OLEA GWA5060CTR","PM"," "," "," "]
["3834000047812",4781,"OLEA","europaea",null,"60","coupe bonsai terra cotta D60",null,"1/4 tige","20/40P",null,null,null,null,"VRA","Vrac",1," "," ",1," "," ",1,1," "," ",9.6300000000000008,13.5,130.00500000000002,1,"DC60A","DCEA60","PM"," "," "," "]
["3834000047843",4784,"OLEA","europaea",null,null,"90/110/130L","écorce lisse multi ramas","exemplaire","40/50P",null,null,null,null,"VRA","Vrac",1," "," ",1," "," ",1,1," "," ",5.1849999999999996,13.5,69.997499999999988,1,"OLIP40MA","OLEA IPAMAR4050130","PM"," "," "," "]
["3834000047928",4792,"TRACHYCARPUS","fortunei",null,null,"70/90L","Ligne complète minimum 16 plantes    ","1 jaune  2 jaune","100/120T",null,null,null,null,"VRA","Vrac",1," "," ",1," "," ",1,1," "," ",6.67,13.5,90.045000000000002,1,"PQ4580","PQD8010045","PM"," "," "," ","Notre Sélection"]
["3834000047935",4793,"TRACHYCARPUS","fortunei",null,null,"90/110L","Ligne complète minimum 16 plantes    ","1 vert   2 vert","120/140T",null,null,null,null,"VRA","Vrac",1," "," ",1," "," ",1,1," "," ",6.2960000000000003,13.5,84.996000000000009,1,"TCYTA140","TRACHY STZCPTMETRETAILLE140","PM"," "," "," ","Notre Sélection"]
["3834000047959",4795,"TRACHYCARPUS","fortunei",null,null,"90/110L",null,"1 violet 1 rouge","140/160T",null,null,null,null,"VRA","Vrac",1," "," ",1," "," ",1,1," "," ",7.851,13.5,105.9885,1,"PQ160150","PQDA15017545","PM"," "," "," ","Notre Sélection"]
["3834000047973",4797,"TRACHYCARPUS","fortunei",null,null,"110/160/230L","Ligne complète minimum 16 plantes    ","2 violet 2 rouge","160/180T",null,null,null,null,"VRA","Vrac",1," "," ",1," "," ",1,1," "," ",3.7040000000000002,13.5,50.004000000000005,1,"PQ160175","PQDB17520045","PM"," "," "," "]
["3834000047997",4799,"TRACHYCARPUS","fortunei",null,null,"160/230L",null,"1 bleu 2 bleu","180/200T",null,null,null,null,"VRA","Vrac",1," "," ",1," "," ",1,1," "," ",3.2589999999999999,13.5,43.996499999999997,1,"PQ230200","PQDB20022545","PM"," "," "," "]
["3834000048024",4802,"TRACHYCARPUS","fortunei",null,null,"230L",null,null,"220/240T",null,null,null,null,"VRA","Vrac",1," "," ",1," "," ",1,1," "," ",3.2589999999999999,13.5,43.996499999999997,1,"PQ230225","PQDB22525045","PM"," "," "," "]
["3834000048048",4804,"XANTHORRHOEA","glauca",null,null,"CTR","Prix du mètre de stipe","tronc unique",null,null,null,null,null,"VRA","Vrac",1," "," ",1," "," ",1,1," "," ",0.44400000000000001,13.5,5.9939999999999998,1,"XAMETRE","XANTHO R STZMETRE","PM"," "," "," "]
["3834000048055",4805,"XANTHORRHOEA","glauca",null,null,"CTR","Prix du mètre de stipe","multi troncs",null,null,null,null,null,"VRA","Vrac",1," "," ",1," "," ",1,1," "," ",0.44400000000000001,13.5,5.9939999999999998,1,"XAMET","XANTHO RA MULTI STZMETRE","PM"," "," "," "]
["3834000048062",4806,"OLEA","europaea",null,null,"285/375/450L","tronc vieux extra","nuage","100/110P",null,null,null,null,"VRA","Vrac",1," "," ",1," "," ",1,1," "," ",1.9259999999999999,13.5,26.000999999999998,1,"OLGV101V","OLEA GVAAAA10011020285","PM"," "," "," "]
["3834000048079",4807,"OLEA","europaea",null,null,"285/375/450L","tronc vieux extra","nuage","110/140P",null,null,null,null,"VRA","Vrac",1," "," ",1," "," ",1,1," "," ",1.9259999999999999,13.5,26.000999999999998,1,"OLGV114V","OLEA GVAAAA11014020285375","PM"," "," "," "]
["3834000065441",6544,"OLEA","europaea",null,"34","25L","hauteur tronc 40/50","1/4 tige libre","14/+P",null,null,null,null,"VRA","Vrac",1," "," ",1," "," ",1,1," "," ",37.036999999999999,13.5,499.99950000000001,1,"OLIP013","OLEA IABPDB14B25","PM"," "," "," "]
["3834000065472",6547,"YUCCA","rostrata Extra",null,null,"45/55L",null,"2 violet","35/40T",null,null,null,null,"VRA","Vrac",1," "," ",1," "," ",1,1," "," ",27.407,13.5,369.99450000000002,1,"A2VIOLET","ADAO2VIOLET","PM"," "," "," ","Notre Sélection"]
["3834000050027",5002,"CHAMAEROPS","humilis",null,null,"50L",null,"1 blanc","80/100 nacional",null,null,null,null,"VRA","Vrac",1," "," ",1," "," ",1,1," "," ",19.111000000000001,13.5,257.99850000000004,1,"P50810F","PF8010050","PM"," "," "," "]
["3834000050034",5003,"CHAMAEROPS","humilis",null,null,"90/110L",null,"1 bleu","175/200 nacional",null,null,null,null,"VRA","Vrac",1," "," ",1," "," ",1,1," "," ",5.1849999999999996,13.5,69.997499999999988,1,"P11520","PI17520090110","PM"," "," "," "]
["3834000050089",5008,"CHAMAEROPS","humilis Cerifera","février",null,"130/230L",null,"1 jaune","100/125",null,null,null,null,"VRA","Vrac",1," "," ",1," "," ",1,1," "," ",3.2589999999999999,13.5,43.996499999999997,1,"P2301015","PCC100125230","PM"," "," "," "]
["3834000050096",5009,"CHAMAEROPS","humilis Cerifera","février",null,"285L",null,"1 rouge","150/175",null,null,null,null,"VRA","Vrac",1," "," ",1," "," ",1,1," "," ",2.37,13.5,31.995000000000001,1,"P28515","PCC150200285","PM"," "," "," "]
["3834000050102",5010,"CHAMAEROPS","humilis Cerifera","février",null,"285L",null,"1 bleu","175/200",null,null,null,null,"VRA","Vrac",1," "," ",1," "," ",1,1," "," ",2.37,13.5,31.995000000000001,1,"P28517","PCC175200285","PM"," "," "," "]
["3834000050133",5013,"OLEA","europaea",null,null,"CTM","tronc vieux extra","nuage","A",null,null,null,null,"VRA","Vrac",1," "," ",1," "," ",1,1," "," ",1.4810000000000001,13.5,19.993500000000001,1,"OLGVA","OLEA GVACTM","PM"," "," "," "]
["3834000050140",5014,"OLEA","europaea",null,null,"CTM","tronc vieux extra","nuage","B",null,null,null,null,"VRA","Vrac",1," "," ",1," "," ",1,1," "," ",1.4810000000000001,13.5,19.993500000000001,1,"OLGVB","OLEA GVBCTM","PM"," "," "," "]
["3834000064635",6463,"BRAHEA","armata",null,"50","50L",null,null,"80/100",null,null,null,null,"VRA","Vrac",1," "," ",1," "," ",1,1," "," ",19.111000000000001,13.5,257.99850000000004,1,"BRAST010","Brahea armata STC10","PM"," "," "," "]
["3834000065496",6548,"YUCCA","rostrata Extra",null,null,"90L",null,"2 bleu","35/40T",null,null,null,null,"VRA","Vrac",1," "," ",1," "," ",1,1," "," ",27.407,13.5,369.99450000000002,1,"A2BLEU","ADAS2BLEU","PM"," "," "," ","Notre Sélection"]
["3834000050201",5020,"OLEA","europaea",null,null,"CTR/CTM","regional","exemplaire","90/100P",null,null,null,null,"VRA","Vrac",1," "," ",1," "," ",1,1," "," ",1.333,13.5,17.9955,1,"OLYR90","OLEA YR90100","PM"," "," "," "]
["3834000050218",5021,"OLEA","europaea",null,null,"CTR/CTM","regional","exemplaire","100/120P",null,null,null,null,"VRA","Vrac",1," "," ",1," "," ",1,1," "," ",1.333,13.5,17.9955,1,"OLYR10","OLEA YRC100120","PM"," "," "," ","Notre Sélection"]
["3834000050225",5022,"OLEA","europaea",null,null,"CTR/CTM","regional","exemplaire","120/140P",null,null,null,null,"VRA","Vrac",1," "," ",1," "," ",1,1," "," ",1.333,13.5,17.9955,1,"OLYR12","OLEA YRC120140","PM"," "," "," "]
["3834000050232",5023,"TRACHYCARPUS","fortunei",null,null,"160/230L",null,"1 orange  2 orange","200/220T",null,null,null,null,"VRA","Vrac",1," "," ",1," "," ",1,1," "," ",3.2589999999999999,13.5,43.996499999999997,1,"PQ230206","PQDB20022645","PM"," "," "," "]
["3834000057323",5732,"PHOENIX","canariensis",null,null,"CTR",null,"2 blanc","90/100T",null,null,null,null,"VRA","Vrac",1," "," ",1," "," ",1,1," "," ",2.37,13.5,31.995000000000001,1,"PHOEC90","PHOENIC ST90","PM"," "," "," "]
["3834000057330",5733,"PHOENIX","canariensis",null,null,"CTR",null,null,"100/110T",null,null,null,null,"VRA","Vrac",1," "," ",1," "," ",1,1," "," ",0.22,13.5,2.97,1,"PHOEC100","PHOENIC STA100","PM"," "," "," ","Notre Sélection"]
["3834000057347",5734,"PHOENIX","canariensis",null,null,"CTR",null,null,"110/120T",null,null,null,null,"VRA","Vrac",1," "," ",1," "," ",1,1," "," ",2.37,13.5,31.995000000000001,1,"PHOEC110","PHOENIC STA110","PM"," "," "," "]
["3834000057354",5735,"PHOENIX","dactylifera",null,null,"CTM","Prix du mètre de stipe","specimen",null,null,null,null,null,"VRA","Vrac",1," "," ",1," "," ",1,1," "," ",0.44400000000000001,13.5,5.9939999999999998,1,"PHOECAMT","PHOENICA STZMETRE","PM"," "," "," "]
["3834000057439",5743,"STRELITZIA","reginae",null,null,"50L",null,"touffe",null,null,null,null,null,"VRA","Vrac",1," "," ",1," "," ",1,1," "," ",19.111000000000001,13.5,257.99850000000004,1,"P50810F","PF8010050","PM"," "," "," "]
["3834000069326",6932,"OLEA","europaea",null,"60","coupe bonsai terra cotta D60","mini bonsai",null,null,null,null,null,null,"VRA","Vrac",1," "," ",1," "," ",1,1," "," ",19.111000000000001,13.5,257.99850000000004,1,"OLDBC60T","OLEA KACOUPEA60TC","PM"," "," "," "]
["3834000059440",5944,"CORDYLINE","indivisa",null,"40","35L",null,"grupo","125/150",null,null,null,"http://www.palmacea.com/wp-content/uploads/2016/11/PM_5944_Cordyline_indivisa_35L_grupo_125-150-b.jpg","VRA","Vrac",1," "," ",1," "," ",1,1," "," ",27.407,13.5,369.99450000000002,1,"P35680","PF608035","PM"," "," "," ","Notre Sélection"]
["3834000059693",5969,"YUCCA","rostrata Extra",null,null,"35L","tronc 25/35T","2 blanc","60/70",null,null,null,null,"VRA","Vrac",1," "," ",1," "," ",1,1," "," ",27.407,13.5,369.99450000000002,1,"A2BLANC","ADAA2BLANCS","PM"," "," "," ","Notre Sélection"]
["3834000058719",5871,"OLEA","europaea",null,"34","25L","hauteur tronc 40/50 par 300 plantes","1/4 tige libre","14/+P",null,null,null,null,"VRA","Vrac",1," "," ",1," "," ",1,1," "," ",37.036999999999999,13.5,499.99950000000001,1,"OLIPP011","OLEA IABPDB1425","PM"," "," "," "]
["3834000058719",5871,"OLEA","europaea",null,"34","25L","hauteur tronc 40/50 par 300 plantes","1/4 tige libre","14/+P",null,null,null,null,"VRA","Vrac",1," "," ",1," "," ",1,1," "," ",37.036999999999999,13.5,499.99950000000001,1,"OLIPP011","OLEA IABPDB1425","PM"," "," "," "]
["3834000058719",5871,"OLEA","europaea",null,"34","25L","hauteur tronc 40/50 par 300 plantes","1/4 tige libre","14/+P",null,null,null,null,"VRA","Vrac",1," "," ",1," "," ",1,1," "," ",37.036999999999999,13.5,499.99950000000001,1,"OLIPP011","OLEA IABPDB1425","PM"," "," "," "]
["3834000060460",6046,"AGAPANTHUS","africanus Azul",null,null,"15L",null,"touffe","50/60",null,null,null,null,"VRA","Vrac",1," "," ",1," "," ",1,1," "," ",96.444000000000003,13.5,1301.9940000000001,1,"A1550","AA506015","PM"," "," "," "]
["3834000060484",6048,"ACCA","sellowiana",null,"35","30L",null,"touffe","80/100",null,null,null,null,"VRA","Vrac",1," "," ",1," "," ",1,1," "," ",60,13.5,810,1,"A2580","AB8010025","PM"," "," "," ","Notre Sélection"]
["3834000060507",6050,"MYRTUS","communis",null,"CT 30","15L",null,"touffe","40/60",null,null,null,null,"VRA","Vrac",1," "," ",1," "," ",1,1," "," ",96.444000000000003,13.5,1301.9940000000001,1,"A1380","AA8010013","PM"," "," "," "]
["3834000060606",6060,"YUCCA","gloriosa",null,"CT 30","15L",null,"touffe",null,null,null,null,null,"VRA","Vrac",1," "," ",1," "," ",1,1," "," ",96.444000000000003,13.5,1301.9940000000001,1,"A13","AA13","PM"," "," "," "]
["3834000060613",6061,"YUCCA","gloriosa Variegata",null,"CT 30","15L",null,"touffe",null,null,null,null,null,"VRA","Vrac",1," "," ",1," "," ",1,1," "," ",96.444000000000003,13.5,1301.9940000000001,1,"A13","AA13","PM"," "," "," "]
["3834000062822",6282,"OLEA","europaea",null,null,"65/70L","nuage","pompon","100/125",null,null,null,null,"VRA","Vrac",1," "," ",1," "," ",1,1," "," ",8.1479999999999997,13.5,109.99799999999999,1,"OLGWA10","OLEA GWA10","PM"," "," "," ","Notre Sélection"]
["3834000005614",5611,"OLEA","europaea",null,"34","25L","hauteur tronc 40/50 par 52 plantes","1/4 tige bola","14/+P",null,null,null,null,"VRA","Vrac",1," "," ",1," "," ",1,1," "," ",59.259,13.5,799.99649999999997,1,"OILP010D","OLEA IABPDBB14A25","PM"," "," "," "]
["3834000005614",5611,"OLEA","europaea",null,"34","25L","hauteur tronc 40/50 par 52 plantes","1/4 tige bola","14/+P",null,null,null,null,"VRA","Vrac",1," "," ",1," "," ",1,1," "," ",59.259,13.5,799.99649999999997,1,"OILP010D","OLEA IABPDBB14A25","PM"," "," "," "]
["3834000005614",5611,"OLEA","europaea",null,"34","25L","hauteur tronc 40/50 par 52 plantes","1/4 tige bola","14/+P",null,null,null,null,"VRA","Vrac",1," "," ",1," "," ",1,1," "," ",59.259,13.5,799.99649999999997,1,"OILP010D","OLEA IABPDBB14A25","PM"," "," "," "]
["3834000053127",5312,"OLEA","europaea",null,null,"160/180/285L","écorce lisse tronc haut multi ramas","exemplaire","40/50P",null,null,null,null,"VRA","Vrac",1," "," ",1," "," ",1,1," "," ",5.1849999999999996,13.5,69.997499999999988,1,"OLIP40MB","OLEA IPAMBR4050130","PM"," "," "," ","Notre Sélection"]
["3834000053134",5313,"OLEA","europaea",null,null,"160/180/285L","écorce lisse tronc haut multi ramas","exemplaire","50/60P",null,null,null,null,"VRA","Vrac",1," "," ",1," "," ",1,1," "," ",5.1849999999999996,13.5,69.997499999999988,1,"OLIP50MB","OLEA IPAMBR5060130","PM"," "," "," ","Notre Sélection"]
["3834000053141",5314,"TRACHYCARPUS","fortunei",null,null,"230L",null,null,"240/250T",null,null,null,null,"VRA","Vrac",1," "," ",1," "," ",1,1," "," ",3.2589999999999999,13.5,43.996499999999997,1,"PQ230225","PQDB22525045","PM"," "," "," "]
["3834000053219",5321,"OLEA","europaea",null,"90","coupe bonsai terra cotta D90","mini bonsai","semi-exemplaire","40/60P",null,null,null,null,"VRA","Vrac",1," "," ",1," "," ",1,1," "," ",5.1849999999999996,13.5,69.997499999999988,1,"OLDB90AT","OLEA KACOUPEB90TC","PM"," "," "," "]
["3834000060057",6005,"CYCAS","revoluta",null,null,"CTR",null,"1 bleu","20/30T",null,null,null,null,"VRA","Vrac",1," "," ",1," "," ",1,1," "," ",27.407,13.5,369.99450000000002,1,"CY2030T","CYCAS A2030T","PM"," "," "," "]
["3834000060064",6006,"CYCAS","revoluta",null,null,"CTR",null,"2 bleu","30/40T",null,null,null,null,"VRA","Vrac",1," "," ",1," "," ",1,1," "," ",27.407,13.5,369.99450000000002,1,"CY3040T","CYCAS A3040T","PM"," "," "," "]
["3834000060071",6007,"CYCAS","revoluta",null,null,"CTR",null,"1 violet","40/50T",null,null,null,null,"VRA","Vrac",1," "," ",1," "," ",1,1," "," ",27.407,13.5,369.99450000000002,1,"CY4050T","CYCAS A4050T","PM"," "," "," "]
["3834000060088",6008,"CYCAS","revoluta",null,null,"CTR",null,"2 violet","50/60T",null,null,null,null,"VRA","Vrac",1," "," ",1," "," ",1,1," "," ",27.407,13.5,369.99450000000002,1,"CY5060T","CYCAS A5060T","PM"," "," "," "]
["3834000060095",6009,"CYCAS","revoluta",null,null,"CTR",null,"1 rouge","60/70T",null,null,null,null,"VRA","Vrac",1," "," ",1," "," ",1,1," "," ",27.407,13.5,369.99450000000002,1,"CY6070T","CYCAS A6070T","PM"," "," "," "]
["3834000060101",6010,"CYCAS","revoluta",null,null,"CTR",null,"2 rouge","70/80T",null,null,null,null,"VRA","Vrac",1," "," ",1," "," ",1,1," "," ",27.407,13.5,369.99450000000002,1,"CY7080T","CYCAS A7080T","PM"," "," "," "]
["3834000060118",6011,"CYCAS","revoluta",null,null,"CTR",null,"1 blanc","80/90T",null,null,null,null,"VRA","Vrac",1," "," ",1," "," ",1,1," "," ",27.407,13.5,369.99450000000002,1,"CY8090T","CYCAS A8090T","PM"," "," "," "]
["3834000060125",6012,"CYCAS","revoluta",null,null,"CTR",null,"2 blanc","90/100T",null,null,null,null,"VRA","Vrac",1," "," ",1," "," ",1,1," "," ",27.407,13.5,369.99450000000002,1,"CY90100T","CYCAS A90100T","PM"," "," "," "]
["3834000060132",6013,"CYCAS","revoluta",null,null,"CTR",null,null,"100/110T",null,null,null,null,"VRA","Vrac",1," "," ",1," "," ",1,1," "," ",27.407,13.5,369.99450000000002,1,"CY101T","CYCAS AB100110T","PM"," "," "," "]
["3834000060149",6014,"CYCAS","revoluta",null,null,"CTR",null,null,"110/120T",null,null,null,null,"VRA","Vrac",1," "," ",1," "," ",1,1," "," ",27.407,13.5,369.99450000000002,1,"CY102T","CYCAS AB110120T","PM"," "," "," "]
["3834000072524",7252,"CHAMAEROPS","humilis",null,null,"35L",null,null,"60/80",null,null,null,null,"VRA","Vrac",1," "," ",1," "," ",1,1," "," ",27.407,13.5,369.99450000000002,1,"P3550","PC506035","PM"," "," "," "]
["3834000065700",6570,"BOUGAINVILLEA","",null,null,"Pot chinois","Ruban bleu","specimen",null,null,null,null,null,"VRA","Vrac",1," "," ",1," "," ",1,1," "," ",2.37,13.5,31.995000000000001,1,"BGSPECB","BOUGCSPECIBLEU","PM"," "," "," "]
["3834000057248",5724,"OLEA","europaea",null,null,"CTR/CTM","regional","exemplaire","140/160P",null,null,null,null,"VRA","Vrac",1," "," ",1," "," ",1,1," "," ",1.333,13.5,17.9955,1,"OLYR12","OLEA YRC120140","PM"," "," "," "]
["3834000057255",5725,"OLEA","europaea",null,null,"CTR/CTM","regional","exemplaire","160/180P",null,null,null,null,"VRA","Vrac",1," "," ",1," "," ",1,1," "," ",1.333,13.5,17.9955,1,"OLYR12","OLEA YRC120140","PM"," "," "," "]
["3834000057262",5726,"OLEA","europaea",null,null,"CTR/CTM","regional","exemplaire","180/200P",null,null,null,null,"VRA","Vrac",1," "," ",1," "," ",1,1," "," ",1.333,13.5,17.9955,1,"OLYR12","OLEA YRC120140","PM"," "," "," "]
["3834000057279",5727,"OLEA","europaea",null,null,"CTR/CTM","regional","exemplaire","200/220P",null,null,null,null,"VRA","Vrac",1," "," ",1," "," ",1,1," "," ",1.333,13.5,17.9955,1,"OLYR12","OLEA YRC120140","PM"," "," "," "]
["3834000065717",6571,"BOUGAINVILLEA","",null,null,"Pot chinois","Ruban rose","specimen",null,null,null,null,null,"VRA","Vrac",1," "," ",1," "," ",1,1," "," ",2.37,13.5,31.995000000000001,1,"BGSPECR","BOUGESPECIROSE","PM"," "," "," "]
["3834000067728",6572,"BOUGAINVILLEA","",null,null,"Pot chinois","Ruban violet","specimen",null,null,null,null,null,"VRA","Vrac",1," "," ",1," "," ",1,1," "," ",2.37,13.5,31.995000000000001,1,"BGSPECV","BOUGGSPECIVIOLET","PM"," "," "," "]
["3834000063942",6394,"OLEA","europaea",null,null,"160L","écorce lisse tronc haut multi ramas","exemplaire","30/40P",null,null,null,null,"VRA","Vrac",1," "," ",1," "," ",1,1," "," ",5.1849999999999996,13.5,69.997499999999988,1,"OLIP30MB","OLEA IPAMBR3040130","PM"," "," "," "]
["3834000069333",6933,"OLEA","europaea",null,"34","25L","hauteur tronc 40/50","1/4 tige bola","14/+P",null,null,null,null,"VRA","Vrac",1," "," ",1," "," ",1,1," "," ",37.036999999999999,13.5,499.99950000000001,1,"OILP010E","OLEA IABPDBB14B25","PM"," "," "," "]
["3834000065427",6542,"OLEA","europaea",null,null,"160L","Bonsai par camion complet 45/50 plantes","exemplaire","60/80P",null,null,null,null,"VRA","Vrac",1," "," ",1," "," ",1,1," "," ",3.7040000000000002,13.5,50.004000000000005,1,"OLK68","OLEA KD60/80CTR","PM"," "," "," "]
["3834000063904",6390,"YUCCA","rostrata Extra",null,null,"90L",null,"1 bleu","30/35T",null,null,null,null,"VRA","Vrac",1," "," ",1," "," ",1,1," "," ",27.407,13.5,369.99450000000002,1,"A1BLEU","ADAS1BLEU","PM"," "," "," "]
["3834000065359",6535,"TRITHRINAX","campestris",null,"25","10L",null,null,"30/40",null,null,null,null,"VRA","Vrac",1," "," ",1," "," ",1,1," "," ",148.148,13.5,1999.998,1,"P1060","PA608010","PM"," "," "," "]
["3834000072531",7253,"CHAMAEROPS","humilis",null,null,"35L",null,null,"100/125",null,null,null,null,"VRA","Vrac",1," "," ",1," "," ",1,1," "," ",27.407,13.5,369.99450000000002,1,"P359095","PC909535","PM"," "," "," "]
["3834000069364",6936,"OLEA","europaea",null,"34","25L","hauteur tronc 40/50 par 300 plantes","1/4 tige bola","14/+P",null,null,null,null,"VRA","Vrac",1," "," ",1," "," ",1,1," "," ",37.036999999999999,13.5,499.99950000000001,1,"OILP010C","OLEA IABPDBB1425","PM"," "," "," "]
["3834000072548",7254,"JUBAEA","chilensis",null,null,"70L",null,null,"20/30T",null,null,null,null,"VRA","Vrac",1," "," ",1," "," ",1,1," "," ",15.926,13.5,215.001,1,"PQ6520","PQF203065","PM"," "," "," "]
["3834000066783",6678,"CITRUS","microcitrus",null,null,"15L",null,null,null,null,null,null,null,"VRA","Vrac",1," "," ",1," "," ",1,1," "," ",96.444000000000003,13.5,1301.9940000000001,1,"A15607","AA607015","PM"," "," "," "]
["3834000070933",7093,"PHOENIX","canariensis",null,null,"CTM","Prix du mètre de stipe","stipe taillé",null,null,null,null,null,"VRA","Vrac",1," "," ",1," "," ",1,1," "," ",0.44400000000000001,13.5,5.9939999999999998,1,"PHOECAMT","PHOENICA STZMETRE","PM"," "," "," "]
["3834000072340",7234,"BUTIA","capitata",null,"45","46L",null,null,"20/25T",null,"125/150",null,null,"VRA","Vrac",1," "," ",1," "," ",1,1," "," ",27.407,13.5,369.99450000000002,1,"BUST0020","Butia capit STB20","PM"," "," "," "]
["3834000072357",7235,"BUTIA","capitata","février",null,"230/285L",null,"2 stipes","80/100T",null,null,null,null,"VRA","Vrac",1," "," ",1," "," ",1,1," "," ",2.9620000000000002,13.5,39.987000000000002,1,"BUST0060","Butia capit STG60","PM"," "," "," "]
["3834000060316",6031,"OLEA","europaea",null,null,"CTM","N°6","Nuage specimen","270/280P",null,null,null,null,"VRA","Vrac",1," "," ",1," "," ",1,1," "," ",0.88900000000000001,13.5,12.0015,1,"OLGWT1","OLEA GW1TOCTM","PM"," "," "," "]
["3834000060323",6032,"OLEA","europaea",null,null,"CTM","N°7","Nuage specimen","280/290P",null,null,null,null,"VRA","Vrac",1," "," ",1," "," ",1,1," "," ",0.88900000000000001,13.5,12.0015,1,"OLGWT2","OLEA GW2TOCTM","PM"," "," "," "]
["3834000060330",6033,"OLEA","europaea",null,null,"CTM","N°5","Nuage specimen","280/290P",null,null,null,null,"VRA","Vrac",1," "," ",1," "," ",1,1," "," ",0.88900000000000001,13.5,12.0015,1,"OLGWT3","OLEA GW3TOCTM","PM"," "," "," "]
["3834000060347",6034,"OLEA","europaea",null,null,"CTM","N°4","Nuage specimen","320/330P",null,null,null,null,"VRA","Vrac",1," "," ",1," "," ",1,1," "," ",0.88900000000000001,13.5,12.0015,1,"OLGWT4","OLEA GW4TOCTM","PM"," "," "," "]
["3834000060354",6035,"OLEA","europaea",null,null,"CTM","N°2","Nuage specimen","390/400P",null,null,null,null,"VRA","Vrac",1," "," ",1," "," ",1,1," "," ",0.88900000000000001,13.5,12.0015,1,"OLGWT7","OLEA GW7TOCTM","PM"," "," "," "]
["3834000060361",6036,"OLEA","europaea",null,null,"CTM","N°1","Nuage specimen","360/370P",null,null,null,null,"VRA","Vrac",1," "," ",1," "," ",1,1," "," ",0.88900000000000001,13.5,12.0015,1,"OLGWT5","OLEA GW5TOCTM","PM"," "," "," "]
["3834000060378",6037,"OLEA","europaea",null,null,"CTM","N°3","Nuage specimen","370P",null,null,null,null,"VRA","Vrac",1," "," ",1," "," ",1,1," "," ",0.88900000000000001,13.5,12.0015,1,"OLGWT6","OLEA GW6TOCTM","PM"," "," "," "]
["3834000071688",7168,"NERIUM","oleander Rouge simple","février","40","35L",null,null,"80/100",null,null,null,null,"VRA","Vrac",1," "," ",1," "," ",1,1," "," ",27.407,13.5,369.99450000000002,1,"P35680","PF608035","VV"," "," "," "]
["3834000065687",6568,"OLEA","europaea",null,null,"160L","bonsai","exemplaire","60/80P",null,null,null,null,"VRA","Vrac",1," "," ",1," "," ",1,1," "," ",3.7040000000000002,13.5,50.004000000000005,1,"OLKD60","OLEA KDA60/125 B","PM"," "," "," "]
["3834000066370",6637,"BRAHEA","armata",null,null,"CTR",null,null,"60/80T",null,null,null,null,"VRA","Vrac",1," "," ",1," "," ",1,1," "," ",8.1479999999999997,13.5,109.99799999999999,1,"BRAST060","Brahea armata STF60","PM"," "," "," "]
["3834000066387",6638,"BRAHEA","armata",null,null,"CTR",null,null,"80/100T",null,null,null,null,"VRA","Vrac",1," "," ",1," "," ",1,1," "," ",8.1479999999999997,13.5,109.99799999999999,1,"BRAST080","Brahea armata STF80","PM"," "," "," "]
["3834000066394",6639,"BRAHEA","armata",null,null,"CTM","Prix du mètre de stipe","specimen","100/+T",null,null,null,null,"VRA","Vrac",1," "," ",1," "," ",1,1," "," ",0.44400000000000001,13.5,5.9939999999999998,1,"BRASTMT","Brahea armata STG100 MT","PM"," "," "," "]
["3834000072647",7264,"OLEA","europaea","février",null,"180L","écorce lisse marron","exemplaire","50/60P",null,null,null,null,"VRA","Vrac",1," "," ",1," "," ",1,1," "," ",3.7040000000000002,13.5,50.004000000000005,1,"OLIP50MN","OLEA IPAMBRR5060180","PM"," "," "," ","Notre Sélection"]
["3834000072654",7265,"OLEA","europaea","février",null,"180L","écorce lisse marron","exemplaire","60/70P",null,null,null,null,"VRA","Vrac",1," "," ",1," "," ",1,1," "," ",3.7040000000000002,13.5,50.004000000000005,1,"OLIP60MN","OLEA IPAMBRR6070180","PM"," "," "," ","Notre Sélection"]
["3834000072661",7266,"OLEA","europaea","février",null,"180L","écorce lisse marron","exemplaire","70/80P",null,null,null,null,"VRA","Vrac",1," "," ",1," "," ",1,1," "," ",3.7040000000000002,13.5,50.004000000000005,1,"OLIP70MN","OLEA IPAMBRR7080180","PM"," "," "," "]
["3834000072388",7238,"OLEA","europaea",null,null,"230/285L","Régional ramificado","exemplaire","40/50P",null,null,null,null,"VRA","Vrac",1," "," ",1," "," ",1,1," "," ",1.9259999999999999,13.5,26.000999999999998,1,"OLYRA40","OLEA YAR4050","PM"," "," "," "]
["3834000072395",7239,"OLEA","europaea",null,null,"230/285L","Régional ramificado","exemplaire","50/60P",null,null,null,null,"VRA","Vrac",1," "," ",1," "," ",1,1," "," ",1.9259999999999999,13.5,26.000999999999998,1,"OLYRA50","OLEA YAR5060","PM"," "," "," "]
["3834000072401",7240,"OLEA","europaea",null,null,"230/285L","Régional ramificado","exemplaire","60/70P",null,null,null,null,"VRA","Vrac",1," "," ",1," "," ",1,1," "," ",1.9259999999999999,13.5,26.000999999999998,1,"OLYRA60","OLEA YAR6070","PM"," "," "," "]
["3834000072418",7241,"OLEA","europaea",null,null,"230/285L","Régional ramificado","exemplaire","70/80P",null,null,null,null,"VRA","Vrac",1," "," ",1," "," ",1,1," "," ",1.9259999999999999,13.5,26.000999999999998,1,"OLYRA70","OLEA YAR7080","PM"," "," "," ","Notre Sélection"]
["3834000072425",7242,"OLEA","europaea",null,null,"230/285L","Régional ramificado","exemplaire","80/90P",null,null,null,null,"VRA","Vrac",1," "," ",1," "," ",1,1," "," ",1.9259999999999999,13.5,26.000999999999998,1,"OLYRA80","OLEA YAR8090","PM"," "," "," "]
["3834000072432",7243,"OLEA","europaea",null,null,"230/285L","Régional ramificado","exemplaire","90/100P",null,null,null,null,"VRA","Vrac",1," "," ",1," "," ",1,1," "," ",1.9259999999999999,13.5,26.000999999999998,1,"OLYRA90","OLEA YAR90100","PM"," "," "," "]
["3834000072449",7244,"OLEA","europaea",null,null,"230/285L","Régional ramificado","exemplaire","100/110P",null,null,null,null,"VRA","Vrac",1," "," ",1," "," ",1,1," "," ",1.9259999999999999,13.5,26.000999999999998,1,"OLYRA100","OLEA YARA100110","PM"," "," "," "]
["3834000071824",7182,"OLEA","europaea",null,null,"160L","Tortuga ramificado","exemplaire","40/50P",null,null,null,null,"VRA","Vrac",1," "," ",1," "," ",1,1," "," ",5.1849999999999996,13.5,69.997499999999988,1,"OLIP40MR","OLEA IPAMR4050130","PM"," "," "," "]
["3834000071831",7183,"OLEA","europaea",null,null,"160L","Tortuga ramificado","exemplaire","50/60P",null,null,null,null,"VRA","Vrac",1," "," ",1," "," ",1,1," "," ",5.1849999999999996,13.5,69.997499999999988,1,"OLIP40MR","OLEA IPAMR4050130","PM"," "," "," "]
["3834000071855",7185,"OLEA","europaea",null,"30","15L",null,"1/4 tige bola",null,null,null,null,"http://www.palmacea.com/wp-content/uploads/2017/10/PM_7185_Olea_europaea_15L_1-4-tige-bola.jpg","VRA","Vrac",1," "," ",1," "," ",1,1," "," ",96.444000000000003,13.5,1301.9940000000001,1,"DC15B","DCE15","PM"," "," "," ","Notre Sélection"]
["3834000071862",7186,"OLEA","europaea",null,"30","coupe D30",null,"1/4 tige bola",null,null,null,null,"http://www.palmacea.com/wp-content/uploads/2017/10/PM_7186_Olea_europaea_coupe-D30_1-4-tige-bola.jpg","VRA","Vrac",1," "," ",1," "," ",1,1," "," ",96.444000000000003,13.5,1301.9940000000001,1,"DC15B","DCE15","PM"," "," "," ","Notre Sélection"]
["3834000065564",6556,"OLEA","europaea",null,null,"230/285L","écorce lisse multi ramas extra","nuage","60/70P",null,null,null,null,"VRA","Vrac",1," "," ",1," "," ",1,1," "," ",1.9259999999999999,13.5,26.000999999999998,1,"OLGVA40","OLEA GVAA4060285","PM"," "," "," "]
["3834000065571",6557,"OLEA","europaea",null,null,"230/285L","écorce lisse multi ramas extra","nuage","70/80P",null,null,null,null,"VRA","Vrac",1," "," ",1," "," ",1,1," "," ",2.37,13.5,31.995000000000001,1,"OLGVA40","OLEA GVAA4060285","PM"," "," "," "]
["3834000065588",6558,"OLEA","europaea",null,null,"230/285L","écorce lisse multi ramas extra","nuage","80/90P",null,null,null,null,"VRA","Vrac",1," "," ",1," "," ",1,1," "," ",2.37,13.5,31.995000000000001,1,"OLGVA40","OLEA GVAA4060285","PM"," "," "," ","Notre Sélection"]
["3834000065595",6559,"OLEA","europaea",null,null,"CTM","écorce lisse multi ramas extra","nuage","80/90P",null,null,null,null,"VRA","Vrac",1," "," ",1," "," ",1,1," "," ",1.9259999999999999,13.5,26.000999999999998,1,"OLGVA40","OLEA GVAA4060285","PM"," "," "," "]
["3834000065601",6560,"OLEA","europaea",null,null,"230/285L","écorce lisse multi ramas extra","nuage","90/100P",null,null,null,null,"VRA","Vrac",1," "," ",1," "," ",1,1," "," ",2.37,13.5,31.995000000000001,1,"OLGVA40","OLEA GVAA4060285","PM"," "," "," "]
["3834000065618",6561,"OLEA","europaea",null,null,"CTM","écorce lisse multi ramas extra","nuage","90/100P",null,null,null,null,"VRA","Vrac",1," "," ",1," "," ",1,1," "," ",1.9259999999999999,13.5,26.000999999999998,1,"OLGVA40","OLEA GVAA4060285","PM"," "," "," "]
["3834000065625",6562,"OLEA","europaea",null,null,"285/375L","écorce lisse multi ramas extra","nuage","100/110P",null,null,null,null,"VRA","Vrac",1," "," ",1," "," ",1,1," "," ",1.9259999999999999,13.5,26.000999999999998,1,"OLGVA40","OLEA GVAA4060285","PM"," "," "," "]
["3834000065632",6563,"OLEA","europaea",null,null,"CTM","écorce lisse multi ramas extra","nuage","100/110P",null,null,null,null,"VRA","Vrac",1," "," ",1," "," ",1,1," "," ",1.9259999999999999,13.5,26.000999999999998,1,"OLGVA40","OLEA GVAA4060285","PM"," "," "," "]
["3834000065649",6564,"OLEA","europaea",null,null,"285/375L","écorce lisse multi ramas extra","nuage","110/140P",null,null,null,null,"VRA","Vrac",1," "," ",1," "," ",1,1," "," ",1.9259999999999999,13.5,26.000999999999998,1,"OLGVA40","OLEA GVAA4060285","PM"," "," "," "]
["3834000065656",6565,"OLEA","europaea",null,null,"CTM","écorce lisse multi ramas extra","nuage","110/140P",null,null,null,null,"VRA","Vrac",1," "," ",1," "," ",1,1," "," ",1.9259999999999999,13.5,26.000999999999998,1,"OLGVA40","OLEA GVAA4060285","PM"," "," "," "]
["3834000065663",6566,"OLEA","europaea",null,null,"285/375L","écorce lisse multi ramas extra","nuage","140P",null,null,null,null,"VRA","Vrac",1," "," ",1," "," ",1,1," "," ",1.9259999999999999,13.5,26.000999999999998,1,"OLGVA40","OLEA GVAA4060285","PM"," "," "," "]
["3834000065670",6567,"OLEA","europaea",null,null,"CTM","écorce lisse multi ramas extra","nuage","140P",null,null,null,null,"VRA","Vrac",1," "," ",1," "," ",1,1," "," ",1.9259999999999999,13.5,26.000999999999998,1,"OLGVA40","OLEA GVAA4060285","PM"," "," "," "]
["Total",null,null,null,null,null,null,null,null,null,null,null,null,null,null,null,null,null,null,null,null,null,null,null,null,null,null,null,null,null,null,null,null,null,null,null,{"$f":"SUBTOTAL(103,Tableau_Lancer_la_requête_à_partir_de_PALMACEA446245789101112[NOTRE_SELECTION])","v":32}]

{"sheet":"FV Tarif_GS","index":7,"n_rows":188,"n_cols":37,"rows_kept":188,"cut":false,"hidden":false,"merged":[[15,7,15,8],[11,11,11,34],[12,10,12,11],[12,12,12,34],[6,11,6,34],[7,11,7,34],[8,11,8,34],[9,10,9,34],[10,11,10,14],[10,16,10,34]]}
[]
[]
[]
[]
[null,null,null,null,null,null,null,"Retrouvez en italique Notre Sélection",null,null,"Fournisseur :","PM"]
[null,null,"Pascal HABAULT : acheteur / commercial"]
[null,null," Tél : 06 21 76 93 63",null,null,null,null,"Espagne",null,null,"TVA INTRA :"]
[null,null,"Isabelle NAULET : administratif / suivi commercial / logistique ",null,null,null,null,"PALMACEA vous propose en direct,  un grand choix de végétaux issu de ses producteurs",null,null,"Client :"]
[null,null," Tél : 06 23 38 03 49",null,null,null,null,"Prix départ, tarif transport sur demande",null,null,"Adresse :"]
[null,null,"Fax : 00 33 4 26 30 35 44"]
[null,null,"Mail : contact@palmacea.com",null,null,null,null,null,null,null,"Tél :",null,null,null,null,"Fax :"]
[null,null,null,null,null,null,null,null,null,null,"Mail :"]
[null,null,null,null,null,null,null,null,null,null,"Semaine de livraison :"]
[]
[]
["Code barre ","Code","Genre","Espèce Variété","Etat","Diam pot","Litrage","Présentation ",null,"Taille","Diam tête","HT total","Parcelle","Photo","Conditionnement","Conditionnement","Qte cond","Votre cde","Tarif départ ","Qte cond","Votre cde ","Tarif départ ","Nb cond","Qte cond total","Votre cde","Tarif départ ","Nb de cond ou plantes par ML","Metrage camion","Qte plt / camion","Cond / default","Code pour tri","pour tri","Initiale fournisseur","Montant Cde","PV TTC","Métrage"]
["CODE_BARRE","CODE","GENRE","ESPECE_VARIETE","ETAT","DIAM_POT","LITRAGE","PRESENTATION","PRESENTATION2","TAILLE","DIAM_TETE","HT_TOTAL","PARCELLE","IMAGE","CONDITION","CONDITION3","QTE_COND","VOTRE_CDE","VOTRE_CDE4","QTE_COND5","VOTRE_CDE6","VOTRE_CDE7","NB_COND","QTE_ROLL","VOTRE_CDE8","VOTRE_CDE9","NB_PLT_CAM","METRAGE_CAM","QTE_PLT_CAM","COND_DEF","CODE_TRI","TRI","INITIAL_FOURN","MONT_CDE","PVTTC","METRAGE","NOTRE_SELECTION"]
["3834000017211",1837,"BRAHEA","armata",null,null,"CTR",null,null,"40/60T",null,null,null,null,"VRA","Vrac",1," "," ",1," "," ",1,1," "," ",9.6300000000000008,13.5,130.00500000000002,1,"BRAST040","Brahea armata STE40","PM"," "," "," "]
["3834000017198",1835,"BUTIA","capitata",null,"45","46L",null,null,"10/20T",null,"100/125",null,null,"VRA","Vrac",1," "," ",1," "," ",1,1," "," ",27.407,13.5,369.99450000000002,1,"BUST0010","Butia capit STB10","PM"," "," "," "]
["3834000021492",2266,"CACTUS","cleistocactus",null,"25","10L",null,null,null,null,null,null,null,"VRA","Vrac",1," "," ",1," "," ",1,1," "," ",148.148,13.5,1999.998,1,"AS10","ASA10","PM"," "," "," "]
["3834000021546",2271,"CACTUS","echinocactus Grunsonii",null,"35","20L",null,null,null,null,null,null,null,"VRA","Vrac",1," "," ",1," "," ",1,1," "," ",66.665999999999997,13.5,899.99099999999999,1,"AS20","ASB20","PM"," "," "," "]
["3834000021508",2267,"CACTUS","myrtillocactus",null,"25","10L",null,null,null,null,null,null,null,"VRA","Vrac",1," "," ",1," "," ",1,1," "," ",148.148,13.5,1999.998,1,"AS10","ASA10","PM"," "," "," "]
["3834000021515",2268,"CACTUS","orecerus",null,"25","10L",null,null,null,null,null,null,null,"VRA","Vrac",1," "," ",1," "," ",1,1," "," ",148.148,13.5,1999.998,1,"AS10","ASA10","PM"," "," "," "]
["3834000021522",2269,"CACTUS","polaskia",null,"25","10L",null,null,null,null,null,null,null,"VRA","Vrac",1," "," ",1," "," ",1,1," "," ",148.148,13.5,1999.998,1,"AS10","ASA10","PM"," "," "," "]
["3834000021539",2270,"CACTUS","pringley",null,"25","10L",null,null,null,null,null,null,null,"VRA","Vrac",1," "," ",1," "," ",1,1," "," ",148.148,13.5,1999.998,1,"AS10","ASA10","PM"," "," "," "]
["3834000017228",1838,"CHAMAEROPS","humilis Cerifera","février",null,"130/230L",null,"1 vert","125/150",null,null,null,null,"VRA","Vrac",1," "," ",1," "," ",1,1," "," ",3.2589999999999999,13.5,43.996499999999997,1,"P230115A","PCC125150130230","PM"," "," "," "]
["3834000017693",1885,"CYCAS","revoluta",null,null,"CTR","Prix du mètre de stipe",null,null,null,null,null,null,"VRA","Vrac",1," "," ",1," "," ",1,1," "," ",27.407,13.5,369.99450000000002,1,"CYMETCTR","CYCAS REVOL STZMETRE","PM"," "," "," "]
["3834000017921",1908,"FICUS","carica",null,null,"CTR",null,"1/2 tige","15/20P",null,null,null,null,"VRA","Vrac",1," "," ",1," "," ",1,1," "," ",12.519,13.5,169.00649999999999,1,"FCA15CTR","FICU CAR DC15CTR","PM"," "," "," "]
["3834000017938",1909,"FICUS","carica",null,null,"CTR",null,"1/2 tige","20/25P",null,null,null,null,"VRA","Vrac",1," "," ",1," "," ",1,1," "," ",12.519,13.5,169.00649999999999,1,"FCA20CTR","FICU CAR DC20CTR","PM"," "," "," "]
["3834000017945",1910,"FICUS","carica",null,null,"CTR",null,"1/2 tige","25/30P",null,null,null,null,"VRA","Vrac",1," "," ",1," "," ",1,1," "," ",9.6300000000000008,13.5,130.00500000000002,1,"FCA25CTR","FICU CAR DC25CTR","PM"," "," "," "]
["3834000024813",2600,"OLEA","europaea",null,"90","coupe bonsai terra cotta D90","bonsai","exemplaire","60/80P",null,null,null,null,"VRA","Vrac",1," "," ",1," "," ",1,1," "," ",2.37,13.5,31.995000000000001,1,"OLDB90BT","OLEA KBCOUPEB90TC","PM"," "," "," "]
["3834000017532",1869,"OLEA","europaea",null,null,"160/180/230L","bonsai","exemplaire","60/80P",null,null,null,null,"VRA","Vrac",1," "," ",1," "," ",1,1," "," ",3.7040000000000002,13.5,50.004000000000005,1,"OLK682","OLEA KDA60/60CTR","PM"," "," "," ","Notre Sélection"]
["3834000017273",1843,"OLEA","europaea","janvier","50","63L","par 5 plantes","semi-exemplaire","20/35P",null,null,null,null,"VRA","Vrac",1," "," ",1," "," ",1,1," "," ",8.1479999999999997,13.5,109.99799999999999,1,"OLIP203","OLEA IP20 C5","PM"," "," "," "]
["3834000024943",2613,"OLEA","europaea","janvier","50","63L","A l'unité","semi-exemplaire","20/35P",null,null,null,null,"VRA","Vrac",1," "," ",1," "," ",1,1," "," ",10.37,13.5,139.99499999999998,1,"OLIP20","OLEA IP2040110","PM"," "," "," ","Notre Sélection"]
["3834000018096",1925,"PHOENIX","canariensis",null,null,"90/130L",null,null,"30/40T",null,null,null,null,"VRA","Vrac",1," "," ",1," "," ",1,1," "," ",9.6300000000000008,13.5,130.00500000000002,1,"PHOEC30","PHOENIC ST30","PM"," "," "," "]
["3834000018102",1926,"PHOENIX","canariensis",null,null,"160L",null,null,"40/50T",null,null,null,null,"VRA","Vrac",1," "," ",1," "," ",1,1," "," ",9.6300000000000008,13.5,130.00500000000002,1,"PHOEC40","PHOENIC ST40","PM"," "," "," "]
["3834000018119",1927,"PHOENIX","canariensis",null,null,"160L",null,null,"50/60T",null,null,null,null,"VRA","Vrac",1," "," ",1," "," ",1,1," "," ",8.1479999999999997,13.5,109.99799999999999,1,"PHOEC50","PHOENIC ST50","PM"," "," "," "]
["3834000018126",1928,"PHOENIX","canariensis",null,null,"285L",null,"1 violet","60/70T",null,null,null,null,"VRA","Vrac",1," "," ",1," "," ",1,1," "," ",5.1849999999999996,13.5,69.997499999999988,1,"PHOEC60","PHOENIC ST60","PM"," "," "," "]
["3834000018133",1929,"PHOENIX","canariensis",null,null,"285L",null,"2 violet","70/80T",null,null,null,null,"VRA","Vrac",1," "," ",1," "," ",1,1," "," ",3.7040000000000002,13.5,50.004000000000005,1,"PHOEC70","PHOENIC ST70","PM"," "," "," "]
["3834000018430",1959,"PHOENIX","canariensis",null,null,"CTR",null,"1 blanc","80/90T",null,null,null,null,"VRA","Vrac",1," "," ",1," "," ",1,1," "," ",2.37,13.5,31.995000000000001,1,"PHOEC80","PHOENIC ST80","PM"," "," "," ","Notre Sélection"]
["3834000007328",831,"PUNICA","granatum",null,"80","160L",null,"exemplaire","70/80P",null,null,null,null,"VRA","Vrac",1," "," ",1," "," ",1,1," "," ",3.7040000000000002,13.5,50.004000000000005,1,"PUNITM70","PUNIC TM70","PM"," "," "," "]
["3834000007311",830,"PUNICA","granatum",null,null,"230/350L",null,"exemplaire","80/90P",null,null,null,null,"VRA","Vrac",1," "," ",1," "," ",1,1," "," ",1.63,13.5,22.004999999999999,1,"PUNITM69","PUNIC TMA6090","PM"," "," "," "]
["3834000017501",1866,"YUCCA","rostrata Extra",null,null,"35L","tronc 10/20T","1 blanc","50/60",null,null,null,null,"VRA","Vrac",1," "," ",1," "," ",1,1," "," ",27.407,13.5,369.99450000000002,1,"A1BLANC","ADAA1BLANC","PM"," "," "," ","Notre Sélection"]
["3834000003382",338,"TRACHYCARPUS","fortunei",null,null,"45L",null,null,"50/60T",null,null,null,null,"VRA","Vrac",1," "," ",1," "," ",1,1," "," ",19.111000000000001,13.5,257.99850000000004,1,"PQ4550","PQD506045","PM"," "," "," "]
["3834000003399",339,"TRACHYCARPUS","fortunei",null,null,"70L",null,"1 rose 2 rose","60/80T",null,null,null,null,"VRA","Vrac",1," "," ",1," "," ",1,1," "," ",9.4809999999999999,13.5,127.9935,1,"PQ4560","PQD608045","PM"," "," "," "]
["3834000003405",340,"TRACHYCARPUS","fortunei",null,null,"70/90L","Ligne complète minimum 16 plantes    ","1 blanc 2 blanc","80/100T",null,null,null,null,"VRA","Vrac",1," "," ",1," "," ",1,1," "," ",13.037000000000001,13.5,175.99950000000001,1,"PQ4580","PQD8010045","PM"," "," "," "]
["3834000003627",362,"CHAMAEROPS","humilis",null,null,"35L",null,null,"80/100",null,null,null,"http://www.palmacea.com/wp-content/uploads/2017/10/PM_362_Chamaerops_humilis_35L_80-1001.jpg","VRA","Vrac",1," "," ",1," "," ",1,1," "," ",27.407,13.5,369.99450000000002,1,"P3580","PC8010035","PM"," "," "," ","Notre Sélection"]
["3834000033570",3357,"OLEA","europaea","janvier","50","63L","par 25 plantes","semi-exemplaire","20/35P",null,null,null,null,"VRA","Vrac",1," "," ",1," "," ",1,1," "," ",8.1479999999999997,13.5,109.99799999999999,1,"OLIP202","OLEA IP20 B25","PM"," "," "," "]
["3834000033587",3358,"OLEA","europaea","janvier","50","63L","par 110 plantes","semi-exemplaire","20/35P",null,null,null,null,"VRA","Vrac",1," "," ",1," "," ",1,1," "," ",8.1479999999999997,13.5,109.99799999999999,1,"OLIP201","OLEA IP20 A130","PM"," "," "," "]
["3834000033716",3371,"PHOENIX","canariensis",null,null,"CTM","Prix du mètre de stipe","specimen",null,null,null,null,null,"VRA","Vrac",1," "," ",1," "," ",1,1," "," ",0.44400000000000001,13.5,5.9939999999999998,1,"PHOECAMT","PHOENICA STZMETRE","PM"," "," "," "]
["3834000033945",3394,"BUTIA","capitata","février",null,"230/285L",null,null,"60/80T",null,"220/230",null,null,"VRA","Vrac",1," "," ",1," "," ",1,1," "," ",2.9620000000000002,13.5,39.987000000000002,1,"BUST0060","Butia capit STG60","PM"," "," "," "]
["3834000033952",3395,"TRACHYCARPUS","fortunei",null,null,"160L",null,"cépée","250/350T",null,null,null,null,"VRA","Vrac",1," "," ",1," "," ",1,1," "," ",3.7040000000000002,13.5,50.004000000000005,1,"TCYC161","TRACHY STPCEPA161","PM"," "," "," ","Notre Sélection"]
["3834000034034",3403,"OLEA","europaea",null,null,"65/70L","multi ramas","nuage","100/125",null,null,null,null,"VRA","Vrac",1," "," ",1," "," ",1,1," "," ",8.1479999999999997,13.5,109.99799999999999,1,"OLGMR070","OLEA GN00900 MR10012570","PM"," "," "," ","Notre Sélection"]
["3834000034041",3404,"OLEA","europaea",null,null,"70/90/110L","multi ramas","nuage","125/150",null,null,null,"http://www.palmacea.com/wp-content/uploads/2017/10/PM_3404_Olea_europaea_90-110L_nuage.jpg","VRA","Vrac",1," "," ",1," "," ",1,1," "," ",6.6660000000000004,13.5,89.991,1,"OLGMR090","OLEA GN00901 AMR12515090","PM"," "," "," ","Notre Sélection"]
["3834000033853",3385,"CITRUS","sinensis",null,null,"65/70L",null,"semi-exemplaire","30/40P",null,null,null,null,"VRA","Vrac",1," "," ",1," "," ",1,1," "," ",6.6669999999999998,13.5,90.004499999999993,1,"CISI3069","CITR SIN 30406090","PM"," "," "," "]
["3834000033884",3388,"OLEA","europaea",null,null,"230/285L","tronc vieux extra","nuage","40/60P",null,null,null,null,"VRA","Vrac",1," "," ",1," "," ",1,1," "," ",1.4814000000000001,13.5,19.998899999999999,1,"OLGVA40V","OLEA GVAAA4060285","PM"," "," "," ","Notre Sélection"]
["3834000033891",3389,"OLEA","europaea",null,null,"230/285/375L","tronc vieux extra","nuage","60/80P",null,null,null,null,"VRA","Vrac",1," "," ",1," "," ",1,1," "," ",1.6295999999999999,13.5,21.999600000000001,1,"OLGVA60V","OLEA GVAAA6080285375","PM"," "," "," ","Notre Sélection"]
["3834000033907",3390,"OLEA","europaea",null,null,"285/375L","tronc vieux extra","nuage","80/100P",null,null,null,null,"VRA","Vrac",1," "," ",1," "," ",1,1," "," ",1.9259999999999999,13.5,26.000999999999998,1,"OLGVA8V","OLEA GVAAA80100285375","PM"," "," "," ","Notre Sélection"]
["3834000033938",3393,"BUTIA","capitata","février",null,"180/230L",null,null,"40/60T",null,"180/200",null,null,"VRA","Vrac",1," "," ",1," "," ",1,1," "," ",3.3330000000000002,13.5,44.9955,1,"BUST0040","Butia capit STE40","PM"," "," "," "]
["3834000000725",72,"VITIS","vinifera",null,null,"12L",null,"tronc bas",null,null,null,null,null,"VRA","Vrac",1," "," ",1," "," ",1,1," "," ",96.444000000000003,13.5,1301.9940000000001,1,"VITA11","VITIS A11","PM"," "," "," "]
["3834000044132",4413,"OLEA","europaea",null,"34","25L","hauteur tronc 40/50 par 52 plantes","1/4 tige libre","14/+P",null,null,null,null,"VRA","Vrac",1," "," ",1," "," ",1,1," "," ",37.036999999999999,13.5,499.99950000000001,1,"OLIP012","OLEA IABPDB14A25","PM"," "," "," "]
["3834000064611",6461,"YUCCA","rostrata Extra",null,null,"45/55L",null,"1 violet","30/35T",null,null,null,null,"VRA","Vrac",1," "," ",1," "," ",1,1," "," ",27.407,13.5,369.99450000000002,1,"A1VIOLET","ADAO1VIOLET","PM"," "," "," ","Notre Sélection"]
["3834000047669",4766,"CHAMAEROPS","humilis",null,null,"70/90L",null,"1 vert","125/150 nacional",null,null,null,null,"VRA","Vrac",1," "," ",1," "," ",1,1," "," ",6.6669999999999998,13.5,90.004499999999993,1,"P90125","PI12515090","PM"," "," "," "]
["3834000047676",4767,"CHAMAEROPS","humilis",null,null,"50/70L",null,"1 jaune","100/125 nacional",null,null,null,null,"VRA","Vrac",1," "," ",1," "," ",1,1," "," ",8.1479999999999997,13.5,109.99799999999999,1,"P79105","PG1251507090","PM"," "," "," "]
["3834000047683",4768,"CHAMAEROPS","humilis",null,null,"90/110L",null,"1 rouge","150/175 nacional",null,null,null,null,"VRA","Vrac",1," "," ",1," "," ",1,1," "," ",5.1849999999999996,13.5,69.997499999999988,1,"P11015","PI15017590110","PM"," "," "," "]
["3834000058825",5882,"OLEA","europaea",null,null,"65/70L","multi ramas par 20 plantes","nuage","100/125",null,null,null,null,"VRA","Vrac",1," "," ",1," "," ",1,1," "," ",8.1479999999999997,13.5,109.99799999999999,1,"OLGMR020","OLEA GN00899 MR10012570","PM"," "," "," ","Notre Sélection"]
["3834000047768",4776,"OLEA","europaea",null,null,"240/285L","pompon",null,"40/50P",null,null,null,null,"VRA","Vrac",1," "," ",1," "," ",1,1," "," ",3.2589999999999999,13.5,43.996499999999997,1,"OLGWA40","OLEA GWA4050CTR","PM"," "," "," "]
["3834000047775",4777,"OLEA","europaea",null,null,"240/285L","pompon",null,"50/60P",null,null,null,null,"VRA","Vrac",1," "," ",1," "," ",1,1," "," ",3.2589999999999999,13.5,43.996499999999997,1,"OLGWA50","OLEA GWA5060CTR","PM"," "," "," "]
["3834000047812",4781,"OLEA","europaea",null,"60","coupe bonsai terra cotta D60",null,"1/4 tige","20/40P",null,null,null,null,"VRA","Vrac",1," "," ",1," "," ",1,1," "," ",9.6300000000000008,13.5,130.00500000000002,1,"DC60A","DCEA60","PM"," "," "," "]
["3834000047843",4784,"OLEA","europaea",null,null,"90/110/130L","écorce lisse multi ramas","exemplaire","40/50P",null,null,null,null,"VRA","Vrac",1," "," ",1," "," ",1,1," "," ",5.1849999999999996,13.5,69.997499999999988,1,"OLIP40MA","OLEA IPAMAR4050130","PM"," "," "," "]
["3834000047928",4792,"TRACHYCARPUS","fortunei",null,null,"70/90L","Ligne complète minimum 16 plantes    ","1 jaune  2 jaune","100/120T",null,null,null,null,"VRA","Vrac",1," "," ",1," "," ",1,1," "," ",6.67,13.5,90.045000000000002,1,"PQ4580","PQD8010045","PM"," "," "," ","Notre Sélection"]
["3834000047935",4793,"TRACHYCARPUS","fortunei",null,null,"90/110L","Ligne complète minimum 16 plantes    ","1 vert   2 vert","120/140T",null,null,null,null,"VRA","Vrac",1," "," ",1," "," ",1,1," "," ",6.2960000000000003,13.5,84.996000000000009,1,"TCYTA140","TRACHY STZCPTMETRETAILLE140","PM"," "," "," ","Notre Sélection"]
["3834000047959",4795,"TRACHYCARPUS","fortunei",null,null,"90/110L",null,"1 violet 1 rouge","140/160T",null,null,null,null,"VRA","Vrac",1," "," ",1," "," ",1,1," "," ",7.851,13.5,105.9885,1,"PQ160150","PQDA15017545","PM"," "," "," ","Notre Sélection"]
["3834000047973",4797,"TRACHYCARPUS","fortunei",null,null,"110/160/230L","Ligne complète minimum 16 plantes    ","2 violet 2 rouge","160/180T",null,null,null,null,"VRA","Vrac",1," "," ",1," "," ",1,1," "," ",3.7040000000000002,13.5,50.004000000000005,1,"PQ160175","PQDB17520045","PM"," "," "," "]
["3834000047997",4799,"TRACHYCARPUS","fortunei",null,null,"160/230L",null,"1 bleu 2 bleu","180/200T",null,null,null,null,"VRA","Vrac",1," "," ",1," "," ",1,1," "," ",3.2589999999999999,13.5,43.996499999999997,1,"PQ230200","PQDB20022545","PM"," "," "," "]
["3834000048024",4802,"TRACHYCARPUS","fortunei",null,null,"230L",null,null,"220/240T",null,null,null,null,"VRA","Vrac",1," "," ",1," "," ",1,1," "," ",3.2589999999999999,13.5,43.996499999999997,1,"PQ230225","PQDB22525045","PM"," "," "," "]
["3834000048048",4804,"XANTHORRHOEA","glauca",null,null,"CTR","Prix du mètre de stipe","tronc unique",null,null,null,null,null,"VRA","Vrac",1," "," ",1," "," ",1,1," "," ",0.44400000000000001,13.5,5.9939999999999998,1,"XAMETRE","XANTHO R STZMETRE","PM"," "," "," "]
["3834000048055",4805,"XANTHORRHOEA","glauca",null,null,"CTR","Prix du mètre de stipe","multi troncs",null,null,null,null,null,"VRA","Vrac",1," "," ",1," "," ",1,1," "," ",0.44400000000000001,13.5,5.9939999999999998,1,"XAMET","XANTHO RA MULTI STZMETRE","PM"," "," "," "]
["3834000048062",4806,"OLEA","europaea",null,null,"285/375/450L","tronc vieux extra","nuage","100/110P",null,null,null,null,"VRA","Vrac",1," "," ",1," "," ",1,1," "," ",1.9259999999999999,13.5,26.000999999999998,1,"OLGV101V","OLEA GVAAAA10011020285","PM"," "," "," "]
["3834000048079",4807,"OLEA","europaea",null,null,"285/375/450L","tronc vieux extra","nuage","110/140P",null,null,null,null,"VRA","Vrac",1," "," ",1," "," ",1,1," "," ",1.9259999999999999,13.5,26.000999999999998,1,"OLGV114V","OLEA GVAAAA11014020285375","PM"," "," "," "]
["3834000065441",6544,"OLEA","europaea",null,"34","25L","hauteur tronc 40/50","1/4 tige libre","14/+P",null,null,null,null,"VRA","Vrac",1," "," ",1," "," ",1,1," "," ",37.036999999999999,13.5,499.99950000000001,1,"OLIP013","OLEA IABPDB14B25","PM"," "," "," "]
["3834000065472",6547,"YUCCA","rostrata Extra",null,null,"45/55L",null,"2 violet","35/40T",null,null,null,null,"VRA","Vrac",1," "," ",1," "," ",1,1," "," ",27.407,13.5,369.99450000000002,1,"A2VIOLET","ADAO2VIOLET","PM"," "," "," ","Notre Sélection"]
["3834000050027",5002,"CHAMAEROPS","humilis",null,null,"50L",null,"1 blanc","80/100 nacional",null,null,null,null,"VRA","Vrac",1," "," ",1," "," ",1,1," "," ",19.111000000000001,13.5,257.99850000000004,1,"P50810F","PF8010050","PM"," "," "," "]
["3834000050034",5003,"CHAMAEROPS","humilis",null,null,"90/110L",null,"1 bleu","175/200 nacional",null,null,null,null,"VRA","Vrac",1," "," ",1," "," ",1,1," "," ",5.1849999999999996,13.5,69.997499999999988,1,"P11520","PI17520090110","PM"," "," "," "]
["3834000050089",5008,"CHAMAEROPS","humilis Cerifera","février",null,"130/230L",null,"1 jaune","100/125",null,null,null,null,"VRA","Vrac",1," "," ",1," "," ",1,1," "," ",3.2589999999999999,13.5,43.996499999999997,1,"P2301015","PCC100125230","PM"," "," "," "]
["3834000050096",5009,"CHAMAEROPS","humilis Cerifera","février",null,"285L",null,"1 rouge","150/175",null,null,null,null,"VRA","Vrac",1," "," ",1," "," ",1,1," "," ",2.37,13.5,31.995000000000001,1,"P28515","PCC150200285","PM"," "," "," "]
["3834000050102",5010,"CHAMAEROPS","humilis Cerifera","février",null,"285L",null,"1 bleu","175/200",null,null,null,null,"VRA","Vrac",1," "," ",1," "," ",1,1," "," ",2.37,13.5,31.995000000000001,1,"P28517","PCC175200285","PM"," "," "," "]
["3834000050133",5013,"OLEA","europaea",null,null,"CTM","tronc vieux extra","nuage","A",null,null,null,null,"VRA","Vrac",1," "," ",1," "," ",1,1," "," ",1.4810000000000001,13.5,19.993500000000001,1,"OLGVA","OLEA GVACTM","PM"," "," "," "]
["3834000050140",5014,"OLEA","europaea",null,null,"CTM","tronc vieux extra","nuage","B",null,null,null,null,"VRA","Vrac",1," "," ",1," "," ",1,1," "," ",1.4810000000000001,13.5,19.993500000000001,1,"OLGVB","OLEA GVBCTM","PM"," "," "," "]
["3834000064635",6463,"BRAHEA","armata",null,"50","50L",null,null,"80/100",null,null,null,null,"VRA","Vrac",1," "," ",1," "," ",1,1," "," ",19.111000000000001,13.5,257.99850000000004,1,"BRAST010","Brahea armata STC10","PM"," "," "," "]
["3834000065496",6548,"YUCCA","rostrata Extra",null,null,"90L",null,"2 bleu","35/40T",null,null,null,null,"VRA","Vrac",1," "," ",1," "," ",1,1," "," ",27.407,13.5,369.99450000000002,1,"A2BLEU","ADAS2BLEU","PM"," "," "," ","Notre Sélection"]
["3834000050201",5020,"OLEA","europaea",null,null,"CTR/CTM","regional","exemplaire","90/100P",null,null,null,null,"VRA","Vrac",1," "," ",1," "," ",1,1," "," ",1.333,13.5,17.9955,1,"OLYR90","OLEA YR90100","PM"," "," "," "]
["3834000050218",5021,"OLEA","europaea",null,null,"CTR/CTM","regional","exemplaire","100/120P",null,null,null,null,"VRA","Vrac",1," "," ",1," "," ",1,1," "," ",1.333,13.5,17.9955,1,"OLYR10","OLEA YRC100120","PM"," "," "," ","Notre Sélection"]
["3834000050225",5022,"OLEA","europaea",null,null,"CTR/CTM","regional","exemplaire","120/140P",null,null,null,null,"VRA","Vrac",1," "," ",1," "," ",1,1," "," ",1.333,13.5,17.9955,1,"OLYR12","OLEA YRC120140","PM"," "," "," "]
["3834000050232",5023,"TRACHYCARPUS","fortunei",null,null,"160/230L",null,"1 orange  2 orange","200/220T",null,null,null,null,"VRA","Vrac",1," "," ",1," "," ",1,1," "," ",3.2589999999999999,13.5,43.996499999999997,1,"PQ230206","PQDB20022645","PM"," "," "," "]
["3834000057323",5732,"PHOENIX","canariensis",null,null,"CTR",null,"2 blanc","90/100T",null,null,null,null,"VRA","Vrac",1," "," ",1," "," ",1,1," "," ",2.37,13.5,31.995000000000001,1,"PHOEC90","PHOENIC ST90","PM"," "," "," "]
["3834000057330",5733,"PHOENIX","canariensis",null,null,"CTR",null,null,"100/110T",null,null,null,null,"VRA","Vrac",1," "," ",1," "," ",1,1," "," ",0.22,13.5,2.97,1,"PHOEC100","PHOENIC STA100","PM"," "," "," ","Notre Sélection"]
["3834000057347",5734,"PHOENIX","canariensis",null,null,"CTR",null,null,"110/120T",null,null,null,null,"VRA","Vrac",1," "," ",1," "," ",1,1," "," ",2.37,13.5,31.995000000000001,1,"PHOEC110","PHOENIC STA110","PM"," "," "," "]
["3834000057354",5735,"PHOENIX","dactylifera",null,null,"CTM","Prix du mètre de stipe","specimen",null,null,null,null,null,"VRA","Vrac",1," "," ",1," "," ",1,1," "," ",0.44400000000000001,13.5,5.9939999999999998,1,"PHOECAMT","PHOENICA STZMETRE","PM"," "," "," "]
["3834000057439",5743,"STRELITZIA","reginae",null,null,"50L",null,"touffe",null,null,null,null,null,"VRA","Vrac",1," "," ",1," "," ",1,1," "," ",19.111000000000001,13.5,257.99850000000004,1,"P50810F","PF8010050","PM"," "," "," "]
["3834000069326",6932,"OLEA","europaea",null,"60","coupe bonsai terra cotta D60","mini bonsai",null,null,null,null,null,null,"VRA","Vrac",1," "," ",1," "," ",1,1," "," ",19.111000000000001,13.5,257.99850000000004,1,"OLDBC60T","OLEA KACOUPEA60TC","PM"," "," "," "]
["3834000059440",5944,"CORDYLINE","indivisa",null,"40","35L",null,"grupo","125/150",null,null,null,"http://www.palmacea.com/wp-content/uploads/2016/11/PM_5944_Cordyline_indivisa_35L_grupo_125-150-b.jpg","VRA","Vrac",1," "," ",1," "," ",1,1," "," ",27.407,13.5,369.99450000000002,1,"P35680","PF608035","PM"," "," "," ","Notre Sélection"]
["3834000059693",5969,"YUCCA","rostrata Extra",null,null,"35L","tronc 25/35T","2 blanc","60/70",null,null,null,null,"VRA","Vrac",1," "," ",1," "," ",1,1," "," ",27.407,13.5,369.99450000000002,1,"A2BLANC","ADAA2BLANCS","PM"," "," "," ","Notre Sélection"]
["3834000058719",5871,"OLEA","europaea",null,"34","25L","hauteur tronc 40/50 par 300 plantes","1/4 tige libre","14/+P",null,null,null,null,"VRA","Vrac",1," "," ",1," "," ",1,1," "," ",37.036999999999999,13.5,499.99950000000001,1,"OLIPP011","OLEA IABPDB1425","PM"," "," "," "]
["3834000058719",5871,"OLEA","europaea",null,"34","25L","hauteur tronc 40/50 par 300 plantes","1/4 tige libre","14/+P",null,null,null,null,"VRA","Vrac",1," "," ",1," "," ",1,1," "," ",37.036999999999999,13.5,499.99950000000001,1,"OLIPP011","OLEA IABPDB1425","PM"," "," "," "]
["3834000058719",5871,"OLEA","europaea",null,"34","25L","hauteur tronc 40/50 par 300 plantes","1/4 tige libre","14/+P",null,null,null,null,"VRA","Vrac",1," "," ",1," "," ",1,1," "," ",37.036999999999999,13.5,499.99950000000001,1,"OLIPP011","OLEA IABPDB1425","PM"," "," "," "]
["3834000060460",6046,"AGAPANTHUS","africanus Azul",null,null,"15L",null,"touffe","50/60",null,null,null,null,"VRA","Vrac",1," "," ",1," "," ",1,1," "," ",96.444000000000003,13.5,1301.9940000000001,1,"A1550","AA506015","PM"," "," "," "]
["3834000060484",6048,"ACCA","sellowiana",null,"35","30L",null,"touffe","80/100",null,null,null,null,"VRA","Vrac",1," "," ",1," "," ",1,1," "," ",60,13.5,810,1,"A2580","AB8010025","PM"," "," "," ","Notre Sélection"]
["3834000060507",6050,"MYRTUS","communis",null,"CT 30","15L",null,"touffe","40/60",null,null,null,null,"VRA","Vrac",1," "," ",1," "," ",1,1," "," ",96.444000000000003,13.5,1301.9940000000001,1,"A1380","AA8010013","PM"," "," "," "]
["3834000060606",6060,"YUCCA","gloriosa",null,"CT 30","15L",null,"touffe",null,null,null,null,null,"VRA","Vrac",1," "," ",1," "," ",1,1," "," ",96.444000000000003,13.5,1301.9940000000001,1,"A13","AA13","PM"," "," "," "]
["3834000060613",6061,"YUCCA","gloriosa Variegata",null,"CT 30","15L",null,"touffe",null,null,null,null,null,"VRA","Vrac",1," "," ",1," "," ",1,1," "," ",96.444000000000003,13.5,1301.9940000000001,1,"A13","AA13","PM"," "," "," "]
["3834000062822",6282,"OLEA","europaea",null,null,"65/70L","nuage","pompon","100/125",null,null,null,null,"VRA","Vrac",1," "," ",1," "," ",1,1," "," ",8.1479999999999997,13.5,109.99799999999999,1,"OLGWA10","OLEA GWA10","PM"," "," "," ","Notre Sélection"]
["3834000005614",5611,"OLEA","europaea",null,"34","25L","hauteur tronc 40/50 par 52 plantes","1/4 tige bola","14/+P",null,null,null,null,"VRA","Vrac",1," "," ",1," "," ",1,1," "," ",59.259,13.5,799.99649999999997,1,"OILP010D","OLEA IABPDBB14A25","PM"," "," "," "]
["3834000005614",5611,"OLEA","europaea",null,"34","25L","hauteur tronc 40/50 par 52 plantes","1/4 tige bola","14/+P",null,null,null,null,"VRA","Vrac",1," "," ",1," "," ",1,1," "," ",59.259,13.5,799.99649999999997,1,"OILP010D","OLEA IABPDBB14A25","PM"," "," "," "]
["3834000005614",5611,"OLEA","europaea",null,"34","25L","hauteur tronc 40/50 par 52 plantes","1/4 tige bola","14/+P",null,null,null,null,"VRA","Vrac",1," "," ",1," "," ",1,1," "," ",59.259,13.5,799.99649999999997,1,"OILP010D","OLEA IABPDBB14A25","PM"," "," "," "]
["3834000053127",5312,"OLEA","europaea",null,null,"160/180/285L","écorce lisse tronc haut multi ramas","exemplaire","40/50P",null,null,null,null,"VRA","Vrac",1," "," ",1," "," ",1,1," "," ",5.1849999999999996,13.5,69.997499999999988,1,"OLIP40MB","OLEA IPAMBR4050130","PM"," "," "," ","Notre Sélection"]
["3834000053134",5313,"OLEA","europaea",null,null,"160/180/285L","écorce lisse tronc haut multi ramas","exemplaire","50/60P",null,null,null,null,"VRA","Vrac",1," "," ",1," "," ",1,1," "," ",5.1849999999999996,13.5,69.997499999999988,1,"OLIP50MB","OLEA IPAMBR5060130","PM"," "," "," ","Notre Sélection"]
["3834000053141",5314,"TRACHYCARPUS","fortunei",null,null,"230L",null,null,"240/250T",null,null,null,null,"VRA","Vrac",1," "," ",1," "," ",1,1," "," ",3.2589999999999999,13.5,43.996499999999997,1,"PQ230225","PQDB22525045","PM"," "," "," "]
["3834000053219",5321,"OLEA","europaea",null,"90","coupe bonsai terra cotta D90","mini bonsai","semi-exemplaire","40/60P",null,null,null,null,"VRA","Vrac",1," "," ",1," "," ",1,1," "," ",5.1849999999999996,13.5,69.997499999999988,1,"OLDB90AT","OLEA KACOUPEB90TC","PM"," "," "," "]
["3834000060057",6005,"CYCAS","revoluta",null,null,"CTR",null,"1 bleu","20/30T",null,null,null,null,"VRA","Vrac",1," "," ",1," "," ",1,1," "," ",27.407,13.5,369.99450000000002,1,"CY2030T","CYCAS A2030T","PM"," "," "," "]
["3834000060064",6006,"CYCAS","revoluta",null,null,"CTR",null,"2 bleu","30/40T",null,null,null,null,"VRA","Vrac",1," "," ",1," "," ",1,1," "," ",27.407,13.5,369.99450000000002,1,"CY3040T","CYCAS A3040T","PM"," "," "," "]
["3834000060071",6007,"CYCAS","revoluta",null,null,"CTR",null,"1 violet","40/50T",null,null,null,null,"VRA","Vrac",1," "," ",1," "," ",1,1," "," ",27.407,13.5,369.99450000000002,1,"CY4050T","CYCAS A4050T","PM"," "," "," "]
["3834000060088",6008,"CYCAS","revoluta",null,null,"CTR",null,"2 violet","50/60T",null,null,null,null,"VRA","Vrac",1," "," ",1," "," ",1,1," "," ",27.407,13.5,369.99450000000002,1,"CY5060T","CYCAS A5060T","PM"," "," "," "]
["3834000060095",6009,"CYCAS","revoluta",null,null,"CTR",null,"1 rouge","60/70T",null,null,null,null,"VRA","Vrac",1," "," ",1," "," ",1,1," "," ",27.407,13.5,369.99450000000002,1,"CY6070T","CYCAS A6070T","PM"," "," "," "]
["3834000060101",6010,"CYCAS","revoluta",null,null,"CTR",null,"2 rouge","70/80T",null,null,null,null,"VRA","Vrac",1," "," ",1," "," ",1,1," "," ",27.407,13.5,369.99450000000002,1,"CY7080T","CYCAS A7080T","PM"," "," "," "]
["3834000060118",6011,"CYCAS","revoluta",null,null,"CTR",null,"1 blanc","80/90T",null,null,null,null,"VRA","Vrac",1," "," ",1," "," ",1,1," "," ",27.407,13.5,369.99450000000002,1,"CY8090T","CYCAS A8090T","PM"," "," "," "]
["3834000060125",6012,"CYCAS","revoluta",null,null,"CTR",null,"2 blanc","90/100T",null,null,null,null,"VRA","Vrac",1," "," ",1," "," ",1,1," "," ",27.407,13.5,369.99450000000002,1,"CY90100T","CYCAS A90100T","PM"," "," "," "]
["3834000060132",6013,"CYCAS","revoluta",null,null,"CTR",null,null,"100/110T",null,null,null,null,"VRA","Vrac",1," "," ",1," "," ",1,1," "," ",27.407,13.5,369.99450000000002,1,"CY101T","CYCAS AB100110T","PM"," "," "," "]
["3834000060149",6014,"CYCAS","revoluta",null,null,"CTR",null,null,"110/120T",null,null,null,null,"VRA","Vrac",1," "," ",1," "," ",1,1," "," ",27.407,13.5,369.99450000000002,1,"CY102T","CYCAS AB110120T","PM"," "," "," "]
["3834000072524",7252,"CHAMAEROPS","humilis",null,null,"35L",null,null,"60/80",null,null,null,null,"VRA","Vrac",1," "," ",1," "," ",1,1," "," ",27.407,13.5,369.99450000000002,1,"P3550","PC506035","PM"," "," "," "]
["3834000065700",6570,"BOUGAINVILLEA","",null,null,"Pot chinois","Ruban bleu","specimen",null,null,null,null,null,"VRA","Vrac",1," "," ",1," "," ",1,1," "," ",2.37,13.5,31.995000000000001,1,"BGSPECB","BOUGCSPECIBLEU","PM"," "," "," "]
["3834000057248",5724,"OLEA","europaea",null,null,"CTR/CTM","regional","exemplaire","140/160P",null,null,null,null,"VRA","Vrac",1," "," ",1," "," ",1,1," "," ",1.333,13.5,17.9955,1,"OLYR12","OLEA YRC120140","PM"," "," "," "]
["3834000057255",5725,"OLEA","europaea",null,null,"CTR/CTM","regional","exemplaire","160/180P",null,null,null,null,"VRA","Vrac",1," "," ",1," "," ",1,1," "," ",1.333,13.5,17.9955,1,"OLYR12","OLEA YRC120140","PM"," "," "," "]
["3834000057262",5726,"OLEA","europaea",null,null,"CTR/CTM","regional","exemplaire","180/200P",null,null,null,null,"VRA","Vrac",1," "," ",1," "," ",1,1," "," ",1.333,13.5,17.9955,1,"OLYR12","OLEA YRC120140","PM"," "," "," "]
["3834000057279",5727,"OLEA","europaea",null,null,"CTR/CTM","regional","exemplaire","200/220P",null,null,null,null,"VRA","Vrac",1," "," ",1," "," ",1,1," "," ",1.333,13.5,17.9955,1,"OLYR12","OLEA YRC120140","PM"," "," "," "]
["3834000065717",6571,"BOUGAINVILLEA","",null,null,"Pot chinois","Ruban rose","specimen",null,null,null,null,null,"VRA","Vrac",1," "," ",1," "," ",1,1," "," ",2.37,13.5,31.995000000000001,1,"BGSPECR","BOUGESPECIROSE","PM"," "," "," "]
["3834000067728",6572,"BOUGAINVILLEA","",null,null,"Pot chinois","Ruban violet","specimen",null,null,null,null,null,"VRA","Vrac",1," "," ",1," "," ",1,1," "," ",2.37,13.5,31.995000000000001,1,"BGSPECV","BOUGGSPECIVIOLET","PM"," "," "," "]
["3834000063942",6394,"OLEA","europaea",null,null,"160L","écorce lisse tronc haut multi ramas","exemplaire","30/40P",null,null,null,null,"VRA","Vrac",1," "," ",1," "," ",1,1," "," ",5.1849999999999996,13.5,69.997499999999988,1,"OLIP30MB","OLEA IPAMBR3040130","PM"," "," "," "]
["3834000069333",6933,"OLEA","europaea",null,"34","25L","hauteur tronc 40/50","1/4 tige bola","14/+P",null,null,null,null,"VRA","Vrac",1," "," ",1," "," ",1,1," "," ",37.036999999999999,13.5,499.99950000000001,1,"OILP010E","OLEA IABPDBB14B25","PM"," "," "," "]
["3834000065427",6542,"OLEA","europaea",null,null,"160L","Bonsai par camion complet 45/50 plantes","exemplaire","60/80P",null,null,null,null,"VRA","Vrac",1," "," ",1," "," ",1,1," "," ",3.7040000000000002,13.5,50.004000000000005,1,"OLK68","OLEA KD60/80CTR","PM"," "," "," "]
["3834000063904",6390,"YUCCA","rostrata Extra",null,null,"90L",null,"1 bleu","30/35T",null,null,null,null,"VRA","Vrac",1," "," ",1," "," ",1,1," "," ",27.407,13.5,369.99450000000002,1,"A1BLEU","ADAS1BLEU","PM"," "," "," "]
["3834000065359",6535,"TRITHRINAX","campestris",null,"25","10L",null,null,"30/40",null,null,null,null,"VRA","Vrac",1," "," ",1," "," ",1,1," "," ",148.148,13.5,1999.998,1,"P1060","PA608010","PM"," "," "," "]
["3834000072531",7253,"CHAMAEROPS","humilis",null,null,"35L",null,null,"100/125",null,null,null,null,"VRA","Vrac",1," "," ",1," "," ",1,1," "," ",27.407,13.5,369.99450000000002,1,"P359095","PC909535","PM"," "," "," "]
["3834000069364",6936,"OLEA","europaea",null,"34","25L","hauteur tronc 40/50 par 300 plantes","1/4 tige bola","14/+P",null,null,null,null,"VRA","Vrac",1," "," ",1," "," ",1,1," "," ",37.036999999999999,13.5,499.99950000000001,1,"OILP010C","OLEA IABPDBB1425","PM"," "," "," "]
["3834000072548",7254,"JUBAEA","chilensis",null,null,"70L",null,null,"20/30T",null,null,null,null,"VRA","Vrac",1," "," ",1," "," ",1,1," "," ",15.926,13.5,215.001,1,"PQ6520","PQF203065","PM"," "," "," "]
["3834000066783",6678,"CITRUS","microcitrus",null,null,"15L",null,null,null,null,null,null,null,"VRA","Vrac",1," "," ",1," "," ",1,1," "," ",96.444000000000003,13.5,1301.9940000000001,1,"A15607","AA607015","PM"," "," "," "]
["3834000070933",7093,"PHOENIX","canariensis",null,null,"CTM","Prix du mètre de stipe","stipe taillé",null,null,null,null,null,"VRA","Vrac",1," "," ",1," "," ",1,1," "," ",0.44400000000000001,13.5,5.9939999999999998,1,"PHOECAMT","PHOENICA STZMETRE","PM"," "," "," "]
["3834000072340",7234,"BUTIA","capitata",null,"45","46L",null,null,"20/25T",null,"125/150",null,null,"VRA","Vrac",1," "," ",1," "," ",1,1," "," ",27.407,13.5,369.99450000000002,1,"BUST0020","Butia capit STB20","PM"," "," "," "]
["3834000072357",7235,"BUTIA","capitata","février",null,"230/285L",null,"2 stipes","80/100T",null,null,null,null,"VRA","Vrac",1," "," ",1," "," ",1,1," "," ",2.9620000000000002,13.5,39.987000000000002,1,"BUST0060","Butia capit STG60","PM"," "," "," "]
["3834000060316",6031,"OLEA","europaea",null,null,"CTM","N°6","Nuage specimen","270/280P",null,null,null,null,"VRA","Vrac",1," "," ",1," "," ",1,1," "," ",0.88900000000000001,13.5,12.0015,1,"OLGWT1","OLEA GW1TOCTM","PM"," "," "," "]
["3834000060323",6032,"OLEA","europaea",null,null,"CTM","N°7","Nuage specimen","280/290P",null,null,null,null,"VRA","Vrac",1," "," ",1," "," ",1,1," "," ",0.88900000000000001,13.5,12.0015,1,"OLGWT2","OLEA GW2TOCTM","PM"," "," "," "]
["3834000060330",6033,"OLEA","europaea",null,null,"CTM","N°5","Nuage specimen","280/290P",null,null,null,null,"VRA","Vrac",1," "," ",1," "," ",1,1," "," ",0.88900000000000001,13.5,12.0015,1,"OLGWT3","OLEA GW3TOCTM","PM"," "," "," "]
["3834000060347",6034,"OLEA","europaea",null,null,"CTM","N°4","Nuage specimen","320/330P",null,null,null,null,"VRA","Vrac",1," "," ",1," "," ",1,1," "," ",0.88900000000000001,13.5,12.0015,1,"OLGWT4","OLEA GW4TOCTM","PM"," "," "," "]
["3834000060354",6035,"OLEA","europaea",null,null,"CTM","N°2","Nuage specimen","390/400P",null,null,null,null,"VRA","Vrac",1," "," ",1," "," ",1,1," "," ",0.88900000000000001,13.5,12.0015,1,"OLGWT7","OLEA GW7TOCTM","PM"," "," "," "]
["3834000060361",6036,"OLEA","europaea",null,null,"CTM","N°1","Nuage specimen","360/370P",null,null,null,null,"VRA","Vrac",1," "," ",1," "," ",1,1," "," ",0.88900000000000001,13.5,12.0015,1,"OLGWT5","OLEA GW5TOCTM","PM"," "," "," "]
["3834000060378",6037,"OLEA","europaea",null,null,"CTM","N°3","Nuage specimen","370P",null,null,null,null,"VRA","Vrac",1," "," ",1," "," ",1,1," "," ",0.88900000000000001,13.5,12.0015,1,"OLGWT6","OLEA GW6TOCTM","PM"," "," "," "]
["3834000071688",7168,"NERIUM","oleander Rouge simple","février","40","35L",null,null,"80/100",null,null,null,null,"VRA","Vrac",1," "," ",1," "," ",1,1," "," ",27.407,13.5,369.99450000000002,1,"P35680","PF608035","VV"," "," "," "]
["3834000065687",6568,"OLEA","europaea",null,null,"160L","bonsai","exemplaire","60/80P",null,null,null,null,"VRA","Vrac",1," "," ",1," "," ",1,1," "," ",3.7040000000000002,13.5,50.004000000000005,1,"OLKD60","OLEA KDA60/125 B","PM"," "," "," "]
["3834000066370",6637,"BRAHEA","armata",null,null,"CTR",null,null,"60/80T",null,null,null,null,"VRA","Vrac",1," "," ",1," "," ",1,1," "," ",8.1479999999999997,13.5,109.99799999999999,1,"BRAST060","Brahea armata STF60","PM"," "," "," "]
["3834000066387",6638,"BRAHEA","armata",null,null,"CTR",null,null,"80/100T",null,null,null,null,"VRA","Vrac",1," "," ",1," "," ",1,1," "," ",8.1479999999999997,13.5,109.99799999999999,1,"BRAST080","Brahea armata STF80","PM"," "," "," "]
["3834000066394",6639,"BRAHEA","armata",null,null,"CTM","Prix du mètre de stipe","specimen","100/+T",null,null,null,null,"VRA","Vrac",1," "," ",1," "," ",1,1," "," ",0.44400000000000001,13.5,5.9939999999999998,1,"BRASTMT","Brahea armata STG100 MT","PM"," "," "," "]
["3834000072647",7264,"OLEA","europaea","février",null,"180L","écorce lisse marron","exemplaire","50/60P",null,null,null,null,"VRA","Vrac",1," "," ",1," "," ",1,1," "," ",3.7040000000000002,13.5,50.004000000000005,1,"OLIP50MN","OLEA IPAMBRR5060180","PM"," "," "," ","Notre Sélection"]
["3834000072654",7265,"OLEA","europaea","février",null,"180L","écorce lisse marron","exemplaire","60/70P",null,null,null,null,"VRA","Vrac",1," "," ",1," "," ",1,1," "," ",3.7040000000000002,13.5,50.004000000000005,1,"OLIP60MN","OLEA IPAMBRR6070180","PM"," "," "," ","Notre Sélection"]
["3834000072661",7266,"OLEA","europaea","février",null,"180L","écorce lisse marron","exemplaire","70/80P",null,null,null,null,"VRA","Vrac",1," "," ",1," "," ",1,1," "," ",3.7040000000000002,13.5,50.004000000000005,1,"OLIP70MN","OLEA IPAMBRR7080180","PM"," "," "," "]
["3834000072388",7238,"OLEA","europaea",null,null,"230/285L","Régional ramificado","exemplaire","40/50P",null,null,null,null,"VRA","Vrac",1," "," ",1," "," ",1,1," "," ",1.9259999999999999,13.5,26.000999999999998,1,"OLYRA40","OLEA YAR4050","PM"," "," "," "]
["3834000072395",7239,"OLEA","europaea",null,null,"230/285L","Régional ramificado","exemplaire","50/60P",null,null,null,null,"VRA","Vrac",1," "," ",1," "," ",1,1," "," ",1.9259999999999999,13.5,26.000999999999998,1,"OLYRA50","OLEA YAR5060","PM"," "," "," "]
["3834000072401",7240,"OLEA","europaea",null,null,"230/285L","Régional ramificado","exemplaire","60/70P",null,null,null,null,"VRA","Vrac",1," "," ",1," "," ",1,1," "," ",1.9259999999999999,13.5,26.000999999999998,1,"OLYRA60","OLEA YAR6070","PM"," "," "," "]
["3834000072418",7241,"OLEA","europaea",null,null,"230/285L","Régional ramificado","exemplaire","70/80P",null,null,null,null,"VRA","Vrac",1," "," ",1," "," ",1,1," "," ",1.9259999999999999,13.5,26.000999999999998,1,"OLYRA70","OLEA YAR7080","PM"," "," "," ","Notre Sélection"]
["3834000072425",7242,"OLEA","europaea",null,null,"230/285L","Régional ramificado","exemplaire","80/90P",null,null,null,null,"VRA","Vrac",1," "," ",1," "," ",1,1," "," ",1.9259999999999999,13.5,26.000999999999998,1,"OLYRA80","OLEA YAR8090","PM"," "," "," "]
["3834000072432",7243,"OLEA","europaea",null,null,"230/285L","Régional ramificado","exemplaire","90/100P",null,null,null,null,"VRA","Vrac",1," "," ",1," "," ",1,1," "," ",1.9259999999999999,13.5,26.000999999999998,1,"OLYRA90","OLEA YAR90100","PM"," "," "," "]
["3834000072449",7244,"OLEA","europaea",null,null,"230/285L","Régional ramificado","exemplaire","100/110P",null,null,null,null,"VRA","Vrac",1," "," ",1," "," ",1,1," "," ",1.9259999999999999,13.5,26.000999999999998,1,"OLYRA100","OLEA YARA100110","PM"," "," "," "]
["3834000071824",7182,"OLEA","europaea",null,null,"160L","Tortuga ramificado","exemplaire","40/50P",null,null,null,null,"VRA","Vrac",1," "," ",1," "," ",1,1," "," ",5.1849999999999996,13.5,69.997499999999988,1,"OLIP40MR","OLEA IPAMR4050130","PM"," "," "," "]
["3834000071831",7183,"OLEA","europaea",null,null,"160L","Tortuga ramificado","exemplaire","50/60P",null,null,null,null,"VRA","Vrac",1," "," ",1," "," ",1,1," "," ",5.1849999999999996,13.5,69.997499999999988,1,"OLIP40MR","OLEA IPAMR4050130","PM"," "," "," "]
["3834000071855",7185,"OLEA","europaea",null,"30","15L",null,"1/4 tige bola",null,null,null,null,"http://www.palmacea.com/wp-content/uploads/2017/10/PM_7185_Olea_europaea_15L_1-4-tige-bola.jpg","VRA","Vrac",1," "," ",1," "," ",1,1," "," ",96.444000000000003,13.5,1301.9940000000001,1,"DC15B","DCE15","PM"," "," "," ","Notre Sélection"]
["3834000071862",7186,"OLEA","europaea",null,"30","coupe D30",null,"1/4 tige bola",null,null,null,null,"http://www.palmacea.com/wp-content/uploads/2017/10/PM_7186_Olea_europaea_coupe-D30_1-4-tige-bola.jpg","VRA","Vrac",1," "," ",1," "," ",1,1," "," ",96.444000000000003,13.5,1301.9940000000001,1,"DC15B","DCE15","PM"," "," "," ","Notre Sélection"]
["3834000065564",6556,"OLEA","europaea",null,null,"230/285L","écorce lisse multi ramas extra","nuage","60/70P",null,null,null,null,"VRA","Vrac",1," "," ",1," "," ",1,1," "," ",1.9259999999999999,13.5,26.000999999999998,1,"OLGVA40","OLEA GVAA4060285","PM"," "," "," "]
["3834000065571",6557,"OLEA","europaea",null,null,"230/285L","écorce lisse multi ramas extra","nuage","70/80P",null,null,null,null,"VRA","Vrac",1," "," ",1," "," ",1,1," "," ",2.37,13.5,31.995000000000001,1,"OLGVA40","OLEA GVAA4060285","PM"," "," "," "]
["3834000065588",6558,"OLEA","europaea",null,null,"230/285L","écorce lisse multi ramas extra","nuage","80/90P",null,null,null,null,"VRA","Vrac",1," "," ",1," "," ",1,1," "," ",2.37,13.5,31.995000000000001,1,"OLGVA40","OLEA GVAA4060285","PM"," "," "," ","Notre Sélection"]
["3834000065595",6559,"OLEA","europaea",null,null,"CTM","écorce lisse multi ramas extra","nuage","80/90P",null,null,null,null,"VRA","Vrac",1," "," ",1," "," ",1,1," "," ",1.9259999999999999,13.5,26.000999999999998,1,"OLGVA40","OLEA GVAA4060285","PM"," "," "," "]
["3834000065601",6560,"OLEA","europaea",null,null,"230/285L","écorce lisse multi ramas extra","nuage","90/100P",null,null,null,null,"VRA","Vrac",1," "," ",1," "," ",1,1," "," ",2.37,13.5,31.995000000000001,1,"OLGVA40","OLEA GVAA4060285","PM"," "," "," "]
["3834000065618",6561,"OLEA","europaea",null,null,"CTM","écorce lisse multi ramas extra","nuage","90/100P",null,null,null,null,"VRA","Vrac",1," "," ",1," "," ",1,1," "," ",1.9259999999999999,13.5,26.000999999999998,1,"OLGVA40","OLEA GVAA4060285","PM"," "," "," "]
["3834000065625",6562,"OLEA","europaea",null,null,"285/375L","écorce lisse multi ramas extra","nuage","100/110P",null,null,null,null,"VRA","Vrac",1," "," ",1," "," ",1,1," "," ",1.9259999999999999,13.5,26.000999999999998,1,"OLGVA40","OLEA GVAA4060285","PM"," "," "," "]
["3834000065632",6563,"OLEA","europaea",null,null,"CTM","écorce lisse multi ramas extra","nuage","100/110P",null,null,null,null,"VRA","Vrac",1," "," ",1," "," ",1,1," "," ",1.9259999999999999,13.5,26.000999999999998,1,"OLGVA40","OLEA GVAA4060285","PM"," "," "," "]
["3834000065649",6564,"OLEA","europaea",null,null,"285/375L","écorce lisse multi ramas extra","nuage","110/140P",null,null,null,null,"VRA","Vrac",1," "," ",1," "," ",1,1," "," ",1.9259999999999999,13.5,26.000999999999998,1,"OLGVA40","OLEA GVAA4060285","PM"," "," "," "]
["3834000065656",6565,"OLEA","europaea",null,null,"CTM","écorce lisse multi ramas extra","nuage","110/140P",null,null,null,null,"VRA","Vrac",1," "," ",1," "," ",1,1," "," ",1.9259999999999999,13.5,26.000999999999998,1,"OLGVA40","OLEA GVAA4060285","PM"," "," "," "]
["3834000065663",6566,"OLEA","europaea",null,null,"285/375L","écorce lisse multi ramas extra","nuage","140P",null,null,null,null,"VRA","Vrac",1," "," ",1," "," ",1,1," "," ",1.9259999999999999,13.5,26.000999999999998,1,"OLGVA40","OLEA GVAA4060285","PM"," "," "," "]
["3834000065670",6567,"OLEA","europaea",null,null,"CTM","écorce lisse multi ramas extra","nuage","140P",null,null,null,null,"VRA","Vrac",1," "," ",1," "," ",1,1," "," ",1.9259999999999999,13.5,26.000999999999998,1,"OLGVA40","OLEA GVAA4060285","PM"," "," "," "]
["Total",null,null,null,null,null,null,null,null,null,null,null,null,null,null,null,null,null,null,null,null,null,null,null,null,null,null,null,null,null,null,null,null,null,null,null,{"$f":"SUBTOTAL(103,Tableau_Lancer_la_requête_à_partir_de_PALMACEA44624578910111213[NOTRE_SELECTION])","v":32}]

{"sheet":"Données commerciales","index":8,"n_rows":34,"n_cols":36,"rows_kept":34,"cut":false,"hidden":false,"merged":[[29,7,29,8],[33,7,33,8]]}
[]
[]
[null,null,null,null,null,null,"Retrouvez en italique Notre Sélection"]
[]
[null,null,null,null,null,null,null,null,null,null,"Fournisseur :"]
[null,null,"Pascal HABAULT : acheteur / commercial",null,null,null,null,null,null,null,"Code fournisseur :"]
[null,null," Tél : 06 21 76 93 63",null,null,null,"Sicile",null,null,null,"TVA INTRA :"]
[null,null,"Isabelle NAULET : administratif / suivi commercial / logistique ",null,null,null,"Tarif départ 6 rolls minimum ",null,null,null,"Client :"]
[null,null," Tél : 06 23 38 03 49",null,null,null,"Tarif transport sur demande",null,null,null,"Adresse :"]
[null,null,"Fax : 00 33 4 26 30 35 44"]
[null,null,"Mail : contact@palmacea.com",null,null,null,"Espagne",null,null,null,"Tél :",null,null,"Fax :"]
[null,null,null,null,null,null,"Tarif départ 5 conditionnements minimum ",null,null,null,"Mail :"]
[null,null,null,null,null,null,"Tarif transport sur demande",null,null,null,"Semaine de livraison :"]
[]
[null,null,null,null,null,null,"Espagne"]
[null,null,null,null,null,null,"PALMACEA vous propose en direct,  un grand choix de végétaux issu de ses producteurs"]
[null,null,null,null,null,null,"Prix départ, tarif transport sur demande"]
[]
[]
[null,null,null,null,null,null,"Espagne"]
[null,null,null,null,null,null,"Tarif franco"]
[null,null,null,null,null,null," 5 conditionnements minimum ou vrac 2500.00 euros "]
[]
[null,null,null,null,null,null,"Sicile"]
[null,null,null,null,null,null,"Tarif franco"]
[null,null,null,null,null,null,"6 rolls minimum"]
[]
[null,null,null,null,null,null,"Galerie photos"]
["LIBELLES POUR FOURNS"]
["Code barre ","Code","Genre","Espèce Variété","Etat","Diam pot","Litrage","Présentation ",null,"Taille","Diam tête","HT total","Parcelle","Photo","Conditionnement","Conditionnement","Qte cond","Votre cde","Tarif départ ","Qte cond","Votre cde ","Tarif départ ","Nb cond","Qte cond total","Votre cde","Tarif départ ","Nb de cond ou plantes par ML","Metrage camion","Qte plt / camion","Cond / default","Code pour tri","pour tri","Initiale fournisseur","Montant Cde","PV TTC","Métrage"]
["LIBELLES POUR TARIF T3"]
[null,null,null,null,null,null,null,null,null,null,null,null,null,null,null,null,null,null,null,null,null,"Nb étages ","Qte Roll","Tarif départ PR","Votre cde","Tarif départ "]
["LIBELLES POUR AG"]
["Code barre ","Code","Genre","Espèce Variété","Etat","Diam pot","Litrage","Présentation ",null,"Taille","Diam tête","HT total","Parcelle","Marquage","Conditionnement","Conditionnement","Qte / étage","Votre cde mixte","Tarif départ mixte","Qte étage non modifiable","Votre cde par étage","Tarif départ étage ","Nb étages ","Qte Roll","Qté cde par Roll complet","Tarif départ Roll complet","Nb de cond ou plantes par ML","Metrage camion","Qte plt / camion","Cond / default","Code pour tri","pour tri","Initiale fournisseur","Montant Cde","PV TTC","Métrage"]